{"text_format":"3","workbook":"xls","n_sheets":5,"sheets":["分项清单（含部位明细）缩减版","分项清单（含部位明细）","项目清单","分项清单（只有项目节）","分项清单"],"not_rendered":{"external_links":1,"defined_names":3,"comments":5},"read":"whole","date_system":"1900","formulas":"cached_only"}

{"sheet":"分项清单（含部位明细）缩减版","index":0,"n_rows":740,"n_cols":12,"rows_kept":740,"flags":["formulas_cached_only"]}
["项目节编号","清单子目号","部位明细","名称","单位","清单数量","设计数量1","设计数量2","单价","合价","图号","备注"]
["1",null,null,"第一部分 建筑安装工程费","公路公里"]
["1-1",null,null,"临时工程","公路公里"]
["1-1-6",null,null,"临时道路修建、养护与拆除（包括原道路的养护费）"]
[null,"103-1",null,"临时道路修建、养护与拆除（包括原道路的养护费）","总额",1,null,null,50000]
["1-1-7",null,null,"临时占地"]
[null,"103-2",null,"临时占地","总额",1,null,null,57350]
["1-1-8",null,null,"临时供电设施"]
[null,"103-3-a",null,"设施架设、拆除","总额",1,null,null,638406]
[null,"103-3-b",null,"设施维修","总额",1,null,null,50000]
["1-1-9",null,null,"电讯设施的提供、维修与拆除"]
[null,"103-4",null,"电讯设施的提供、维修与拆除","总额",1,null,null,50000]
["1-1-10",null,null,"承包人驻地建设"]
[null,"104-1",null,"承包人驻地建设","总额",1,null,null,200000]
["1-2",null,null,"路基工程","km"]
["1-2-2",null,null,"挖方","m3"]
["1-2-2-1",null,null,"挖土方","m3"]
["1-2-2-1-1",null,null,"挖路基土方","m3"]
[null,"203-1-a",null," ","m3",92954.75,null,null,7.53]
[null,null,1,"K0+000-K1+000",null,11619.34375,{"$nulls":4},"第二册S-2-1"]
[null,null,2,"K1+000-K1+800",null,11619.34375,{"$nulls":4},"第二册S-2-1"]
[null,null,3,"K2+800-K3+004",null,11619.34375,{"$nulls":4},"第二册S-2-1"]
[null,null,4,"K3+004-K4+040",null,11619.34375,{"$nulls":4},"第二册S-2-1"]
[null,null,5,"K4+040-K5+000",null,11619.34375,{"$nulls":4},"第二册S-2-1"]
[null,null,6,"K5+000-K6+000",null,11619.34375,{"$nulls":4},"第二册S-2-1"]
[null,null,7,"K6+000-K7+000",null,11619.34375,{"$nulls":4},"第二册S-2-1"]
[null,null,8,"K7+000-K7+700",null,11619.34375,{"$nulls":4},"第二册S-2-1"]
["1-2-2-2",null,null,"挖石方","m3"]
["1-2-2-2-1",null,null,"挖软石","m3"]
[null,"203-1-b",null,"挖石方","m3",105.36,null,null,16.11]
[null,null,1,"K2+800-K3+004",null,17.56,{"$nulls":4},"第二册S-2-1"]
[null,null,2,"K3+004-K4+040",null,17.56,{"$nulls":4},"第二册S-2-1"]
[null,null,3,"K4+040-K5+000",null,17.56,{"$nulls":4},"第二册S-2-1"]
[null,null,4,"K5+000-K6+000",null,17.56,{"$nulls":4},"第二册S-2-1"]
[null,null,5,"K6+000-K7+000",null,17.56,{"$nulls":4},"第二册S-2-1"]
[null,null,6,"K7+000-K7+700",null,17.56,{"$nulls":4},"第二册S-2-1"]
["1-2-3",null,null,"填方","m3"]
["1-2-3-1",null,null,"路基填方","m3"]
["1-2-3-1-2",null,null,"利用方填筑","m3"]
[null,"204-1-b",null,"利用土方","m3",64412.73,null,null,3.51]
[null,null,1,"K0+000-K1+000",{"$nulls":6},"第二册S-2-1"]
[null,null,2,"K1+000-K1+800",{"$nulls":6},"第二册S-2-1"]
[null,null,3,"K2+800-K3+004",{"$nulls":6},"第二册S-2-1"]
[null,null,4,"K3+004-K4+040",{"$nulls":6},"第二册S-2-1"]
[null,null,5,"K4+040-K5+000",{"$nulls":6},"第二册S-2-1"]
[null,null,6,"K5+000-K6+000",{"$nulls":6},"第二册S-2-1"]
[null,null,7,"K6+000-K7+000",{"$nulls":6},"第二册S-2-1"]
[null,null,8,"K7+000-K7+700",{"$nulls":6},"第二册S-2-1"]
["1-2-4",null,null,"特殊路基处理","km"]
["1-2-4-1",null,null,"软土地区路基处理","km/m2"]
["1-2-4-1-1",null,null,"清除换填处理","m3/m2"]
[null,"203-1-d",null,"挖淤泥","m3",21968.4,null,null,9.27]
[null,null,1,"K0+000~K1+008",{"$nulls":6},"第二册S-4-1"]
[null,null,2,"K1+008~K1+800",{"$nulls":6},"第二册S-4-1"]
[null,null,3,"K2+800~K4+000",{"$nulls":6},"第二册S-4-1"]
[null,null,4,"K4+000~K4+860",{"$nulls":6},"第二册S-4-1"]
[null,null,5,"K4+860~K6+000",{"$nulls":6},"第二册S-4-1"]
[null,null,6,"K6+000~K6+800",{"$nulls":6},"第二册S-4-1"]
[null,null,7,"K6+800~K7+700",{"$nulls":6},"第二册S-4-1"]
[null,"204-1-j",null,"换填砂砾","m3",21968.4,null,null,31.58]
[null,null,1,"K0+000~K1+008",{"$nulls":6},"第二册S-4-1"]
[null,null,2,"K1+008~K1+800",{"$nulls":6},"第二册S-4-1"]
[null,null,3,"K2+800~K4+000",{"$nulls":6},"第二册S-4-1"]
[null,null,4,"K4+000~K4+860",{"$nulls":6},"第二册S-4-1"]
[null,null,5,"K4+860~K6+000",{"$nulls":6},"第二册S-4-1"]
[null,null,6,"K6+000~K6+800",{"$nulls":6},"第二册S-4-1"]
[null,null,7,"K6+800~K7+700",{"$nulls":6},"第二册S-4-1"]
[null,"205-1-o-1",null,"单向格栅","m2",3200,null,null,14.96]
[null,null,1,"K0+000~K1+008",{"$nulls":6},"第二册S-4-1"]
[null,null,2,"K1+008~K1+800",{"$nulls":6},"第二册S-4-1"]
[null,null,3,"K2+800~K4+000",{"$nulls":6},"第二册S-4-1"]
[null,null,4,"K4+000~K4+860",{"$nulls":6},"第二册S-4-1"]
[null,null,5,"K4+860~K6+000",{"$nulls":6},"第二册S-4-1"]
[null,null,6,"K6+000~K6+800",{"$nulls":6},"第二册S-4-1"]
[null,null,7,"K6+800~K7+700",{"$nulls":6},"第二册S-4-1"]
[null,"204-1-g-4",null,"回填粗粒土","m3",1225,null,null,9.25]
[null,null,1,"K0+000~K1+008",{"$nulls":6},"第二册S-4-1"]
[null,null,2,"K1+008~K1+800",{"$nulls":6},"第二册S-4-1"]
[null,null,3,"K2+800~K4+000",{"$nulls":6},"第二册S-4-1"]
[null,null,4,"K4+000~K4+860",{"$nulls":6},"第二册S-4-1"]
[null,null,5,"K4+860~K6+000",{"$nulls":6},"第二册S-4-1"]
[null,null,6,"K6+000~K6+800",{"$nulls":6},"第二册S-4-1"]
[null,null,7,"K6+800~K7+700",{"$nulls":6},"第二册S-4-1"]
["1-2-5",null,null,"排水工程","km"]
["1-2-5-1",null,null,"边沟","m3/m"]
["1-2-5-1-3",null,null,"浆砌片石边沟","m3/m"]
[null,"207-1-b",null,"浆砌片石边沟","m3",590,null,null,109.6]
[null,null,1,"K4+000~K4+860",{"$nulls":6},"第二册SC-2-2"]
[null,null,2,"K4+860~K6+000",{"$nulls":6},"第二册SC-2-2"]
[null,null,3,"K6+000~K7+150",{"$nulls":6},"第二册SC-2-2"]
[null,null,4,"K7+150~K7+700",{"$nulls":6},"第二册SC-2-2"]
["1-2-5-2",null,null,"排水沟","m3/m"]
["1-2-5-2-3",null,null,"浆砌片石排水沟","m3/m"]
[null,"207-2-a",null,"浆砌片石排水沟","m3",904,null,null,131.02]
[null,null,1,"K0+000~K1+030",{"$nulls":6},"第二册SC-2-2"]
[null,null,2,"K1+030~K1+800",{"$nulls":6},"第二册SC-2-2"]
[null,null,3,"K2+800~K4+340",{"$nulls":6},"第二册SC-2-2"]
[null,null,4,"K4+340~K4+980",{"$nulls":6},"第二册SC-2-2"]
[null,null,5,"K4+980~K6+205",{"$nulls":6},"第二册SC-2-2"]
[null,null,6,"K6+205~K6+930",{"$nulls":6},"第二册SC-2-2"]
[null,null,7,"K6+930~K7+700",{"$nulls":6},"第二册SC-2-2"]
["1-2-5-3",null,null,"截水沟","m3/m"]
["1-2-5-3-1",null,null,"浆砌片石截水沟","m3/m"]
[null,"207-3-a",null,"浆砌片石截水沟","m3",775,null,null,109.6]
[null,null,1,"K0+000~K1+180",{"$nulls":6},"第二册SC-2-2"]
[null,null,2,"K1+180~K1+800",{"$nulls":6},"第二册SC-2-2"]
[null,null,3,"K2+800~K4+000",{"$nulls":6},"第二册SC-2-2"]
[null,null,4,"K4+000~K4+730",{"$nulls":6},"第二册SC-2-2"]
[null,null,5,"K7+150~K7+700",{"$nulls":6},"第二册SC-2-2"]
["1-2-5-4",null,null,"急流槽","m3/m"]
["1-2-5-4-2",null,null,"浆砌片石急流槽","m3/m"]
[null,"207-4-a",null,"浆砌片石急流槽","m3",202.44,null,null,101.92]
[null,null,1,"K0+000~K1+008",{"$nulls":6},"第二册SC-2-2"]
[null,null,2,"K1+008~K1+800",{"$nulls":6},"第二册SC-2-2"]
[null,null,3,"K2+800~K3+950",{"$nulls":6},"第二册SC-2-2"]
[null,null,4,"K3+950~K5+000",{"$nulls":6},"第二册SC-2-2"]
[null,null,5,"K5+000~K5+960",{"$nulls":6},"第二册SC-2-2"]
[null,null,6,"K5+960~K6+920",{"$nulls":6},"第二册SC-2-2"]
["1-2-6",null,null,"路基防护与加固工程","km"]
["1-2-6-1",null,null,"填方边坡防护与加固","km/m2"]
["1-2-6-1-1",null,null,"坡面植物防护","m2"]
[null,"208-1-a",null,"植草","m2",13649.5,null,null,3.32]
[null,null,1,"K0+000~K0+960",{"$nulls":6},"第二册S-3-2"]
[null,null,2,"K0+960~K1+800",{"$nulls":6},"第二册S-3-2"]
[null,null,3,"K2+800~K4+000",{"$nulls":6},"第二册S-3-2"]
[null,null,4,"K4+000~K5+140",{"$nulls":6},"第二册S-3-2"]
[null,null,5,"K5+140~K6+000",{"$nulls":6},"第二册S-3-2"]
[null,null,6,"K6+000~K7+152",{"$nulls":6},"第二册S-3-2"]
[null,null,7,"K7+152~K7+700",{"$nulls":6},"第二册S-3-2"]
["1-2-6-1-2",null,null,"坡面圬工防护","m3/m2"]
[null,"208-3-a",null,"拱形浆砌片石护坡","m3",1614.91,null,null,126.53]
[null,null,1,"K0+000~K0+960",{"$nulls":6},"第二册S-3-2"]
[null,null,2,"K0+960~K1+800",{"$nulls":6},"第二册S-3-2"]
[null,null,3,"K2+800~K4+000",{"$nulls":6},"第二册S-3-2"]
[null,null,4,"K4+000~K5+140",{"$nulls":6},"第二册S-3-2"]
[null,null,5,"K5+140~K6+000",{"$nulls":6},"第二册S-3-2"]
[null,null,6,"K6+000~K7+152",{"$nulls":6},"第二册S-3-2"]
[null,null,7,"K7+152~K7+700",{"$nulls":6},"第二册S-3-2"]
["1-2-6-1-3",null,null,"浆砌片（块）石护脚","m3"]
[null,"208-3-c",null,"实体式浆砌片石护坡","m3",94.7,null,null,126.53]
[null,null,1,"K0+000~K1+000",{"$nulls":6},"第二册S-3-2"]
[null,null,2,"K1+000~K1+800",{"$nulls":6},"第二册S-3-2"]
[null,null,3,"K2+800~K4+000",{"$nulls":6},"第二册S-3-2"]
[null,null,4,"K4+000~K5+060",{"$nulls":6},"第二册S-3-2"]
[null,null,5,"K5+060~K6+000",{"$nulls":6},"第二册S-3-2"]
[null,null,6,"K6+000~K7+000",{"$nulls":6},"第二册S-3-2"]
[null,null,7,"K7+000~K7+700",{"$nulls":6},"第二册S-3-2"]
["1-2-6-3",null,null,"高边坡防护与加固","km/m2"]
[null,"208-3-a",null,"拱形浆砌片石护坡","m3",1980.4,null,null,126.53]
[null,null,1,"K4+340~K4+480左右侧边坡防护",{"$nulls":6},"第二册SC-3-3"]
[null,null,2,"K4+510~K4+860右侧边坡防护",{"$nulls":6},"第二册SC-3-3"]
[null,null,3,"K5+265~K5+470左侧边坡防护",{"$nulls":6},"第二册SC-3-3"]
[null,"208-4-b-1",null,"预制空心砖护坡","m3",9.6,null,null,416.73]
[null,null,1,"K4+340~K4+480左右侧边坡防护",{"$nulls":6},"第二册SC-3-3"]
[null,null,2,"K4+510~K4+860右侧边坡防护",{"$nulls":6},"第二册SC-3-3"]
[null,null,3,"K5+265~K5+470左侧边坡防护",{"$nulls":6},"第二册SC-3-3"]
[null,"208-1-a",null,"植草","m2",2249.9,null,null,3.32]
[null,null,1,"K4+340~K4+480左右侧边坡防护",{"$nulls":6},"第二册SC-3-3"]
[null,null,2,"K4+510~K4+860右侧边坡防护",{"$nulls":6},"第二册SC-3-3"]
[null,null,3,"K5+265~K5+470左侧边坡防护",{"$nulls":6},"第二册SC-3-3"]
["1-2-6-4",null,null,"挡土墙","m2"]
["1-2-6-4-1",null,null,"重力式挡墙","m3/m"]
["1-2-6-4-1-2",null,null,"浆砌片（块）石挡土墙","m3/m"]
[null,"209-1-a",null,"浆砌片（块）石挡墙","m3",1158.4,null,null,137.85]
[null,null,1,"K2+928~K3+004",{"$nulls":6},"第二册S-3-1"]
[null,null,2,"K3+004~K3+119",{"$nulls":6},"第二册S-3-1"]
["1-2-7",null,null,"路基零星工程","km"]
["1-2-7-1",null,null,"整修路基","km"]
[null,"206-2",null,"整修边坡","km",7.7,null,null,124282.3377]
["1-3",null,null,"路面工程","km/m2"]
["1-4",null,null,"桥梁涵洞工程","km"]
["1-4-5",null,null,"特、大桥工程（100≤L,40≤Lk）","m/座"]
["1-4-5-1",null,null,"K66+258马坑渭河大桥","m2/m"]
["1-4-5-1-1",null,null,"桥台（台高××m）","m2/m"]
["1-4-5-1-1-2",null,null,"桥台基础","m3/处"]
[null,"403-1-a",null,"I级钢筋(包括基础、承台、支撑梁等)","kg",126,null,null,5.18]
[null,null,1,"0#桥台1#桩",{"$nulls":6},"第三册S4-3-17"]
[null,null,2,"0#桥台2#桩",{"$nulls":6},"第三册S4-3-17"]
[null,null,3,"0#桥台3#桩",{"$nulls":6},"第三册S4-3-17"]
[null,null,4,"0#桥台4#桩",{"$nulls":6},"第三册S4-3-17"]
[null,null,5,"8#桥台1#桩",{"$nulls":6},"第三册S4-3-17"]
[null,null,6,"8#桥台2#桩",{"$nulls":6},"第三册S4-3-17"]
[null,null,7,"8#桥台3#桩",{"$nulls":6},"第三册S4-3-17"]
[null,null,8,"8#桥台4#桩",{"$nulls":6},"第三册S4-3-17"]
[null,"403-1-b",null,"II级钢筋(包括基础、承台、支撑梁等)","kg",3573.7,null,null,5.18]
[null,null,1,"0#桥台1#桩",{"$nulls":6},"第三册S4-3-17"]
[null,null,2,"0#桥台2#桩",{"$nulls":6},"第三册S4-3-17"]
[null,null,3,"0#桥台3#桩",{"$nulls":6},"第三册S4-3-17"]
[null,null,4,"0#桥台4#桩",{"$nulls":6},"第三册S4-3-17"]
[null,null,5,"8#桥台1#桩",{"$nulls":6},"第三册S4-3-17"]
[null,null,6,"8#桥台2#桩",{"$nulls":6},"第三册S4-3-17"]
[null,null,7,"8#桥台3#桩",{"$nulls":6},"第三册S4-3-17"]
[null,null,8,"8#桥台4#桩",{"$nulls":6},"第三册S4-3-17"]
[null,"405-1-b-5",null,"桩径1.5m","m",22,null,null,2983.69]
[null,null,1,"0#桥台1#桩",{"$nulls":6},"第三册S4-3-17"]
[null,null,2,"0#桥台2#桩",{"$nulls":6},"第三册S4-3-17"]
[null,null,3,"0#桥台3#桩",{"$nulls":6},"第三册S4-3-17"]
[null,null,4,"0#桥台4#桩",{"$nulls":6},"第三册S4-3-17"]
[null,null,5,"8#桥台1#桩",{"$nulls":6},"第三册S4-3-17"]
[null,null,6,"8#桥台2#桩",{"$nulls":6},"第三册S4-3-17"]
[null,null,7,"8#桥台3#桩",{"$nulls":6},"第三册S4-3-17"]
[null,null,8,"8#桥台4#桩",{"$nulls":6},"第三册S4-3-17"]
["1-4-5-1-1-3",null,null,"桥台承台"]
[null,"403-1-b",null,"II级钢筋(包括基础、承台、支撑梁等)","kg",8734.3,null,null,5.18]
[null,null,1,"0#桥台承台",{"$nulls":6},"第三册S4-3-16"]
[null,null,2,"8#桥台承台",{"$nulls":6},"第三册S4-3-16"]
[null,"410-1-b",null,"C25混凝土","m3",86,null,null,464.99]
[null,null,1,"0#桥台承台",{"$nulls":6},"第三册S4-3-16"]
[null,null,2,"8#桥台承台",{"$nulls":6},"第三册S4-3-16"]
["1-4-5-1-1-5",null,null,"桥台台身"]
[null,"403-2-a",null,"光圆钢筋（HPB300）","kg",1260.2,null,null,5.37]
[null,null,1,"0#桥台台身",{"$nulls":6},"第三册S4-3-14"]
[null,null,2,"8#桥台台身",{"$nulls":6},"第三册S4-3-14"]
[null,"403-2-b",null,"带肋钢筋（HRB400）","kg",8477.68,null,null,5.44]
[null,null,1,"0#桥台台身",{"$nulls":6},"第三册S4-3-14"]
[null,null,2,"8#桥台台身",{"$nulls":6},"第三册S4-3-14"]
[null,"410-2-c",null,"C35混凝土","m3",68.1,null,null,519.25]
[null,null,1,"0#桥台台身",{"$nulls":6},"第三册S4-3-14"]
[null,null,2,"8#桥台台身",{"$nulls":6},"第三册S4-3-14"]
["1-4-5-1-1-6",null,null,"桥台耳背墙"]
[null,"403-2-b",null,"带肋钢筋（HRB400）","kg",2438.92,null,null,5.44]
[null,null,1,"0#桥台耳背墙",{"$nulls":6},"第三册S4-3-15"]
[null,null,2,"0#桥台耳背墙",{"$nulls":6},"第三册S4-3-15"]
[null,null,3,"8#桥台耳背墙",{"$nulls":6},"第三册S4-3-15"]
[null,null,4,"8#桥台耳背墙",{"$nulls":6},"第三册S4-3-15"]
["1-4-5-1-1-7",null,null,"桥台台帽"]
[null,"403-2-b",null,"带肋钢筋（HRB400）","kg",5797,null,null,5.44]
[null,null,1,"0#桥台台帽",{"$nulls":6},"第三册S4-3-13"]
[null,null,2,"8#桥台台帽",{"$nulls":6},"第三册S4-3-13"]
[null,"410-2-b",null,"C30混凝土","m3",32.8,null,null,358.97]
[null,null,1,"0#桥台台帽",{"$nulls":6},"第三册S4-3-13"]
[null,null,2,"8#桥台台帽",{"$nulls":6},"第三册S4-3-13"]
["1-4-5-1-1-11",null,null,"桥台支座垫石、挡块"]
[null,"403-4-b",null,"带肋钢筋（HRB400）","kg",1018.7,null,null,5.35]
[null,null,1,"0#桥台支座垫石、挡块",{"$nulls":6},"第三册S4-5-2-4"]
[null,null,2,"8#桥台支座垫石、挡块",{"$nulls":6},"第三册S4-5-2-4"]
[null,null,3,"0#桥台挡块",{"$nulls":6},"第三册S4-5-2-4"]
[null,null,4,"8#桥台挡块",{"$nulls":6},"第三册S4-5-2-4"]
[null,null,5,"0#桥台支座垫石",{"$nulls":6},"第三册S4-5-2-4"]
[null,null,6,"8#桥台支座垫石",{"$nulls":6},"第三册S4-5-2-4"]
["1-4-5-1-2",null,null,"桥墩基础","m2/m"]
["1-4-5-1-2-1",null,null,"桥墩桩基础","m/根"]
[null,"403-1-a",null,"I级钢筋(包括基础、承台、支撑梁等)","kg",193.1,null,null,5.18]
[null,null,1,"1#桥墩1#桩",{"$nulls":6},"第三册S4-3-11"]
[null,null,2,"1#桥墩2#桩",{"$nulls":6},"第三册S4-3-11"]
[null,null,3,"2#桥墩1#桩",{"$nulls":6},"第三册S4-3-11"]
[null,null,4,"2#桥墩2#桩",{"$nulls":6},"第三册S4-3-11"]
[null,null,5,"3#桥墩1#桩",{"$nulls":6},"第三册S4-3-11"]
[null,null,6,"3#桥墩2#桩",{"$nulls":6},"第三册S4-3-11"]
[null,null,7,"4#桥墩1#桩",{"$nulls":6},"第三册S4-3-11"]
[null,null,8,"4#桥墩2#桩",{"$nulls":6},"第三册S4-3-11"]
[null,null,9,"5#桥墩1#桩",{"$nulls":6},"第三册S4-3-11"]
[null,null,10,"5#桥墩2#桩",{"$nulls":6},"第三册S4-3-11"]
[null,null,11,"6#桥墩1#桩",{"$nulls":6},"第三册S4-3-11"]
[null,null,12,"6#桥墩2#桩",{"$nulls":6},"第三册S4-3-11"]
[null,null,13,"7#桥墩1#桩",{"$nulls":6},"第三册S4-3-11"]
[null,null,14,"7#桥墩2#桩",{"$nulls":6},"第三册S4-3-11"]
[null,"403-1-b",null,"II级钢筋(包括基础、承台、支撑梁等)","kg",4633.4,null,null,5.18]
[null,null,1,"1#桥墩1#桩",{"$nulls":6},"第三册S4-3-11"]
[null,null,2,"1#桥墩2#桩",{"$nulls":6},"第三册S4-3-11"]
[null,null,3,"2#桥墩1#桩",{"$nulls":6},"第三册S4-3-11"]
[null,null,4,"2#桥墩2#桩",{"$nulls":6},"第三册S4-3-11"]
[null,null,5,"3#桥墩1#桩",{"$nulls":6},"第三册S4-3-11"]
[null,null,6,"3#桥墩2#桩",{"$nulls":6},"第三册S4-3-11"]
[null,null,7,"4#桥墩1#桩",{"$nulls":6},"第三册S4-3-11"]
[null,null,8,"4#桥墩2#桩",{"$nulls":6},"第三册S4-3-11"]
[null,null,9,"5#桥墩1#桩",{"$nulls":6},"第三册S4-3-11"]
[null,null,10,"5#桥墩2#桩",{"$nulls":6},"第三册S4-3-11"]
[null,null,11,"6#桥墩1#桩",{"$nulls":6},"第三册S4-3-11"]
[null,null,12,"6#桥墩2#桩",{"$nulls":6},"第三册S4-3-11"]
[null,null,13,"7#桥墩1#桩",{"$nulls":6},"第三册S4-3-11"]
[null,null,14,"7#桥墩2#桩",{"$nulls":6},"第三册S4-3-11"]
[null,"405-1-b-6",null,"桩径1.6m","m",26,null,null,4177.78]
[null,null,1,"1#桥墩1#桩",{"$nulls":6},"第三册S4-3-11"]
[null,null,2,"1#桥墩2#桩",{"$nulls":6},"第三册S4-3-11"]
[null,null,3,"2#桥墩1#桩",{"$nulls":6},"第三册S4-3-11"]
[null,null,4,"2#桥墩2#桩",{"$nulls":6},"第三册S4-3-11"]
[null,null,5,"3#桥墩1#桩",{"$nulls":6},"第三册S4-3-11"]
[null,null,6,"3#桥墩2#桩",{"$nulls":6},"第三册S4-3-11"]
[null,null,7,"4#桥墩1#桩",{"$nulls":6},"第三册S4-3-11"]
[null,null,8,"4#桥墩2#桩",{"$nulls":6},"第三册S4-3-11"]
[null,null,9,"5#桥墩1#桩",{"$nulls":6},"第三册S4-3-11"]
[null,null,10,"5#桥墩2#桩",{"$nulls":6},"第三册S4-3-11"]
[null,null,11,"6#桥墩1#桩",{"$nulls":6},"第三册S4-3-11"]
[null,null,12,"6#桥墩2#桩",{"$nulls":6},"第三册S4-3-11"]
[null,null,13,"7#桥墩1#桩",{"$nulls":6},"第三册S4-3-11"]
[null,null,14,"7#桥墩2#桩",{"$nulls":6},"第三册S4-3-11"]
["1-4-5-1-2-4",null,null,"桥墩承台"]
[null,"403-1-b",null,"II级钢筋(包括基础、承台、支撑梁等)","kg",4225.7,null,null,5.18]
[null,null,1,"1#桥墩承台",{"$nulls":6},"第三册S4-3-10"]
[null,null,2,"2#桥墩承台",{"$nulls":6},"第三册S4-3-10"]
[null,null,3,"3#桥墩承台",{"$nulls":6},"第三册S4-3-10"]
[null,null,4,"4#桥墩承台",{"$nulls":6},"第三册S4-3-10"]
[null,null,5,"5#桥墩承台",{"$nulls":6},"第三册S4-3-10"]
[null,null,6,"6#桥墩承台",{"$nulls":6},"第三册S4-3-10"]
[null,"410-1-c",null,"C30混凝土","m3",34.3,null,null,518.88]
[null,null,1,"1#桥墩承台",{"$nulls":6},"第三册S4-3-10"]
[null,null,2,"2#桥墩承台",{"$nulls":6},"第三册S4-3-10"]
[null,null,3,"3#桥墩承台",{"$nulls":6},"第三册S4-3-10"]
[null,null,4,"4#桥墩承台",{"$nulls":6},"第三册S4-3-10"]
[null,null,5,"5#桥墩承台",{"$nulls":6},"第三册S4-3-10"]
[null,null,6,"6#桥墩承台",{"$nulls":6},"第三册S4-3-10"]
[{"$nulls":3},"7#桥墩承台",{"$nulls":6},"第三册S4-3-10"]
["1-4-5-1-3",null,null,"下部构造（墩高××m）","m2/m"]
["1-4-5-1-3-1",null,null,"桥墩墩柱"]
[null,"403-2-b",null,"带肋钢筋（HRB400）","kg",9258.9,null,null,5.44]
[null,null,1,"1#桥墩墩柱",{"$nulls":6},"第三册S4-3-9"]
[null,null,2,"2#桥墩墩柱",{"$nulls":6},"第三册S4-3-9"]
[null,null,3,"3#桥墩墩柱",{"$nulls":6},"第三册S4-3-9"]
[null,null,4,"4#桥墩墩柱",{"$nulls":6},"第三册S4-3-9"]
[null,null,5,"5#桥墩墩柱",{"$nulls":6},"第三册S4-3-9"]
[null,null,6,"6#桥墩墩柱",{"$nulls":6},"第三册S4-3-9"]
[null,null,7,"7#桥墩墩柱",{"$nulls":6},"第三册S4-3-9"]
[null,"410-2-c",null,"C35混凝土","m3",45.7,null,null,519.25]
[null,null,1,"1#桥墩墩柱",{"$nulls":6},"第三册S4-3-9"]
[null,null,2,"2#桥墩墩柱",{"$nulls":6},"第三册S4-3-9"]
[null,null,3,"3#桥墩墩柱",{"$nulls":6},"第三册S4-3-9"]
[null,null,4,"4#桥墩墩柱",{"$nulls":6},"第三册S4-3-9"]
[null,null,5,"5#桥墩墩柱",{"$nulls":6},"第三册S4-3-9"]
[null,null,6,"6#桥墩墩柱",{"$nulls":6},"第三册S4-3-9"]
[null,null,7,"7#桥墩墩柱",{"$nulls":6},"第三册S4-3-9"]
["1-4-5-1-3-4",null,null,"桥墩承台"]
[null,"403-1-b",null,"II级钢筋(包括基础、承台、支撑梁等)","kg",4225.7,null,null,5.18]
[null,null,1,"1#桥墩承台",{"$nulls":6},"第三册S4-3-10"]
[null,null,2,"2#桥墩承台",{"$nulls":6},"第三册S4-3-10"]
[null,null,3,"3#桥墩承台",{"$nulls":6},"第三册S4-3-10"]
[null,null,4,"4#桥墩承台",{"$nulls":6},"第三册S4-3-10"]
[null,null,5,"5#桥墩承台",{"$nulls":6},"第三册S4-3-10"]
[null,null,6,"6#桥墩承台",{"$nulls":6},"第三册S4-3-10"]
[null,null,7,"7#桥墩承台",{"$nulls":6},"第三册S4-3-10"]
[null,"410-1-c",null,"C30混凝土","m3",34.3,null,null,518.88]
[null,null,1,"1#桥墩承台",{"$nulls":6},"第三册S4-3-10"]
[null,null,2,"2#桥墩承台",{"$nulls":6},"第三册S4-3-10"]
[null,null,3,"3#桥墩承台",{"$nulls":6},"第三册S4-3-10"]
[null,null,4,"4#桥墩承台",{"$nulls":6},"第三册S4-3-10"]
[null,null,5,"5#桥墩承台",{"$nulls":6},"第三册S4-3-10"]
[null,null,6,"6#桥墩承台",{"$nulls":6},"第三册S4-3-10"]
[null,null,7,"7#桥墩承台",{"$nulls":6},"第三册S4-3-10"]
["1-4-5-1-3-9",null,null,"桥墩盖梁"]
[null,"403-2-b",null,"带肋钢筋（HRB400）","kg",7586.7,null,null,5.44]
[null,null,1,"1#桥墩盖梁",{"$nulls":6},"第三册S4-3-8"]
[null,null,2,"2#桥墩盖梁",{"$nulls":6},"第三册S4-3-8"]
[null,null,3,"3#桥墩盖梁",{"$nulls":6},"第三册S4-3-8"]
[null,null,4,"4#桥墩盖梁",{"$nulls":6},"第三册S4-3-8"]
[null,null,5,"5#桥墩盖梁",{"$nulls":6},"第三册S4-3-8"]
[null,null,6,"6#桥墩盖梁",{"$nulls":6},"第三册S4-3-8"]
[null,null,7,"7#桥墩盖梁",{"$nulls":6},"第三册S4-3-8"]
[null,"410-2-b",null,"C30混凝土","m3",48,null,null,358.97]
[null,null,1,"1#桥墩盖梁",{"$nulls":6},"第三册S4-3-8"]
[null,null,2,"2#桥墩盖梁",{"$nulls":6},"第三册S4-3-8"]
[null,null,3,"3#桥墩盖梁",{"$nulls":6},"第三册S4-3-8"]
[null,null,4,"4#桥墩盖梁",{"$nulls":6},"第三册S4-3-8"]
[null,null,5,"5#桥墩盖梁",{"$nulls":6},"第三册S4-3-8"]
[null,null,6,"6#桥墩盖梁",{"$nulls":6},"第三册S4-3-8"]
[null,null,7,"7#桥墩盖梁",{"$nulls":6},"第三册S4-3-8"]
["1-4-5-1-3-10",null,null,"桥墩支座垫石和挡块"]
[null,"403-4-b",null,"带肋钢筋（HRB400）","kg",776.6,null,null,5.35]
[null,null,1,"1#桥墩挡块",{"$nulls":6},"第三册S4-5-2-1"]
[null,null,2,"2#桥墩挡块",{"$nulls":6},"第三册S4-5-2-1"]
[null,null,3,"3#桥墩挡块",{"$nulls":6},"第三册S4-5-2-1"]
[null,null,4,"4#桥墩挡块",{"$nulls":6},"第三册S4-5-2-1"]
[null,null,5,"5#桥墩挡块",{"$nulls":6},"第三册S4-5-2-1"]
[null,null,6,"6#桥墩挡块",{"$nulls":6},"第三册S4-5-2-1"]
[null,null,7,"7#桥墩挡块",{"$nulls":6},"第三册S4-5-2-1"]
[null,null,8,"1#桥墩支座垫石",{"$nulls":6},"第三册S4-5-2-1"]
[null,null,9,"2#桥墩支座垫石",{"$nulls":6},"第三册S4-5-2-1"]
[null,null,10,"3#桥墩支座垫石",{"$nulls":6},"第三册S4-5-2-1"]
[null,null,11,"4#桥墩支座垫石",{"$nulls":6},"第三册S4-5-2-1"]
[null,null,12,"5#桥墩支座垫石",{"$nulls":6},"第三册S4-5-2-1"]
[null,null,13,"6#桥墩支座垫石",{"$nulls":6},"第三册S4-5-2-1"]
[null,null,14,"7#桥墩支座垫石",{"$nulls":6},"第三册S4-5-2-1"]
[null,"410-6-c",null,"C30混凝土","m3",1.2,null,null,526.78]
[null,null,1,"1#桥墩挡块",{"$nulls":6},"第三册S4-5-2-1"]
[null,null,2,"2#桥墩挡块",{"$nulls":6},"第三册S4-5-2-1"]
[null,null,3,"3#桥墩挡块",{"$nulls":6},"第三册S4-5-2-1"]
[null,null,4,"4#桥墩挡块",{"$nulls":6},"第三册S4-5-2-1"]
[null,null,5,"5#桥墩挡块",{"$nulls":6},"第三册S4-5-2-1"]
[null,null,6,"6#桥墩挡块",{"$nulls":6},"第三册S4-5-2-1"]
[null,null,7,"7#桥墩挡块",{"$nulls":6},"第三册S4-5-2-1"]
[null,null,8,"1#桥墩支座垫石",{"$nulls":6},"第三册S4-5-2-1"]
[null,null,9,"2#桥墩支座垫石",{"$nulls":6},"第三册S4-5-2-1"]
[null,null,10,"3#桥墩支座垫石",{"$nulls":6},"第三册S4-5-2-1"]
[null,null,11,"4#桥墩支座垫石",{"$nulls":6},"第三册S4-5-2-1"]
[null,null,12,"5#桥墩支座垫石",{"$nulls":6},"第三册S4-5-2-1"]
[null,null,13,"6#桥墩支座垫石",{"$nulls":6},"第三册S4-5-2-1"]
[null,null,14,"7#桥墩支座垫石",{"$nulls":6},"第三册S4-5-2-1"]
["1-4-5-1-3-12",null,null,"桥墩防震锚栓"]
[null,"403-2-b",null,"带肋钢筋（HRB400）","kg",545.2,null,null,5.44]
[null,null,1,"1#桥墩防震锚栓",{"$nulls":6},"第三册S4-5-2-3"]
[null,null,2,"2#桥墩防震锚栓",{"$nulls":6},"第三册S4-5-2-3"]
[null,null,3,"3#桥墩防震锚栓",{"$nulls":6},"第三册S4-5-2-3"]
[null,null,4,"4#桥墩防震锚栓",{"$nulls":6},"第三册S4-5-2-3"]
[null,null,5,"5#桥墩防震锚栓",{"$nulls":6},"第三册S4-5-2-3"]
[null,null,6,"6#桥墩防震锚栓",{"$nulls":6},"第三册S4-5-2-3"]
[null,null,7,"7#桥墩防震锚栓",{"$nulls":6},"第三册S4-5-2-3"]
["1-4-5-1-4",null,null,"上部构造","m2/m"]
["1-4-5-1-4-13",null,null,"梁端封锚"]
[null,"403-3-a",null,"光圆钢筋（HPB300）","kg",23.82,null,null,5.52]
[null,null,1,"0#桥台梁端封锚钢筋",{"$nulls":6},"第三册S4-5-1-10"]
[null,null,2,"8#桥台梁端封锚钢筋",{"$nulls":6},"第三册S4-5-1-10"]
[null,null,3,"第1跨梁端加强钢筋",{"$nulls":6},"第三册S4-5-1-8"]
[null,null,4,"第2跨梁端加强钢筋",{"$nulls":6},"第三册S4-5-1-8"]
[null,null,5,"第3跨梁端加强钢筋",{"$nulls":6},"第三册S4-5-1-8"]
[null,null,6,"第3跨梁端加强钢筋",{"$nulls":6},"第三册S4-5-1-8"]
[null,null,7,"第5跨梁端加强钢筋",{"$nulls":6},"第三册S4-5-1-8"]
[null,null,8,"第6跨梁端加强钢筋",{"$nulls":6},"第三册S4-5-1-8"]
[null,null,9,"第7跨梁端加强钢筋",{"$nulls":6},"第三册S4-5-1-8"]
[null,null,10,"第8跨梁端加强钢筋",{"$nulls":6},"第三册S4-5-1-8"]
["1-4-5-1-4-14",null,null,"现浇湿接缝"]
[null,"403-3-a",null,"光圆钢筋（HPB300）","kg",1016.2,null,null,5.52]
[null,null,1,"第1跨现浇湿接缝",{"$nulls":6},"第三册S4-5-1-11"]
[null,null,2,"第2跨现浇湿接缝",{"$nulls":6},"第三册S4-5-1-11"]
[null,null,3,"第3跨现浇湿接缝",{"$nulls":6},"第三册S4-5-1-11"]
[null,null,4,"第4跨现浇湿接缝",{"$nulls":6},"第三册S4-5-1-11"]
[null,null,5,"第5跨现浇湿接缝",{"$nulls":6},"第三册S4-5-1-11"]
[null,null,6,"第6跨现浇湿接缝",{"$nulls":6},"第三册S4-5-1-11"]
[null,null,7,"第7跨现浇湿接缝",{"$nulls":6},"第三册S4-5-1-11"]
[null,null,8,"第8跨现浇湿接缝",{"$nulls":6},"第三册S4-5-1-11"]
[null,"403-3-b",null,"带肋钢筋（HRB400）","kg",3063.56,null,null,5.63]
[null,null,1,"第1跨现浇湿接缝",{"$nulls":6},"第三册S4-5-1-11"]
[null,null,2,"第2跨现浇湿接缝",{"$nulls":6},"第三册S4-5-1-11"]
[null,null,3,"第3跨现浇湿接缝",{"$nulls":6},"第三册S4-5-1-11"]
[null,null,4,"第4跨现浇湿接缝",{"$nulls":6},"第三册S4-5-1-11"]
[null,null,5,"第5跨现浇湿接缝",{"$nulls":6},"第三册S4-5-1-11"]
[null,null,6,"第6跨现浇湿接缝",{"$nulls":6},"第三册S4-5-1-11"]
[null,null,7,"第7跨现浇湿接缝",{"$nulls":6},"第三册S4-5-1-11"]
[null,null,8,"第8跨现浇湿接缝",{"$nulls":6},"第三册S4-5-1-11"]
[null,"411-7-a",null,"C50混凝土","m3",15.9,null,null,1017.08]
[null,null,1,"第1跨现浇湿接缝",{"$nulls":6},"第三册S4-5-1-11"]
[null,null,2,"第2跨现浇湿接缝",{"$nulls":6},"第三册S4-5-1-11"]
[null,null,3,"第3跨现浇湿接缝",{"$nulls":6},"第三册S4-5-1-11"]
[null,null,4,"第4跨现浇湿接缝",{"$nulls":6},"第三册S4-5-1-11"]
[null,null,5,"第5跨现浇湿接缝",{"$nulls":6},"第三册S4-5-1-11"]
[null,null,6,"第6跨现浇湿接缝",{"$nulls":6},"第三册S4-5-1-11"]
[null,null,7,"第7跨现浇湿接缝",{"$nulls":6},"第三册S4-5-1-11"]
[null,null,8,"第8跨现浇湿接缝",{"$nulls":6},"第三册S4-5-1-11"]
["1-4-5-1-4-15",null,null,"端横梁"]
[null,"403-3-a",null,"光圆钢筋（HPB300）","kg",256.84,null,null,5.52]
[null,null,1,"0#桥台端横梁",{"$nulls":6},"第三册S4-5-1-12"]
[null,null,2,"8#桥台端横梁",{"$nulls":6},"第三册S4-5-1-12"]
[null,"403-3-b",null,"带肋钢筋（HRB400）","kg",310.67,null,null,5.63]
[null,null,1,"0#桥台端横梁",{"$nulls":6},"第三册S4-5-1-12"]
[null,null,2,"8#桥台端横梁",{"$nulls":6},"第三册S4-5-1-12"]
[null,"411-7-a",null,"C50混凝土","m3",0.6,null,null,1017.08]
[null,null,1,"0#桥台端横梁",{"$nulls":6},"第三册S4-5-1-12"]
[null,null,2,"8#桥台端横梁",{"$nulls":6},"第三册S4-5-1-12"]
["1-4-5-1-4-16",null,null,"中横梁"]
[null,"403-3-a",null,"光圆钢筋（HPB300）","kg",226.94,null,null,5.52]
[null,null,1,"1#桥墩中横梁",{"$nulls":6},"第三册S4-5-1-13"]
[null,null,2,"2#桥墩中横梁",{"$nulls":6},"第三册S4-5-1-13"]
[null,null,3,"3#桥墩中横梁",{"$nulls":6},"第三册S4-5-1-13"]
[null,null,4,"4#桥墩中横梁",{"$nulls":6},"第三册S4-5-1-13"]
[null,null,5,"5#桥墩中横梁",{"$nulls":6},"第三册S4-5-1-13"]
[null,null,6,"6#桥墩中横梁",{"$nulls":6},"第三册S4-5-1-13"]
[null,null,7,"7#桥墩中横梁",{"$nulls":6},"第三册S4-5-1-13"]
[null,"403-3-b",null,"带肋钢筋（HRB400）","kg",702.01,null,null,5.63]
[null,null,1,"1#桥墩中横梁",{"$nulls":6},"第三册S4-5-1-13"]
[null,null,2,"2#桥墩中横梁",{"$nulls":6},"第三册S4-5-1-13"]
[null,null,3,"3#桥墩中横梁",{"$nulls":6},"第三册S4-5-1-13"]
[null,null,4,"4#桥墩中横梁",{"$nulls":6},"第三册S4-5-1-13"]
[null,null,5,"5#桥墩中横梁",{"$nulls":6},"第三册S4-5-1-13"]
[null,null,6,"6#桥墩中横梁",{"$nulls":6},"第三册S4-5-1-13"]
[null,null,7,"7#桥墩中横梁",{"$nulls":6},"第三册S4-5-1-13"]
[null,"411-7-a",null,"C50混凝土","m3",8.9,null,null,1017.08]
[null,null,1,"1#桥墩中横梁",{"$nulls":6},"第三册S4-5-1-13"]
[null,null,2,"2#桥墩中横梁",{"$nulls":6},"第三册S4-5-1-13"]
[null,null,3,"3#桥墩中横梁",{"$nulls":6},"第三册S4-5-1-13"]
[null,null,4,"4#桥墩中横梁",{"$nulls":6},"第三册S4-5-1-13"]
[null,null,5,"5#桥墩中横梁",{"$nulls":6},"第三册S4-5-1-13"]
[null,null,6,"6#桥墩中横梁",{"$nulls":6},"第三册S4-5-1-13"]
[null,null,7,"7#桥墩中横梁",{"$nulls":6},"第三册S4-5-1-13"]
["1-4-5-1-4-17",null,null,"跨中横隔板"]
[null,"403-3-a",null,"光圆钢筋（HPB300）","kg",270.54,null,null,5.52]
[null,null,1,"第1跨跨中横隔板",{"$nulls":6},"第三册S4-5-1-14"]
[null,null,2,"第2跨跨中横隔板",{"$nulls":6},"第三册S4-5-1-14"]
[null,null,3,"第3跨跨中横隔板",{"$nulls":6},"第三册S4-5-1-14"]
[null,null,4,"第4跨跨中横隔板",{"$nulls":6},"第三册S4-5-1-14"]
[null,null,5,"第5跨跨中横隔板",{"$nulls":6},"第三册S4-5-1-14"]
[null,null,6,"第6跨跨中横隔板",{"$nulls":6},"第三册S4-5-1-14"]
[null,null,7,"第7跨跨中横隔板",{"$nulls":6},"第三册S4-5-1-14"]
[null,null,8,"第8跨跨中横隔板",{"$nulls":6},"第三册S4-5-1-14"]
[null,"403-3-b",null,"带肋钢筋（HRB400）","kg",1089.3,null,null,5.63]
[null,null,1,"第1跨跨中横隔板",{"$nulls":6},"第三册S4-5-1-14"]
[null,null,2,"第2跨跨中横隔板",{"$nulls":6},"第三册S4-5-1-14"]
[null,null,3,"第3跨跨中横隔板",{"$nulls":6},"第三册S4-5-1-14"]
[null,null,4,"第4跨跨中横隔板",{"$nulls":6},"第三册S4-5-1-14"]
[null,null,5,"第5跨跨中横隔板",{"$nulls":6},"第三册S4-5-1-14"]
[null,null,6,"第6跨跨中横隔板",{"$nulls":6},"第三册S4-5-1-14"]
[null,null,7,"第7跨跨中横隔板",{"$nulls":6},"第三册S4-5-1-14"]
[null,null,8,"第8跨跨中横隔板",{"$nulls":6},"第三册S4-5-1-14"]
[null,"411-7-a",null,"C50混凝土","m3",0.63,null,null,1017.08]
[null,null,1,"第1跨跨中横隔板",{"$nulls":6},"第三册S4-5-1-14"]
[null,null,2,"第2跨跨中横隔板",{"$nulls":6},"第三册S4-5-1-14"]
[null,null,3,"第3跨跨中横隔板",{"$nulls":6},"第三册S4-5-1-14"]
[null,null,4,"第4跨跨中横隔板",{"$nulls":6},"第三册S4-5-1-14"]
[null,null,5,"第5跨跨中横隔板",{"$nulls":6},"第三册S4-5-1-14"]
[null,null,6,"第6跨跨中横隔板",{"$nulls":6},"第三册S4-5-1-14"]
[null,null,7,"第7跨跨中横隔板",{"$nulls":6},"第三册S4-5-1-14"]
[null,null,8,"第8跨跨中横隔板",{"$nulls":6},"第三册S4-5-1-14"]
["1-4-5-1-4-18",null,null,"预制堵头板"]
[null,"403-3-a",null,"光圆钢筋（HPB300）","kg",109.3,null,null,5.52]
[null,null,1,"第1跨预制堵头板",{"$nulls":6},"第三册S4-5-1-15"]
[null,null,2,"第2跨预制堵头板",{"$nulls":6},"第三册S4-5-1-15"]
[null,null,3,"第3跨预制堵头板"]
[null,null,4,"第4跨预制堵头板"]
[null,null,5,"第5跨预制堵头板"]
[null,null,6,"第6跨预制堵头板"]
[null,null,7,"第7跨预制堵头板"]
[null,null,8,"第8跨预制堵头板"]
[null,"411-8-a",null,"C50混凝土","m3",0.99,null,null,1461.17]
[null,null,1,"第1跨预制堵头板",{"$nulls":6},"第三册S4-5-1-15"]
[null,null,2,"第2跨预制堵头板",{"$nulls":6},"第三册S4-5-1-15"]
[null,null,3,"第3跨预制堵头板"]
[null,null,4,"第4跨预制堵头板"]
[null,null,5,"第5跨预制堵头板"]
[null,null,6,"第6跨预制堵头板"]
[null,null,7,"第7跨预制堵头板"]
[null,null,8,"第8跨预制堵头板"]
["1-4-5-1-4-19",null,null,"箱梁预制"]
["1-4-5-1-4-19-1",null,null,"边跨边梁"]
[null,"403-3-a",null,"光圆钢筋（HPB300）","kg",1470,null,null,5.52]
[null,null,1," 1-1边跨边梁"]
[null,null,2," 1-4边跨边梁"]
[null,null,3," 8-1边跨边梁"]
[null,null,4," 8-4边跨边梁"]
[null,"403-3-b",null,"带肋钢筋（HRB400）","kg",5616,null,null,5.63]
[null,null,1," 1-1边跨边梁"]
[null,null,2," 1-4边跨边梁"]
[null,null,3," 8-1边跨边梁"]
[null,null,4," 8-4边跨边梁"]
[null,"411-8-a",null,"C50混凝土","m3",36.3,null,null,1461.17]
[null,null,1," 1-1边跨边梁"]
[null,null,2," 1-4边跨边梁"]
[null,null,3," 8-1边跨边梁"]
[null,null,4," 8-4边跨边梁"]
["1-4-5-1-4-19-2",null,null,"边跨中梁"]
[null,"403-3-a",null,"光圆钢筋（HPB300）","kg",1470,null,null,5.52]
[null,null,1," 1-2边跨中梁"]
[null,null,2," 1-3边跨中梁"]
[null,null,3," 8-2边跨中梁"]
[null,null,4," 8-3边跨中梁"]
[null,"403-3-b",null,"带肋钢筋（HRB400）","kg",5616,null,null,5.63]
[null,null,1," 1-2边跨中梁"]
[null,null,2," 1-3边跨中梁"]
[null,null,3," 8-2边跨中梁"]
[null,null,4," 8-3边跨中梁"]
[null,"411-8-a",null,"C50混凝土","m3",36.3,null,null,1461.17]
[null,null,1," 1-2边跨中梁"]
[null,null,2," 1-3边跨中梁"]
[null,null,3," 8-2边跨中梁"]
[null,null,4," 8-3边跨中梁"]
["1-4-5-1-4-19-3",null,null,"中跨边梁"]
[null,"403-3-a",null,"光圆钢筋（HPB300）","kg",1470,null,null,5.52]
[null,null,1,"2-1中跨边梁"]
[null,null,2,"2-4中跨边梁"]
[null,null,3,"3-1中跨边梁"]
[null,null,4,"3-4中跨边梁"]
[null,null,5,"4-1中跨边梁"]
[null,null,6,"4-4中跨边梁"]
[null,null,7,"5-1中跨边梁"]
[null,null,8,"5-4中跨边梁"]
[null,null,9,"6-1中跨边梁"]
[null,null,10,"6-4中跨边梁"]
[null,null,11,"7-1中跨边梁"]
[null,null,12,"7-4中跨边梁"]
[null,"403-3-b",null,"带肋钢筋（HRB400）","kg",5616,null,null,5.63]
[null,null,1,"2-1中跨边梁"]
[null,null,2,"2-4中跨边梁"]
[null,null,3,"3-1中跨边梁"]
[null,null,4,"3-4中跨边梁"]
[null,null,5,"4-1中跨边梁"]
[null,null,6,"4-4中跨边梁"]
[null,null,7,"5-1中跨边梁"]
[null,null,8,"5-4中跨边梁"]
[null,null,9,"6-1中跨边梁"]
[null,null,10,"6-4中跨边梁"]
[null,null,11,"7-1中跨边梁"]
[null,null,12,"7-4中跨边梁"]
[null,"411-8-a",null,"C50混凝土","m3",36.3,null,null,1461.17]
[null,null,1,"2-1中跨边梁"]
[null,null,2,"2-4中跨边梁"]
[null,null,3,"3-1中跨边梁"]
[null,null,4,"3-4中跨边梁"]
[null,null,5,"4-1中跨边梁"]
[null,null,6,"4-4中跨边梁"]
[null,null,7,"5-1中跨边梁"]
[null,null,8,"5-4中跨边梁"]
[null,null,9,"6-1中跨边梁"]
[null,null,10,"6-4中跨边梁"]
[null,null,11,"7-1中跨边梁"]
[null,null,12,"7-4中跨边梁"]
["1-4-5-1-4-19-4",null,null,"中跨中梁"]
[null,"403-3-a",null,"光圆钢筋（HPB300）","kg",1470,null,null,5.52]
[null,null,1,"2-2中跨中梁"]
[null,null,2,"2-3中跨中梁"]
[null,null,3,"3-2中跨中梁"]
[null,null,4,"3-3中跨中梁"]
[null,null,5,"4-2中跨中梁"]
[null,null,6,"4-3中跨中梁"]
[null,null,7,"5-2中跨中梁"]
[null,null,8,"5-3中跨中梁"]
[null,null,9,"6-2中跨中梁"]
[null,null,10,"6-3中跨中梁"]
[null,null,11,"7-2中跨中梁"]
[null,null,12,"7-3中跨中梁"]
[null,"403-3-b",null,"带肋钢筋（HRB400）","kg",5616,null,null,5.63]
[null,null,1,"2-2中跨中梁"]
[null,null,2,"2-3中跨中梁"]
[null,null,3,"3-2中跨中梁"]
[null,null,4,"3-3中跨中梁"]
[null,null,5,"4-2中跨中梁"]
[null,null,6,"4-3中跨中梁"]
[null,null,7,"5-2中跨中梁"]
[null,null,8,"5-3中跨中梁"]
[null,null,9,"6-2中跨中梁"]
[null,null,10,"6-3中跨中梁"]
[null,null,11,"7-2中跨中梁"]
[null,null,12,"7-3中跨中梁"]
[null,"411-8-a",null,"C50混凝土","m3",36.3,null,null,1461.17]
[null,null,1,"2-2中跨中梁"]
[null,null,2,"2-3中跨中梁"]
[null,null,3,"3-2中跨中梁"]
[null,null,4,"3-3中跨中梁"]
[null,null,5,"4-2中跨中梁"]
[null,null,6,"4-3中跨中梁"]
[null,null,7,"5-2中跨中梁"]
[null,null,8,"5-3中跨中梁"]
[null,null,9,"6-2中跨中梁"]
[null,null,10,"6-3中跨中梁"]
[null,null,11,"7-2中跨中梁"]
[null,null,12,"7-3中跨中梁"]
["1-4-5-1-4-20",null,null,"负弯距区钢束槽口封口"]
[null,"403-3-b",null,"带肋钢筋（HRB400）","kg",1463.16,null,null,5.63]
[null,null,1,"第1跨负弯距区钢束槽口封口砼",{"$nulls":6},"第三册S4-5-1-9"]
[null,null,2,"第2跨负弯距区钢束槽口封口",{"$nulls":6},"第三册S4-5-1-9"]
[null,null,3,"第3跨负弯距区钢束槽口封口",{"$nulls":6},"第三册S4-5-1-9"]
[null,null,4,"第4跨负弯距区钢束槽口封口",{"$nulls":6},"第三册S4-5-1-9"]
[null,null,5,"第5跨负弯距区钢束槽口封口砼",{"$nulls":6},"第三册S4-5-1-9"]
[null,null,6,"第6跨负弯距区钢束槽口封口",{"$nulls":6},"第三册S4-5-1-9"]
[null,null,7,"第7跨负弯距区钢束槽口封口",{"$nulls":6},"第三册S4-5-1-9"]
[null,null,8,"第8跨负弯距区钢束槽口封口",{"$nulls":6},"第三册S4-5-1-9"]
[null,"411-7-a",null,"C50混凝土","m3",4.4,null,null,1017.08]
[null,null,1,"第1跨负弯距区钢束槽口封口砼",{"$nulls":6},"第三册S4-5-1-9"]
[null,null,2,"第2跨负弯距区钢束槽口封口",{"$nulls":6},"第三册S4-5-1-9"]
[null,null,3,"第3跨负弯距区钢束槽口封口",{"$nulls":6},"第三册S4-5-1-9"]
[null,null,4,"第4跨负弯距区钢束槽口封口",{"$nulls":6},"第三册S4-5-1-9"]
[null,null,5,"第5跨负弯距区钢束槽口封口砼",{"$nulls":6},"第三册S4-5-1-9"]
[null,null,6,"第6跨负弯距区钢束槽口封口",{"$nulls":6},"第三册S4-5-1-9"]
[null,null,7,"第7跨负弯距区钢束槽口封口",{"$nulls":6},"第三册S4-5-1-9"]
[null,null,8,"第8跨负弯距区钢束槽口封口",{"$nulls":6},"第三册S4-5-1-9"]
["1-4-5-1-4-21",null,null,"预应力钢束"]
[null,"411-5",null,"后张法预应力钢绞线","kg",4900,null,null,11.88]
[null,null,1,"第1跨正弯矩预应力钢束",{"$nulls":6},"第三册S4-5-1-5"]
[null,null,2,"第1跨负弯矩预应力钢束",{"$nulls":6},"第三册S4-5-1-6"]
[null,null,3,"第2跨正弯矩预应力钢束",{"$nulls":6},"第三册S4-5-1-5"]
[null,null,4,"第2跨负弯矩预应力钢束",{"$nulls":6},"第三册S4-5-1-6"]
[null,null,5,"第3跨正弯矩预应力钢束",{"$nulls":6},"第三册S4-5-1-5"]
[null,null,6,"第3跨负弯矩预应力钢束",{"$nulls":6},"第三册S4-5-1-6"]
[null,null,7,"第4跨正弯矩预应力钢束",{"$nulls":6},"第三册S4-5-1-5"]
[null,null,8,"第4跨负弯矩预应力钢束",{"$nulls":6},"第三册S4-5-1-6"]
[null,null,9,"第5跨正弯矩预应力钢束",{"$nulls":6},"第三册S4-5-1-5"]
[null,null,10,"第5跨负弯矩预应力钢束",{"$nulls":6},"第三册S4-5-1-6"]
[null,null,11,"第6跨正弯矩预应力钢束",{"$nulls":6},"第三册S4-5-1-5"]
[null,null,12,"第6跨负弯矩预应力钢束",{"$nulls":6},"第三册S4-5-1-6"]
[null,null,13,"第7跨正弯矩预应力钢束",{"$nulls":6},"第三册S4-5-1-5"]
[null,null,14,"第7跨负弯矩预应力钢束",{"$nulls":6},"第三册S4-5-1-6"]
[null,null,15,"第8跨正弯矩预应力钢束",{"$nulls":6},"第三册S4-5-1-5"]
[null,null,16,"第8跨负弯矩预应力钢束",{"$nulls":6},"第三册S4-5-1-6"]
["1-4-5-1-23",null,null,"附属结构"]
["1-4-5-1-23-1",null,null,"桥头搭板"]
[null,"403-4-a",null,"光圆钢筋（HPB300）","kg",61.37,null,null,5.02,null,"第三册S4-5-3-4"]
[null,null,1,"0#桥台"]
[null,null,2,"8#桥台"]
[null,"403-4-b",null,"带肋钢筋（HRB400）","kg",3135.85,null,null,5.35,null,"第三册S4-5-3-5"]
[null,null,1,"0#桥台"]
[null,null,2,"8#桥台"]
[null,"410-6-c",null,"C30混凝土","m3",30.8,null,null,526.78,null,"第三册S4-5-3-5"]
[null,null,1,"0#桥台"]
[null,null,2,"8#桥台"]
["1-4-5-1-23-3",null,null,"桥台锥坡、护坡、踏步",{"$nulls":6},"第三册S4-3-20"]
[null,"413-1-a",null,"M7.5浆砌片石","m3",13.57,null,null,126.53]
[null,null,1,"0#桥台桥台锥坡、护坡",{"$nulls":6},"第三册S4-3-20"]
[null,null,2,"8#桥台桥台锥坡、护坡",null,12.56,{"$nulls":4},"第三册S4-3-20"]
[null,null,3,"0#桥台踏步",{"$nulls":6},"第三册S4-3-20"]
[null,null,4,"8#桥台踏步",{"$nulls":6},"第三册S4-3-20"]
["1-4-5-1-23-7",null,null,"减震橡胶块",{"$nulls":6},"第三册S4-5-1-4"]
[null,"417-5-a",null,"20cm×20cm×3cm","块",32,null,null,400,12800]
["1-6",null,null,"隧道工程","km/座"]
["1-7",null,null,"公路设施及预埋管线工程","公路公里"]
["1-8",null,null,"绿化及环境保护工程","公路公里"]
["1-9",null,null,"管理、养护及服务房屋","公路公里/m2"]
["1-10",null,null,"建安工程其他费用","公路公里"]
["1-10-1",null,null,"其他建安工程","项"]
["1-10-1-1",null,null,"计日工","公路公里"]
["1-10-1-1-1",null,null,"劳务","公路公里"]
["1-10-1-1-2",null,null,"材料","公路公里/m2"]
["1-10-1-1-3",null,null,"机械","公路公里"]
["2",null,null,"第二部分 设备及工具、器具购置费","项"]
["3",null,null,"第三部分 工程建设其他费用","项"]
["3-1",null,null,"土地征用及拆迁补偿费","项"]
["3-1-1",null,null,"土地征用补偿费","项"]
["3-1-1-1",null,null,"主线、互通工程","项"]
["3-1-1-1-1",null,null,"主线","公路公里"]
["3-1-1-1-2",null,null,"互通","公路公里"]
["3-1-1-2",null,null,"管理、养护设施","公路公里"]
["3-1-1-3",null,null,"连接线工程","亩"]
["3-1-2",null,null,"拆迁补偿费","亩"]
["3-1-2-1",null,null,"主线、互通工程","亩"]
["3-1-2-1-1",null,null,"主线","亩"]
["3-1-2-1-2",null,null,"互通","亩"]
["3-1-2-2",null,null,"管理、养护设施","亩"]
["3-1-2-3",null,null,"连接线工程","公路公里"]
["3-1-3",null,null,"临时用地费","公路公里"]
["3-2",null,null,"建设项目管理费","公路公里"]
["3-2-1",null,null,"建设单位（业主）管理费","公路公里"]
["3-2-2",null,null,"工程监理费","公路公里"]
["3-2-3",null,null,"设计文件审查费","公路公里"]
["3-2-4",null,null,"竣（交）工验收试验检测费","亩"]
["3-3",null,null,"研究试验费","公路公里"]
["3-4",null,null,"建设项目前期工作费","公路公里"]
["3-4-1",null,null,"“预可、工可”编制费","公路公里"]
["3-4-2",null,null,"勘察设计费","公路公里"]
["3-4-3",null,null,"招标文件及标底编制费","公路公里"]
["3-5",null,null,"专项评价（估）费","公路公里"]
["3-6",null,null,"施工机构迁移费","公路公里"]
["3-7",null,null,"供电贴费","公路公里"]
["3-8",null,null,"联合试运转费","公路公里"]
["3-9",null,null,"生产人员培训费","公路公里"]
["3-10",null,null,"固定资产投资方向调节税","公路公里"]
["3-11",null,null,"建设期贷款利息","公路公里"]
[{"$nulls":3},"第一、二、三部分 费用合计","公路公里"]
[{"$nulls":3},"预留费用","公路公里"]
[{"$nulls":3},"1.价差预留费","公路公里"]
[{"$nulls":3},"2.基本预备费","公路公里"]
[{"$nulls":3},"暂列金额(不含计日工总额)","元"]
[{"$nulls":3},"保险费","公路公里"]
[{"$nulls":3},"新增加费用项目(不作预备费基数)","元"]
[{"$nulls":3},"*请在此输入费用项目","元"]
[{"$nulls":3},"其中：回收金额","元"]
[{"$nulls":3},"*请在此输入费用项目","元"]

{"sheet":"分项清单（含部位明细）","index":1,"n_rows":1427,"n_cols":12,"rows_kept":1427,"flags":["formulas_cached_only"]}
["预算项目节","清单子目号","部位明细","名称","单位","清单数量","设计数量1","设计数量2","单价","合价","图号","备注"]
["1",null,null,"第一部分 建筑安装工程费","公路公里",{"$nulls":4},43647170]
["1-1",null,null,"临时工程","公路公里",{"$nulls":4},1045756]
["1-1-6",null,null,"临时道路修建、养护与拆除（包括原道路的养护费）",{"$nulls":5},50000]
[null,"103-1",null,"临时道路修建、养护与拆除（包括原道路的养护费）","总额",1,null,null,50000,50000]
["1-1-7",null,null,"临时占地",{"$nulls":5},57350]
[null,"103-2",null,"临时占地","总额",1,null,null,57350,57350]
["1-1-8",null,null,"临时供电设施",{"$nulls":5},688406]
[null,"103-3-a",null,"设施架设、拆除","总额",1,null,null,638406,638406]
[null,"103-3-b",null,"设施维修","总额",1,null,null,50000,50000]
["1-1-9",null,null,"电讯设施的提供、维修与拆除",{"$nulls":5},50000]
[null,"103-4",null,"电讯设施的提供、维修与拆除","总额",1,null,null,50000,50000]
["1-1-10",null,null,"承包人驻地建设",{"$nulls":5},200000]
[null,"104-1",null,"承包人驻地建设","总额",1,null,null,200000,200000]
["1-2",null,null,"路基工程","km",{"$nulls":4},20670946]
["1-2-2",null,null,"挖方","m3",{"$nulls":4},5325472]
["1-2-2-1",null,null,"挖土方","m3",{"$nulls":4},3947329]
["1-2-2-1-1",null,null,"挖路基土方","m3",{"$nulls":4},3947329]
[null,"203-1-a",null,"挖土方","m3",92954.75,null,null,7.53,699949]
[null,null,1,"K0+000-K1+000",{"$nulls":5},699949,"第二册S-2-1"]
[null,null,2,"K1+000-K1+800",{"$nulls":5},399522,"第二册S-2-1"]
[null,null,3,"K2+800-K3+004",{"$nulls":5},2579,"第二册S-2-1"]
[null,null,4,"K3+004-K4+040",{"$nulls":5},5226,"第二册S-2-1"]
[null,null,5,"K4+040-K5+000",{"$nulls":5},1682448,"第二册S-2-1"]
[null,null,6,"K5+000-K6+000",{"$nulls":5},185770,"第二册S-2-1"]
[null,null,7,"K6+000-K7+000",{"$nulls":5},255543,"第二册S-2-1"]
[null,null,8,"K7+000-K7+700",{"$nulls":5},716292,"第二册S-2-1"]
["1-2-2-2",null,null,"挖石方","m3",{"$nulls":4},1378143]
["1-2-2-2-1",null,null,"挖软石","m3",{"$nulls":4},1378143]
[null,"203-1-b",null,"挖石方","m3",105.36,null,null,16.11,1697]
[null,null,1,"K2+800-K3+004",{"$nulls":5},1697,"第二册S-2-1"]
[null,null,2,"K3+004-K4+040",{"$nulls":5},3440,"第二册S-2-1"]
[null,null,3,"K4+040-K5+000",{"$nulls":5},1028429,"第二册S-2-1"]
[null,null,4,"K5+000-K6+000",{"$nulls":5},113556,"第二册S-2-1"]
[null,null,5,"K6+000-K7+000",{"$nulls":5},60747,"第二册S-2-1"]
[null,null,6,"K7+000-K7+700",{"$nulls":5},170274,"第二册S-2-1"]
["1-2-3",null,null,"填方","m3",{"$nulls":4},2065093]
["1-2-3-1",null,null,"路基填方","m3",{"$nulls":4},2065093]
["1-2-3-1-2",null,null,"利用方填筑","m3",{"$nulls":4},1621461]
[null,"204-1-b",null,"利用土方","m3",64412.73,null,null,3.51,226089]
[null,null,1,"K0+000-K1+000",{"$nulls":5},226089,"第二册S-2-1"]
[null,null,2,"K1+000-K1+800",{"$nulls":5},144813,"第二册S-2-1"]
[null,null,3,"K2+800-K3+004",{"$nulls":5},89212,"第二册S-2-1"]
[null,null,4,"K3+004-K4+040",{"$nulls":5},108842,"第二册S-2-1"]
[null,null,5,"K4+040-K5+000",{"$nulls":5},293214,"第二册S-2-1"]
[null,null,6,"K5+000-K6+000",{"$nulls":5},298298,"第二册S-2-1"]
[null,null,7,"K6+000-K7+000",{"$nulls":5},299983,"第二册S-2-1"]
[null,null,8,"K7+000-K7+700",{"$nulls":5},161010,"第二册S-2-1"]
["1-2-4",null,null,"特殊路基处理","km",{"$nulls":4},7963246]
["1-2-4-1",null,null,"软土地区路基处理","km/m2",{"$nulls":4},7963246]
["1-2-4-1-1",null,null,"清除换填处理","m3/m2",{"$nulls":4},7963246]
[null,"203-1-d",null,"挖淤泥","m3",21968.4,null,null,9.27,203647]
[null,null,1,"K0+000~K1+008",{"$nulls":5},956612,"第二册S-4-1"]
[null,null,2,"K1+008~K1+800",{"$nulls":5},1288500,"第二册S-4-1"]
[null,null,3,"K2+800~K4+000",{"$nulls":5},1098723,"第二册S-4-1"]
[null,null,4,"K4+000~K4+860",{"$nulls":5},163731,"第二册S-4-1"]
[null,null,5,"K4+860~K6+000",{"$nulls":5},2601962,"第二册S-4-1"]
[null,null,6,"K6+000~K6+800",{"$nulls":5},1222446,"第二册S-4-1"]
[null,null,7,"K6+800~K7+700",{"$nulls":5},631272,"第二册S-4-1"]
[null,"204-1-j",null,"换填砂砾","m3",21968.4,null,null,31.58,693762]
[null,null,1,"K0+000~K1+008",{"$nulls":5},956612,"第二册S-4-1"]
[null,null,2,"K1+008~K1+800",{"$nulls":5},1288500,"第二册S-4-1"]
[null,null,3,"K2+800~K4+000",{"$nulls":5},1098723,"第二册S-4-1"]
[null,null,4,"K4+000~K4+860",{"$nulls":5},163731,"第二册S-4-1"]
[null,null,5,"K4+860~K6+000",{"$nulls":5},2601962,"第二册S-4-1"]
[null,null,6,"K6+000~K6+800",{"$nulls":5},1222446,"第二册S-4-1"]
[null,null,7,"K6+800~K7+700",{"$nulls":5},631272,"第二册S-4-1"]
[null,"205-1-o-1",null,"单向格栅","m2",3200,null,null,14.96,47872]
[null,null,1,"K0+000~K1+008",{"$nulls":5},956612,"第二册S-4-1"]
[null,null,2,"K1+008~K1+800",{"$nulls":5},1288500,"第二册S-4-1"]
[null,null,3,"K2+800~K4+000",{"$nulls":5},1098723,"第二册S-4-1"]
[null,null,4,"K4+000~K4+860",{"$nulls":5},163731,"第二册S-4-1"]
[null,null,5,"K4+860~K6+000",{"$nulls":5},2601962,"第二册S-4-1"]
[null,null,6,"K6+000~K6+800",{"$nulls":5},1222446,"第二册S-4-1"]
[null,null,7,"K6+800~K7+700",{"$nulls":5},631272,"第二册S-4-1"]
[null,"204-1-g-4",null,"回填粗粒土","m3",1225,null,null,9.25,11331]
[null,null,1,"K0+000~K1+008",{"$nulls":5},956612,"第二册S-4-1"]
[null,null,2,"K1+008~K1+800",{"$nulls":5},1288500,"第二册S-4-1"]
[null,null,3,"K2+800~K4+000",{"$nulls":5},1098723,"第二册S-4-1"]
[null,null,4,"K4+000~K4+860",{"$nulls":5},163731,"第二册S-4-1"]
[null,null,5,"K4+860~K6+000",{"$nulls":5},2601962,"第二册S-4-1"]
[null,null,6,"K6+000~K6+800",{"$nulls":5},1222446,"第二册S-4-1"]
[null,null,7,"K6+800~K7+700",{"$nulls":5},631272,"第二册S-4-1"]
["1-2-5",null,null,"排水工程","km",{"$nulls":4},1489646]
["1-2-5-1",null,null,"边沟","m3/m",{"$nulls":4},177552]
["1-2-5-1-3",null,null,"浆砌片石边沟","m3/m",{"$nulls":4},177552]
[null,"207-1-b",null,"浆砌片石边沟","m3",590,null,null,109.6,64664]
[null,null,1,"K4+000~K4+860",{"$nulls":5},64664,"第二册SC-2-2"]
[null,null,2,"K4+860~K6+000",{"$nulls":5},28496,"第二册SC-2-2"]
[null,null,3,"K6+000~K7+150",{"$nulls":5},48224,"第二册SC-2-2"]
[null,null,4,"K7+150~K7+700",{"$nulls":5},36168,"第二册SC-2-2"]
["1-2-5-2",null,null,"排水沟","m3/m",{"$nulls":4},967976]
["1-2-5-2-3",null,null,"浆砌片石排水沟","m3/m",{"$nulls":4},967976]
[null,"207-2-a",null,"浆砌片石排水沟","m3",904,null,null,131.02,118442]
[null,null,1,"K0+000~K1+030",{"$nulls":5},118442,"第二册SC-2-2"]
[null,null,2,"K1+030~K1+800",{"$nulls":5},92369,"第二册SC-2-2"]
[null,null,3,"K2+800~K4+340",{"$nulls":5},309207,"第二册SC-2-2"]
[null,null,4,"K4+340~K4+980",{"$nulls":5},30135,"第二册SC-2-2"]
[null,null,5,"K4+980~K6+205",{"$nulls":5},213432,"第二册SC-2-2"]
[null,null,6,"K6+205~K6+930",{"$nulls":5},137571,"第二册SC-2-2"]
[null,null,7,"K6+930~K7+700",{"$nulls":5},66820,"第二册SC-2-2"]
["1-2-5-3",null,null,"截水沟","m3/m",{"$nulls":4},185224]
["1-2-5-3-1",null,null,"浆砌片石截水沟","m3/m",{"$nulls":4},185224]
[null,"207-3-a",null,"浆砌片石截水沟","m3",775,null,null,109.6,84940]
[null,null,1,"K0+000~K1+180",{"$nulls":5},84940,"第二册SC-2-2"]
[null,null,2,"K1+180~K1+800",{"$nulls":5},43292,"第二册SC-2-2"]
[null,null,3,"K2+800~K4+000",{"$nulls":5},8768,"第二册SC-2-2"]
[null,null,4,"K4+000~K4+730",{"$nulls":5},38360,"第二册SC-2-2"]
[null,null,5,"K7+150~K7+700",{"$nulls":5},9864,"第二册SC-2-2"]
["1-2-5-4",null,null,"急流槽","m3/m",{"$nulls":4},158894]
["1-2-5-4-2",null,null,"浆砌片石急流槽","m3/m",{"$nulls":4},158894]
[null,"207-4-a",null,"浆砌片石急流槽","m3",202.44,null,null,101.92,20633]
[null,null,1,"K0+000~K1+008",{"$nulls":5},20633,"第二册SC-2-2"]
[null,null,2,"K1+008~K1+800",{"$nulls":5},12425,"第二册SC-2-2"]
[null,null,3,"K2+800~K3+950",{"$nulls":5},17890,"第二册SC-2-2"]
[null,null,4,"K3+950~K5+000",{"$nulls":5},38158,"第二册SC-2-2"]
[null,null,5,"K5+000~K5+960",{"$nulls":5},43201,"第二册SC-2-2"]
[null,null,6,"K5+960~K6+920",{"$nulls":5},26587,"第二册SC-2-2"]
["1-2-6",null,null,"路基防护与加固工程","km",{"$nulls":4},2870515]
["1-2-6-1",null,null,"填方边坡防护与加固","km/m2",{"$nulls":4},1571807]
["1-2-6-1-1",null,null,"坡面植物防护","m2",{"$nulls":4},285728]
[null,"208-1-a",null,"植草","m2",13649.5,null,null,3.32,45316]
[null,null,1,"K0+000~K0+960",{"$nulls":5},45316,"第二册S-3-2"]
[null,null,2,"K0+960~K1+800",{"$nulls":5},24853,"第二册S-3-2"]
[null,null,3,"K2+800~K4+000",{"$nulls":5},52109,"第二册S-3-2"]
[null,null,4,"K4+000~K5+140",{"$nulls":5},40906,"第二册S-3-2"]
[null,null,5,"K5+140~K6+000",{"$nulls":5},39935,"第二册S-3-2"]
[null,null,6,"K6+000~K7+152",{"$nulls":5},51976,"第二册S-3-2"]
[null,null,7,"K7+152~K7+700",{"$nulls":5},30633,"第二册S-3-2"]
["1-2-6-1-2",null,null,"坡面圬工防护","m3/m2",{"$nulls":4},1123285]
[null,"208-3-a",null,"拱形浆砌片石护坡","m3",1614.91,null,null,126.53,204335]
[null,null,1,"K0+000~K0+960",{"$nulls":5},204335,"第二册S-3-2"]
[null,null,2,"K0+960~K1+800",{"$nulls":5},129782,"第二册S-3-2"]
[null,null,3,"K2+800~K4+000",{"$nulls":5},43906,"第二册S-3-2"]
[null,null,4,"K4+000~K5+140",{"$nulls":5},287248,"第二册S-3-2"]
[null,null,5,"K5+140~K6+000",{"$nulls":5},72603,"第二册S-3-2"]
[null,null,6,"K6+000~K7+152",{"$nulls":5},271382,"第二册S-3-2"]
[null,null,7,"K7+152~K7+700",{"$nulls":5},114029,"第二册S-3-2"]
["1-2-6-1-3",null,null,"浆砌片（块）石护脚","m3",{"$nulls":4},162794]
[null,"208-3-c",null,"实体式浆砌片石护坡","m3",94.7,null,null,126.53,11982]
[null,null,1,"K0+000~K1+000",{"$nulls":5},11982,"第二册S-3-2"]
[null,null,2,"K1+000~K1+800",{"$nulls":5},52700,"第二册S-3-2"]
[null,null,3,"K2+800~K4+000",{"$nulls":5},27799,"第二册S-3-2"]
[null,null,4,"K4+000~K5+060",{"$nulls":5},15513,"第二册S-3-2"]
[null,null,5,"K5+060~K6+000",{"$nulls":5},27887,"第二册S-3-2"]
[null,null,6,"K6+000~K7+000",{"$nulls":5},20169,"第二册S-3-2"]
[null,null,7,"K7+000~K7+700",{"$nulls":5},6744,"第二册S-3-2"]
["1-2-6-3",null,null,"高边坡防护与加固","km/m2",{"$nulls":4},599437]
[null,"208-3-a",null,"拱形浆砌片石护坡","m3",1980.4,null,null,126.53,250580]
[null,null,1,"K4+340~K4+480左右侧边坡防护",{"$nulls":5},262051,"第二册SC-3-3"]
[null,null,2,"K4+510~K4+860右侧边坡防护",{"$nulls":5},189685,"第二册SC-3-3"]
[null,null,3,"K5+265~K5+470左侧边坡防护",{"$nulls":5},147701,"第二册SC-3-3"]
[null,"208-4-b-1",null,"预制空心砖护坡","m3",9.6,null,null,416.73,4001]
[null,null,1,"K4+340~K4+480左右侧边坡防护",{"$nulls":5},262051,"第二册SC-3-3"]
[null,null,2,"K4+510~K4+860右侧边坡防护",{"$nulls":5},189685,"第二册SC-3-3"]
[null,null,3,"K5+265~K5+470左侧边坡防护",{"$nulls":5},147701,"第二册SC-3-3"]
[null,"208-1-a",null,"植草","m2",2249.9,null,null,3.32,7470]
[null,null,1,"K4+340~K4+480左右侧边坡防护",{"$nulls":5},262051,"第二册SC-3-3"]
[null,null,2,"K4+510~K4+860右侧边坡防护",{"$nulls":5},189685,"第二册SC-3-3"]
[null,null,3,"K5+265~K5+470左侧边坡防护",{"$nulls":5},147701,"第二册SC-3-3"]
["1-2-6-4",null,null,"挡土墙","m2",{"$nulls":4},699271]
["1-2-6-4-1",null,null,"重力式挡墙","m3/m",{"$nulls":4},699271]
["1-2-6-4-1-2",null,null,"浆砌片（块）石挡土墙","m3/m",{"$nulls":4},699271]
[null,"209-1-a",null,"浆砌片（块）石挡墙","m3",1158.4,null,null,137.85,159685]
[null,null,1,"K2+928~K3+004",{"$nulls":5},159685,"第二册S-3-1"]
[null,null,2,"K3+004~K3+119",{"$nulls":5},539586,"第二册S-3-1"]
["1-2-7",null,null,"路基零星工程","km",{"$nulls":4},956974]
["1-2-7-1",null,null,"整修路基","km",{"$nulls":4},956974]
[null,"206-2",null,"整修边坡","km",7.7,null,null,124282.3377,956974]
["1-3",null,null,"路面工程","km/m2"]
["1-4",null,null,"桥梁涵洞工程","km",{"$nulls":4},21930468]
["1-4-2",null,null,"涵洞工程","m/道",{"$nulls":4},920492]
["1-4-2-1",null,null,"钢筋混凝土管涵","m/道",{"$nulls":4},202306]
["1-4-2-1-2",null,null,"1-Ф1.5m以内圆管涵","m/道",{"$nulls":4},202306]
[null,"418-3-c",null,"1-Ф1.5m以内圆管涵","m",40.24,null,null,889.76,35804]
[null,null,1,"K0+923",{"$nulls":5},35804,"第四册S-4-1"]
[null,null,2,"K1+320",{"$nulls":5},29567,"第四册S-4-1"]
[null,null,3,"K1+520",{"$nulls":5},33455,"第四册S-4-1"]
[null,null,4,"K4+484",{"$nulls":5},30715,"第四册S-4-1"]
[null,null,5,"K3+830",{"$nulls":5},24371,"第四册S-4-1"]
[null,null,6,"K3+709",{"$nulls":5},24673,"第四册S-4-1"]
[null,null,7,"K6+245",{"$nulls":5},23721,"第四册S-4-1"]
["1-4-2-2",null,null,"盖板涵","m/道",{"$nulls":4},718186]
["1-4-2-2-1",null,null,"1-2m以内盖板涵","m/道",{"$nulls":4},289366]
[null,"418-1-b",null,"1-2.00m×2.00m盖板涵","m",36.75,null,null,2605.26,95743]
[null,null,1,"K3+220",{"$nulls":5},95743,"第四册S-4-1"]
[null,null,2,"K4+970",{"$nulls":5},90663,"第四册S-4-1"]
[null,null,3,"K5+570",{"$nulls":5},102960,"第四册S-4-1"]
["1-4-2-2-3",null,null,"1-4m以内盖板涵","m/道",{"$nulls":4},428820]
[null,"418-1-c",null,"1-4.00m×3.00m盖板涵","m",41.74,null,null,5238.45,218653]
[null,null,1,"K0+520",{"$nulls":5},218653,"第四册S-4-1"]
[null,null,2,"K6+782.5",{"$nulls":5},210167,"第四册S-4-1"]
["1-4-3",null,null,"小桥（8≤L≤30m,5≤Lk＜20m）","m/座",{"$nulls":4},699102]
["1-4-3-5",null,null,"预应力混凝土空心板桥","m2/m",{"$nulls":4},699102]
["1-4-3-5-1",null,null,"K0+078小桥",{"$nulls":5},699102]
["1-4-3-5-1-1",null,null,"基础",{"$nulls":5},371788,"第四册S-5-1"]
[null,"403-1-a",null,"I级钢筋(包括基础、承台、支撑梁等)","kg",2019,null,null,5.18,10458]
[null,"403-1-b",null,"II级钢筋(包括基础、承台、支撑梁等)","kg",5311,null,null,5.18,27511]
[null,"410-1-b",null,"C25混凝土","m3",14.6,null,null,464.99,6789]
[null,"410-1-c",null,"C30混凝土","m3",87.5,null,null,518.88,45402]
[null,"405-1-a-1",null,"桩径1.2m","m",180,null,null,1564.6,281628]
["1-4-3-5-1-2",null,null,"下部结构",{"$nulls":5},185109,"第四册S-5-2"]
[null,"403-2-a",null,"光圆钢筋（HPB300）","kg",1891,null,null,5.37,10155]
[null,"403-2-b",null,"带肋钢筋（HRB400）","kg",16397,null,null,5.44,89200]
[null,"410-2-a",null,"C25混凝土","m3",29.1,null,null,450.11,13098]
[null,"410-2-b",null,"C30混凝土","m3",202.4,null,null,358.97,72656]
["1-4-3-5-1-3",null,null,"上部结构",{"$nulls":5},88922,"第四册S-5-3"]
[null,"403-3-a",null,"光圆钢筋（HPB300）","kg",1627,null,null,5.52,8981]
[null,"410-7-c",null,"C50混凝土","m3",17.3,null,null,1001.23,17321]
[null,"411-10-b",null,"预制安装预应力混凝土空心板8m","块",18,null,null,3478.9,62620]
["1-4-3-5-1-9",null,null,"桥台",{"$nulls":5},53283,"第四册S-5-4"]
[null,"413-1",null,"桥梁锥坡","座",2,null,null,1636.1,3272]
[null,"413-2-a",null,"台背回填中粗砂","m3",1141.8,null,null,43.8,50011]
["1-4-5",null,null,"特、大桥工程（100≤L,40≤Lk）","m/座",{"$nulls":4},20310874]
["1-4-5-1",null,null,"K66+258马坑渭河大桥","m2/m",{"$nulls":4},8542161]
["1-4-5-1-1",null,null,"桥台（台高××m）","m2/m",{"$nulls":4},1160356]
["1-4-5-1-1-2",null,null,"桥台基础","m3/处",{"$nulls":4},705668]
[null,"403-1-a",null,"I级钢筋(包括基础、承台、支撑梁等)","kg",126,null,null,5.18,653]
[null,null,1,"0#桥台1#桩",{"$nulls":5},84806,"第三册S4-3-17"]
[null,null,2,"0#桥台2#桩",{"$nulls":5},84806,"第三册S4-3-17"]
[null,null,3,"0#桥台3#桩",{"$nulls":5},84806,"第三册S4-3-17"]
[null,null,4,"0#桥台4#桩",{"$nulls":5},84806,"第三册S4-3-17"]
[null,null,5,"8#桥台1#桩",{"$nulls":5},91611,"第三册S4-3-17"]
[null,null,6,"8#桥台2#桩",{"$nulls":5},91611,"第三册S4-3-17"]
[null,null,7,"8#桥台3#桩",{"$nulls":5},91611,"第三册S4-3-17"]
[null,null,8,"8#桥台4#桩",{"$nulls":5},91611,"第三册S4-3-17"]
[null,"403-1-b",null,"II级钢筋(包括基础、承台、支撑梁等)","kg",3573.7,null,null,5.18,18512]
[null,null,1,"0#桥台1#桩",{"$nulls":5},84806,"第三册S4-3-17"]
[null,null,2,"0#桥台2#桩",{"$nulls":5},84806,"第三册S4-3-17"]
[null,null,3,"0#桥台3#桩",{"$nulls":5},84806,"第三册S4-3-17"]
[null,null,4,"0#桥台4#桩",{"$nulls":5},84806,"第三册S4-3-17"]
[null,null,5,"8#桥台1#桩",{"$nulls":5},91611,"第三册S4-3-17"]
[null,null,6,"8#桥台2#桩",{"$nulls":5},91611,"第三册S4-3-17"]
[null,null,7,"8#桥台3#桩",{"$nulls":5},91611,"第三册S4-3-17"]
[null,null,8,"8#桥台4#桩",{"$nulls":5},91611,"第三册S4-3-17"]
[null,"405-1-b-5",null,"桩径1.5m","m",22,null,null,2983.69,65641]
[null,null,1,"0#桥台1#桩",{"$nulls":5},84806,"第三册S4-3-17"]
[null,null,2,"0#桥台2#桩",{"$nulls":5},84806,"第三册S4-3-17"]
[null,null,3,"0#桥台3#桩",{"$nulls":5},84806,"第三册S4-3-17"]
[null,null,4,"0#桥台4#桩",{"$nulls":5},84806,"第三册S4-3-17"]
[null,null,5,"8#桥台1#桩",{"$nulls":5},91611,"第三册S4-3-17"]
[null,null,6,"8#桥台2#桩",{"$nulls":5},91611,"第三册S4-3-17"]
[null,null,7,"8#桥台3#桩",{"$nulls":5},91611,"第三册S4-3-17"]
[null,null,8,"8#桥台4#桩",{"$nulls":5},91611,"第三册S4-3-17"]
["1-4-5-1-1-3",null,null,"桥台承台",{"$nulls":5},170466]
[null,"403-1-b",null,"II级钢筋(包括基础、承台、支撑梁等)","kg",8734.3,null,null,5.18,45244]
[null,null,1,"0#桥台承台",{"$nulls":5},85233,"第三册S4-3-16"]
[null,null,2,"8#桥台承台",{"$nulls":5},85233,"第三册S4-3-16"]
[null,"410-1-b",null,"C25混凝土","m3",86,null,null,464.99,39989]
[null,null,1,"0#桥台承台",{"$nulls":5},85233,"第三册S4-3-16"]
[null,null,2,"8#桥台承台",{"$nulls":5},85233,"第三册S4-3-16"]
["1-4-5-1-1-5",null,null,"桥台台身",{"$nulls":5},142108]
[null,"403-2-a",null,"光圆钢筋（HPB300）","kg",1260.2,null,null,5.37,6767]
[null,null,1,"0#桥台台身",{"$nulls":5},88247,"第三册S4-3-14"]
[null,null,2,"8#桥台台身",{"$nulls":5},53861,"第三册S4-3-14"]
[null,"403-2-b",null,"带肋钢筋（HRB400）","kg",8477.68,null,null,5.44,46119]
[null,null,1,"0#桥台台身",{"$nulls":5},88247,"第三册S4-3-14"]
[null,null,2,"8#桥台台身",{"$nulls":5},53861,"第三册S4-3-14"]
[null,"410-2-c",null,"C35混凝土","m3",68.1,null,null,519.25,35361]
[null,null,1,"0#桥台台身",{"$nulls":5},88247,"第三册S4-3-14"]
[null,null,2,"8#桥台台身",{"$nulls":5},53861,"第三册S4-3-14"]
["1-4-5-1-1-6",null,null,"桥台耳背墙",{"$nulls":5},43120]
[null,"403-2-b",null,"带肋钢筋（HRB400）","kg",2438.92,null,null,5.44,13268]
[null,null,1,"0#桥台耳背墙",{"$nulls":5},13268,"第三册S4-3-15"]
[null,null,2,"0#桥台耳背墙",{"$nulls":5},8292,"第三册S4-3-15"]
[null,null,3,"8#桥台耳背墙",{"$nulls":5},13268,"第三册S4-3-15"]
[null,null,4,"8#桥台耳背墙",{"$nulls":5},8292,"第三册S4-3-15"]
["1-4-5-1-1-7",null,null,"桥台台帽",{"$nulls":5},86620]
[null,"403-2-b",null,"带肋钢筋（HRB400）","kg",5797,null,null,5.44,31536]
[null,null,1,"0#桥台台帽",{"$nulls":5},43310,"第三册S4-3-13"]
[null,null,2,"8#桥台台帽",{"$nulls":5},43310,"第三册S4-3-13"]
[null,"410-2-b",null,"C30混凝土","m3",32.8,null,null,358.97,11774]
[null,null,1,"0#桥台台帽",{"$nulls":5},43310,"第三册S4-3-13"]
[null,null,2,"8#桥台台帽",{"$nulls":5},43310,"第三册S4-3-13"]
["1-4-5-1-1-11",null,null,"桥台支座垫石、挡块",{"$nulls":5},12374]
[null,"403-4-b",null,"带肋钢筋（HRB400）","kg",1018.7,null,null,5.35,5450]
[null,null,1,"0#桥台支座垫石、挡块",{"$nulls":5},5450,"第三册S4-5-2-4"]
[null,null,2,"8#桥台支座垫石、挡块",{"$nulls":5},5450,"第三册S4-5-2-4"]
[null,null,3,"0#桥台挡块",{"$nulls":5},579,"第三册S4-5-2-4"]
[null,null,4,"8#桥台挡块",{"$nulls":5},579,"第三册S4-5-2-4"]
[null,null,5,"0#桥台支座垫石",{"$nulls":5},158,"第三册S4-5-2-4"]
[null,null,6,"8#桥台支座垫石",{"$nulls":5},158,"第三册S4-5-2-4"]
["1-4-5-1-2",null,null,"桥墩基础","m2/m",{"$nulls":4},2148531]
["1-4-5-1-2-1",null,null,"桥墩桩基础","m/根",{"$nulls":4},1870722]
[null,"403-1-a",null,"I级钢筋(包括基础、承台、支撑梁等)","kg",193.1,null,null,5.18,1000]
[null,null,1,"1#桥墩1#桩",{"$nulls":5},133623,"第三册S4-3-11"]
[null,null,2,"1#桥墩2#桩",{"$nulls":5},133623,"第三册S4-3-11"]
[null,null,3,"2#桥墩1#桩",{"$nulls":5},133623,"第三册S4-3-11"]
[null,null,4,"2#桥墩2#桩",{"$nulls":5},133623,"第三册S4-3-11"]
[null,null,5,"3#桥墩1#桩",{"$nulls":5},133623,"第三册S4-3-11"]
[null,null,6,"3#桥墩2#桩",{"$nulls":5},133623,"第三册S4-3-11"]
[null,null,7,"4#桥墩1#桩",{"$nulls":5},133623,"第三册S4-3-11"]
[null,null,8,"4#桥墩2#桩",{"$nulls":5},133623,"第三册S4-3-11"]
[null,null,9,"5#桥墩1#桩",{"$nulls":5},133623,"第三册S4-3-11"]
[null,null,10,"5#桥墩2#桩",{"$nulls":5},133623,"第三册S4-3-11"]
[null,null,11,"6#桥墩1#桩",{"$nulls":5},133623,"第三册S4-3-11"]
[null,null,12,"6#桥墩2#桩",{"$nulls":5},133623,"第三册S4-3-11"]
[null,null,13,"7#桥墩1#桩",{"$nulls":5},133623,"第三册S4-3-11"]
[null,null,14,"7#桥墩2#桩",{"$nulls":5},133623,"第三册S4-3-11"]
[null,"403-1-b",null,"II级钢筋(包括基础、承台、支撑梁等)","kg",4633.4,null,null,5.18,24001]
[null,null,1,"1#桥墩1#桩",{"$nulls":5},133623,"第三册S4-3-11"]
[null,null,2,"1#桥墩2#桩",{"$nulls":5},133623,"第三册S4-3-11"]
[null,null,3,"2#桥墩1#桩",{"$nulls":5},133623,"第三册S4-3-11"]
[null,null,4,"2#桥墩2#桩",{"$nulls":5},133623,"第三册S4-3-11"]
[null,null,5,"3#桥墩1#桩",{"$nulls":5},133623,"第三册S4-3-11"]
[null,null,6,"3#桥墩2#桩",{"$nulls":5},133623,"第三册S4-3-11"]
[null,null,7,"4#桥墩1#桩",{"$nulls":5},133623,"第三册S4-3-11"]
[null,null,8,"4#桥墩2#桩",{"$nulls":5},133623,"第三册S4-3-11"]
[null,null,9,"5#桥墩1#桩",{"$nulls":5},133623,"第三册S4-3-11"]
[null,null,10,"5#桥墩2#桩",{"$nulls":5},133623,"第三册S4-3-11"]
[null,null,11,"6#桥墩1#桩",{"$nulls":5},133623,"第三册S4-3-11"]
[null,null,12,"6#桥墩2#桩",{"$nulls":5},133623,"第三册S4-3-11"]
[null,null,13,"7#桥墩1#桩",{"$nulls":5},133623,"第三册S4-3-11"]
[null,null,14,"7#桥墩2#桩",{"$nulls":5},133623,"第三册S4-3-11"]
[null,"405-1-b-6",null,"桩径1.6m","m",26,null,null,4177.78,108622]
[null,null,1,"1#桥墩1#桩",{"$nulls":5},133623,"第三册S4-3-11"]
[null,null,2,"1#桥墩2#桩",{"$nulls":5},133623,"第三册S4-3-11"]
[null,null,3,"2#桥墩1#桩",{"$nulls":5},133623,"第三册S4-3-11"]
[null,null,4,"2#桥墩2#桩",{"$nulls":5},133623,"第三册S4-3-11"]
[null,null,5,"3#桥墩1#桩",{"$nulls":5},133623,"第三册S4-3-11"]
[null,null,6,"3#桥墩2#桩",{"$nulls":5},133623,"第三册S4-3-11"]
[null,null,7,"4#桥墩1#桩",{"$nulls":5},133623,"第三册S4-3-11"]
[null,null,8,"4#桥墩2#桩",{"$nulls":5},133623,"第三册S4-3-11"]
[null,null,9,"5#桥墩1#桩",{"$nulls":5},133623,"第三册S4-3-11"]
[null,null,10,"5#桥墩2#桩",{"$nulls":5},133623,"第三册S4-3-11"]
[null,null,11,"6#桥墩1#桩",{"$nulls":5},133623,"第三册S4-3-11"]
[null,null,12,"6#桥墩2#桩",{"$nulls":5},133623,"第三册S4-3-11"]
[null,null,13,"7#桥墩1#桩",{"$nulls":5},133623,"第三册S4-3-11"]
[null,null,14,"7#桥墩2#桩",{"$nulls":5},133623,"第三册S4-3-11"]
["1-4-5-1-2-4",null,null,"桥墩承台",{"$nulls":5},277809]
[null,"403-1-b",null,"II级钢筋(包括基础、承台、支撑梁等)","kg",4225.7,null,null,5.18,21889]
[null,null,1,"1#桥墩承台",{"$nulls":5},39687,"第三册S4-3-10"]
[null,null,2,"2#桥墩承台",{"$nulls":5},39687,"第三册S4-3-10"]
[null,null,3,"3#桥墩承台",{"$nulls":5},39687,"第三册S4-3-10"]
[null,null,4,"4#桥墩承台",{"$nulls":5},39687,"第三册S4-3-10"]
[null,null,5,"5#桥墩承台",{"$nulls":5},39687,"第三册S4-3-10"]
[null,null,6,"6#桥墩承台",{"$nulls":5},39687,"第三册S4-3-10"]
[null,"410-1-c",null,"C30混凝土","m3",34.3,null,null,518.88,17798]
[null,null,1,"1#桥墩承台",{"$nulls":5},39687,"第三册S4-3-10"]
[null,null,2,"2#桥墩承台",{"$nulls":5},39687,"第三册S4-3-10"]
[null,null,3,"3#桥墩承台",{"$nulls":5},39687,"第三册S4-3-10"]
[null,null,4,"4#桥墩承台",{"$nulls":5},39687,"第三册S4-3-10"]
[null,null,5,"5#桥墩承台",{"$nulls":5},39687,"第三册S4-3-10"]
[null,null,6,"6#桥墩承台",{"$nulls":5},39687,"第三册S4-3-10"]
[{"$nulls":3},"7#桥墩承台",{"$nulls":5},39687,"第三册S4-3-10"]
["1-4-5-1-3",null,null,"下部构造（墩高××m）","m2/m",{"$nulls":4},1193423]
["1-4-5-1-3-1",null,null,"桥墩墩柱",{"$nulls":5},444576]
[null,"403-2-b",null,"带肋钢筋（HRB400）","kg",9258.9,null,null,5.44,50368]
[null,null,1,"1#桥墩墩柱",{"$nulls":5},74098,"第三册S4-3-9"]
[null,null,2,"2#桥墩墩柱",{"$nulls":5},91153,"第三册S4-3-9"]
[null,null,3,"3#桥墩墩柱",{"$nulls":5},87291,"第三册S4-3-9"]
[null,null,4,"4#桥墩墩柱",{"$nulls":5},65386,"第三册S4-3-9"]
[null,null,5,"5#桥墩墩柱",{"$nulls":5},55563,"第三册S4-3-9"]
[null,null,6,"6#桥墩墩柱",{"$nulls":5},28919,"第三册S4-3-9"]
[null,null,7,"7#桥墩墩柱",{"$nulls":5},42166,"第三册S4-3-9"]
[null,"410-2-c",null,"C35混凝土","m3",45.7,null,null,519.25,23730]
[null,null,1,"1#桥墩墩柱",{"$nulls":5},74098,"第三册S4-3-9"]
[null,null,2,"2#桥墩墩柱",{"$nulls":5},91153,"第三册S4-3-9"]
[null,null,3,"3#桥墩墩柱",{"$nulls":5},87291,"第三册S4-3-9"]
[null,null,4,"4#桥墩墩柱",{"$nulls":5},65386,"第三册S4-3-9"]
[null,null,5,"5#桥墩墩柱",{"$nulls":5},55563,"第三册S4-3-9"]
[null,null,6,"6#桥墩墩柱",{"$nulls":5},28919,"第三册S4-3-9"]
[null,null,7,"7#桥墩墩柱",{"$nulls":5},42166,"第三册S4-3-9"]
["1-4-5-1-3-4",null,null,"桥墩承台",{"$nulls":5},277809]
[null,"403-1-b",null,"II级钢筋(包括基础、承台、支撑梁等)","kg",4225.7,null,null,5.18,21889]
[null,null,1,"1#桥墩承台",{"$nulls":5},39687,"第三册S4-3-10"]
[null,null,2,"2#桥墩承台",{"$nulls":5},39687,"第三册S4-3-10"]
[null,null,3,"3#桥墩承台",{"$nulls":5},39687,"第三册S4-3-10"]
[null,null,4,"4#桥墩承台",{"$nulls":5},39687,"第三册S4-3-10"]
[null,null,5,"5#桥墩承台",{"$nulls":5},39687,"第三册S4-3-10"]
[null,null,6,"6#桥墩承台",{"$nulls":5},39687,"第三册S4-3-10"]
[null,null,7,"7#桥墩承台",{"$nulls":5},39687,"第三册S4-3-10"]
[null,"410-1-c",null,"C30混凝土","m3",34.3,null,null,518.88,17798]
[null,null,1,"1#桥墩承台",{"$nulls":5},39687,"第三册S4-3-10"]
[null,null,2,"2#桥墩承台",{"$nulls":5},39687,"第三册S4-3-10"]
[null,null,3,"3#桥墩承台",{"$nulls":5},39687,"第三册S4-3-10"]
[null,null,4,"4#桥墩承台",{"$nulls":5},39687,"第三册S4-3-10"]
[null,null,5,"5#桥墩承台",{"$nulls":5},39687,"第三册S4-3-10"]
[null,null,6,"6#桥墩承台",{"$nulls":5},39687,"第三册S4-3-10"]
[null,null,7,"7#桥墩承台",{"$nulls":5},39687,"第三册S4-3-10"]
["1-4-5-1-3-9",null,null,"桥墩盖梁",{"$nulls":5},409521]
[null,"403-2-b",null,"带肋钢筋（HRB400）","kg",7586.7,null,null,5.44,41272]
[null,null,1,"1#桥墩盖梁",{"$nulls":5},58503,"第三册S4-3-8"]
[null,null,2,"2#桥墩盖梁",{"$nulls":5},58503,"第三册S4-3-8"]
[null,null,3,"3#桥墩盖梁",{"$nulls":5},58503,"第三册S4-3-8"]
[null,null,4,"4#桥墩盖梁",{"$nulls":5},58503,"第三册S4-3-8"]
[null,null,5,"5#桥墩盖梁",{"$nulls":5},58503,"第三册S4-3-8"]
[null,null,6,"6#桥墩盖梁",{"$nulls":5},58503,"第三册S4-3-8"]
[null,null,7,"7#桥墩盖梁",{"$nulls":5},58503,"第三册S4-3-8"]
[null,"410-2-b",null,"C30混凝土","m3",48,null,null,358.97,17231]
[null,null,1,"1#桥墩盖梁",{"$nulls":5},58503,"第三册S4-3-8"]
[null,null,2,"2#桥墩盖梁",{"$nulls":5},58503,"第三册S4-3-8"]
[null,null,3,"3#桥墩盖梁",{"$nulls":5},58503,"第三册S4-3-8"]
[null,null,4,"4#桥墩盖梁",{"$nulls":5},58503,"第三册S4-3-8"]
[null,null,5,"5#桥墩盖梁",{"$nulls":5},58503,"第三册S4-3-8"]
[null,null,6,"6#桥墩盖梁",{"$nulls":5},58503,"第三册S4-3-8"]
[null,null,7,"7#桥墩盖梁",{"$nulls":5},58503,"第三册S4-3-8"]
["1-4-5-1-3-10",null,null,"桥墩支座垫石和挡块",{"$nulls":5},40755]
[null,"403-4-b",null,"带肋钢筋（HRB400）","kg",776.6,null,null,5.35,4155]
[null,null,1,"1#桥墩挡块",{"$nulls":5},4787,"第三册S4-5-2-1"]
[null,null,2,"2#桥墩挡块",{"$nulls":5},4787,"第三册S4-5-2-1"]
[null,null,3,"3#桥墩挡块",{"$nulls":5},4787,"第三册S4-5-2-1"]
[null,null,4,"4#桥墩挡块",{"$nulls":5},2806,"第三册S4-5-2-1"]
[null,null,5,"5#桥墩挡块",{"$nulls":5},4787,"第三册S4-5-2-1"]
[null,null,6,"6#桥墩挡块",{"$nulls":5},4787,"第三册S4-5-2-1"]
[null,null,7,"7#桥墩挡块",{"$nulls":5},4787,"第三册S4-5-2-1"]
[null,null,8,"1#桥墩支座垫石",{"$nulls":5},1259,"第三册S4-5-2-1"]
[null,null,9,"2#桥墩支座垫石",{"$nulls":5},1259,"第三册S4-5-2-1"]
[null,null,10,"3#桥墩支座垫石",{"$nulls":5},1259,"第三册S4-5-2-1"]
[null,null,11,"4#桥墩支座垫石",{"$nulls":5},1673,"第三册S4-5-2-1"]
[null,null,12,"5#桥墩支座垫石",{"$nulls":5},1259,"第三册S4-5-2-1"]
[null,null,13,"6#桥墩支座垫石",{"$nulls":5},1259,"第三册S4-5-2-1"]
[null,null,14,"7#桥墩支座垫石",{"$nulls":5},1259,"第三册S4-5-2-1"]
[null,"410-6-c",null,"C30混凝土","m3",1.2,null,null,526.78,632]
[null,null,1,"1#桥墩挡块",{"$nulls":5},4787,"第三册S4-5-2-1"]
[null,null,2,"2#桥墩挡块",{"$nulls":5},4787,"第三册S4-5-2-1"]
[null,null,3,"3#桥墩挡块",{"$nulls":5},4787,"第三册S4-5-2-1"]
[null,null,4,"4#桥墩挡块",{"$nulls":5},2806,"第三册S4-5-2-1"]
[null,null,5,"5#桥墩挡块",{"$nulls":5},4787,"第三册S4-5-2-1"]
[null,null,6,"6#桥墩挡块",{"$nulls":5},4787,"第三册S4-5-2-1"]
[null,null,7,"7#桥墩挡块",{"$nulls":5},4787,"第三册S4-5-2-1"]
[null,null,8,"1#桥墩支座垫石",{"$nulls":5},1259,"第三册S4-5-2-1"]
[null,null,9,"2#桥墩支座垫石",{"$nulls":5},1259,"第三册S4-5-2-1"]
[null,null,10,"3#桥墩支座垫石",{"$nulls":5},1259,"第三册S4-5-2-1"]
[null,null,11,"4#桥墩支座垫石",{"$nulls":5},1673,"第三册S4-5-2-1"]
[null,null,12,"5#桥墩支座垫石",{"$nulls":5},1259,"第三册S4-5-2-1"]
[null,null,13,"6#桥墩支座垫石",{"$nulls":5},1259,"第三册S4-5-2-1"]
[null,null,14,"7#桥墩支座垫石",{"$nulls":5},1259,"第三册S4-5-2-1"]
["1-4-5-1-3-12",null,null,"桥墩防震锚栓",{"$nulls":5},20762]
[null,"403-2-b",null,"带肋钢筋（HRB400）","kg",545.2,null,null,5.44,2966]
[null,null,1,"1#桥墩防震锚栓",{"$nulls":5},2966,"第三册S4-5-2-3"]
[null,null,2,"2#桥墩防震锚栓",{"$nulls":5},2966,"第三册S4-5-2-3"]
[null,null,3,"3#桥墩防震锚栓",{"$nulls":5},2966,"第三册S4-5-2-3"]
[null,null,4,"4#桥墩防震锚栓",{"$nulls":5},2966,"第三册S4-5-2-3"]
[null,null,5,"5#桥墩防震锚栓",{"$nulls":5},2966,"第三册S4-5-2-3"]
[null,null,6,"6#桥墩防震锚栓",{"$nulls":5},2966,"第三册S4-5-2-3"]
[null,null,7,"7#桥墩防震锚栓",{"$nulls":5},2966,"第三册S4-5-2-3"]
["1-4-5-1-4",null,null,"上部构造","m2/m",{"$nulls":4},3954527]
["1-4-5-1-4-13",null,null,"梁端封锚",{"$nulls":5},25974]
[null,"403-3-a",null,"光圆钢筋（HPB300）","kg",23.82,null,null,5.52,131]
[null,null,1,"0#桥台梁端封锚钢筋",{"$nulls":5},131,"第三册S4-5-1-10"]
[null,null,2,"8#桥台梁端封锚钢筋",{"$nulls":5},131,"第三册S4-5-1-10"]
[null,null,3,"第1跨梁端加强钢筋",{"$nulls":5},3214,"第三册S4-5-1-8"]
[null,null,4,"第2跨梁端加强钢筋",{"$nulls":5},3214,"第三册S4-5-1-8"]
[null,null,5,"第3跨梁端加强钢筋",{"$nulls":5},3214,"第三册S4-5-1-8"]
[null,null,6,"第3跨梁端加强钢筋",{"$nulls":5},3214,"第三册S4-5-1-8"]
[null,null,7,"第5跨梁端加强钢筋",{"$nulls":5},3214,"第三册S4-5-1-8"]
[null,null,8,"第6跨梁端加强钢筋",{"$nulls":5},3214,"第三册S4-5-1-8"]
[null,null,9,"第7跨梁端加强钢筋",{"$nulls":5},3214,"第三册S4-5-1-8"]
[null,null,10,"第8跨梁端加强钢筋",{"$nulls":5},3214,"第三册S4-5-1-8"]
["1-4-5-1-4-14",null,null,"现浇湿接缝",{"$nulls":5},312232]
[null,"403-3-a",null,"光圆钢筋（HPB300）","kg",1016.2,null,null,5.52,5609]
[null,null,1,"第1跨现浇湿接缝",{"$nulls":5},39029,"第三册S4-5-1-11"]
[null,null,2,"第2跨现浇湿接缝",{"$nulls":5},39029,"第三册S4-5-1-11"]
[null,null,3,"第3跨现浇湿接缝",{"$nulls":5},39029,"第三册S4-5-1-11"]
[null,null,4,"第4跨现浇湿接缝",{"$nulls":5},39029,"第三册S4-5-1-11"]
[null,null,5,"第5跨现浇湿接缝",{"$nulls":5},39029,"第三册S4-5-1-11"]
[null,null,6,"第6跨现浇湿接缝",{"$nulls":5},39029,"第三册S4-5-1-11"]
[null,null,7,"第7跨现浇湿接缝",{"$nulls":5},39029,"第三册S4-5-1-11"]
[null,null,8,"第8跨现浇湿接缝",{"$nulls":5},39029,"第三册S4-5-1-11"]
[null,"403-3-b",null,"带肋钢筋（HRB400）","kg",3063.56,null,null,5.63,17248]
[null,null,1,"第1跨现浇湿接缝",{"$nulls":5},39029,"第三册S4-5-1-11"]
[null,null,2,"第2跨现浇湿接缝",{"$nulls":5},39029,"第三册S4-5-1-11"]
[null,null,3,"第3跨现浇湿接缝",{"$nulls":5},39029,"第三册S4-5-1-11"]
[null,null,4,"第4跨现浇湿接缝",{"$nulls":5},39029,"第三册S4-5-1-11"]
[null,null,5,"第5跨现浇湿接缝",{"$nulls":5},39029,"第三册S4-5-1-11"]
[null,null,6,"第6跨现浇湿接缝",{"$nulls":5},39029,"第三册S4-5-1-11"]
[null,null,7,"第7跨现浇湿接缝",{"$nulls":5},39029,"第三册S4-5-1-11"]
[null,null,8,"第8跨现浇湿接缝",{"$nulls":5},39029,"第三册S4-5-1-11"]
[null,"411-7-a",null,"C50混凝土","m3",15.9,null,null,1017.08,16172]
[null,null,1,"第1跨现浇湿接缝",{"$nulls":5},39029,"第三册S4-5-1-11"]
[null,null,2,"第2跨现浇湿接缝",{"$nulls":5},39029,"第三册S4-5-1-11"]
[null,null,3,"第3跨现浇湿接缝",{"$nulls":5},39029,"第三册S4-5-1-11"]
[null,null,4,"第4跨现浇湿接缝",{"$nulls":5},39029,"第三册S4-5-1-11"]
[null,null,5,"第5跨现浇湿接缝",{"$nulls":5},39029,"第三册S4-5-1-11"]
[null,null,6,"第6跨现浇湿接缝",{"$nulls":5},39029,"第三册S4-5-1-11"]
[null,null,7,"第7跨现浇湿接缝",{"$nulls":5},39029,"第三册S4-5-1-11"]
[null,null,8,"第8跨现浇湿接缝",{"$nulls":5},39029,"第三册S4-5-1-11"]
["1-4-5-1-4-15",null,null,"端横梁",{"$nulls":5},7554]
[null,"403-3-a",null,"光圆钢筋（HPB300）","kg",256.84,null,null,5.52,1418]
[null,null,1,"0#桥台端横梁",{"$nulls":5},3777,"第三册S4-5-1-12"]
[null,null,2,"8#桥台端横梁",{"$nulls":5},3777,"第三册S4-5-1-12"]
[null,"403-3-b",null,"带肋钢筋（HRB400）","kg",310.67,null,null,5.63,1749]
[null,null,1,"0#桥台端横梁",{"$nulls":5},3777,"第三册S4-5-1-12"]
[null,null,2,"8#桥台端横梁",{"$nulls":5},3777,"第三册S4-5-1-12"]
[null,"411-7-a",null,"C50混凝土","m3",0.6,null,null,1017.08,610]
[null,null,1,"0#桥台端横梁",{"$nulls":5},3777,"第三册S4-5-1-12"]
[null,null,2,"8#桥台端横梁",{"$nulls":5},3777,"第三册S4-5-1-12"]
["1-4-5-1-4-16",null,null,"中横梁",{"$nulls":5},99799]
[null,"403-3-a",null,"光圆钢筋（HPB300）","kg",226.94,null,null,5.52,1253]
[null,null,1,"1#桥墩中横梁",{"$nulls":5},14257,"第三册S4-5-1-13"]
[null,null,2,"2#桥墩中横梁",{"$nulls":5},14257,"第三册S4-5-1-13"]
[null,null,3,"3#桥墩中横梁",{"$nulls":5},14257,"第三册S4-5-1-13"]
[null,null,4,"4#桥墩中横梁",{"$nulls":5},14257,"第三册S4-5-1-13"]
[null,null,5,"5#桥墩中横梁",{"$nulls":5},14257,"第三册S4-5-1-13"]
[null,null,6,"6#桥墩中横梁",{"$nulls":5},14257,"第三册S4-5-1-13"]
[null,null,7,"7#桥墩中横梁",{"$nulls":5},14257,"第三册S4-5-1-13"]
[null,"403-3-b",null,"带肋钢筋（HRB400）","kg",702.01,null,null,5.63,3952]
[null,null,1,"1#桥墩中横梁",{"$nulls":5},14257,"第三册S4-5-1-13"]
[null,null,2,"2#桥墩中横梁",{"$nulls":5},14257,"第三册S4-5-1-13"]
[null,null,3,"3#桥墩中横梁",{"$nulls":5},14257,"第三册S4-5-1-13"]
[null,null,4,"4#桥墩中横梁",{"$nulls":5},14257,"第三册S4-5-1-13"]
[null,null,5,"5#桥墩中横梁",{"$nulls":5},14257,"第三册S4-5-1-13"]
[null,null,6,"6#桥墩中横梁",{"$nulls":5},14257,"第三册S4-5-1-13"]
[null,null,7,"7#桥墩中横梁",{"$nulls":5},14257,"第三册S4-5-1-13"]
[null,"411-7-a",null,"C50混凝土","m3",8.9,null,null,1017.08,9052]
[null,null,1,"1#桥墩中横梁",{"$nulls":5},14257,"第三册S4-5-1-13"]
[null,null,2,"2#桥墩中横梁",{"$nulls":5},14257,"第三册S4-5-1-13"]
[null,null,3,"3#桥墩中横梁",{"$nulls":5},14257,"第三册S4-5-1-13"]
[null,null,4,"4#桥墩中横梁",{"$nulls":5},14257,"第三册S4-5-1-13"]
[null,null,5,"5#桥墩中横梁",{"$nulls":5},14257,"第三册S4-5-1-13"]
[null,null,6,"6#桥墩中横梁",{"$nulls":5},14257,"第三册S4-5-1-13"]
[null,null,7,"7#桥墩中横梁",{"$nulls":5},14257,"第三册S4-5-1-13"]
["1-4-5-1-4-17",null,null,"跨中横隔板",{"$nulls":5},66136]
[null,"403-3-a",null,"光圆钢筋（HPB300）","kg",270.54,null,null,5.52,1493]
[null,null,1,"第1跨跨中横隔板",{"$nulls":5},8267,"第三册S4-5-1-14"]
[null,null,2,"第2跨跨中横隔板",{"$nulls":5},8267,"第三册S4-5-1-14"]
[null,null,3,"第3跨跨中横隔板",{"$nulls":5},8267,"第三册S4-5-1-14"]
[null,null,4,"第4跨跨中横隔板",{"$nulls":5},8267,"第三册S4-5-1-14"]
[null,null,5,"第5跨跨中横隔板",{"$nulls":5},8267,"第三册S4-5-1-14"]
[null,null,6,"第6跨跨中横隔板",{"$nulls":5},8267,"第三册S4-5-1-14"]
[null,null,7,"第7跨跨中横隔板",{"$nulls":5},8267,"第三册S4-5-1-14"]
[null,null,8,"第8跨跨中横隔板",{"$nulls":5},8267,"第三册S4-5-1-14"]
[null,"403-3-b",null,"带肋钢筋（HRB400）","kg",1089.3,null,null,5.63,6133]
[null,null,1,"第1跨跨中横隔板",{"$nulls":5},8267,"第三册S4-5-1-14"]
[null,null,2,"第2跨跨中横隔板",{"$nulls":5},8267,"第三册S4-5-1-14"]
[null,null,3,"第3跨跨中横隔板",{"$nulls":5},8267,"第三册S4-5-1-14"]
[null,null,4,"第4跨跨中横隔板",{"$nulls":5},8267,"第三册S4-5-1-14"]
[null,null,5,"第5跨跨中横隔板",{"$nulls":5},8267,"第三册S4-5-1-14"]
[null,null,6,"第6跨跨中横隔板",{"$nulls":5},8267,"第三册S4-5-1-14"]
[null,null,7,"第7跨跨中横隔板",{"$nulls":5},8267,"第三册S4-5-1-14"]
[null,null,8,"第8跨跨中横隔板",{"$nulls":5},8267,"第三册S4-5-1-14"]
[null,"411-7-a",null,"C50混凝土","m3",0.63,null,null,1017.08,641]
[null,null,1,"第1跨跨中横隔板",{"$nulls":5},8267,"第三册S4-5-1-14"]
[null,null,2,"第2跨跨中横隔板",{"$nulls":5},8267,"第三册S4-5-1-14"]
[null,null,3,"第3跨跨中横隔板",{"$nulls":5},8267,"第三册S4-5-1-14"]
[null,null,4,"第4跨跨中横隔板",{"$nulls":5},8267,"第三册S4-5-1-14"]
[null,null,5,"第5跨跨中横隔板",{"$nulls":5},8267,"第三册S4-5-1-14"]
[null,null,6,"第6跨跨中横隔板",{"$nulls":5},8267,"第三册S4-5-1-14"]
[null,null,7,"第7跨跨中横隔板",{"$nulls":5},8267,"第三册S4-5-1-14"]
[null,null,8,"第8跨跨中横隔板",{"$nulls":5},8267,"第三册S4-5-1-14"]
["1-4-5-1-4-18",null,null,"预制堵头板",{"$nulls":5},16400]
[null,"403-3-a",null,"光圆钢筋（HPB300）","kg",109.3,null,null,5.52,603]
[null,null,1,"第1跨预制堵头板",{"$nulls":5},2050,"第三册S4-5-1-15"]
[null,null,2,"第2跨预制堵头板",{"$nulls":5},2050,"第三册S4-5-1-15"]
[null,null,3,"第3跨预制堵头板"]
[null,null,4,"第4跨预制堵头板"]
[null,null,5,"第5跨预制堵头板"]
[null,null,6,"第6跨预制堵头板"]
[null,null,7,"第7跨预制堵头板"]
[null,null,8,"第8跨预制堵头板"]
[null,"411-8-a",null,"C50混凝土","m3",0.99,null,null,1461.17,1447]
[null,null,1,"第1跨预制堵头板",{"$nulls":5},2050,"第三册S4-5-1-15"]
[null,null,2,"第2跨预制堵头板",{"$nulls":5},2050,"第三册S4-5-1-15"]
[null,null,3,"第3跨预制堵头板"]
[null,null,4,"第4跨预制堵头板"]
[null,null,5,"第5跨预制堵头板"]
[null,null,6,"第6跨预制堵头板"]
[null,null,7,"第7跨预制堵头板"]
[null,null,8,"第8跨预制堵头板"]
["1-4-5-1-4-19",null,null,"箱梁预制",{"$nulls":5},2784286]
["1-4-5-1-4-19-1",null,null,"边跨边梁"]
[null,"403-3-a",null,"光圆钢筋（HPB300）","kg",1470,null,null,5.52,8114]
[null,null,1," 1-1边跨边梁"]
[null,null,2," 1-4边跨边梁"]
[null,null,3," 8-1边跨边梁"]
[null,null,4," 8-4边跨边梁"]
[null,"403-3-b",null,"带肋钢筋（HRB400）","kg",5616,null,null,5.63,31618]
[null,null,1," 1-1边跨边梁"]
[null,null,2," 1-4边跨边梁"]
[null,null,3," 8-1边跨边梁"]
[null,null,4," 8-4边跨边梁"]
[null,"411-8-a",null,"C50混凝土","m3",36.3,null,null,1461.17,53040]
[null,null,1," 1-1边跨边梁"]
[null,null,2," 1-4边跨边梁"]
[null,null,3," 8-1边跨边梁"]
[null,null,4," 8-4边跨边梁"]
["1-4-5-1-4-19-2",null,null,"边跨中梁"]
[null,"403-3-a",null,"光圆钢筋（HPB300）","kg",1470,null,null,5.52,8114]
[null,null,1," 1-2边跨中梁"]
[null,null,2," 1-3边跨中梁"]
[null,null,3," 8-2边跨中梁"]
[null,null,4," 8-3边跨中梁"]
[null,"403-3-b",null,"带肋钢筋（HRB400）","kg",5616,null,null,5.63,31618]
[null,null,1," 1-2边跨中梁"]
[null,null,2," 1-3边跨中梁"]
[null,null,3," 8-2边跨中梁"]
[null,null,4," 8-3边跨中梁"]
[null,"411-8-a",null,"C50混凝土","m3",36.3,null,null,1461.17,53040]
[null,null,1," 1-2边跨中梁"]
[null,null,2," 1-3边跨中梁"]
[null,null,3," 8-2边跨中梁"]
[null,null,4," 8-3边跨中梁"]
["1-4-5-1-4-19-3",null,null,"中跨边梁"]
[null,"403-3-a",null,"光圆钢筋（HPB300）","kg",1470,null,null,5.52,8114]
[null,null,1,"2-1中跨边梁"]
[null,null,2,"2-4中跨边梁"]
[null,null,3,"3-1中跨边梁"]
[null,null,4,"3-4中跨边梁"]
[null,null,5,"4-1中跨边梁"]
[null,null,6,"4-4中跨边梁"]
[null,null,7,"5-1中跨边梁"]
[null,null,8,"5-4中跨边梁"]
[null,null,9,"6-1中跨边梁"]
[null,null,10,"6-4中跨边梁"]
[null,null,11,"7-1中跨边梁"]
[null,null,12,"7-4中跨边梁"]
[null,"403-3-b",null,"带肋钢筋（HRB400）","kg",5616,null,null,5.63,31618]
[null,null,1,"2-1中跨边梁"]
[null,null,2,"2-4中跨边梁"]
[null,null,3,"3-1中跨边梁"]
[null,null,4,"3-4中跨边梁"]
[null,null,5,"4-1中跨边梁"]
[null,null,6,"4-4中跨边梁"]
[null,null,7,"5-1中跨边梁"]
[null,null,8,"5-4中跨边梁"]
[null,null,9,"6-1中跨边梁"]
[null,null,10,"6-4中跨边梁"]
[null,null,11,"7-1中跨边梁"]
[null,null,12,"7-4中跨边梁"]
[null,"411-8-a",null,"C50混凝土","m3",36.3,null,null,1461.17,53040]
[null,null,1,"2-1中跨边梁"]
[null,null,2,"2-4中跨边梁"]
[null,null,3,"3-1中跨边梁"]
[null,null,4,"3-4中跨边梁"]
[null,null,5,"4-1中跨边梁"]
[null,null,6,"4-4中跨边梁"]
[null,null,7,"5-1中跨边梁"]
[null,null,8,"5-4中跨边梁"]
[null,null,9,"6-1中跨边梁"]
[null,null,10,"6-4中跨边梁"]
[null,null,11,"7-1中跨边梁"]
[null,null,12,"7-4中跨边梁"]
["1-4-5-1-4-19-4",null,null,"中跨中梁"]
[null,"403-3-a",null,"光圆钢筋（HPB300）","kg",1470,null,null,5.52,8114]
[null,null,1,"2-2中跨中梁"]
[null,null,2,"2-3中跨中梁"]
[null,null,3,"3-2中跨中梁"]
[null,null,4,"3-3中跨中梁"]
[null,null,5,"4-2中跨中梁"]
[null,null,6,"4-3中跨中梁"]
[null,null,7,"5-2中跨中梁"]
[null,null,8,"5-3中跨中梁"]
[null,null,9,"6-2中跨中梁"]
[null,null,10,"6-3中跨中梁"]
[null,null,11,"7-2中跨中梁"]
[null,null,12,"7-3中跨中梁"]
[null,"403-3-b",null,"带肋钢筋（HRB400）","kg",5616,null,null,5.63,31618]
[null,null,1,"2-2中跨中梁"]
[null,null,2,"2-3中跨中梁"]
[null,null,3,"3-2中跨中梁"]
[null,null,4,"3-3中跨中梁"]
[null,null,5,"4-2中跨中梁"]
[null,null,6,"4-3中跨中梁"]
[null,null,7,"5-2中跨中梁"]
[null,null,8,"5-3中跨中梁"]
[null,null,9,"6-2中跨中梁"]
[null,null,10,"6-3中跨中梁"]
[null,null,11,"7-2中跨中梁"]
[null,null,12,"7-3中跨中梁"]
[null,"411-8-a",null,"C50混凝土","m3",36.3,null,null,1461.17,53040]
[null,null,1,"2-2中跨中梁"]
[null,null,2,"2-3中跨中梁"]
[null,null,3,"3-2中跨中梁"]
[null,null,4,"3-3中跨中梁"]
[null,null,5,"4-2中跨中梁"]
[null,null,6,"4-3中跨中梁"]
[null,null,7,"5-2中跨中梁"]
[null,null,8,"5-3中跨中梁"]
[null,null,9,"6-2中跨中梁"]
[null,null,10,"6-3中跨中梁"]
[null,null,11,"7-2中跨中梁"]
[null,null,12,"7-3中跨中梁"]
["1-4-5-1-4-20",null,null,"负弯距区钢束槽口封口",{"$nulls":5},101704]
[null,"403-3-b",null,"带肋钢筋（HRB400）","kg",1463.16,null,null,5.63,8238]
[null,null,1,"第1跨负弯距区钢束槽口封口砼",{"$nulls":5},12713,"第三册S4-5-1-9"]
[null,null,2,"第2跨负弯距区钢束槽口封口",{"$nulls":5},12713,"第三册S4-5-1-9"]
[null,null,3,"第3跨负弯距区钢束槽口封口",{"$nulls":5},12713,"第三册S4-5-1-9"]
[null,null,4,"第4跨负弯距区钢束槽口封口",{"$nulls":5},12713,"第三册S4-5-1-9"]
[null,null,5,"第5跨负弯距区钢束槽口封口砼",{"$nulls":5},12713,"第三册S4-5-1-9"]
[null,null,6,"第6跨负弯距区钢束槽口封口",{"$nulls":5},12713,"第三册S4-5-1-9"]
[null,null,7,"第7跨负弯距区钢束槽口封口",{"$nulls":5},12713,"第三册S4-5-1-9"]
[null,null,8,"第8跨负弯距区钢束槽口封口",{"$nulls":5},12713,"第三册S4-5-1-9"]
[null,"411-7-a",null,"C50混凝土","m3",4.4,null,null,1017.08,4475]
[null,null,1,"第1跨负弯距区钢束槽口封口砼",{"$nulls":5},12713,"第三册S4-5-1-9"]
[null,null,2,"第2跨负弯距区钢束槽口封口",{"$nulls":5},12713,"第三册S4-5-1-9"]
[null,null,3,"第3跨负弯距区钢束槽口封口",{"$nulls":5},12713,"第三册S4-5-1-9"]
[null,null,4,"第4跨负弯距区钢束槽口封口",{"$nulls":5},12713,"第三册S4-5-1-9"]
[null,null,5,"第5跨负弯距区钢束槽口封口砼",{"$nulls":5},12713,"第三册S4-5-1-9"]
[null,null,6,"第6跨负弯距区钢束槽口封口",{"$nulls":5},12713,"第三册S4-5-1-9"]
[null,null,7,"第7跨负弯距区钢束槽口封口",{"$nulls":5},12713,"第三册S4-5-1-9"]
[null,null,8,"第8跨负弯距区钢束槽口封口",{"$nulls":5},12713,"第三册S4-5-1-9"]
["1-4-5-1-4-21",null,null,"预应力钢束",{"$nulls":5},540442]
[null,"411-5",null,"后张法预应力钢绞线","kg",4900,null,null,11.88,58212]
[null,null,1,"第1跨正弯矩预应力钢束",{"$nulls":5},58212,"第三册S4-5-1-5"]
[null,null,2,"第1跨负弯矩预应力钢束",{"$nulls":5},8150,"第三册S4-5-1-6"]
[null,null,3,"第2跨正弯矩预应力钢束",{"$nulls":5},51654,"第三册S4-5-1-5"]
[null,null,4,"第2跨负弯矩预应力钢束",{"$nulls":5},16299,"第三册S4-5-1-6"]
[null,null,5,"第3跨正弯矩预应力钢束",{"$nulls":5},51654,"第三册S4-5-1-5"]
[null,null,6,"第3跨负弯矩预应力钢束",{"$nulls":5},16299,"第三册S4-5-1-6"]
[null,null,7,"第4跨正弯矩预应力钢束",{"$nulls":5},51654,"第三册S4-5-1-5"]
[null,null,8,"第4跨负弯矩预应力钢束",{"$nulls":5},16299,"第三册S4-5-1-6"]
[null,null,9,"第5跨正弯矩预应力钢束",{"$nulls":5},51654,"第三册S4-5-1-5"]
[null,null,10,"第5跨负弯矩预应力钢束",{"$nulls":5},16299,"第三册S4-5-1-6"]
[null,null,11,"第6跨正弯矩预应力钢束",{"$nulls":5},51654,"第三册S4-5-1-5"]
[null,null,12,"第6跨负弯矩预应力钢束",{"$nulls":5},16299,"第三册S4-5-1-6"]
[null,null,13,"第7跨正弯矩预应力钢束",{"$nulls":5},51654,"第三册S4-5-1-5"]
[null,null,14,"第7跨负弯矩预应力钢束",{"$nulls":5},16299,"第三册S4-5-1-6"]
[null,null,15,"第8跨正弯矩预应力钢束",{"$nulls":5},58212,"第三册S4-5-1-5"]
[null,null,16,"第8跨负弯矩预应力钢束",{"$nulls":5},8150,"第三册S4-5-1-6"]
["1-4-5-1-23",null,null,"附属结构",{"$nulls":5},85324]
["1-4-5-1-23-1",null,null,"桥头搭板",{"$nulls":5},33310]
[null,"403-4-a",null,"光圆钢筋（HPB300）","kg",61.37,null,null,5.02,308,"第三册S4-5-3-4"]
[null,null,1,"0#桥台",{"$nulls":5},33310]
[null,null,2,"8#桥台",{"$nulls":5},33310]
[null,"403-4-b",null,"带肋钢筋（HRB400）","kg",3135.85,null,null,5.35,16777,"第三册S4-5-3-5"]
[null,null,1,"0#桥台",{"$nulls":5},33310]
[null,null,2,"8#桥台",{"$nulls":5},33310]
[null,"410-6-c",null,"C30混凝土","m3",30.8,null,null,526.78,16225,"第三册S4-5-3-5"]
[null,null,1,"0#桥台",{"$nulls":5},33310]
[null,null,2,"8#桥台",{"$nulls":5},33310]
["1-4-5-1-23-3",null,null,"桥台锥坡、护坡、踏步",{"$nulls":5},1717,"第三册S4-3-20"]
[null,"413-1-a",null,"M7.5浆砌片石","m3",13.57,null,null,126.53,1717]
[null,null,1,"0#桥台桥台锥坡、护坡",{"$nulls":5},1717,"第三册S4-3-20"]
[null,null,2,"8#桥台桥台锥坡、护坡",null,12.56,{"$nulls":3},1589,"第三册S4-3-20"]
[null,null,3,"0#桥台踏步",{"$nulls":5},1361,"第三册S4-3-20"]
[null,null,4,"8#桥台踏步",{"$nulls":5},1237,"第三册S4-3-20"]
["1-4-5-1-23-7",null,null,"减震橡胶块",{"$nulls":5},12800,"第三册S4-5-1-4"]
[null,"417-5-a",null,"20cm×20cm×3cm","块",32,null,null,400,12800]
["1-4-5-2",null,null,"K67+635.375沽沱渭河大桥",{"$nulls":5},11768713]
["1-4-5-2-1",null,null,"桥台（台高××m）",{"$nulls":5},1476668]
["1-4-5-2-1-2",null,null,"桥台桩基",{"$nulls":5},963390]
[null,"403-1-a",null,"I级钢筋(包括基础、承台、支撑梁等)","kg",99.8,null,null,5.18,517]
[null,null,1,"0#桥台1#桩",{"$nulls":5},96339,"第三册S4-4-18"]
[null,null,2,"0#桥台2#桩",{"$nulls":5},96339,"第三册S4-4-18"]
[null,null,3,"0#桥台3#桩",{"$nulls":5},96339,"第三册S4-4-18"]
[null,null,4,"0#桥台4#桩",{"$nulls":5},96339,"第三册S4-4-18"]
[null,null,5,"0#桥台5#桩",{"$nulls":5},96339,"第三册S4-4-18"]
[null,null,6,"0#桥台6#桩",{"$nulls":5},96339,"第三册S4-4-18"]
[null,null,7,"11#桥台1#桩",{"$nulls":5},96339,"第三册S4-4-18"]
[null,null,8,"11#桥台2#桩",{"$nulls":5},96339,"第三册S4-4-18"]
[null,null,9,"11#桥台3#桩",{"$nulls":5},96339,"第三册S4-4-18"]
[null,null,10,"11#桥台4#桩",{"$nulls":5},96339,"第三册S4-4-18"]
[null,"403-1-b",null,"II级钢筋(包括基础、承台、支撑梁等)","kg",3438,null,null,5.18,17809]
[null,null,1,"0#桥台1#桩",{"$nulls":5},96339,"第三册S4-4-18"]
[null,null,2,"0#桥台2#桩",{"$nulls":5},96339,"第三册S4-4-18"]
[null,null,3,"0#桥台3#桩",{"$nulls":5},96339,"第三册S4-4-18"]
[null,null,4,"0#桥台4#桩",{"$nulls":5},96339,"第三册S4-4-18"]
[null,null,5,"0#桥台5#桩",{"$nulls":5},96339,"第三册S4-4-18"]
[null,null,6,"0#桥台6#桩",{"$nulls":5},96339,"第三册S4-4-18"]
[null,null,7,"11#桥台1#桩",{"$nulls":5},96339,"第三册S4-4-18"]
[null,null,8,"11#桥台2#桩",{"$nulls":5},96339,"第三册S4-4-18"]
[null,null,9,"11#桥台3#桩",{"$nulls":5},96339,"第三册S4-4-18"]
[null,null,10,"11#桥台4#桩",{"$nulls":5},96339,"第三册S4-4-18"]
[null,"405-1-b-5",null,"桩径1.5m","m",20,null,null,2983.69,59674]
[null,null,1,"0#桥台1#桩",{"$nulls":5},96339,"第三册S4-4-18"]
[null,null,2,"0#桥台2#桩",{"$nulls":5},96339,"第三册S4-4-18"]
[null,null,3,"0#桥台3#桩",{"$nulls":5},96339,"第三册S4-4-18"]
[null,null,4,"0#桥台4#桩",{"$nulls":5},96339,"第三册S4-4-18"]
[null,null,5,"0#桥台5#桩",{"$nulls":5},96339,"第三册S4-4-18"]
[null,null,6,"0#桥台6#桩",{"$nulls":5},96339,"第三册S4-4-18"]
[null,null,7,"11#桥台1#桩",{"$nulls":5},96339,"第三册S4-4-18"]
[null,null,8,"11#桥台2#桩",{"$nulls":5},96339,"第三册S4-4-18"]
[null,null,9,"11#桥台3#桩",{"$nulls":5},96339,"第三册S4-4-18"]
[null,null,10,"11#桥台4#桩",{"$nulls":5},96339,"第三册S4-4-18"]
[null,"410-1-c",null,"C30混凝土","m3",35.343,null,null,518.88,18339]
[null,null,1,"0#桥台1#桩",{"$nulls":5},96339,"第三册S4-4-18"]
[null,null,2,"0#桥台2#桩",{"$nulls":5},96339,"第三册S4-4-18"]
[null,null,3,"0#桥台3#桩",{"$nulls":5},96339,"第三册S4-4-18"]
[null,null,4,"0#桥台4#桩",{"$nulls":5},96339,"第三册S4-4-18"]
[null,null,5,"0#桥台5#桩",{"$nulls":5},96339,"第三册S4-4-18"]
[null,null,6,"0#桥台6#桩",{"$nulls":5},96339,"第三册S4-4-18"]
[null,null,7,"11#桥台1#桩",{"$nulls":5},96339,"第三册S4-4-18"]
[null,null,8,"11#桥台2#桩",{"$nulls":5},96339,"第三册S4-4-18"]
[null,null,9,"11#桥台3#桩",{"$nulls":5},96339,"第三册S4-4-18"]
[null,null,10,"11#桥台4#桩",{"$nulls":5},96339,"第三册S4-4-18"]
["1-4-5-2-1-4",null,null,"桥台承台",{"$nulls":5},236244]
[null,"403-1-b",null,"II级钢筋(包括基础、承台、支撑梁等)","kg",12110.7,null,null,5.18,62733]
[null,null,1,"0#桥台承台",{"$nulls":5},146376,"第三册S4-4-17"]
[null,null,2,"11#桥台承台",{"$nulls":5},89868,"第三册S4-4-17"]
[null,"410-1-c",null,"C30混凝土","m3",161.2,null,null,518.88,83643]
[null,null,1,"0#桥台承台",{"$nulls":5},146376,"第三册S4-4-17"]
[null,null,2,"11#桥台承台",{"$nulls":5},89868,"第三册S4-4-17"]
["1-4-5-2-1-6",null,null,"桥台台身",{"$nulls":5},185145]
["1-4-5-2-1-6-1",null,null,"0#桥台台身",{"$nulls":5},118848,"第三册S4-4-12"]
[null,"403-2-a",null,"光圆钢筋（HPB300）","kg",373,null,null,5.37,2003]
[null,"410-2-b",null,"C30混凝土","m3",325.5,null,null,358.97,116845]
["1-4-5-2-1-6-2",null,null,"11#桥台台身",{"$nulls":5},66297,"第三册S4-4-15"]
[null,"403-2-a",null,"光圆钢筋（HPB300）","kg",649.8,null,null,5.37,3489]
[null,"403-2-b",null,"带肋钢筋（HRB400）","kg",7645.8,null,null,5.44,41593]
[null,"410-2-b",null,"C30混凝土","m3",59.1,null,null,358.97,21215]
["1-4-5-2-1-8",null,null,"桥台耳背墙",{"$nulls":5},36439]
[null,"403-2-a",null,"光圆钢筋（HPB300）","kg",159.8,null,null,5.37,858]
[null,null,1,"0#桥台耳背墙",{"$nulls":5},858,"第三册S4-4-16"]
[null,"403-2-b",null,"带肋钢筋（HRB400）","kg",716.39,null,null,5.44,3897]
[null,null,1,"0#桥台耳背墙",{"$nulls":5},13089,"第三册S4-4-16"]
[null,null,2,"11#桥台耳背墙",{"$nulls":5},10554,"第三册S4-4-12"]
[null,"410-2-b",null,"C30混凝土","m3",29.4,null,null,358.97,10554]
[null,null,1,"0#桥台耳背墙",{"$nulls":5},13089,"第三册S4-4-16"]
[null,null,2,"11#桥台耳背墙",{"$nulls":5},8041,"第三册S4-4-16"]
["1-4-5-2-1-10",null,null,"桥台挡块、垫石",{"$nulls":5},7695]
["1-4-5-2-1-10-1",null,null,"桥台支座垫石、挡块"]
[null,"403-4-b",null,"带肋钢筋（HRB400）","kg",530.6,null,null,5.35,2839]
[null,null,1,"0#桥台支座垫石、挡块",{"$nulls":5},2839,"第三册S4-5-2-4"]
[null,null,2,"11#桥台支座垫石、挡块",{"$nulls":5},3213,"第三册S4-5-2-4"]
["1-4-5-2-1-10-2",null,null,"桥台支座",{"$nulls":5},327]
[null,"410-6-c",null,"C30混凝土","m3",0.32,null,null,526.78,169,"第三册S4-4-12"]
[null,null,1,"0#桥台支座垫石"]
[null,"410-6-h",null,"C50小石子混凝土","m3",0.3,null,null,527.65,158,"第三册S4-5-2-4"]
[null,null,1,"0#桥台支座",{"$nulls":5},158,"第三册S4-5-2-4"]
[null,null,2,"11#桥台支座","m3",0.3,null,null,527.65,158]
["1-4-5-2-1-10-3",null,null,"桥台挡块",{"$nulls":5},579,"第三册S4-5-2-4"]
[null,"410-6-c",null,"C30混凝土","m3",1.1,null,null,526.78,579,"第三册S4-5-3-4"]
[null,null,1,"0#桥台挡块",{"$nulls":5},579,"第三册S4-5-2-4"]
[null,null,2,"11#桥台挡块","m3",1.1,null,null,526.78,579,"第三册S4-5-3-4"]
["1-4-5-2-1-12",null,null,"桥台台帽",{"$nulls":5},47755]
[null,"403-2-b",null,"带肋钢筋（HRB400）","kg",436.9,null,null,5.44,2377]
[null,null,1,"0#桥台台帽",{"$nulls":5},4445,"第三册S4-4-13"]
[null,null,2,"11#桥台台帽",{"$nulls":5},43310,"第三册S4-4-13"]
[null,"410-2-b",null,"C30混凝土","m3",5.76,null,null,358.97,2068]
[null,null,1,"0#桥台台帽",{"$nulls":5},4445,"第三册S4-4-13"]
[null,null,2,"11#桥台台帽",{"$nulls":5},43310,"第三册S4-4-13"]
["1-4-5-2-2",null,null,"桥墩基础",{"$nulls":5},3442070]
["1-4-5-2-2-1",null,null,"桥墩桩基",{"$nulls":5},3045200]
["1-4-5-2-2-1-1",null,null,"1#桥墩1#桩",{"$nulls":5},152260]
[null,"403-1-a",null,"I级钢筋(包括基础、承台、支撑梁等)","kg",178.9,null,null,5.18,927]
[null,null,1,"1#桥墩1#桩"]
[null,null,2,"1#桥墩2#桩",{"$nulls":5},152260]
[null,null,3,"2#桥墩1#桩",{"$nulls":5},152260]
[null,null,4,"2#桥墩2#桩",{"$nulls":5},152260]
[null,null,5,"3#桥墩1#桩",{"$nulls":5},152260]
[null,null,6,"3#桥墩2#桩",{"$nulls":5},152260]
[null,null,7,"4#桥墩1#桩",{"$nulls":5},152260]
[null,null,8,"4#桥墩2#桩",{"$nulls":5},152260]
[null,null,9,"5#桥墩1#桩",{"$nulls":5},152260]
[null,null,10,"5#桥墩2#桩",{"$nulls":5},152260]
[null,null,11,"6#桥墩1#桩",{"$nulls":5},152260]
[null,null,12,"6#桥墩2#桩",{"$nulls":5},152260]
[null,null,13,"7#桥墩1#桩",{"$nulls":5},152260]
[null,null,14,"7#桥墩2#桩",{"$nulls":5},152260]
[null,null,15,"8#桥墩1#桩",{"$nulls":5},152260]
[null,null,16,"8#桥墩2#桩",{"$nulls":5},152260]
[null,null,17,"9#桥墩1#桩",{"$nulls":5},152260]
[null,null,18,"9#桥墩2#桩",{"$nulls":5},152260]
[null,null,19,"10#桥墩1#桩",{"$nulls":5},152260]
[null,null,20,"10#桥墩2#桩",{"$nulls":5},152260]
[null,"403-1-b",null,"II级钢筋(包括基础、承台、支撑梁等)","kg",4539.5,null,null,5.18,23515]
[null,null,1,"1#桥墩1#桩"]
[null,null,2,"1#桥墩2#桩",{"$nulls":5},152260]
[null,null,3,"2#桥墩1#桩",{"$nulls":5},152260]
[null,null,4,"2#桥墩2#桩",{"$nulls":5},152260]
[null,null,5,"3#桥墩1#桩",{"$nulls":5},152260]
[null,null,6,"3#桥墩2#桩",{"$nulls":5},152260]
[null,null,7,"4#桥墩1#桩",{"$nulls":5},152260]
[null,null,8,"4#桥墩2#桩",{"$nulls":5},152260]
[null,null,9,"5#桥墩1#桩",{"$nulls":5},152260]
[null,null,10,"5#桥墩2#桩",{"$nulls":5},152260]
[null,null,11,"6#桥墩1#桩",{"$nulls":5},152260]
[null,null,12,"6#桥墩2#桩",{"$nulls":5},152260]
[null,null,13,"7#桥墩1#桩",{"$nulls":5},152260]
[null,null,14,"7#桥墩2#桩",{"$nulls":5},152260]
[null,null,15,"8#桥墩1#桩",{"$nulls":5},152260]
[null,null,16,"8#桥墩2#桩",{"$nulls":5},152260]
[null,null,17,"9#桥墩1#桩",{"$nulls":5},152260]
[null,null,18,"9#桥墩2#桩",{"$nulls":5},152260]
[null,null,19,"10#桥墩1#桩",{"$nulls":5},152260]
[null,null,20,"10#桥墩2#桩",{"$nulls":5},152260]
[null,"405-1-b-6",null,"桩径1.6m","m",25,null,null,4177.78,104445]
[null,null,1,"1#桥墩1#桩"]
[null,null,2,"1#桥墩2#桩",{"$nulls":5},152260]
[null,null,3,"2#桥墩1#桩",{"$nulls":5},152260]
[null,null,4,"2#桥墩2#桩",{"$nulls":5},152260]
[null,null,5,"3#桥墩1#桩",{"$nulls":5},152260]
[null,null,6,"3#桥墩2#桩",{"$nulls":5},152260]
[null,null,7,"4#桥墩1#桩",{"$nulls":5},152260]
[null,null,8,"4#桥墩2#桩",{"$nulls":5},152260]
[null,null,9,"5#桥墩1#桩",{"$nulls":5},152260]
[null,null,10,"5#桥墩2#桩",{"$nulls":5},152260]
[null,null,11,"6#桥墩1#桩",{"$nulls":5},152260]
[null,null,12,"6#桥墩2#桩",{"$nulls":5},152260]
[null,null,13,"7#桥墩1#桩",{"$nulls":5},152260]
[null,null,14,"7#桥墩2#桩",{"$nulls":5},152260]
[null,null,15,"8#桥墩1#桩",{"$nulls":5},152260]
[null,null,16,"8#桥墩2#桩",{"$nulls":5},152260]
[null,null,17,"9#桥墩1#桩",{"$nulls":5},152260]
[null,null,18,"9#桥墩2#桩",{"$nulls":5},152260]
[null,null,19,"10#桥墩1#桩",{"$nulls":5},152260]
[null,null,20,"10#桥墩2#桩",{"$nulls":5},152260]
[null,"410-1-b",null,"C25混凝土","m3",50.265,null,null,464.99,23373]
[null,null,1,"1#桥墩1#桩"]
[null,null,2,"1#桥墩2#桩",{"$nulls":5},152260]
[null,null,3,"2#桥墩1#桩",{"$nulls":5},152260]
[null,null,4,"2#桥墩2#桩",{"$nulls":5},152260]
[null,null,5,"3#桥墩1#桩",{"$nulls":5},152260]
[null,null,6,"3#桥墩2#桩",{"$nulls":5},152260]
[null,null,7,"4#桥墩1#桩",{"$nulls":5},152260]
[null,null,8,"4#桥墩2#桩",{"$nulls":5},152260]
[null,null,9,"5#桥墩1#桩",{"$nulls":5},152260]
[null,null,10,"5#桥墩2#桩",{"$nulls":5},152260]
[null,null,11,"6#桥墩1#桩",{"$nulls":5},152260]
[null,null,12,"6#桥墩2#桩",{"$nulls":5},152260]
[null,null,13,"7#桥墩1#桩",{"$nulls":5},152260]
[null,null,14,"7#桥墩2#桩",{"$nulls":5},152260]
[null,null,15,"8#桥墩1#桩",{"$nulls":5},152260]
[null,null,16,"8#桥墩2#桩",{"$nulls":5},152260]
[null,null,17,"9#桥墩1#桩",{"$nulls":5},152260]
[null,null,18,"9#桥墩2#桩",{"$nulls":5},152260]
[null,null,19,"10#桥墩1#桩",{"$nulls":5},152260]
[null,null,20,"10#桥墩2#桩",{"$nulls":5},152260]
["1-4-5-2-2-3",null,null,"桥墩承台",{"$nulls":5},396870]
[null,"403-1-b",null,"II级钢筋(包括基础、承台、支撑梁等)","kg",4225.7,null,null,5.18,21889]
[null,null,1,"1#桥墩承台",{"$nulls":5},39687,"第三册S4-4-10"]
[null,null,2,"2#桥墩承台",{"$nulls":5},39687,"第三册S4-4-10"]
[null,null,3,"3#桥墩承台",{"$nulls":5},39687,"第三册S4-4-10"]
[null,null,4,"4#桥墩承台",{"$nulls":5},39687,"第三册S4-4-10"]
[null,null,5,"5#桥墩承台",{"$nulls":5},39687,"第三册S4-4-10"]
[null,null,6,"6#桥墩承台",{"$nulls":5},39687,"第三册S4-4-10"]
[null,null,7,"7#桥墩承台",{"$nulls":5},39687,"第三册S4-4-10"]
[null,null,8,"8#桥墩承台",{"$nulls":5},39687,"第三册S4-4-10"]
[null,null,9,"9#桥墩承台",{"$nulls":5},39687,"第三册S4-4-10"]
[null,null,10,"10#桥墩承台",{"$nulls":5},39687,"第三册S4-4-10"]
[null,"410-1-c",null,"C30混凝土","m3",34.3,null,null,518.88,17798]
[null,null,1,"1#桥墩承台",{"$nulls":5},39687,"第三册S4-4-10"]
[null,null,2,"2#桥墩承台",{"$nulls":5},39687,"第三册S4-4-10"]
[null,null,3,"3#桥墩承台",{"$nulls":5},39687,"第三册S4-4-10"]
[null,null,4,"4#桥墩承台",{"$nulls":5},39687,"第三册S4-4-10"]
[null,null,5,"5#桥墩承台",{"$nulls":5},39687,"第三册S4-4-10"]
[null,null,6,"6#桥墩承台",{"$nulls":5},39687,"第三册S4-4-10"]
[null,null,7,"7#桥墩承台",{"$nulls":5},39687,"第三册S4-4-10"]
[null,null,8,"8#桥墩承台",{"$nulls":5},39687,"第三册S4-4-10"]
[null,null,9,"9#桥墩承台",{"$nulls":5},39687,"第三册S4-4-10"]
[null,null,10,"10#桥墩承台",{"$nulls":5},39687,"第三册S4-4-10"]
["1-4-5-2-3",null,null,"下部构造（墩高××m）",{"$nulls":5},1258085]
["1-4-5-2-3-5",null,null,"桥墩墩柱",{"$nulls":5},581536]
[null,"403-2-b",null,"带肋钢筋（HRB400）","kg",6375.4,null,null,5.44,34682]
[null,null,1,"1#桥墩墩柱",{"$nulls":5},51454,"第三册S4-4-9"]
[null,null,2,"2#桥墩墩柱",{"$nulls":5},63952,"第三册S4-4-9"]
[null,null,3,"3#桥墩墩柱",{"$nulls":6},"第三册S4-4-9"]
[null,null,4,"4#桥墩墩柱",{"$nulls":6},"第三册S4-4-9"]
[null,null,5,"5#桥墩墩柱",{"$nulls":6},"第三册S4-4-9"]
[null,null,6,"6#桥墩墩柱",{"$nulls":6},"第三册S4-4-9"]
[null,null,7,"7#桥墩墩柱",{"$nulls":6},"第三册S4-4-9"]
[null,null,8,"8#桥墩墩柱",{"$nulls":6},"第三册S4-4-9"]
[null,null,9,"9#桥墩墩柱",{"$nulls":6},"第三册S4-4-9"]
[null,null,10,"10#桥墩墩柱",{"$nulls":6},"第三册S4-4-9"]
[null,null,11,"11#桥墩墩柱",{"$nulls":6},"第三册S4-4-9"]
[null,"410-2-c",null,"C35混凝土","m3",32.3,null,null,519.25,16772]
[null,null,1,"1#桥墩墩柱",{"$nulls":5},51454,"第三册S4-4-9"]
[null,null,2,"2#桥墩墩柱",{"$nulls":5},63952,"第三册S4-4-9"]
[null,null,3,"3#桥墩墩柱",{"$nulls":6},"第三册S4-4-9"]
[null,null,4,"4#桥墩墩柱",{"$nulls":6},"第三册S4-4-9"]
[null,null,5,"5#桥墩墩柱",{"$nulls":6},"第三册S4-4-9"]
[null,null,6,"6#桥墩墩柱",{"$nulls":6},"第三册S4-4-9"]
[null,null,7,"7#桥墩墩柱",{"$nulls":6},"第三册S4-4-9"]
[null,null,8,"8#桥墩墩柱",{"$nulls":6},"第三册S4-4-9"]
[null,null,9,"9#桥墩墩柱",{"$nulls":6},"第三册S4-4-9"]
[null,null,10,"10#桥墩墩柱",{"$nulls":6},"第三册S4-4-9"]
[null,null,11,"11#桥墩墩柱",{"$nulls":6},"第三册S4-4-9"]
["1-4-5-2-3-7",null,null,"桥墩防震锚栓",{"$nulls":5},32626]
[null,"403-2-b",null,"带肋钢筋（HRB400）","kg",545.2,null,null,5.44,2966]
[null,null,1,"1#桥墩防震锚栓",{"$nulls":5},2966,"第三册S4-5-2-3"]
[null,null,2,"2#桥墩防震锚栓",{"$nulls":5},2966,"第三册S4-5-2-3"]
[null,null,3,"3#桥墩防震锚栓"]
[null,null,4,"4#桥墩防震锚栓"]
[null,null,5,"5#桥墩防震锚栓"]
[null,null,6,"6#桥墩防震锚栓"]
[null,null,7,"7#桥墩防震锚栓"]
[null,null,8,"8#桥墩防震锚栓"]
[null,null,9,"9#桥墩防震锚栓"]
[null,null,10,"10#桥墩防震锚栓"]
[null,null,11,"11#桥墩防震锚栓"]
["1-4-5-2-3-9",null,null,"桥墩挡块、垫石",{"$nulls":5},58893]
[null,"403-4-b",null,"带肋钢筋（HRB400）","kg",776.6,null,null,5.35,4155]
[null,null,1,"1#桥墩挡块",{"$nulls":6},"第三册S4-5-2-1"]
[null,null,2,"2#桥墩挡块",{"$nulls":6},"第三册S4-5-2-1"]
[null,null,3,"3#桥墩挡块",{"$nulls":6},"第三册S4-5-2-1"]
[null,null,4,"4#桥墩挡块",{"$nulls":6},"第三册S4-5-2-1"]
[null,null,5,"5#桥墩挡块",{"$nulls":6},"第三册S4-5-2-1"]
[null,null,6,"6#桥墩挡块",{"$nulls":6},"第三册S4-5-2-1"]
[null,null,7,"7#桥墩挡块",{"$nulls":6},"第三册S4-5-2-1"]
[null,null,8,"8#桥墩挡块",{"$nulls":6},"第三册S4-5-2-1"]
[null,null,9,"9#桥墩挡块",{"$nulls":6},"第三册S4-5-2-1"]
[null,null,10,"10#桥墩挡块",{"$nulls":6},"第三册S4-5-2-1"]
[null,"410-6-c",null,"C30混凝土","m3",1.2,null,null,526.78,632]
[null,null,1,"1#桥墩挡块",{"$nulls":6},"第三册S4-5-2-1"]
[null,null,2,"2#桥墩挡块",{"$nulls":6},"第三册S4-5-2-1"]
[null,null,3,"3#桥墩挡块",{"$nulls":6},"第三册S4-5-2-1"]
[null,null,4,"4#桥墩挡块",{"$nulls":6},"第三册S4-5-2-1"]
[null,null,5,"5#桥墩挡块",{"$nulls":6},"第三册S4-5-2-1"]
[null,null,6,"6#桥墩挡块",{"$nulls":6},"第三册S4-5-2-1"]
[null,null,7,"7#桥墩挡块",{"$nulls":6},"第三册S4-5-2-1"]
[null,null,8,"8#桥墩挡块",{"$nulls":6},"第三册S4-5-2-1"]
[null,null,9,"9#桥墩挡块",{"$nulls":6},"第三册S4-5-2-1"]
[null,null,10,"10#桥墩挡块",{"$nulls":6},"第三册S4-5-2-1"]
["1-4-5-2-3-11",null,null,"桥墩盖梁",{"$nulls":5},585030]
[null,"403-2-b",null,"带肋钢筋（HRB400）","kg",7586.7,null,null,5.44,41272]
[null,"410-2-b",null,"C30混凝土","m3",48,null,null,358.97,17231]
[null,null,1,"1#桥墩盖梁",{"$nulls":6},"第三册S4-4-8"]
[null,null,2,"2#桥墩盖梁",{"$nulls":6},"第三册S4-4-8"]
[null,null,3,"3#桥墩盖梁",{"$nulls":6},"第三册S4-4-8"]
[null,null,4,"4#桥墩盖梁",{"$nulls":6},"第三册S4-4-8"]
[null,null,5,"5#桥墩盖梁",{"$nulls":6},"第三册S4-4-8"]
[null,null,6,"6#桥墩盖梁",{"$nulls":6},"第三册S4-4-8"]
[null,null,7,"7#桥墩盖梁",{"$nulls":6},"第三册S4-4-8"]
[null,null,8,"8#桥墩盖梁",{"$nulls":6},"第三册S4-4-8"]
[null,null,9,"9#桥墩盖梁",{"$nulls":6},"第三册S4-4-8"]
[null,null,10,"10#桥墩盖梁",{"$nulls":6},"第三册S4-4-8"]
["1-4-5-2-4",null,null,"上部构造",{"$nulls":5},5483988]
["1-4-5-2-4-13",null,null,"梁端封锚",{"$nulls":5},35616]
[null,"403-3-a",null,"光圆钢筋（HPB300）","kg",23.82,null,null,5.52,131]
[null,null,1,"0#台梁端封锚钢筋",{"$nulls":5},131,"第三册S4-5-1-10"]
[null,null,2,"11#台梁端封锚钢筋",{"$nulls":5},131,"第三册S4-5-1-10"]
[null,"403-3-b",null,"带肋钢筋（HRB400）","kg",570.81,null,null,5.63,3214]
[null,null,1,"第1跨梁端加强钢筋",{"$nulls":6},"第三册S4-5-1-8"]
[null,null,2,"第2跨梁端加强钢筋",{"$nulls":6},"第三册S4-5-1-8"]
[null,null,3,"第3跨梁端加强钢筋",{"$nulls":6},"第三册S4-5-1-8"]
[null,null,4,"第4跨梁端加强钢筋",{"$nulls":6},"第三册S4-5-1-8"]
[null,null,5,"第5跨梁端加强钢筋",{"$nulls":6},"第三册S4-5-1-8"]
[null,null,6,"第6跨梁端加强钢筋",{"$nulls":6},"第三册S4-5-1-8"]
[null,null,7,"第7跨梁端加强钢筋",{"$nulls":6},"第三册S4-5-1-8"]
[null,null,8,"第8跨梁端加强钢筋",{"$nulls":6},"第三册S4-5-1-8"]
[null,null,9,"第9跨梁端加强钢筋",{"$nulls":6},"第三册S4-5-1-8"]
[null,null,10,"第10跨梁端加强钢筋",{"$nulls":6},"第三册S4-5-1-8"]
[null,null,11,"第11跨梁端加强钢筋",{"$nulls":6},"第三册S4-5-1-8"]
["1-4-5-2-4-14",null,null,"现浇湿接缝",{"$nulls":5},429319]
[null,"403-3-a",null,"光圆钢筋（HPB300）","kg",1016.2,null,null,5.52,5609]
[null,null,1,"第1跨现浇湿接缝",{"$nulls":6},"第三册S4-5-1-11"]
[null,null,2,"第2跨现浇湿接缝",{"$nulls":6},"第三册S4-5-1-12"]
[null,null,3,"第3跨现浇湿接缝",{"$nulls":6},"第三册S4-5-1-13"]
[null,null,4,"第4跨现浇湿接缝",{"$nulls":6},"第三册S4-5-1-14"]
[null,null,5,"第5跨现浇湿接缝",{"$nulls":6},"第三册S4-5-1-15"]
[null,null,6,"第6跨现浇湿接缝",{"$nulls":6},"第三册S4-5-1-16"]
[null,null,7,"第7跨现浇湿接缝",{"$nulls":6},"第三册S4-5-1-17"]
[null,null,8,"第8跨现浇湿接缝",{"$nulls":6},"第三册S4-5-1-18"]
[null,null,9,"第9跨现浇湿接缝",{"$nulls":6},"第三册S4-5-1-19"]
[null,null,10,"第10跨现浇湿接缝",{"$nulls":6},"第三册S4-5-1-20"]
[null,null,11,"第11跨现浇湿接缝",{"$nulls":6},"第三册S4-5-1-21"]
[null,"403-3-b",null,"带肋钢筋（HRB400）","kg",3063.56,null,null,5.63,17248]
[null,null,1,"第1跨现浇湿接缝",{"$nulls":6},"第三册S4-5-1-11"]
[null,null,2,"第2跨现浇湿接缝",{"$nulls":6},"第三册S4-5-1-12"]
[null,null,3,"第3跨现浇湿接缝",{"$nulls":6},"第三册S4-5-1-13"]
[null,null,4,"第4跨现浇湿接缝",{"$nulls":6},"第三册S4-5-1-14"]
[null,null,5,"第5跨现浇湿接缝",{"$nulls":6},"第三册S4-5-1-15"]
[null,null,6,"第6跨现浇湿接缝",{"$nulls":6},"第三册S4-5-1-16"]
[null,null,7,"第7跨现浇湿接缝",{"$nulls":6},"第三册S4-5-1-17"]
[null,null,8,"第8跨现浇湿接缝",{"$nulls":6},"第三册S4-5-1-18"]
[null,null,9,"第9跨现浇湿接缝",{"$nulls":6},"第三册S4-5-1-19"]
[null,null,10,"第10跨现浇湿接缝",{"$nulls":6},"第三册S4-5-1-20"]
[null,null,11,"第11跨现浇湿接缝",{"$nulls":6},"第三册S4-5-1-21"]
[null,"411-7-a",null,"C50混凝土","m3",15.9,null,null,1017.08,16172]
[null,null,1,"第1跨现浇湿接缝",{"$nulls":6},"第三册S4-5-1-11"]
[null,null,2,"第2跨现浇湿接缝",{"$nulls":6},"第三册S4-5-1-12"]
[null,null,3,"第3跨现浇湿接缝",{"$nulls":6},"第三册S4-5-1-13"]
[null,null,4,"第4跨现浇湿接缝",{"$nulls":6},"第三册S4-5-1-14"]
[null,null,5,"第5跨现浇湿接缝",{"$nulls":6},"第三册S4-5-1-15"]
[null,null,6,"第6跨现浇湿接缝",{"$nulls":6},"第三册S4-5-1-16"]
[null,null,7,"第7跨现浇湿接缝",{"$nulls":6},"第三册S4-5-1-17"]
[null,null,8,"第8跨现浇湿接缝",{"$nulls":6},"第三册S4-5-1-18"]
[null,null,9,"第9跨现浇湿接缝",{"$nulls":6},"第三册S4-5-1-19"]
[null,null,10,"第10跨现浇湿接缝",{"$nulls":6},"第三册S4-5-1-20"]
[null,null,11,"第11跨现浇湿接缝",{"$nulls":6},"第三册S4-5-1-21"]
["1-4-5-2-4-15",null,null,"端横梁",{"$nulls":5},7554]
[null,"403-3-a",null,"光圆钢筋（HPB300）","kg",256.84,null,null,5.52,1418]
[null,null,1,"0#桥台端横梁",{"$nulls":5},3777,"第三册S4-5-1-12"]
[null,null,2,"11#桥台端横梁",{"$nulls":5},3777,"第三册S4-5-1-12"]
[null,"403-3-b",null,"带肋钢筋（HRB400）","kg",310.67,null,null,5.63,1749]
[null,null,1,"0#桥台端横梁",{"$nulls":5},3777,"第三册S4-5-1-12"]
[null,null,2,"11#桥台端横梁",{"$nulls":5},3777,"第三册S4-5-1-12"]
[null,"411-7-a",null,"C50混凝土","m3",0.6,null,null,1017.08,610]
[null,null,1,"0#桥台端横梁",{"$nulls":5},3777,"第三册S4-5-1-12"]
[null,null,2,"11#桥台端横梁",{"$nulls":5},3777,"第三册S4-5-1-12"]
["1-4-5-2-4-16",null,null,"中横梁",{"$nulls":5},142570]
[null,"403-3-a",null,"光圆钢筋（HPB300）","kg",226.94,null,null,5.52,1253]
[null,null,1,"1#桥墩中横梁",{"$nulls":6},"第三册S4-5-1-13"]
[null,null,2,"2#桥墩中横梁",{"$nulls":6},"第三册S4-5-1-13"]
[null,null,3,"3#桥墩中横梁",{"$nulls":6},"第三册S4-5-1-13"]
[null,null,4,"4#桥墩中横梁",{"$nulls":6},"第三册S4-5-1-13"]
[null,null,5,"5#桥墩中横梁",{"$nulls":6},"第三册S4-5-1-13"]
[null,null,6,"6#桥墩中横梁",{"$nulls":6},"第三册S4-5-1-13"]
[null,null,7,"7#桥墩中横梁",{"$nulls":6},"第三册S4-5-1-13"]
[null,null,8,"8#桥墩中横梁",{"$nulls":6},"第三册S4-5-1-13"]
[null,null,9,"9#桥墩中横梁",{"$nulls":6},"第三册S4-5-1-13"]
[null,null,10,"10#桥墩中横梁",{"$nulls":6},"第三册S4-5-1-13"]
[null,"403-3-b",null,"带肋钢筋（HRB400）","kg",702.01,null,null,5.63,3952]
[null,null,1,"1#桥墩中横梁",{"$nulls":6},"第三册S4-5-1-13"]
[null,null,2,"2#桥墩中横梁",{"$nulls":6},"第三册S4-5-1-13"]
[null,null,3,"3#桥墩中横梁",{"$nulls":6},"第三册S4-5-1-13"]
[null,null,4,"4#桥墩中横梁",{"$nulls":6},"第三册S4-5-1-13"]
[null,null,5,"5#桥墩中横梁",{"$nulls":6},"第三册S4-5-1-13"]
[null,null,6,"6#桥墩中横梁",{"$nulls":6},"第三册S4-5-1-13"]
[null,null,7,"7#桥墩中横梁",{"$nulls":6},"第三册S4-5-1-13"]
[null,null,8,"8#桥墩中横梁",{"$nulls":6},"第三册S4-5-1-13"]
[null,null,9,"9#桥墩中横梁",{"$nulls":6},"第三册S4-5-1-13"]
[null,null,10,"10#桥墩中横梁",{"$nulls":6},"第三册S4-5-1-13"]
[null,"411-7-a",null,"C50混凝土","m3",8.9,null,null,1017.08,9052]
[null,null,1,"1#桥墩中横梁",{"$nulls":6},"第三册S4-5-1-13"]
[null,null,2,"2#桥墩中横梁",{"$nulls":6},"第三册S4-5-1-13"]
[null,null,3,"3#桥墩中横梁",{"$nulls":6},"第三册S4-5-1-13"]
[null,null,4,"4#桥墩中横梁",{"$nulls":6},"第三册S4-5-1-13"]
[null,null,5,"5#桥墩中横梁",{"$nulls":6},"第三册S4-5-1-13"]
[null,null,6,"6#桥墩中横梁",{"$nulls":6},"第三册S4-5-1-13"]
[null,null,7,"7#桥墩中横梁",{"$nulls":6},"第三册S4-5-1-13"]
[null,null,8,"8#桥墩中横梁",{"$nulls":6},"第三册S4-5-1-13"]
[null,null,9,"9#桥墩中横梁",{"$nulls":6},"第三册S4-5-1-13"]
[null,null,10,"10#桥墩中横梁",{"$nulls":6},"第三册S4-5-1-13"]
["1-4-5-2-4-17",null,null,"跨中横隔板",{"$nulls":5},90937]
[null,"403-3-a",null,"光圆钢筋（HPB300）","kg",270.54,null,null,5.52,1493]
[null,null,1,"第1跨跨中横隔板",{"$nulls":6},"第三册S4-5-1-14"]
[null,null,2,"第2跨跨中横隔板",{"$nulls":6},"第三册S4-5-1-14"]
[null,null,3,"第3跨跨中横隔板",{"$nulls":6},"第三册S4-5-1-14"]
[null,null,4,"第4跨跨中横隔板",{"$nulls":6},"第三册S4-5-1-14"]
[null,null,5,"第5跨跨中横隔板",{"$nulls":6},"第三册S4-5-1-14"]
[null,null,6,"第6跨跨中横隔板",{"$nulls":6},"第三册S4-5-1-14"]
[null,null,7,"第7跨跨中横隔板",{"$nulls":6},"第三册S4-5-1-14"]
[null,null,8,"第8跨跨中横隔板",{"$nulls":6},"第三册S4-5-1-14"]
[null,null,9,"第9跨跨中横隔板",{"$nulls":6},"第三册S4-5-1-14"]
[null,null,10,"第10跨跨中横隔板",{"$nulls":6},"第三册S4-5-1-14"]
[null,null,11,"第11跨跨中横隔板",{"$nulls":6},"第三册S4-5-1-14"]
[null,"403-3-b",null,"带肋钢筋（HRB400）","kg",1089.3,null,null,5.63,6133]
[null,null,1,"第1跨跨中横隔板",{"$nulls":6},"第三册S4-5-1-14"]
[null,null,2,"第2跨跨中横隔板",{"$nulls":6},"第三册S4-5-1-14"]
[null,null,3,"第3跨跨中横隔板",{"$nulls":6},"第三册S4-5-1-14"]
[null,null,4,"第4跨跨中横隔板",{"$nulls":6},"第三册S4-5-1-14"]
[null,null,5,"第5跨跨中横隔板",{"$nulls":6},"第三册S4-5-1-14"]
[null,null,6,"第6跨跨中横隔板",{"$nulls":6},"第三册S4-5-1-14"]
[null,null,7,"第7跨跨中横隔板",{"$nulls":6},"第三册S4-5-1-14"]
[null,null,8,"第8跨跨中横隔板",{"$nulls":6},"第三册S4-5-1-14"]
[null,null,9,"第9跨跨中横隔板",{"$nulls":6},"第三册S4-5-1-14"]
[null,null,10,"第10跨跨中横隔板",{"$nulls":6},"第三册S4-5-1-14"]
[null,null,11,"第11跨跨中横隔板",{"$nulls":6},"第三册S4-5-1-14"]
[null,"411-7-a",null,"C50混凝土","m3",0.63,null,null,1017.08,641]
[null,null,1,"第1跨跨中横隔板",{"$nulls":6},"第三册S4-5-1-14"]
[null,null,2,"第2跨跨中横隔板",{"$nulls":6},"第三册S4-5-1-14"]
[null,null,3,"第3跨跨中横隔板",{"$nulls":6},"第三册S4-5-1-14"]
[null,null,4,"第4跨跨中横隔板",{"$nulls":6},"第三册S4-5-1-14"]
[null,null,5,"第5跨跨中横隔板",{"$nulls":6},"第三册S4-5-1-14"]
[null,null,6,"第6跨跨中横隔板",{"$nulls":6},"第三册S4-5-1-14"]
[null,null,7,"第7跨跨中横隔板",{"$nulls":6},"第三册S4-5-1-14"]
[null,null,8,"第8跨跨中横隔板",{"$nulls":6},"第三册S4-5-1-14"]
[null,null,9,"第9跨跨中横隔板",{"$nulls":6},"第三册S4-5-1-14"]
[null,null,10,"第10跨跨中横隔板",{"$nulls":6},"第三册S4-5-1-14"]
[null,null,11,"第11跨跨中横隔板",{"$nulls":6},"第三册S4-5-1-14"]
["1-4-5-2-4-18",null,null,"预制堵头板",{"$nulls":5},22550]
[null,"403-3-a",null,"光圆钢筋（HPB300）","kg",109.3,null,null,5.52,603]
[null,null,1,"第1跨预制堵头板",{"$nulls":6},"第三册S4-5-1-15"]
[null,null,2,"第2跨预制堵头板",{"$nulls":6},"第三册S4-5-1-15"]
[null,null,3,"第3跨预制堵头板",{"$nulls":6},"第三册S4-5-1-15"]
[null,null,4,"第4跨预制堵头板",{"$nulls":6},"第三册S4-5-1-15"]
[null,null,5,"第5跨预制堵头板",{"$nulls":6},"第三册S4-5-1-15"]
[null,null,6,"第6跨预制堵头板",{"$nulls":6},"第三册S4-5-1-15"]
[null,null,7,"第7跨预制堵头板",{"$nulls":6},"第三册S4-5-1-15"]
[null,null,8,"第8跨预制堵头板",{"$nulls":6},"第三册S4-5-1-15"]
[null,null,9,"第9跨预制堵头板",{"$nulls":6},"第三册S4-5-1-15"]
[null,null,10,"第10跨预制堵头板",{"$nulls":6},"第三册S4-5-1-15"]
[null,null,11,"第11跨预制堵头板",{"$nulls":6},"第三册S4-5-1-15"]
[null,"411-8-a",null,"C50混凝土","m3",0.99,null,null,1461.17,1447]
[null,null,1,"第1跨预制堵头板",{"$nulls":6},"第三册S4-5-1-15"]
[null,null,2,"第2跨预制堵头板",{"$nulls":6},"第三册S4-5-1-15"]
[null,null,3,"第3跨预制堵头板",{"$nulls":6},"第三册S4-5-1-15"]
[null,null,4,"第4跨预制堵头板",{"$nulls":6},"第三册S4-5-1-15"]
[null,null,5,"第5跨预制堵头板",{"$nulls":6},"第三册S4-5-1-15"]
[null,null,6,"第6跨预制堵头板",{"$nulls":6},"第三册S4-5-1-15"]
[null,null,7,"第7跨预制堵头板",{"$nulls":6},"第三册S4-5-1-15"]
[null,null,8,"第8跨预制堵头板",{"$nulls":6},"第三册S4-5-1-15"]
[null,null,9,"第9跨预制堵头板",{"$nulls":6},"第三册S4-5-1-15"]
[null,null,10,"第10跨预制堵头板",{"$nulls":6},"第三册S4-5-1-15"]
[null,null,11,"第11跨预制堵头板",{"$nulls":6},"第三册S4-5-1-15"]
["1-4-5-2-4-19",null,null,"预制箱梁",{"$nulls":5},3871298]
["1-4-5-2-4-19-1",null,null," 1-1边跨边梁",{"$nulls":5},92772,"第三册S4-5-1-7"]
[null,"403-3-a",null,"光圆钢筋（HPB300）","kg",1470,null,null,5.52,8114]
[null,null,1," 1-2边跨中梁",{"$nulls":5},83507,"第三册S4-5-1-7"]
[null,null,2," 1-3边跨中梁",{"$nulls":5},83507,"第三册S4-5-1-7"]
[null,null,3," 1-4边跨边梁",{"$nulls":5},92772,"第三册S4-5-1-7"]
[null,null,4,"2-1中跨边梁",{"$nulls":5},92769,"第三册S4-5-1-7"]
[null,null,5,"2-2中跨中梁",{"$nulls":5},83130,"第三册S4-5-1-7"]
[null,null,6,"2-3中跨中梁",{"$nulls":5},83130,"第三册S4-5-1-7"]
[null,null,7,"2-4中跨边梁",{"$nulls":5},92769,"第三册S4-5-1-7"]
[null,null,8,"3-1中跨边梁",{"$nulls":5},92769,"第三册S4-5-1-7"]
[null,null,9,"3-2中跨中梁",{"$nulls":5},83130,"第三册S4-5-1-7"]
[null,null,10,"3-3中跨中梁",{"$nulls":5},83130,"第三册S4-5-1-7"]
[null,null,11,"3-4中跨边梁",{"$nulls":5},92769,"第三册S4-5-1-7"]
[null,null,12,"4-1中跨边梁",{"$nulls":5},92769,"第三册S4-5-1-7"]
[null,null,13,"4-2中跨中梁",{"$nulls":5},83130,"第三册S4-5-1-7"]
[null,null,14,"4-3中跨中梁",{"$nulls":5},83130,"第三册S4-5-1-7"]
[null,null,15,"4-4中跨边梁",{"$nulls":5},92769,"第三册S4-5-1-7"]
[null,null,16,"5-1中跨边梁",{"$nulls":5},92769,"第三册S4-5-1-7"]
[null,null,17,"5-2中跨中梁",{"$nulls":5},83130,"第三册S4-5-1-7"]
[null,null,18,"5-3中跨中梁",{"$nulls":5},83130,"第三册S4-5-1-7"]
[null,null,19,"5-4中跨边梁",{"$nulls":5},92769,"第三册S4-5-1-7"]
[null,null,20,"6-1中跨边梁",{"$nulls":5},92769,"第三册S4-5-1-7"]
[null,null,21,"6-2中跨中梁",{"$nulls":5},83130,"第三册S4-5-1-7"]
[null,null,22,"6-3中跨中梁",{"$nulls":5},83130,"第三册S4-5-1-7"]
[null,null,23,"6-4中跨边梁",{"$nulls":5},92769,"第三册S4-5-1-7"]
[null,null,24,"7-1中跨边梁",{"$nulls":5},92769,"第三册S4-5-1-7"]
[null,null,25,"7-2中跨中梁",{"$nulls":5},83130,"第三册S4-5-1-7"]
[null,null,26,"7-3中跨中梁",{"$nulls":5},83130,"第三册S4-5-1-7"]
[null,null,27,"7-4中跨边梁",{"$nulls":5},92769,"第三册S4-5-1-7"]
[null,null,28,"8-1中跨边梁",{"$nulls":5},92769,"第三册S4-5-1-7"]
[null,null,29,"8-2中跨中梁",{"$nulls":5},83130,"第三册S4-5-1-7"]
[null,null,30,"8-3中跨中梁",{"$nulls":5},83130,"第三册S4-5-1-7"]
[null,null,31,"8-4中跨边梁",{"$nulls":5},92769,"第三册S4-5-1-7"]
[null,null,32,"9-1中跨边梁",{"$nulls":5},92769,"第三册S4-5-1-7"]
[null,null,33,"9-2中跨中梁",{"$nulls":5},83130,"第三册S4-5-1-7"]
[null,null,34,"9-3中跨中梁",{"$nulls":5},83130,"第三册S4-5-1-7"]
[null,null,35,"9-4中跨边梁",{"$nulls":5},92769,"第三册S4-5-1-7"]
[null,null,36,"10-1中跨边梁",{"$nulls":5},92769,"第三册S4-5-1-7"]
[null,null,37,"10-2中跨中梁",{"$nulls":5},83130,"第三册S4-5-1-7"]
[null,null,38,"10-3中跨中梁",{"$nulls":5},83130,"第三册S4-5-1-7"]
[null,null,39,"10-4中跨边梁",{"$nulls":5},92769,"第三册S4-5-1-7"]
[null,null,40,"11-1边跨边梁",{"$nulls":5},92772,"第三册S4-5-1-7"]
[null,null,41,"11-2边跨中梁",{"$nulls":5},83507,"第三册S4-5-1-7"]
[null,null,42,"11-3边跨中梁",{"$nulls":5},83507,"第三册S4-5-1-7"]
[null,null,43,"11-4边跨边梁",{"$nulls":5},92772,"第三册S4-5-1-7"]
[null,"403-3-b",null,"带肋钢筋（HRB400）","kg",5616,null,null,5.63,31618]
[null,null,1," 1-2边跨中梁",{"$nulls":5},83507,"第三册S4-5-1-7"]
[null,null,2," 1-3边跨中梁",{"$nulls":5},83507,"第三册S4-5-1-7"]
[null,null,3," 1-4边跨边梁",{"$nulls":5},92772,"第三册S4-5-1-7"]
[null,null,4,"2-1中跨边梁",{"$nulls":5},92769,"第三册S4-5-1-7"]
[null,null,5,"2-2中跨中梁",{"$nulls":5},83130,"第三册S4-5-1-7"]
[null,null,6,"2-3中跨中梁",{"$nulls":5},83130,"第三册S4-5-1-7"]
[null,null,7,"2-4中跨边梁",{"$nulls":5},92769,"第三册S4-5-1-7"]
[null,null,8,"3-1中跨边梁",{"$nulls":5},92769,"第三册S4-5-1-7"]
[null,null,9,"3-2中跨中梁",{"$nulls":5},83130,"第三册S4-5-1-7"]
[null,null,10,"3-3中跨中梁",{"$nulls":5},83130,"第三册S4-5-1-7"]
[null,null,11,"3-4中跨边梁",{"$nulls":5},92769,"第三册S4-5-1-7"]
[null,null,12,"4-1中跨边梁",{"$nulls":5},92769,"第三册S4-5-1-7"]
[null,null,13,"4-2中跨中梁",{"$nulls":5},83130,"第三册S4-5-1-7"]
[null,null,14,"4-3中跨中梁",{"$nulls":5},83130,"第三册S4-5-1-7"]
[null,null,15,"4-4中跨边梁",{"$nulls":5},92769,"第三册S4-5-1-7"]
[null,null,16,"5-1中跨边梁",{"$nulls":5},92769,"第三册S4-5-1-7"]
[null,null,17,"5-2中跨中梁",{"$nulls":5},83130,"第三册S4-5-1-7"]
[null,null,18,"5-3中跨中梁",{"$nulls":5},83130,"第三册S4-5-1-7"]
[null,null,19,"5-4中跨边梁",{"$nulls":5},92769,"第三册S4-5-1-7"]
[null,null,20,"6-1中跨边梁",{"$nulls":5},92769,"第三册S4-5-1-7"]
[null,null,21,"6-2中跨中梁",{"$nulls":5},83130,"第三册S4-5-1-7"]
[null,null,22,"6-3中跨中梁",{"$nulls":5},83130,"第三册S4-5-1-7"]
[null,null,23,"6-4中跨边梁",{"$nulls":5},92769,"第三册S4-5-1-7"]
[null,null,24,"7-1中跨边梁",{"$nulls":5},92769,"第三册S4-5-1-7"]
[null,null,25,"7-2中跨中梁",{"$nulls":5},83130,"第三册S4-5-1-7"]
[null,null,26,"7-3中跨中梁",{"$nulls":5},83130,"第三册S4-5-1-7"]
[null,null,27,"7-4中跨边梁",{"$nulls":5},92769,"第三册S4-5-1-7"]
[null,null,28,"8-1中跨边梁",{"$nulls":5},92769,"第三册S4-5-1-7"]
[null,null,29,"8-2中跨中梁",{"$nulls":5},83130,"第三册S4-5-1-7"]
[null,null,30,"8-3中跨中梁",{"$nulls":5},83130,"第三册S4-5-1-7"]
[null,null,31,"8-4中跨边梁",{"$nulls":5},92769,"第三册S4-5-1-7"]
[null,null,32,"9-1中跨边梁",{"$nulls":5},92769,"第三册S4-5-1-7"]
[null,null,33,"9-2中跨中梁",{"$nulls":5},83130,"第三册S4-5-1-7"]
[null,null,34,"9-3中跨中梁",{"$nulls":5},83130,"第三册S4-5-1-7"]
[null,null,35,"9-4中跨边梁",{"$nulls":5},92769,"第三册S4-5-1-7"]
[null,null,36,"10-1中跨边梁",{"$nulls":5},92769,"第三册S4-5-1-7"]
[null,null,37,"10-2中跨中梁",{"$nulls":5},83130,"第三册S4-5-1-7"]
[null,null,38,"10-3中跨中梁",{"$nulls":5},83130,"第三册S4-5-1-7"]
[null,null,39,"10-4中跨边梁",{"$nulls":5},92769,"第三册S4-5-1-7"]
[null,null,40,"11-1边跨边梁",{"$nulls":5},92772,"第三册S4-5-1-7"]
[null,null,41,"11-2边跨中梁",{"$nulls":5},83507,"第三册S4-5-1-7"]
[null,null,42,"11-3边跨中梁",{"$nulls":5},83507,"第三册S4-5-1-7"]
[null,null,43,"11-4边跨边梁",{"$nulls":5},92772,"第三册S4-5-1-7"]
[null,"411-8-a",null,"C50混凝土","m3",36.3,null,null,1461.17,53040]
[null,null,1," 1-2边跨中梁",{"$nulls":5},83507,"第三册S4-5-1-7"]
[null,null,2," 1-3边跨中梁",{"$nulls":5},83507,"第三册S4-5-1-7"]
[null,null,3," 1-4边跨边梁",{"$nulls":5},92772,"第三册S4-5-1-7"]
[null,null,4,"2-1中跨边梁",{"$nulls":5},92769,"第三册S4-5-1-7"]
[null,null,5,"2-2中跨中梁",{"$nulls":5},83130,"第三册S4-5-1-7"]
[null,null,6,"2-3中跨中梁",{"$nulls":5},83130,"第三册S4-5-1-7"]
[null,null,7,"2-4中跨边梁",{"$nulls":5},92769,"第三册S4-5-1-7"]
[null,null,8,"3-1中跨边梁",{"$nulls":5},92769,"第三册S4-5-1-7"]
[null,null,9,"3-2中跨中梁",{"$nulls":5},83130,"第三册S4-5-1-7"]
[null,null,10,"3-3中跨中梁",{"$nulls":5},83130,"第三册S4-5-1-7"]
[null,null,11,"3-4中跨边梁",{"$nulls":5},92769,"第三册S4-5-1-7"]
[null,null,12,"4-1中跨边梁",{"$nulls":5},92769,"第三册S4-5-1-7"]
[null,null,13,"4-2中跨中梁",{"$nulls":5},83130,"第三册S4-5-1-7"]
[null,null,14,"4-3中跨中梁",{"$nulls":5},83130,"第三册S4-5-1-7"]
[null,null,15,"4-4中跨边梁",{"$nulls":5},92769,"第三册S4-5-1-7"]
[null,null,16,"5-1中跨边梁",{"$nulls":5},92769,"第三册S4-5-1-7"]
[null,null,17,"5-2中跨中梁",{"$nulls":5},83130,"第三册S4-5-1-7"]
[null,null,18,"5-3中跨中梁",{"$nulls":5},83130,"第三册S4-5-1-7"]
[null,null,19,"5-4中跨边梁",{"$nulls":5},92769,"第三册S4-5-1-7"]
[null,null,20,"6-1中跨边梁",{"$nulls":5},92769,"第三册S4-5-1-7"]
[null,null,21,"6-2中跨中梁",{"$nulls":5},83130,"第三册S4-5-1-7"]
[null,null,22,"6-3中跨中梁",{"$nulls":5},83130,"第三册S4-5-1-7"]
[null,null,23,"6-4中跨边梁",{"$nulls":5},92769,"第三册S4-5-1-7"]
[null,null,24,"7-1中跨边梁",{"$nulls":5},92769,"第三册S4-5-1-7"]
[null,null,25,"7-2中跨中梁",{"$nulls":5},83130,"第三册S4-5-1-7"]
[null,null,26,"7-3中跨中梁",{"$nulls":5},83130,"第三册S4-5-1-7"]
[null,null,27,"7-4中跨边梁",{"$nulls":5},92769,"第三册S4-5-1-7"]
[null,null,28,"8-1中跨边梁",{"$nulls":5},92769,"第三册S4-5-1-7"]
[null,null,29,"8-2中跨中梁",{"$nulls":5},83130,"第三册S4-5-1-7"]
[null,null,30,"8-3中跨中梁",{"$nulls":5},83130,"第三册S4-5-1-7"]
[null,null,31,"8-4中跨边梁",{"$nulls":5},92769,"第三册S4-5-1-7"]
[null,null,32,"9-1中跨边梁",{"$nulls":5},92769,"第三册S4-5-1-7"]
[null,null,33,"9-2中跨中梁",{"$nulls":5},83130,"第三册S4-5-1-7"]
[null,null,34,"9-3中跨中梁",{"$nulls":5},83130,"第三册S4-5-1-7"]
[null,null,35,"9-4中跨边梁",{"$nulls":5},92769,"第三册S4-5-1-7"]
[null,null,36,"10-1中跨边梁",{"$nulls":5},92769,"第三册S4-5-1-7"]
[null,null,37,"10-2中跨中梁",{"$nulls":5},83130,"第三册S4-5-1-7"]
[null,null,38,"10-3中跨中梁",{"$nulls":5},83130,"第三册S4-5-1-7"]
[null,null,39,"10-4中跨边梁",{"$nulls":5},92769,"第三册S4-5-1-7"]
[null,null,40,"11-1边跨边梁",{"$nulls":5},92772,"第三册S4-5-1-7"]
[null,null,41,"11-2边跨中梁",{"$nulls":5},83507,"第三册S4-5-1-7"]
[null,null,42,"11-3边跨中梁",{"$nulls":5},83507,"第三册S4-5-1-7"]
[null,null,43,"11-4边跨边梁",{"$nulls":5},92772,"第三册S4-5-1-7"]
["1-4-5-2-4-20",null,null,"负弯距区钢束槽口封口",{"$nulls":5},139843]
[null,"403-3-b",null,"带肋钢筋（HRB400）","kg",1463.16,null,null,5.63,8238]
[null,null,1,"第1跨负弯距区钢束槽口封口",{"$nulls":5},12713,"第三册S4-5-1-9"]
[null,null,2,"第2跨负弯距区钢束槽口封口",{"$nulls":5},12713,"第三册S4-5-1-9"]
[null,null,3,"第3跨负弯距区钢束槽口封口",{"$nulls":5},12713,"第三册S4-5-1-9"]
[null,null,4,"第4跨负弯距区钢束槽口封口",{"$nulls":5},12713,"第三册S4-5-1-9"]
[null,null,5,"第5跨负弯距区钢束槽口封口",{"$nulls":5},12713,"第三册S4-5-1-9"]
[null,null,6,"第6跨负弯距区钢束槽口封口",{"$nulls":5},12713,"第三册S4-5-1-9"]
[null,null,7,"第7跨负弯距区钢束槽口封口",{"$nulls":5},12713,"第三册S4-5-1-9"]
[null,null,8,"第8跨负弯距区钢束槽口封口",{"$nulls":5},12713,"第三册S4-5-1-9"]
[null,null,9,"第9跨负弯距区钢束槽口封口",{"$nulls":5},12713,"第三册S4-5-1-9"]
[null,null,10,"第10跨负弯距区钢束槽口封口",{"$nulls":5},12713,"第三册S4-5-1-9"]
[null,null,11,"第11跨负弯距区钢束槽口封口",{"$nulls":5},12713,"第三册S4-5-1-9"]
[null,"411-7-a",null,"C50混凝土","m3",4.4,null,null,1017.08,4475]
[null,null,1,"第1跨负弯距区钢束槽口封口",{"$nulls":5},12713,"第三册S4-5-1-9"]
[null,null,2,"第2跨负弯距区钢束槽口封口",{"$nulls":5},12713,"第三册S4-5-1-9"]
[null,null,3,"第3跨负弯距区钢束槽口封口",{"$nulls":5},12713,"第三册S4-5-1-9"]
[null,null,4,"第4跨负弯距区钢束槽口封口",{"$nulls":5},12713,"第三册S4-5-1-9"]
[null,null,5,"第5跨负弯距区钢束槽口封口",{"$nulls":5},12713,"第三册S4-5-1-9"]
[null,null,6,"第6跨负弯距区钢束槽口封口",{"$nulls":5},12713,"第三册S4-5-1-9"]
[null,null,7,"第7跨负弯距区钢束槽口封口",{"$nulls":5},12713,"第三册S4-5-1-9"]
[null,null,8,"第8跨负弯距区钢束槽口封口",{"$nulls":5},12713,"第三册S4-5-1-9"]
[null,null,9,"第9跨负弯距区钢束槽口封口",{"$nulls":5},12713,"第三册S4-5-1-9"]
[null,null,10,"第10跨负弯距区钢束槽口封口",{"$nulls":5},12713,"第三册S4-5-1-9"]
[null,null,11,"第11跨负弯距区钢束槽口封口",{"$nulls":5},12713,"第三册S4-5-1-9"]
["1-4-5-2-4-21",null,null,"预应力钢束",{"$nulls":5},744301]
[null,"411-5",null,"后张法预应力钢绞线","kg",4900,null,null,11.88,58212]
[null,null,1,"第1跨正弯矩预应力钢束",{"$nulls":5},58212,"第三册S4-5-1-5"]
[null,null,2,"第1跨负弯矩预应力钢束",{"$nulls":5},8150,"第三册S4-5-1-6"]
[null,null,3,"第2跨正弯矩预应力钢束",{"$nulls":5},51654,"第三册S4-5-1-5"]
[null,null,4,"第2跨负弯矩预应力钢束",{"$nulls":5},16299,"第三册S4-5-1-6"]
[null,null,5,"第3跨正弯矩预应力钢束",{"$nulls":5},51654,"第三册S4-5-1-5"]
[null,null,6,"第3跨负弯矩预应力钢束",{"$nulls":5},16299,"第三册S4-5-1-6"]
[null,null,7,"第4跨正弯矩预应力钢束",{"$nulls":5},51654,"第三册S4-5-1-5"]
[null,null,8,"第4跨负弯矩预应力钢束",{"$nulls":5},16299,"第三册S4-5-1-6"]
[null,null,9,"第5跨正弯矩预应力钢束",{"$nulls":5},51654,"第三册S4-5-1-5"]
[null,null,10,"第5跨负弯矩预应力钢束",{"$nulls":5},16299,"第三册S4-5-1-6"]
[null,null,11,"第6跨正弯矩预应力钢束",{"$nulls":5},51654,"第三册S4-5-1-5"]
[null,null,12,"第6跨负弯矩预应力钢束",{"$nulls":5},16299,"第三册S4-5-1-6"]
[null,null,13,"第7跨正弯矩预应力钢束",{"$nulls":5},51654,"第三册S4-5-1-5"]
[null,null,14,"第7跨负弯矩预应力钢束",{"$nulls":5},16299,"第三册S4-5-1-6"]
[null,null,15,"第8跨正弯矩预应力钢束",{"$nulls":5},51654,"第三册S4-5-1-5"]
[null,null,16,"第8跨负弯矩预应力钢束",{"$nulls":5},16299,"第三册S4-5-1-6"]
[null,null,17,"第9跨正弯矩预应力钢束",{"$nulls":5},51654,"第三册S4-5-1-5"]
[null,null,18,"第9跨负弯矩预应力钢束",{"$nulls":5},16299,"第三册S4-5-1-6"]
[null,null,19,"第10跨正弯矩预应力钢束",{"$nulls":5},51654,"第三册S4-5-1-5"]
[null,null,20,"第10跨负弯矩预应力钢束",{"$nulls":5},16299,"第三册S4-5-1-6"]
[null,null,21,"第11跨正弯矩预应力钢束",{"$nulls":5},58212,"第三册S4-5-1-5"]
[null,null,22,"第11跨负弯矩预应力钢束",{"$nulls":5},8150,"第三册S4-5-1-6"]
["1-4-5-2-23",null,null,"附属结构",{"$nulls":5},107902]
["1-4-5-2-23-1",null,null,"桥头搭板"]
[null,"403-4-a",null,"光圆钢筋（HPB300）","kg",61.37,null,null,5.02,308,"第三册S4-5-3-4"]
[null,null,1,"0#台桥头搭板",{"$nulls":5},33310]
[null,null,2,"11#台桥头搭板",{"$nulls":5},33310]
[null,"403-4-b",null,"带肋钢筋（HRB400）","kg",3135.85,null,null,5.35,16777,"第三册S4-5-3-5"]
[null,null,1,"0#台桥头搭板",{"$nulls":5},33310]
[null,null,2,"11#台桥头搭板",{"$nulls":5},33310]
[null,"410-6-c",null,"C30混凝土","m3",30.8,null,null,526.78,16225,"第三册S4-5-3-5"]
[null,null,1,"0#台桥头搭板",{"$nulls":5},33310]
[null,null,2,"11#台桥头搭板",{"$nulls":5},33310]
["1-4-5-2-23-3",null,null,"0#桥台锥坡、护坡",{"$nulls":5},919,"第三册S4-4-21"]
[null,"413-1-a",null,"M7.5浆砌片石","m3",7.26,null,null,126.53,919]
[null,null,1,"0#桥台锥坡、护坡",{"$nulls":5},919,"第三册S4-4-21"]
[null,null,2,"11#桥台锥坡、护坡",{"$nulls":5},1374,"第三册S4-4-21"]
["1-4-5-2-23-4",null,null,"0#桥台踏步",{"$nulls":5},124,"第三册S4-4-21"]
[null,"413-1-a",null,"M7.5浆砌片石","m3",0.98,null,null,126.53,124]
[null,null,1,"11#桥台踏步",{"$nulls":5},1015,"第三册S4-4-21"]
[null,null,2,"11#桥台踏步",{"$nulls":5},1015,"第三册S4-4-21"]
["1-4-5-2-23-5",null,null,"减震橡胶块",{"$nulls":5},12800,"第三册S4-5-1-4"]
[null,"417-5-a",null,"20cm×20cm×3cm","块",32,null,null,400,12800]
["1-4-5-2-23-6",null,null,"挖土方",{"$nulls":5},25050]
["1-4-5-2-23-6-1",null,null,"0#桥台基坑挖土方",{"$nulls":5},25050,"第三册S4-4-12"]
[null,"404-1",null,"干处挖土方","m3",967.2,null,null,25.9,25050]
["1-5",null,null,"建安工程其他费用","处"]
["1-6",null,null,"其他建安工程","km/座"]
["1-7",null,null,"计日工","公路公里"]
["1-8",null,null,"劳务","公路公里"]
["1-9",null,null,"材料","公路公里/m2"]
["1-10",null,null,"机械","公路公里"]
["1-10-1",null,null,"第二部分 设备及工具、器具购置费","项"]
["1-10-1-1",null,null,"第三部分 工程建设其他费用","项"]
["1-10-1-1-1",null,null,"土地征用及拆迁补偿费","项"]
["1-10-1-1-2",null,null,"土地征用补偿费","项"]
["1-10-1-1-3",null,null,"主线、互通工程","项"]
["2",null,null,"主线","公路公里"]
["3",null,null,"互通","公路公里"]
["3-1",null,null,"管理、养护设施","公路公里"]
["3-1-1",null,null,"连接线工程","亩"]
["3-1-1-1",null,null,"拆迁补偿费","亩"]
["3-1-1-1-1",null,null,"主线、互通工程","亩"]
["3-1-1-1-2",null,null,"主线","亩"]
["3-1-1-2",null,null,"互通","亩"]
["3-1-1-3",null,null,"管理、养护设施","亩"]
["3-1-2",null,null,"连接线工程","公路公里"]
["3-1-2-1",null,null,"临时用地费","公路公里"]
["3-1-2-1-1",null,null,"建设项目管理费","公路公里"]
["3-1-2-1-2",null,null,"建设单位（业主）管理费","公路公里"]
["3-1-2-2",null,null,"工程监理费","公路公里"]
["3-1-2-3",null,null,"设计文件审查费","公路公里"]
["3-1-3",null,null,"竣（交）工验收试验检测费","亩"]
["3-2",null,null,"研究试验费","公路公里"]
["3-2-1",null,null,"建设项目前期工作费","公路公里"]
["3-2-2",null,null,"“预可、工可”编制费","公路公里"]
["3-2-3",null,null,"勘察设计费","公路公里"]
["3-2-4",null,null,"招标文件及标底编制费","公路公里"]
["3-3",null,null,"专项评价（估）费","公路公里"]
["3-4",null,null,"施工机构迁移费","公路公里"]
["3-4-1",null,null,"供电贴费","公路公里"]
["3-4-2",null,null,"联合试运转费","公路公里"]
["3-4-3",null,null,"生产人员培训费","公路公里"]
["3-5",null,null,"固定资产投资方向调节税","公路公里"]
["3-6",null,null,"建设期贷款利息","公路公里"]
["3-7",null,null,"第一、二、三部分 费用合计","公路公里"]
["3-8",null,null,"预留费用","公路公里"]
["3-9",null,null,"1.价差预留费","公路公里"]
["3-10",null,null,"2.基本预备费","公路公里"]
["3-11",null,null,"暂列金额(不含计日工总额)","元"]
[{"$nulls":3},"保险费","公路公里"]
[{"$nulls":3},"新增加费用项目(不作预备费基数)","元"]
[{"$nulls":3},"*请在此输入费用项目","元"]
[{"$nulls":3},"其中：回收金额","元"]
[{"$nulls":3},"*请在此输入费用项目","元"]
[{"$nulls":4},"元"]
[{"$nulls":4},"元"]
[]
[{"$nulls":4},"元"]

{"sheet":"项目清单","index":2,"n_rows":305,"n_cols":12,"rows_kept":305,"flags":["formulas_cached_only"]}
["预算项目节","清单子目号","部位明细","名称","单位","清单数量","设计数量1","设计数量2","单价","合价","图号","备注"]
["1",null,null,"第一部分 建筑安装工程费","公路公里",{"$nulls":4},43647170]
["1-1",null,null,"临时工程","公路公里",{"$nulls":4},1045756]
["1-1-6",null,null,"临时道路修建、养护与拆除（包括原道路的养护费）",{"$nulls":5},50000]
[null,"103-1",null,"临时道路修建、养护与拆除（包括原道路的养护费）","总额",1,null,null,50000,50000]
["1-1-7",null,null,"临时占地",{"$nulls":5},57350]
[null,"103-2",null,"临时占地","总额",1,null,null,57350,57350]
["1-1-8",null,null,"临时供电设施",{"$nulls":5},688406]
[null,"103-3-a",null,"设施架设、拆除","总额",1,null,null,638406,638406]
[null,"103-3-b",null,"设施维修","总额",1,null,null,50000,50000]
["1-1-9",null,null,"电讯设施的提供、维修与拆除",{"$nulls":5},50000]
[null,"103-4",null,"电讯设施的提供、维修与拆除","总额",1,null,null,50000,50000]
["1-1-10",null,null,"承包人驻地建设",{"$nulls":5},200000]
[null,"104-1",null,"承包人驻地建设","总额",1,null,null,200000,200000]
["1-2",null,null,"路基工程","km",null,2.36,null,null,20670946]
["1-2-2",null,null,"挖方","m3",{"$nulls":4},5325472]
["1-2-2-1",null,null,"挖土方","m3",{"$nulls":4},3947329]
["1-2-2-1-1",null,null,"挖路基土方","m3",{"$nulls":4},3947329]
[null,"203-1-a",null,"挖土方","m3",92954.75,null,null,7.53,699949]
["1-2-2-2",null,null,"挖石方","m3",{"$nulls":4},1378143]
["1-2-2-2-1",null,null,"挖软石","m3",{"$nulls":4},1378143]
[null,"203-1-b",null,"挖石方","m3",105.36,null,null,16.11,1697]
["1-2-3",null,null,"填方","m3",{"$nulls":4},2065093]
["1-2-3-1",null,null,"路基填方","m3",{"$nulls":4},2065093]
["1-2-3-1-2",null,null,"利用方填筑","m3",{"$nulls":4},1621461]
[null,"204-1-b",null,"利用土方","m3",64412.73,null,null,3.51,226089]
["1-2-4",null,null,"特殊路基处理","km",{"$nulls":4},7963246]
["1-2-4-1",null,null,"软土地区路基处理","km/m2",{"$nulls":4},7963246]
["1-2-4-1-1",null,null,"清除换填处理","m3/m2",{"$nulls":4},7963246]
[null,"203-1-d",null,"挖淤泥","m3",21968.4,null,null,9.27,203647]
[null,"204-1-j",null,"换填砂砾","m3",21968.4,null,null,31.58,693762]
[null,"205-1-o-1",null,"单向格栅","m2",3200,null,null,14.96,47872]
[null,"204-1-g-4",null,"回填粗粒土","m3",1225,null,null,9.25,11331]
["1-2-5",null,null,"排水工程","km",{"$nulls":4},1489646]
["1-2-5-1",null,null,"边沟","m3/m",{"$nulls":4},177552]
["1-2-5-1-3",null,null,"浆砌片石边沟","m3/m",{"$nulls":4},177552]
[null,"207-1-b",null,"浆砌片石边沟","m3",590,null,null,109.6,64664]
["1-2-5-2",null,null,"排水沟","m3/m",{"$nulls":4},967976]
["1-2-5-2-3",null,null,"浆砌片石排水沟","m3/m",{"$nulls":4},967976]
[null,"207-2-a",null,"浆砌片石排水沟","m3",904,null,null,131.02,118442]
["1-2-5-3",null,null,"截水沟","m3/m",{"$nulls":4},185224]
["1-2-5-3-1",null,null,"浆砌片石截水沟","m3/m",{"$nulls":4},185224]
[null,"207-3-a",null,"浆砌片石截水沟","m3",775,null,null,109.6,84940]
["1-2-5-4",null,null,"急流槽","m3/m",{"$nulls":4},158894]
["1-2-5-4-2",null,null,"浆砌片石急流槽","m3/m",{"$nulls":4},158894]
[null,"207-4-a",null,"浆砌片石急流槽","m3",202.44,null,null,101.92,20633]
["1-2-6",null,null,"路基防护与加固工程","km",{"$nulls":4},2870515]
["1-2-6-1",null,null,"填方边坡防护与加固","km/m2",{"$nulls":4},1571807]
["1-2-6-1-1",null,null,"坡面植物防护","m2",{"$nulls":4},285728]
[null,"208-1-a",null,"植草","m2",13649.5,null,null,3.32,45316]
["1-2-6-1-2",null,null,"坡面圬工防护","m3/m2",{"$nulls":4},1123285]
[null,"208-3-a",null,"拱形浆砌片石护坡","m3",1614.91,null,null,126.53,204335]
["1-2-6-1-3",null,null,"浆砌片（块）石护脚","m3",{"$nulls":4},162794]
[null,"208-3-c",null,"实体式浆砌片石护坡","m3",94.7,null,null,126.53,11982]
["1-2-6-3",null,null,"高边坡防护与加固","km/m2",{"$nulls":4},599437]
[null,"208-3-a",null,"拱形浆砌片石护坡","m3",1980.4,null,null,126.53,250580]
[null,"208-4-b-1",null,"预制空心砖护坡","m3",9.6,null,null,416.73,4001]
[null,"208-1-a",null,"植草","m2",2249.9,null,null,3.32,7470]
["1-2-6-4",null,null,"挡土墙","m2",{"$nulls":4},699271]
["1-2-6-4-1",null,null,"重力式挡墙","m3/m",{"$nulls":4},699271]
["1-2-6-4-1-2",null,null,"浆砌片（块）石挡土墙","m3/m",{"$nulls":4},699271]
[null,"209-1-a",null,"浆砌片（块）石挡墙","m3",1158.4,null,null,137.85,159685]
["1-2-7",null,null,"路基零星工程","km",{"$nulls":4},956974]
["1-2-7-1",null,null,"整修路基","km",{"$nulls":4},956974]
[null,"206-2",null,"整修边坡","km",7.7,null,null,124282.3377,956974]
["1-3",null,null,"路面工程","km/m2"]
["1-4",null,null,"桥梁涵洞工程","km",{"$nulls":4},21930468]
["1-4-2",null,null,"涵洞工程","m/道",{"$nulls":4},920492]
["1-4-2-1",null,null,"钢筋混凝土管涵","m/道",{"$nulls":4},202306]
["1-4-2-1-2",null,null,"1-Ф1.5m以内圆管涵","m/道",{"$nulls":4},202306]
[null,"418-3-c",null,"1-Ф1.5m以内圆管涵","m",40.24,null,null,889.76,35804]
["1-4-2-2",null,null,"盖板涵","m/道",{"$nulls":4},718186]
["1-4-2-2-1",null,null,"1-2m以内盖板涵","m/道",{"$nulls":4},289366]
[null,"418-1-b",null,"1-2.00m×2.00m盖板涵","m",36.75,null,null,2605.26,95743]
["1-4-3",null,null,"小桥（8≤L≤30m,5≤Lk＜20m）","m/座",{"$nulls":4},699102]
["1-4-3-5",null,null,"预应力混凝土空心板桥","m2/m",{"$nulls":4},699102]
["1-4-3-5-1",null,null,"K0+078小桥",{"$nulls":5},699102]
["1-4-3-5-1-1",null,null,"基础",{"$nulls":5},371788,"第四册S-5-1"]
[null,"403-1-a",null,"I级钢筋(包括基础、承台、支撑梁等)","kg",2019,null,null,5.18,10458]
[null,"403-1-b",null,"II级钢筋(包括基础、承台、支撑梁等)","kg",5311,null,null,5.18,27511]
[null,"410-1-b",null,"C25混凝土","m3",14.6,null,null,464.99,6789]
[null,"410-1-c",null,"C30混凝土","m3",87.5,null,null,518.88,45402]
[null,"405-1-a-1",null,"桩径1.2m","m",180,null,null,1564.6,281628]
["1-4-3-5-1-2",null,null,"下部结构",{"$nulls":5},185109,"第四册S-5-2"]
[null,"403-2-a",null,"光圆钢筋（HPB300）","kg",1891,null,null,5.37,10155]
[null,"403-2-b",null,"带肋钢筋（HRB400）","kg",16397,null,null,5.44,89200]
[null,"410-2-a",null,"C25混凝土","m3",29.1,null,null,450.11,13098]
[null,"410-2-b",null,"C30混凝土","m3",202.4,null,null,358.97,72656]
["1-4-3-5-1-3",null,null,"上部结构",{"$nulls":5},88922,"第四册S-5-3"]
[null,"403-3-a",null,"光圆钢筋（HPB300）","kg",1627,null,null,5.52,8981]
[null,"410-7-c",null,"C50混凝土","m3",17.3,null,null,1001.23,17321]
[null,"411-10-b",null,"预制安装预应力混凝土空心板8m","块",18,null,null,3478.9,62620]
["1-4-3-5-1-9",null,null,"桥台",{"$nulls":5},53283,"第四册S-5-4"]
[null,"413-1",null,"桥梁锥坡","座",2,null,null,1636.1,3272]
[null,"413-2-a",null,"台背回填中粗砂","m3",1141.8,null,null,43.8,50011]
["1-4-5",null,null,"特、大桥工程（100≤L,40≤Lk）","m/座",{"$nulls":4},20310874]
["1-4-5-1",null,null,"K66+258马坑渭河大桥","m2/m",{"$nulls":4},8542161]
["1-4-5-1-1",null,null,"桥台（台高××m）","m2/m",{"$nulls":4},1160356]
["1-4-5-1-1-2",null,null,"桥台基础","m3/处",{"$nulls":4},705668]
[null,"403-1-a",null,"I级钢筋(包括基础、承台、支撑梁等)","kg",126,null,null,5.18,653]
[null,"403-1-b",null,"II级钢筋(包括基础、承台、支撑梁等)","kg",3573.7,null,null,5.18,18512]
[null,"405-1-b-5",null,"桩径1.5m","m",22,null,null,2983.69,65641]
["1-4-5-1-1-3",null,null,"桥台承台",{"$nulls":5},170466]
[null,"403-1-b",null,"II级钢筋(包括基础、承台、支撑梁等)","kg",8734.3,null,null,5.18,45244]
[null,"410-1-b",null,"C25混凝土","m3",86,null,null,464.99,39989]
["1-4-5-1-1-5",null,null,"桥台台身",{"$nulls":5},142108]
[null,"403-2-a",null,"光圆钢筋（HPB300）","kg",1260.2,null,null,5.37,6767]
[null,"403-2-b",null,"带肋钢筋（HRB400）","kg",8477.68,null,null,5.44,46119]
[null,"410-2-c",null,"C35混凝土","m3",68.1,null,null,519.25,35361]
["1-4-5-1-1-6",null,null,"桥台耳背墙",{"$nulls":5},43120]
[null,"403-2-b",null,"带肋钢筋（HRB400）","kg",2438.92,null,null,5.44,13268]
["1-4-5-1-1-7",null,null,"桥台台帽",{"$nulls":5},86620]
[null,"403-2-b",null,"带肋钢筋（HRB400）","kg",5797,null,null,5.44,31536]
[null,"410-2-b",null,"C30混凝土","m3",32.8,null,null,358.97,11774]
["1-4-5-1-1-11",null,null,"桥台支座垫石、挡块",{"$nulls":5},12374]
[null,"403-4-b",null,"带肋钢筋（HRB400）","kg",1018.7,null,null,5.35,5450]
["1-4-5-1-2",null,null,"桥墩基础","m2/m",{"$nulls":4},2148531]
["1-4-5-1-2-1",null,null,"桥墩桩基础","m/根",{"$nulls":4},1870722]
[null,"403-1-a",null,"I级钢筋(包括基础、承台、支撑梁等)","kg",193.1,null,null,5.18,1000]
[null,"403-1-b",null,"II级钢筋(包括基础、承台、支撑梁等)","kg",4633.4,null,null,5.18,24001]
[null,"405-1-b-6",null,"桩径1.6m","m",26,null,null,4177.78,108622]
["1-4-5-1-2-4",null,null,"桥墩承台",{"$nulls":5},277809]
[null,"403-1-b",null,"II级钢筋(包括基础、承台、支撑梁等)","kg",4225.7,null,null,5.18,21889]
[null,"410-1-c",null,"C30混凝土","m3",34.3,null,null,518.88,17798]
["1-4-5-1-3",null,null,"下部构造（墩高××m）","m2/m",{"$nulls":4},1193423]
["1-4-5-1-3-8",null,null,"桥墩墩柱",{"$nulls":5},444576]
[null,"403-2-b",null,"带肋钢筋（HRB400）","kg",9258.9,null,null,5.44,50368]
[null,"410-2-c",null,"C35混凝土","m3",45.7,null,null,519.25,23730]
["1-4-5-1-3-4",null,null,"桥墩承台",{"$nulls":5},277809]
[null,"403-1-b",null,"II级钢筋(包括基础、承台、支撑梁等)","kg",4225.7,null,null,5.18,21889]
[null,"410-1-c",null,"C30混凝土","m3",34.3,null,null,518.88,17798]
["1-4-5-1-3-9",null,null,"桥墩盖梁",{"$nulls":5},409521]
[null,"403-2-b",null,"带肋钢筋（HRB400）","kg",7586.7,null,null,5.44,41272]
[null,"410-2-b",null,"C30混凝土","m3",48,null,null,358.97,17231]
["1-4-5-1-3-10",null,null,"桥墩支座垫石和挡块",{"$nulls":5},40755]
[null,"403-4-b",null,"带肋钢筋（HRB400）","kg",776.6,null,null,5.35,4155]
[null,"410-6-c",null,"C30混凝土","m3",1.2,null,null,526.78,632]
["1-4-5-1-3-12",null,null,"桥墩防震锚栓",{"$nulls":5},20762]
[null,"403-2-b",null,"带肋钢筋（HRB400）","kg",545.2,null,null,5.44,2966]
["1-4-5-1-4",null,null,"上部构造","m2/m",{"$nulls":4},3954527]
["1-4-5-1-4-13",null,null,"梁端封锚",{"$nulls":5},25974]
[null,"403-3-a",null,"光圆钢筋（HPB300）","kg",23.82,null,null,5.52,131]
["1-4-5-1-4-14",null,null,"现浇湿接缝",{"$nulls":5},312232]
[null,"403-3-a",null,"光圆钢筋（HPB300）","kg",1016.2,null,null,5.52,5609]
[null,"403-3-b",null,"带肋钢筋（HRB400）","kg",3063.56,null,null,5.63,17248]
[null,"411-7-a",null,"C50混凝土","m3",15.9,null,null,1017.08,16172]
["1-4-5-1-4-15",null,null,"端横梁",{"$nulls":5},7554]
[null,"403-3-a",null,"光圆钢筋（HPB300）","kg",256.84,null,null,5.52,1418]
[null,"403-3-b",null,"带肋钢筋（HRB400）","kg",310.67,null,null,5.63,1749]
[null,"411-7-a",null,"C50混凝土","m3",0.6,null,null,1017.08,610]
["1-4-5-1-4-16",null,null,"中横梁",{"$nulls":5},99799]
[null,"403-3-a",null,"光圆钢筋（HPB300）","kg",226.94,null,null,5.52,1253]
[null,"403-3-b",null,"带肋钢筋（HRB400）","kg",702.01,null,null,5.63,3952]
[null,"411-7-a",null,"C50混凝土","m3",8.9,null,null,1017.08,9052]
["1-4-5-1-4-17",null,null,"跨中横隔板",{"$nulls":5},66136]
[null,"403-3-a",null,"光圆钢筋（HPB300）","kg",270.54,null,null,5.52,1493]
[null,"403-3-b",null,"带肋钢筋（HRB400）","kg",1089.3,null,null,5.63,6133]
[null,"411-7-a",null,"C50混凝土","m3",0.63,null,null,1017.08,641]
["1-4-5-1-4-18",null,null,"预制堵头板",{"$nulls":5},16400]
[null,"403-3-a",null,"光圆钢筋（HPB300）","kg",109.3,null,null,5.52,603]
[null,"411-8-a",null,"C50混凝土","m3",0.99,null,null,1461.17,1447]
["1-4-5-1-4-19",null,null,"箱梁预制",{"$nulls":5},2784286]
[null,"403-3-a",null,"光圆钢筋（HPB300）","kg",1470,null,null,5.52,8114]
[null,"403-3-b",null,"带肋钢筋（HRB400）","kg",5616,null,null,5.63,31618]
[null,"411-8-a",null,"C50混凝土","m3",36.3,null,null,1461.17,53040]
["1-4-5-1-4-20",null,null,"负弯距区钢束槽口封口",{"$nulls":5},101704]
[null,"403-3-b",null,"带肋钢筋（HRB400）","kg",1463.16,null,null,5.63,8238]
[null,"411-7-a",null,"C50混凝土","m3",4.4,null,null,1017.08,4475]
["1-4-5-1-4-21",null,null,"预应力钢束",{"$nulls":5},540442]
[null,"411-5",null,"后张法预应力钢绞线","kg",4900,null,null,11.88,58212]
["1-4-5-1-23",null,null,"附属结构",{"$nulls":5},85324]
[null,"403-4-a",null,"光圆钢筋（HPB300）","kg",61.37,null,null,5.02,308,"第三册S4-5-3-4"]
[null,"403-4-b",null,"带肋钢筋（HRB400）","kg",3135.85,null,null,5.35,16777,"第三册S4-5-3-5"]
[null,"410-6-c",null,"C30混凝土","m3",30.8,null,null,526.78,16225,"第三册S4-5-3-5"]
["1-4-5-2",null,null,"K67+635.375沽沱渭河大桥",{"$nulls":5},11768713]
["1-4-5-2-1",null,null,"桥台（台高××m）",{"$nulls":5},1476668]
["1-4-5-2-1-2",null,null,"桥台桩基",{"$nulls":5},963390]
[null,"403-1-a",null,"I级钢筋(包括基础、承台、支撑梁等)","kg",99.8,null,null,5.18,517]
[null,"403-1-b",null,"II级钢筋(包括基础、承台、支撑梁等)","kg",3438,null,null,5.18,17809]
[null,"405-1-b-5",null,"桩径1.5m","m",20,null,null,2983.69,59674]
[null,"410-1-c",null,"C30混凝土","m3",35.343,null,null,518.88,18339]
["1-4-5-2-1-4",null,null,"桥台承台",{"$nulls":5},236244]
[null,"403-1-b",null,"II级钢筋(包括基础、承台、支撑梁等)","kg",12110.7,null,null,5.18,62733]
[null,"410-1-c",null,"C30混凝土","m3",161.2,null,null,518.88,83643]
["1-4-5-2-1-6",null,null,"桥台台身",{"$nulls":5},185145]
[null,"403-2-a",null,"光圆钢筋（HPB300）","kg",373,null,null,5.37,2003]
[null,"410-2-b",null,"C30混凝土","m3",325.5,null,null,358.97,116845]
["1-4-5-2-1-8",null,null,"桥台耳背墙",{"$nulls":5},36439]
[null,"403-2-a",null,"光圆钢筋（HPB300）","kg",159.8,null,null,5.37,858]
["1-4-5-2-1-10",null,null,"桥台挡块、垫石",{"$nulls":5},7695]
[null,"403-4-b",null,"带肋钢筋（HRB400）","kg",530.6,null,null,5.35,2839]
["1-4-5-2-1-12",null,null,"桥台台帽",{"$nulls":5},47755]
[null,"403-2-b",null,"带肋钢筋（HRB400）","kg",436.9,null,null,5.44,2377]
[null,"410-2-b",null,"C30混凝土","m3",5.76,null,null,358.97,2068]
["1-4-5-2-2",null,null,"桥墩基础",{"$nulls":5},3442070]
["1-4-5-2-2-1",null,null,"桥墩桩基",{"$nulls":5},3045200]
[null,"403-1-a",null,"I级钢筋(包括基础、承台、支撑梁等)","kg",178.9,null,null,5.18,927]
[null,"403-1-b",null,"II级钢筋(包括基础、承台、支撑梁等)","kg",4539.5,null,null,5.18,23515]
[null,"405-1-b-6",null,"桩径1.6m","m",25,null,null,4177.78,104445]
[null,"410-1-b",null,"C25混凝土","m3",50.265,null,null,464.99,23373]
["1-4-5-2-2-3",null,null,"桥墩承台",{"$nulls":5},396870]
[null,"403-1-b",null,"II级钢筋(包括基础、承台、支撑梁等)","kg",4225.7,null,null,5.18,21889]
[null,"410-1-c",null,"C30混凝土","m3",34.3,null,null,518.88,17798]
["1-4-5-2-3",null,null,"下部构造（墩高××m）",{"$nulls":5},1258085]
["1-4-5-2-3-5",null,null,"桥墩墩柱",{"$nulls":5},581536]
[null,"403-2-b",null,"带肋钢筋（HRB400）","kg",6375.4,null,null,5.44,34682]
[null,"410-2-c",null,"C35混凝土","m3",32.3,null,null,519.25,16772]
["1-4-5-2-3-7",null,null,"桥墩防震锚栓",{"$nulls":5},32626]
["1-4-5-2-3-7-1",null,null,"1#桥墩防震锚栓",{"$nulls":5},2966,"第三册S4-5-2-3"]
[null,"403-2-b",null,"带肋钢筋（HRB400）","kg",545.2,null,null,5.44,2966]
["1-4-5-2-3-9",null,null,"桥墩挡块、垫石",{"$nulls":5},58893]
[null,"403-4-b",null,"带肋钢筋（HRB400）","kg",776.6,null,null,5.35,4155]
[null,"410-6-c",null,"C30混凝土","m3",1.2,null,null,526.78,632]
["1-4-5-2-3-11",null,null,"桥墩盖梁",{"$nulls":5},585030]
[null,"403-2-b",null,"带肋钢筋（HRB400）","kg",7586.7,null,null,5.44,41272]
[null,"410-2-b",null,"C30混凝土","m3",48,null,null,358.97,17231]
["1-4-5-2-4",null,null,"上部构造",{"$nulls":5},5483988]
["1-4-5-2-4-13",null,null,"梁端封锚",{"$nulls":5},35616]
[null,"403-3-a",null,"光圆钢筋（HPB300）","kg",23.82,null,null,5.52,131]
["1-4-5-2-4-14",null,null,"现浇湿接缝",{"$nulls":5},429319]
[null,"403-3-a",null,"光圆钢筋（HPB300）","kg",1016.2,null,null,5.52,5609]
[null,"403-3-b",null,"带肋钢筋（HRB400）","kg",3063.56,null,null,5.63,17248]
[null,"411-7-a",null,"C50混凝土","m3",15.9,null,null,1017.08,16172]
["1-4-5-2-4-15",null,null,"端横梁",{"$nulls":5},7554]
[null,"403-3-a",null,"光圆钢筋（HPB300）","kg",256.84,null,null,5.52,1418]
[null,"403-3-b",null,"带肋钢筋（HRB400）","kg",310.67,null,null,5.63,1749]
[null,"411-7-a",null,"C50混凝土","m3",0.6,null,null,1017.08,610]
["1-4-5-2-4-16",null,null,"中横梁",{"$nulls":5},142570]
[null,"403-3-a",null,"光圆钢筋（HPB300）","kg",226.94,null,null,5.52,1253]
[null,"403-3-b",null,"带肋钢筋（HRB400）","kg",702.01,null,null,5.63,3952]
[null,"411-7-a",null,"C50混凝土","m3",8.9,null,null,1017.08,9052]
["1-4-5-2-4-17",null,null,"跨中横隔板",{"$nulls":5},90937]
[null,"403-3-a",null,"光圆钢筋（HPB300）","kg",270.54,null,null,5.52,1493]
[null,"403-3-b",null,"带肋钢筋（HRB400）","kg",1089.3,null,null,5.63,6133]
[null,"411-7-a",null,"C50混凝土","m3",0.63,null,null,1017.08,641]
["1-4-5-2-4-18",null,null,"预制堵头板",{"$nulls":5},22550]
[null,"403-3-a",null,"光圆钢筋（HPB300）","kg",109.3,null,null,5.52,603]
[null,"411-8-a",null,"C50混凝土","m3",0.99,null,null,1461.17,1447]
["1-4-5-2-4-19",null,null,"预制箱梁",{"$nulls":5},3871298]
[null,"403-3-a",null,"光圆钢筋（HPB300）","kg",1470,null,null,5.52,8114]
[null,"403-3-b",null,"带肋钢筋（HRB400）","kg",5616,null,null,5.63,31618]
[null,"411-8-a",null,"C50混凝土","m3",36.3,null,null,1461.17,53040]
["1-4-5-2-4-20",null,null,"负弯距区钢束槽口封口",{"$nulls":5},139843]
[null,"403-3-b",null,"带肋钢筋（HRB400）","kg",1463.16,null,null,5.63,8238]
[null,"411-7-a",null,"C50混凝土","m3",4.4,null,null,1017.08,4475]
["1-4-5-2-4-21",null,null,"预应力钢束",{"$nulls":5},744301]
[null,"411-5",null,"后张法预应力钢绞线","kg",4900,null,null,11.88,58212]
["1-4-5-2-23",null,null,"附属结构",{"$nulls":5},107902]
[null,"403-4-a",null,"光圆钢筋（HPB300）","kg",61.37,null,null,5.02,308,"第三册S4-5-3-4"]
[null,"403-4-b",null,"带肋钢筋（HRB400）","kg",3135.85,null,null,5.35,16777,"第三册S4-5-3-5"]
[null,"410-6-c",null,"C30混凝土","m3",30.8,null,null,526.78,16225,"第三册S4-5-3-5"]
["1-5",null,null,"交叉工程","处"]
["1-6",null,null,"隧道工程","km/座"]
["1-7",null,null,"公路设施及预埋管线工程","公路公里"]
["1-8",null,null,"绿化及环境保护工程","公路公里"]
["1-9",null,null,"管理、养护及服务房屋","公路公里/m2"]
["1-10",null,null,"建安工程其他费用","公路公里"]
["1-10-1",null,null,"其他建安工程","项"]
["1-10-1-1",null,null,"计日工","项"]
["1-10-1-1-1",null,null,"劳务","项"]
["1-10-1-1-2",null,null,"材料","项"]
["1-10-1-1-3",null,null,"机械","项"]
["2",null,null,"第二部分 设备及工具、器具购置费","公路公里"]
["3",null,null,"第三部分 工程建设其他费用","公路公里"]
["3-1",null,null,"土地征用及拆迁补偿费","公路公里"]
["3-1-1",null,null,"土地征用补偿费","亩"]
["3-1-1-1",null,null,"主线、互通工程","亩"]
["3-1-1-1-1",null,null,"主线","亩"]
["3-1-1-1-2",null,null,"互通","亩"]
["3-1-1-2",null,null,"管理、养护设施","亩"]
["3-1-1-3",null,null,"连接线工程","亩"]
["3-1-2",null,null,"拆迁补偿费","公路公里"]
["3-1-2-1",null,null,"主线、互通工程","公路公里"]
["3-1-2-1-1",null,null,"主线","公路公里"]
["3-1-2-1-2",null,null,"互通","公路公里"]
["3-1-2-2",null,null,"管理、养护设施","公路公里"]
["3-1-2-3",null,null,"连接线工程","公路公里"]
["3-1-3",null,null,"临时用地费","亩"]
["3-2",null,null,"建设项目管理费","公路公里"]
["3-2-1",null,null,"建设单位（业主）管理费","公路公里"]
["3-2-2",null,null,"工程监理费","公路公里"]
["3-2-3",null,null,"设计文件审查费","公路公里"]
["3-2-4",null,null,"竣（交）工验收试验检测费","公路公里"]
["3-3",null,null,"研究试验费","公路公里"]
["3-4",null,null,"建设项目前期工作费","公路公里"]
["3-4-1",null,null,"“预可、工可”编制费","公路公里"]
["3-4-2",null,null,"勘察设计费","公路公里"]
["3-4-3",null,null,"招标文件及标底编制费","公路公里"]
["3-5",null,null,"专项评价（估）费","公路公里"]
["3-6",null,null,"施工机构迁移费","公路公里"]
["3-7",null,null,"供电贴费","公路公里"]
["3-8",null,null,"联合试运转费","公路公里"]
["3-9",null,null,"生产人员培训费","公路公里"]
["3-10",null,null,"固定资产投资方向调节税","公路公里"]
["3-11",null,null,"建设期贷款利息","元"]
[{"$nulls":3},"第一、二、三部分 费用合计","公路公里"]
[{"$nulls":3},"预留费用","元"]
[{"$nulls":3},"1.价差预留费","元"]
[{"$nulls":3},"2.基本预备费","元"]
[{"$nulls":3},"暂列金额(不含计日工总额)","元"]
[{"$nulls":3},"保险费","元"]
[{"$nulls":3},"新增加费用项目(不作预备费基数)","元"]
[{"$nulls":3},"*请在此输入费用项目"]
[{"$nulls":3},"其中：回收金额","元"]
[{"$nulls":3},"*请在此输入费用项目"]

{"sheet":"分项清单（只有项目节）","index":3,"n_rows":164,"n_cols":12,"rows_kept":164,"flags":["formulas_cached_only"]}
["预算项目节","清单子目号","部位明细","名称","单位","清单数量","设计数量1","设计数量2","单价","合价","图号","备注"]
["1",null,null,"第一部分 建筑安装工程费","公路公里"]
["1-1",null,null,"临时工程","公路公里"]
["1-1-6",null,null,"临时道路修建、养护与拆除（包括原道路的养护费）"]
["1-1-7",null,null,"临时占地"]
["1-1-8",null,null,"临时供电设施"]
["1-1-9",null,null,"电讯设施的提供、维修与拆除"]
["1-1-10",null,null,"承包人驻地建设"]
["1-2",null,null,"路基工程","km",null,2.36]
["1-2-2",null,null,"挖方","m3"]
["1-2-2-1",null,null,"挖土方","m3"]
["1-2-2-1-1",null,null,"挖路基土方","m3"]
["1-2-2-2",null,null,"挖石方","m3"]
["1-2-2-2-1",null,null,"挖软石","m3"]
["1-2-3",null,null,"填方","m3"]
["1-2-3-1",null,null,"路基填方","m3"]
["1-2-3-1-2",null,null,"利用方填筑","m3"]
["1-2-4",null,null,"特殊路基处理","km"]
["1-2-4-1",null,null,"软土地区路基处理","km/m2"]
["1-2-4-1-1",null,null,"清除换填处理","m3/m2"]
["1-2-5",null,null,"排水工程","km"]
["1-2-5-1",null,null,"边沟","m3/m"]
["1-2-5-1-3",null,null,"浆砌片石边沟","m3/m"]
["1-2-5-2",null,null,"排水沟","m3/m"]
["1-2-5-2-3",null,null,"浆砌片石排水沟","m3/m"]
["1-2-5-3",null,null,"截水沟","m3/m"]
["1-2-5-3-1",null,null,"浆砌片石截水沟","m3/m"]
["1-2-5-4",null,null,"急流槽","m3/m"]
["1-2-5-4-2",null,null,"浆砌片石急流槽","m3/m"]
["1-2-6",null,null,"路基防护与加固工程","km"]
["1-2-6-1",null,null,"填方边坡防护与加固","km/m2"]
["1-2-6-1-1",null,null,"坡面植物防护","m2"]
["1-2-6-1-2",null,null,"坡面圬工防护","m3/m2"]
["1-2-6-1-3",null,null,"浆砌片（块）石护脚","m3"]
["1-2-6-3",null,null,"高边坡防护与加固","km/m2"]
["1-2-6-4",null,null,"挡土墙","m2"]
["1-2-6-4-1",null,null,"重力式挡墙","m3/m"]
["1-2-6-4-1-2",null,null,"浆砌片（块）石挡土墙","m3/m"]
["1-2-7",null,null,"路基零星工程","km"]
["1-2-7-1",null,null,"整修路基","km"]
["1-3",null,null,"路面工程","km/m2"]
["1-4",null,null,"桥梁涵洞工程","km"]
["1-4-2",null,null,"涵洞工程","m/道"]
["1-4-2-1",null,null,"钢筋混凝土管涵","m/道"]
["1-4-2-1-2",null,null,"1-Ф1.5m以内圆管涵","m/道"]
["1-4-2-2",null,null,"盖板涵","m/道"]
["1-4-2-2-1",null,null,"1-2m以内盖板涵","m/道"]
["1-4-3",null,null,"小桥（8≤L≤30m,5≤Lk＜20m）","m/座"]
["1-4-3-5",null,null,"预应力混凝土空心板桥","m2/m"]
["1-4-3-5-1",null,null,"K0+078小桥"]
["1-4-3-5-1-1",null,null,"基础",{"$nulls":6},"第四册S-5-1"]
["1-4-3-5-1-2",null,null,"下部结构",{"$nulls":6},"第四册S-5-2"]
["1-4-3-5-1-3",null,null,"上部结构",{"$nulls":6},"第四册S-5-3"]
["1-4-3-5-1-9",null,null,"桥台",{"$nulls":6},"第四册S-5-4"]
["1-4-5",null,null,"特、大桥工程（100≤L,40≤Lk）","m/座"]
["1-4-5-1",null,null,"K66+258马坑渭河大桥","m2/m"]
["1-4-5-1-1",null,null,"桥台（台高××m）","m2/m"]
["1-4-5-1-1-2",null,null,"桥台基础","m3/处"]
["1-4-5-1-1-3",null,null,"桥台承台"]
["1-4-5-1-1-5",null,null,"桥台台身"]
["1-4-5-1-1-6",null,null,"桥台耳背墙"]
["1-4-5-1-1-7",null,null,"桥台台帽"]
["1-4-5-1-1-11",null,null,"桥台支座垫石、挡块"]
["1-4-5-1-2",null,null,"桥墩基础","m2/m"]
["1-4-5-1-2-1",null,null,"桥墩桩基础","m/根"]
["1-4-5-1-2-4",null,null,"桥墩承台"]
["1-4-5-1-3",null,null,"下部构造（墩高××m）","m2/m"]
["1-4-5-1-3-8",null,null,"桥墩墩柱"]
["1-4-5-1-3-4",null,null,"桥墩承台"]
["1-4-5-1-3-9",null,null,"桥墩盖梁"]
["1-4-5-1-3-10",null,null,"桥墩支座垫石和挡块"]
["1-4-5-1-3-12",null,null,"桥墩防震锚栓"]
["1-4-5-1-4",null,null,"上部构造","m2/m"]
["1-4-5-1-4-13",null,null,"梁端封锚"]
["1-4-5-1-4-14",null,null,"现浇湿接缝"]
["1-4-5-1-4-15",null,null,"端横梁"]
["1-4-5-1-4-16",null,null,"中横梁"]
["1-4-5-1-4-17",null,null,"跨中横隔板"]
["1-4-5-1-4-18",null,null,"预制堵头板"]
["1-4-5-1-4-19",null,null,"箱梁预制"]
["1-4-5-1-4-20",null,null,"负弯距区钢束槽口封口"]
["1-4-5-1-4-21",null,null,"预应力钢束"]
["1-4-5-1-23",null,null,"附属结构"]
["1-4-5-2",null,null,"K67+635.375沽沱渭河大桥"]
["1-4-5-2-1",null,null,"桥台（台高××m）"]
["1-4-5-2-1-2",null,null,"桥台桩基"]
["1-4-5-2-1-4",null,null,"桥台承台"]
["1-4-5-2-1-6",null,null,"桥台台身"]
["1-4-5-2-1-8",null,null,"桥台耳背墙"]
["1-4-5-2-1-10",null,null,"桥台挡块、垫石"]
["1-4-5-2-1-12",null,null,"桥台台帽"]
["1-4-5-2-2-1",null,null,"桥墩桩基"]
["1-4-5-2-2-3",null,null,"桥墩承台"]
["1-4-5-2-3",null,null,"下部构造（墩高××m）"]
["1-4-5-2-3-5",null,null,"桥墩墩柱"]
["1-4-5-2-3-7",null,null,"桥墩防震锚栓"]
["1-4-5-2-3-7-1",null,null,"1#桥墩防震锚栓",{"$nulls":6},"第三册S4-5-2-3"]
["1-4-5-2-3-9",null,null,"桥墩挡块、垫石"]
["1-4-5-2-3-11",null,null,"桥墩盖梁"]
["1-4-5-2-4",null,null,"上部构造"]
["1-4-5-2-4-13",null,null,"梁端封锚"]
["1-4-5-2-4-14",null,null,"现浇湿接缝"]
["1-4-5-2-4-15",null,null,"端横梁"]
["1-4-5-2-4-16",null,null,"中横梁"]
["1-4-5-2-4-17",null,null,"跨中横隔板"]
["1-4-5-2-4-18",null,null,"预制堵头板"]
["1-4-5-2-4-19",null,null,"预制箱梁"]
["1-4-5-2-4-20",null,null,"负弯距区钢束槽口封口"]
["1-4-5-2-4-21",null,null,"预应力钢束"]
["1-4-5-2-23",null,null,"附属结构"]
["1-5",null,null,"交叉工程","处"]
["1-6",null,null,"隧道工程","km/座"]
["1-7",null,null,"公路设施及预埋管线工程","公路公里"]
["1-8",null,null,"绿化及环境保护工程","公路公里"]
["1-9",null,null,"管理、养护及服务房屋","公路公里/m2"]
["1-10",null,null,"建安工程其他费用","公路公里"]
["1-10-1",null,null,"其他建安工程","项"]
["1-10-1-1",null,null,"计日工","项"]
["1-10-1-1-1",null,null,"劳务","项"]
["1-10-1-1-2",null,null,"材料","项"]
["1-10-1-1-3",null,null,"机械","项"]
["2",null,null,"第二部分 设备及工具、器具购置费","公路公里"]
["3",null,null,"第三部分 工程建设其他费用","公路公里"]
["3-1",null,null,"土地征用及拆迁补偿费","公路公里"]
["3-1-1",null,null,"土地征用补偿费","亩"]
["3-1-1-1",null,null,"主线、互通工程","亩"]
["3-1-1-1-1",null,null,"主线","亩"]
["3-1-1-1-2",null,null,"互通","亩"]
["3-1-1-2",null,null,"管理、养护设施","亩"]
["3-1-1-3",null,null,"连接线工程","亩"]
["3-1-2",null,null,"拆迁补偿费","公路公里"]
["3-1-2-1",null,null,"主线、互通工程","公路公里"]
["3-1-2-1-1",null,null,"主线","公路公里"]
["3-1-2-1-2",null,null,"互通","公路公里"]
["3-1-2-2",null,null,"管理、养护设施","公路公里"]
["3-1-2-3",null,null,"连接线工程","公路公里"]
["3-1-3",null,null,"临时用地费","亩"]
["3-2",null,null,"建设项目管理费","公路公里"]
["3-2-1",null,null,"建设单位（业主）管理费","公路公里"]
["3-2-2",null,null,"工程监理费","公路公里"]
["3-2-3",null,null,"设计文件审查费","公路公里"]
["3-2-4",null,null,"竣（交）工验收试验检测费","公路公里"]
["3-3",null,null,"研究试验费","公路公里"]
["3-4",null,null,"建设项目前期工作费","公路公里"]
["3-4-1",null,null,"“预可、工可”编制费","公路公里"]
["3-4-2",null,null,"勘察设计费","公路公里"]
["3-4-3",null,null,"招标文件及标底编制费","公路公里"]
["3-5",null,null,"专项评价（估）费","公路公里"]
["3-6",null,null,"施工机构迁移费","公路公里"]
["3-7",null,null,"供电贴费","公路公里"]
["3-8",null,null,"联合试运转费","公路公里"]
["3-9",null,null,"生产人员培训费","公路公里"]
["3-10",null,null,"固定资产投资方向调节税","公路公里"]
["3-11",null,null,"建设期贷款利息","元"]
[{"$nulls":3},"第一、二、三部分 费用合计","公路公里"]
[{"$nulls":3},"预留费用","元"]
[{"$nulls":3},"1.价差预留费","元"]
[{"$nulls":3},"2.基本预备费","元"]
[{"$nulls":3},"暂列金额(不含计日工总额)","元"]
[{"$nulls":3},"保险费","元"]
[{"$nulls":3},"新增加费用项目(不作预备费基数)","元"]
[{"$nulls":3},"*请在此输入费用项目"]
[{"$nulls":3},"其中：回收金额","元"]
[{"$nulls":3},"*请在此输入费用项目"]

{"sheet":"分项清单","index":4,"n_rows":1829,"n_cols":11,"rows_kept":1829,"flags":["formulas_cached_only"]}
["预算项目节","清单子目号","名称","单位","清单数量","设计数量1","设计数量2","单价","合价","图号","备注"]
["1",null,"第一部分 建筑安装工程费","公路公里",{"$nulls":4},43647170]
["1-1",null,"临时工程","公路公里",{"$nulls":4},1045756]
["1-1-6",null,"临时道路修建、养护与拆除（包括原道路的养护费）",{"$nulls":5},50000]
[null,"103-1","临时道路修建、养护与拆除（包括原道路的养护费）","总额",1,null,null,50000,50000]
["1-1-7",null,"临时占地",{"$nulls":5},57350]
[null,"103-2","临时占地","总额",1,null,null,57350,57350]
["1-1-8",null,"临时供电设施",{"$nulls":5},688406]
[null,"103-3-a","设施架设、拆除","总额",1,null,null,638406,638406]
[null,"103-3-b","设施维修","总额",1,null,null,50000,50000]
["1-1-9",null,"电讯设施的提供、维修与拆除",{"$nulls":5},50000]
[null,"103-4","电讯设施的提供、维修与拆除","总额",1,null,null,50000,50000]
["1-1-10",null,"承包人驻地建设",{"$nulls":5},200000]
[null,"104-1","承包人驻地建设","总额",1,null,null,200000,200000]
["1-2",null,"路基工程","km",{"$nulls":4},20670946]
["1-2-2",null,"挖方","m3",{"$nulls":4},5325472]
["1-2-2-1",null,"挖土方","m3",{"$nulls":4},3947329]
["1-2-2-1-1",null,"挖路基土方","m3",{"$nulls":4},3947329]
["1-2-2-1-1-1",null,"K0+000-K1+000",{"$nulls":5},699949,"第二册S-2-1"]
[null,"203-1-a","挖土方","m3",92954.75,null,null,7.53,699949]
["1-2-2-1-1-2",null,"K1+000-K1+800",{"$nulls":5},399522,"第二册S-2-1"]
[null,"203-1-a","挖土方","m3",53057.31,null,null,7.53,399522]
["1-2-2-1-1-3",null,"K2+800-K3+004",{"$nulls":5},2579,"第二册S-2-1"]
[null,"203-1-a","挖土方","m3",342.44,null,null,7.53,2579]
["1-2-2-1-1-4",null,"K3+004-K4+040",{"$nulls":5},5226,"第二册S-2-1"]
[null,"203-1-a","挖土方","m3",694.07,null,null,7.53,5226]
["1-2-2-1-1-5",null,"K4+040-K5+000",{"$nulls":5},1682448,"第二册S-2-1"]
[null,"203-1-a","挖土方","m3",223432.73,null,null,7.53,1682448]
["1-2-2-1-1-6",null,"K5+000-K6+000",{"$nulls":5},185770,"第二册S-2-1"]
[null,"203-1-a","挖土方","m3",24670.66,null,null,7.53,185770]
["1-2-2-1-1-7",null,"K6+000-K7+000",{"$nulls":5},255543,"第二册S-2-1"]
[null,"203-1-a","挖土方","m3",33936.6,null,null,7.53,255543]
["1-2-2-1-1-8",null,"K7+000-K7+700",{"$nulls":5},716292,"第二册S-2-1"]
[null,"203-1-a","挖土方","m3",95125.11,null,null,7.53,716292]
["1-2-2-2",null,"挖石方","m3",{"$nulls":4},1378143]
["1-2-2-2-1",null,"挖软石","m3",{"$nulls":4},1378143]
["1-2-2-2-1-2",null,"K2+800-K3+004",{"$nulls":5},1697,"第二册S-2-1"]
[null,"203-1-b","挖石方","m3",105.36,null,null,16.11,1697]
["1-2-2-2-1-3",null,"K3+004-K4+040",{"$nulls":5},3440,"第二册S-2-1"]
[null,"203-1-b","挖石方","m3",213.55,null,null,16.11,3440]
["1-2-2-2-1-4",null,"K4+040-K5+000",{"$nulls":5},1028429,"第二册S-2-1"]
[null,"203-1-b","挖石方","m3",63837.95,null,null,16.11,1028429]
["1-2-2-2-1-5",null,"K5+000-K6+000",{"$nulls":5},113556,"第二册S-2-1"]
[null,"203-1-b","挖石方","m3",7048.77,null,null,16.11,113556]
["1-2-2-2-1-6",null,"K6+000-K7+000",{"$nulls":5},60747,"第二册S-2-1"]
[null,"203-1-b","挖石方","m3",3770.75,null,null,16.11,60747]
["1-2-2-2-1-7",null,"K7+000-K7+700",{"$nulls":5},170274,"第二册S-2-1"]
[null,"203-1-b","挖石方","m3",10569.46,null,null,16.11,170274]
["1-2-3",null,"填方","m3",{"$nulls":4},2065093]
["1-2-3-1",null,"路基填方","m3",{"$nulls":4},2065093]
["1-2-3-1-2",null,"利用方填筑","m3",{"$nulls":4},1621461]
["1-2-3-1-2-1",null,"K0+000-K1+000",{"$nulls":5},226089,"第二册S-2-1"]
[null,"204-1-b","利用土方","m3",64412.73,null,null,3.51,226089]
["1-2-3-1-2-2",null,"K1+000-K1+800",{"$nulls":5},144813,"第二册S-2-1"]
[null,"204-1-b","利用土方","m3",41257.18,null,null,3.51,144813]
["1-2-3-1-2-3",null,"K2+800-K3+004",{"$nulls":5},89212,"第二册S-2-1"]
[null,"204-1-b","利用土方","m3",25416.58,null,null,3.51,89212]
["1-2-3-1-2-4",null,"K3+004-K4+040",{"$nulls":5},108842,"第二册S-2-1"]
[null,"204-1-b","利用土方","m3",31009.17,null,null,3.51,108842]
["1-2-3-1-2-5",null,"K4+040-K5+000",{"$nulls":5},293214,"第二册S-2-1"]
[null,"204-1-b","利用土方","m3",83536.7,null,null,3.51,293214]
["1-2-3-1-2-6",null,"K5+000-K6+000",{"$nulls":5},298298,"第二册S-2-1"]
[null,"204-1-b","利用土方","m3",84985.2,null,null,3.51,298298]
["1-2-3-1-2-7",null,"K6+000-K7+000",{"$nulls":5},299983,"第二册S-2-1"]
[null,"204-1-b","利用土方","m3",85465.33,null,null,3.51,299983]
["1-2-3-1-2-8",null,"K7+000-K7+700",{"$nulls":5},161010,"第二册S-2-1"]
[null,"204-1-b","利用土方","m3",45871.78,null,null,3.51,161010]
["1-2-4",null,"特殊路基处理","km",{"$nulls":4},7963246]
["1-2-4-1",null,"软土地区路基处理","km/m2",{"$nulls":4},7963246]
["1-2-4-1-1",null,"清除换填处理","m3/m2",{"$nulls":4},7963246]
["1-2-4-1-1-1",null,"K0+000~K1+008",{"$nulls":5},956612,"第二册S-4-1"]
[null,"203-1-d","挖淤泥","m3",21968.4,null,null,9.27,203647]
[null,"204-1-j","换填砂砾","m3",21968.4,null,null,31.58,693762]
[null,"205-1-o-1","单向格栅","m2",3200,null,null,14.96,47872]
[null,"204-1-g-4","回填粗粒土","m3",1225,null,null,9.25,11331]
["1-2-4-1-1-2",null,"K1+008~K1+800",{"$nulls":5},1288500,"第二册S-4-1"]
[null,"203-1-d","挖淤泥","m3",29931,null,null,9.27,277460]
[null,"204-1-j","换填砂砾","m3",29931,null,null,31.58,945221]
[null,"205-1-o-1","单向格栅","m2",4080,null,null,14.96,61037]
[null,"204-1-g-4","回填粗粒土","m3",517,null,null,9.25,4782]
["1-2-4-1-1-3",null,"K2+800~K4+000",{"$nulls":5},1098723,"第二册S-4-1"]
[null,"204-1-j","换填砂砾","m3",31605,null,null,31.58,998086]
[null,"205-1-o-1","单向格栅","m2",1250,null,null,14.96,18700]
[null,"204-1-g-4","回填粗粒土","m3",8858,null,null,9.25,81937]
["1-2-4-1-1-4",null,"K4+000~K4+860",{"$nulls":5},163731,"第二册S-4-1"]
[null,"204-1-j","换填砂砾","m3",4692,null,null,31.58,148173]
[null,"205-1-o-1","单向格栅","m2",1040,null,null,14.96,15558]
["1-2-4-1-1-5",null,"K4+860~K6+000",{"$nulls":5},2601962,"第二册S-4-1"]
[null,"204-1-j","换填砂砾","m3",81360,null,null,31.58,2569349]
[null,"205-1-o-1","单向格栅","m2",2180,null,null,14.96,32613]
["1-2-4-1-1-6",null,"K6+000~K6+800",{"$nulls":5},1222446,"第二册S-4-1"]
[null,"204-1-j","换填砂砾","m3",38520,null,null,31.58,1216462]
[null,"205-1-o-1","单向格栅","m2",400,null,null,14.96,5984]
["1-2-4-1-1-7",null,"K6+800~K7+700",{"$nulls":5},631272,"第二册S-4-1"]
[null,"204-1-j","换填砂砾","m3",18000,null,null,31.58,568440]
[null,"205-1-o-1","单向格栅","m2",4200,null,null,14.96,62832]
["1-2-5",null,"排水工程","km",{"$nulls":4},1489646]
["1-2-5-1",null,"边沟","m3/m",{"$nulls":4},177552]
["1-2-5-1-3",null,"浆砌片石边沟","m3/m",{"$nulls":4},177552]
["1-2-5-1-3-1",null,"K4+000~K4+860",{"$nulls":5},64664,"第二册SC-2-2"]
[null,"207-1-b","浆砌片石边沟","m3",590,null,null,109.6,64664]
["1-2-5-1-3-2",null,"K4+860~K6+000",{"$nulls":5},28496,"第二册SC-2-2"]
[null,"207-1-b","浆砌片石边沟","m3",260,null,null,109.6,28496]
["1-2-5-1-3-3",null,"K6+000~K7+150",{"$nulls":5},48224,"第二册SC-2-2"]
[null,"207-1-b","浆砌片石边沟","m3",440,null,null,109.6,48224]
["1-2-5-1-3-4",null,"K7+150~K7+700",{"$nulls":5},36168,"第二册SC-2-2"]
[null,"207-1-b","浆砌片石边沟","m3",330,null,null,109.6,36168]
["1-2-5-2",null,"排水沟","m3/m",{"$nulls":4},967976]
["1-2-5-2-3",null,"浆砌片石排水沟","m3/m",{"$nulls":4},967976]
["1-2-5-2-3-1",null,"K0+000~K1+030",{"$nulls":5},118442,"第二册SC-2-2"]
[null,"207-2-a","浆砌片石排水沟","m3",904,null,null,131.02,118442]
["1-2-5-2-3-2",null,"K1+030~K1+800",{"$nulls":5},92369,"第二册SC-2-2"]
[null,"207-2-a","浆砌片石排水沟","m3",705,null,null,131.02,92369]
["1-2-5-2-3-3",null,"K2+800~K4+340",{"$nulls":5},309207,"第二册SC-2-2"]
[null,"207-2-a","浆砌片石排水沟","m3",2360,null,null,131.02,309207]
["1-2-5-2-3-4",null,"K4+340~K4+980",{"$nulls":5},30135,"第二册SC-2-2"]
[null,"207-2-a","浆砌片石排水沟","m3",230,null,null,131.02,30135]
["1-2-5-2-3-5",null,"K4+980~K6+205",{"$nulls":5},213432,"第二册SC-2-2"]
[null,"207-2-a","浆砌片石排水沟","m3",1629,null,null,131.02,213432]
["1-2-5-2-3-6",null,"K6+205~K6+930",{"$nulls":5},137571,"第二册SC-2-2"]
[null,"207-2-a","浆砌片石排水沟","m3",1050,null,null,131.02,137571]
["1-2-5-2-3-7",null,"K6+930~K7+700",{"$nulls":5},66820,"第二册SC-2-2"]
[null,"207-2-a","浆砌片石排水沟","m3",510,null,null,131.02,66820]
["1-2-5-3",null,"截水沟","m3/m",{"$nulls":4},185224]
["1-2-5-3-1",null,"浆砌片石截水沟","m3/m",{"$nulls":4},185224]
["1-2-5-3-1-1",null,"K0+000~K1+180",{"$nulls":5},84940,"第二册SC-2-2"]
[null,"207-3-a","浆砌片石截水沟","m3",775,null,null,109.6,84940]
["1-2-5-3-1-2",null,"K1+180~K1+800",{"$nulls":5},43292,"第二册SC-2-2"]
[null,"207-3-a","浆砌片石截水沟","m3",395,null,null,109.6,43292]
["1-2-5-3-1-3",null,"K2+800~K4+000",{"$nulls":5},8768,"第二册SC-2-2"]
[null,"207-3-a","浆砌片石截水沟","m3",80,null,null,109.6,8768]
["1-2-5-3-1-4",null,"K4+000~K4+730",{"$nulls":5},38360,"第二册SC-2-2"]
[null,"207-3-a","浆砌片石截水沟","m3",350,null,null,109.6,38360]
["1-2-5-3-1-5",null,"K7+150~K7+700",{"$nulls":5},9864,"第二册SC-2-2"]
[null,"207-3-a","浆砌片石截水沟","m3",90,null,null,109.6,9864]
["1-2-5-4",null,"急流槽","m3/m",{"$nulls":4},158894]
["1-2-5-4-2",null,"浆砌片石急流槽","m3/m",{"$nulls":4},158894]
["1-2-5-4-2-1",null,"K0+000~K1+008",{"$nulls":5},20633,"第二册SC-2-2"]
[null,"207-4-a","浆砌片石急流槽","m3",202.44,null,null,101.92,20633]
["1-2-5-4-2-2",null,"K1+008~K1+800",{"$nulls":5},12425,"第二册SC-2-2"]
[null,"207-4-a","浆砌片石急流槽","m3",121.91,null,null,101.92,12425]
["1-2-5-4-2-3",null,"K2+800~K3+950",{"$nulls":5},17890,"第二册SC-2-2"]
[null,"207-4-a","浆砌片石急流槽","m3",175.53,null,null,101.92,17890]
["1-2-5-4-2-4",null,"K3+950~K5+000",{"$nulls":5},38158,"第二册SC-2-2"]
[null,"207-4-a","浆砌片石急流槽","m3",374.39,null,null,101.92,38158]
["1-2-5-4-2-5",null,"K5+000~K5+960",{"$nulls":5},43201,"第二册SC-2-2"]
[null,"207-4-a","浆砌片石急流槽","m3",423.87,null,null,101.92,43201]
["1-2-5-4-2-6",null,"K5+960~K6+920",{"$nulls":5},26587,"第二册SC-2-2"]
[null,"207-4-a","浆砌片石急流槽","m3",260.86,null,null,101.92,26587]
["1-2-6",null,"路基防护与加固工程","km",{"$nulls":4},2870515]
["1-2-6-1",null,"填方边坡防护与加固","km/m2",{"$nulls":4},1571807]
["1-2-6-1-1",null,"坡面植物防护","m2",{"$nulls":4},285728]
["1-2-6-1-1-1",null,"K0+000~K0+960",{"$nulls":5},45316,"第二册S-3-2"]
[null,"208-1-a","植草","m2",13649.5,null,null,3.32,45316]
["1-2-6-1-1-2",null,"K0+960~K1+800",{"$nulls":5},24853,"第二册S-3-2"]
[null,"208-1-a","植草","m2",7485.8,null,null,3.32,24853]
["1-2-6-1-1-3",null,"K2+800~K4+000",{"$nulls":5},52109,"第二册S-3-2"]
[null,"208-1-a","植草","m2",15695.5,null,null,3.32,52109]
["1-2-6-1-1-4",null,"K4+000~K5+140",{"$nulls":5},40906,"第二册S-3-2"]
[null,"208-1-a","植草","m2",12320.99,null,null,3.32,40906]
["1-2-6-1-1-5",null,"K5+140~K6+000",{"$nulls":5},39935,"第二册S-3-2"]
[null,"208-1-a","植草","m2",12028.6,null,null,3.32,39935]
["1-2-6-1-1-6",null,"K6+000~K7+152",{"$nulls":5},51976,"第二册S-3-2"]
[null,"208-1-a","植草","m2",15655.3,null,null,3.32,51976]
["1-2-6-1-1-7",null,"K7+152~K7+700",{"$nulls":5},30633,"第二册S-3-2"]
[null,"208-1-a","植草","m2",9226.81,null,null,3.32,30633]
["1-2-6-1-2",null,"坡面圬工防护","m3/m2",{"$nulls":4},1123285]
["1-2-6-1-2-1",null,"K0+000~K0+960",{"$nulls":5},204335,"第二册S-3-2"]
[null,"208-3-a","拱形浆砌片石护坡","m3",1614.91,null,null,126.53,204335]
["1-2-6-1-2-2",null,"K0+960~K1+800",{"$nulls":5},129782,"第二册S-3-2"]
[null,"208-3-a","拱形浆砌片石护坡","m3",1025.7,null,null,126.53,129782]
["1-2-6-1-2-3",null,"K2+800~K4+000",{"$nulls":5},43906,"第二册S-3-2"]
[null,"208-3-a","拱形浆砌片石护坡","m3",347,null,null,126.53,43906]
["1-2-6-1-2-4",null,"K4+000~K5+140",{"$nulls":5},287248,"第二册S-3-2"]
[null,"208-3-a","拱形浆砌片石护坡","m3",2270.2,null,null,126.53,287248]
["1-2-6-1-2-5",null,"K5+140~K6+000",{"$nulls":5},72603,"第二册S-3-2"]
[null,"208-3-a","拱形浆砌片石护坡","m3",573.8,null,null,126.53,72603]
["1-2-6-1-2-6",null,"K6+000~K7+152",{"$nulls":5},271382,"第二册S-3-2"]
[null,"208-3-a","拱形浆砌片石护坡","m3",2144.8,null,null,126.53,271382]
["1-2-6-1-2-7",null,"K7+152~K7+700",{"$nulls":5},114029,"第二册S-3-2"]
[null,"208-3-a","拱形浆砌片石护坡","m3",901.2,null,null,126.53,114029]
["1-2-6-1-3",null,"浆砌片（块）石护脚","m3",{"$nulls":4},162794]
["1-2-6-1-3-1",null,"K0+000~K1+000",{"$nulls":5},11982,"第二册S-3-2"]
[null,"208-3-c","实体式浆砌片石护坡","m3",94.7,null,null,126.53,11982]
["1-2-6-1-3-2",null,"K1+000~K1+800",{"$nulls":5},52700,"第二册S-3-2"]
[null,"208-3-c","实体式浆砌片石护坡","m3",416.5,null,null,126.53,52700]
["1-2-6-1-3-3",null,"K2+800~K4+000",{"$nulls":5},27799,"第二册S-3-2"]
[null,"208-3-c","实体式浆砌片石护坡","m3",219.7,null,null,126.53,27799]
["1-2-6-1-3-4",null,"K4+000~K5+060",{"$nulls":5},15513,"第二册S-3-2"]
[null,"208-3-c","实体式浆砌片石护坡","m3",122.6,null,null,126.53,15513]
["1-2-6-1-3-5",null,"K5+060~K6+000",{"$nulls":5},27887,"第二册S-3-2"]
[null,"208-3-c","实体式浆砌片石护坡","m3",220.4,null,null,126.53,27887]
["1-2-6-1-3-6",null,"K6+000~K7+000",{"$nulls":5},20169,"第二册S-3-2"]
[null,"208-3-c","实体式浆砌片石护坡","m3",159.4,null,null,126.53,20169]
["1-2-6-1-3-7",null,"K7+000~K7+700",{"$nulls":5},6744,"第二册S-3-2"]
[null,"208-3-c","实体式浆砌片石护坡","m3",53.3,null,null,126.53,6744]
["1-2-6-3",null,"高边坡防护与加固","km/m2",{"$nulls":4},599437]
["1-2-6-3-1",null,"K4+340~K4+480左右侧边坡防护",{"$nulls":5},262051,"第二册SC-3-3"]
[null,"208-3-a","拱形浆砌片石护坡","m3",1980.4,null,null,126.53,250580]
[null,"208-4-b-1","预制空心砖护坡","m3",9.6,null,null,416.73,4001]
[null,"208-1-a","植草","m2",2249.9,null,null,3.32,7470]
["1-2-6-3-2",null,"K4+510~K4+860右侧边坡防护",{"$nulls":5},189685,"第二册SC-3-3"]
[null,"208-3-a","拱形浆砌片石护坡","m3",126.53,null,null,126.53,16010]
[null,"208-4-b-1","预制空心砖护坡","m3",416.73,null,null,416.73,173664]
[null,"208-1-a","植草","m2",3.32,null,null,3.32,11]
["1-2-6-3-3",null,"K5+265~K5+470左侧边坡防护",{"$nulls":5},147701,"第二册SC-3-3"]
[null,"208-3-a","拱形浆砌片石护坡","m3",1087.1,null,null,126.53,137551]
[null,"208-4-b-1","预制空心砖护坡","m3",10.200000000000001,null,null,416.73,4251]
[null,"208-1-a","植草","m2",1776.7,null,null,3.32,5899]
["1-2-6-4",null,"挡土墙","m2",{"$nulls":4},699271]
["1-2-6-4-1",null,"重力式挡墙","m3/m",{"$nulls":4},699271]
["1-2-6-4-1-2",null,"浆砌片（块）石挡土墙","m3/m",{"$nulls":4},699271]
["1-2-6-4-1-2-1",null,"K2+928~K3+004",{"$nulls":5},159685,"第二册S-3-1"]
[null,"209-1-a","浆砌片（块）石挡墙","m3",1158.4,null,null,137.85,159685]
["1-2-6-4-1-2-2",null,"K3+004~K3+119",{"$nulls":5},539586,"第二册S-3-1"]
[null,"209-1-a","浆砌片（块）石挡墙","m3",3914.3,null,null,137.85,539586]
["1-2-7",null,"路基零星工程","km",{"$nulls":4},956974]
["1-2-7-1",null,"整修路基","km",{"$nulls":4},956974]
[null,"206-2","整修边坡","km",7.7,null,null,124282.3377,956974]
["1-3",null,"路面工程","km/m2"]
["1-4",null,"桥梁涵洞工程","km",{"$nulls":4},21930468]
["1-4-2",null,"涵洞工程","m/道",{"$nulls":4},920492]
["1-4-2-1",null,"钢筋混凝土管涵","m/道",{"$nulls":4},202306]
["1-4-2-1-2",null,"1-Ф1.5m以内圆管涵","m/道",{"$nulls":4},202306]
["1-4-2-1-2-6",null,"K0+923",{"$nulls":5},35804,"第四册S-4-1"]
[null,"418-3-c","1-Ф1.5m以内圆管涵","m",40.24,null,null,889.76,35804]
["1-4-2-1-2-4",null,"K1+320",{"$nulls":5},29567,"第四册S-4-1"]
[null,"418-3-c","1-Ф1.5m以内圆管涵","m",33.23,null,null,889.76,29567]
["1-4-2-1-2-1",null,"K1+520",{"$nulls":5},33455,"第四册S-4-1"]
[null,"418-3-c","1-Ф1.5m以内圆管涵","m",37.6,null,null,889.76,33455]
["1-4-2-1-2-2",null,"K4+484",{"$nulls":5},30715,"第四册S-4-1"]
[null,"418-3-c","1-Ф1.5m以内圆管涵","m",34.52,null,null,889.76,30715]
["1-4-2-1-2-3",null,"K3+830",{"$nulls":5},24371,"第四册S-4-1"]
[null,"418-3-c","1-Ф1.5m以内圆管涵","m",27.39,null,null,889.76,24371]
["1-4-2-1-2-5",null,"K3+709",{"$nulls":5},24673,"第四册S-4-1"]
[null,"418-3-c","1-Ф1.5m以内圆管涵","m",27.73,null,null,889.76,24673]
["1-4-2-1-2-7",null,"K6+245",{"$nulls":5},23721,"第四册S-4-1"]
[null,"418-3-c","1-Ф1.5m以内圆管涵","m",26.66,null,null,889.76,23721]
["1-4-2-2",null,"盖板涵","m/道",{"$nulls":4},718186]
["1-4-2-2-1",null,"1-2m以内盖板涵","m/道",{"$nulls":4},289366]
["1-4-2-2-1-1",null,"K3+220",{"$nulls":5},95743,"第四册S-4-1"]
[null,"418-1-b","1-2.00m×2.00m盖板涵","m",36.75,null,null,2605.26,95743]
["1-4-2-2-1-2",null,"K4+970",{"$nulls":5},90663,"第四册S-4-1"]
[null,"418-1-b","1-2.00m×2.00m盖板涵","m",34.8,null,null,2605.26,90663]
["1-4-2-2-1-3",null,"K5+570",{"$nulls":5},102960,"第四册S-4-1"]
[null,"418-1-b","1-2.00m×2.00m盖板涵","m",39.52,null,null,2605.26,102960]
["1-4-2-2-3",null,"1-4m以内盖板涵","m/道",{"$nulls":4},428820]
["1-4-2-2-3-1",null,"K0+520",{"$nulls":5},218653,"第四册S-4-1"]
[null,"418-1-c","1-4.00m×3.00m盖板涵","m",41.74,null,null,5238.45,218653]
["1-4-2-2-3-2",null,"K6+782.5",{"$nulls":5},210167,"第四册S-4-1"]
[null,"418-1-c","1-4.00m×3.00m盖板涵","m",40.12,null,null,5238.45,210167]
["1-4-3",null,"小桥（8≤L≤30m,5≤Lk＜20m）","m/座",{"$nulls":4},699102]
["1-4-3-5",null,"预应力混凝土空心板桥","m2/m",{"$nulls":4},699102]
["1-4-3-5-1",null,"K0+078小桥",{"$nulls":5},699102]
["1-4-3-5-1-1",null,"基础",{"$nulls":5},371788,"第四册S-5-1"]
[null,"403-1-a","I级钢筋(包括基础、承台、支撑梁等)","kg",2019,null,null,5.18,10458]
[null,"403-1-b","II级钢筋(包括基础、承台、支撑梁等)","kg",5311,null,null,5.18,27511]
[null,"410-1-b","C25混凝土","m3",14.6,null,null,464.99,6789]
[null,"410-1-c","C30混凝土","m3",87.5,null,null,518.88,45402]
[null,"405-1-a-1","桩径1.2m","m",180,null,null,1564.6,281628]
["1-4-3-5-1-2",null,"下部结构",{"$nulls":5},185109,"第四册S-5-2"]
[null,"403-2-a","光圆钢筋（HPB300）","kg",1891,null,null,5.37,10155]
[null,"403-2-b","带肋钢筋（HRB400）","kg",16397,null,null,5.44,89200]
[null,"410-2-a","C25混凝土","m3",29.1,null,null,450.11,13098]
[null,"410-2-b","C30混凝土","m3",202.4,null,null,358.97,72656]
["1-4-3-5-1-3",null,"上部结构",{"$nulls":5},88922,"第四册S-5-3"]
[null,"403-3-a","光圆钢筋（HPB300）","kg",1627,null,null,5.52,8981]
[null,"410-7-c","C50混凝土","m3",17.3,null,null,1001.23,17321]
[null,"411-10-b","预制安装预应力混凝土空心板8m","块",18,null,null,3478.9,62620]
["1-4-3-5-1-9",null,"桥台",{"$nulls":5},53283,"第四册S-5-4"]
[null,"413-1","桥梁锥坡","座",2,null,null,1636.1,3272]
[null,"413-2-a","台背回填中粗砂","m3",1141.8,null,null,43.8,50011]
["1-4-5",null,"特、大桥工程（100≤L,40≤Lk）","m/座",{"$nulls":4},20310874]
["1-4-5-1",null,"K66+258马坑渭河大桥","m2/m",{"$nulls":4},8542161]
["1-4-5-1-1",null,"桥台（台高××m）","m2/m",{"$nulls":4},1160356]
["1-4-5-1-1-2",null,"桥台基础","m3/处",{"$nulls":4},705668]
["1-4-5-1-1-2-1",null,"0#桥台1#桩",{"$nulls":5},84806,"第三册S4-3-17"]
[null,"403-1-a","I级钢筋(包括基础、承台、支撑梁等)","kg",126,null,null,5.18,653]
[null,"403-1-b","II级钢筋(包括基础、承台、支撑梁等)","kg",3573.7,null,null,5.18,18512]
[null,"405-1-b-5","桩径1.5m","m",22,null,null,2983.69,65641]
["1-4-5-1-1-2-2",null,"0#桥台2#桩",{"$nulls":5},84806,"第三册S4-3-17"]
[null,"403-1-a","I级钢筋(包括基础、承台、支撑梁等)","kg",126,null,null,5.18,653]
[null,"403-1-b","II级钢筋(包括基础、承台、支撑梁等)","kg",3573.7,null,null,5.18,18512]
[null,"405-1-b-5","桩径1.5m","m",22,null,null,2983.69,65641]
["1-4-5-1-1-2-3",null,"0#桥台3#桩",{"$nulls":5},84806,"第三册S4-3-17"]
[null,"403-1-a","I级钢筋(包括基础、承台、支撑梁等)","kg",126,null,null,5.18,653]
[null,"403-1-b","II级钢筋(包括基础、承台、支撑梁等)","kg",3573.7,null,null,5.18,18512]
[null,"405-1-b-5","桩径1.5m","m",22,null,null,2983.69,65641]
["1-4-5-1-1-2-4",null,"0#桥台4#桩",{"$nulls":5},84806,"第三册S4-3-17"]
[null,"403-1-a","I级钢筋(包括基础、承台、支撑梁等)","kg",126,null,null,5.18,653]
[null,"403-1-b","II级钢筋(包括基础、承台、支撑梁等)","kg",3573.7,null,null,5.18,18512]
[null,"405-1-b-5","桩径1.5m","m",22,null,null,2983.69,65641]
["1-4-5-1-1-2-5",null,"8#桥台1#桩",{"$nulls":5},91611,"第三册S4-3-17"]
[null,"403-1-a","I级钢筋(包括基础、承台、支撑梁等)","kg",152.1,null,null,5.18,788]
[null,"403-1-b","II级钢筋(包括基础、承台、支撑梁等)","kg",3709.3,null,null,5.18,19214]
[null,"405-1-b-5","桩径1.5m","m",24,null,null,2983.69,71609]
["1-4-5-1-1-2-6",null,"8#桥台2#桩",{"$nulls":5},91611,"第三册S4-3-17"]
[null,"403-1-a","I级钢筋(包括基础、承台、支撑梁等)","kg",152.1,null,null,5.18,788]
[null,"403-1-b","II级钢筋(包括基础、承台、支撑梁等)","kg",3709.3,null,null,5.18,19214]
[null,"405-1-b-5","桩径1.5m","m",24,null,null,2983.69,71609]
["1-4-5-1-1-2-7",null,"8#桥台3#桩",{"$nulls":5},91611,"第三册S4-3-17"]
[null,"403-1-a","I级钢筋(包括基础、承台、支撑梁等)","kg",152.1,null,null,5.18,788]
[null,"403-1-b","II级钢筋(包括基础、承台、支撑梁等)","kg",3709.3,null,null,5.18,19214]
[null,"405-1-b-5","桩径1.5m","m",24,null,null,2983.69,71609]
["1-4-5-1-1-2-8",null,"8#桥台4#桩",{"$nulls":5},91611,"第三册S4-3-17"]
[null,"403-1-a","I级钢筋(包括基础、承台、支撑梁等)","kg",152.1,null,null,5.18,788]
[null,"403-1-b","II级钢筋(包括基础、承台、支撑梁等)","kg",3709.3,null,null,5.18,19214]
[null,"405-1-b-5","桩径1.5m","m",24,null,null,2983.69,71609]
["1-4-5-1-1-3",null,"桥台承台",{"$nulls":5},170466]
["1-4-5-1-1-3-1",null,"0#桥台承台",{"$nulls":5},85233,"第三册S4-3-16"]
[null,"403-1-b","II级钢筋(包括基础、承台、支撑梁等)","kg",8734.3,null,null,5.18,45244]
[null,"410-1-b","C25混凝土","m3",86,null,null,464.99,39989]
["1-4-5-1-1-3-2",null,"8#桥台承台",{"$nulls":5},85233,"第三册S4-3-16"]
[null,"403-1-b","II级钢筋(包括基础、承台、支撑梁等)","kg",8734.3,null,null,5.18,45244]
[null,"410-1-b","C25混凝土","m3",86,null,null,464.99,39989]
["1-4-5-1-1-5",null,"桥台台身",{"$nulls":5},142108]
["1-4-5-1-1-5-1",null,"0#桥台台身",{"$nulls":5},88247,"第三册S4-3-14"]
[null,"403-2-a","光圆钢筋（HPB300）","kg",1260.2,null,null,5.37,6767]
[null,"403-2-b","带肋钢筋（HRB400）","kg",8477.68,null,null,5.44,46119]
[null,"410-2-c","C35混凝土","m3",68.1,null,null,519.25,35361]
["1-4-5-1-1-5-2",null,"8#桥台台身",{"$nulls":5},53861,"第三册S4-3-14"]
[null,"403-2-a","光圆钢筋（HPB300）","kg",830.6,null,null,5.37,4460]
[null,"403-2-b","带肋钢筋（HRB400）","kg",5587.58,null,null,5.44,30396]
[null,"410-2-c","C35混凝土","m3",36.6,null,null,519.25,19005]
["1-4-5-1-1-6",null,"桥台耳背墙",{"$nulls":5},43120]
["1-4-5-1-1-6-1",null,"0#桥台耳背墙",{"$nulls":5},13268,"第三册S4-3-15"]
[null,"403-2-b","带肋钢筋（HRB400）","kg",2438.92,null,null,5.44,13268]
["1-4-5-1-1-6-2",null,"0#桥台耳背墙",{"$nulls":5},8292,"第三册S4-3-15"]
[null,"410-2-b","C30混凝土","m3",23.1,null,null,358.97,8292]
["1-4-5-1-1-6-3",null,"8#桥台耳背墙",{"$nulls":5},13268,"第三册S4-3-15"]
[null,"403-2-b","带肋钢筋（HRB400）","kg",2438.92,null,null,5.44,13268]
["1-4-5-1-1-6-4",null,"8#桥台耳背墙",{"$nulls":5},8292,"第三册S4-3-15"]
[null,"410-2-b","C30混凝土","m3",23.1,null,null,358.97,8292]
["1-4-5-1-1-7",null,"桥台台帽",{"$nulls":5},86620]
["1-4-5-1-1-7-1",null,"0#桥台台帽",{"$nulls":5},43310,"第三册S4-3-13"]
[null,"403-2-b","带肋钢筋（HRB400）","kg",5797,null,null,5.44,31536]
[null,"410-2-b","C30混凝土","m3",32.8,null,null,358.97,11774]
["1-4-5-1-1-7-2",null,"8#桥台台帽",{"$nulls":5},43310,"第三册S4-3-13"]
[null,"403-2-b","带肋钢筋（HRB400）","kg",5797,null,null,5.44,31536]
[null,"410-2-b","C30混凝土","m3",32.8,null,null,358.97,11774]
["1-4-5-1-1-11",null,"桥台支座垫石、挡块",{"$nulls":5},12374]
["1-4-5-1-1-11-1",null,"0#桥台支座垫石、挡块",{"$nulls":5},5450,"第三册S4-5-2-4"]
[null,"403-4-b","带肋钢筋（HRB400）","kg",1018.7,null,null,5.35,5450]
["1-4-5-1-1-11-2",null,"8#桥台支座垫石、挡块",{"$nulls":5},5450,"第三册S4-5-2-4"]
[null,"403-4-b","带肋钢筋（HRB400）","kg",1018.7,null,null,5.35,5450]
["1-4-5-1-1-11-3",null,"0#桥台挡块",{"$nulls":5},579,"第三册S4-5-2-4"]
[null,"410-6-c","C30混凝土","m3",1.1,null,null,526.78,579]
["1-4-5-1-1-11-4",null,"8#桥台挡块",{"$nulls":5},579,"第三册S4-5-2-4"]
[null,"410-6-c","C30混凝土","m3",1.1,null,null,526.78,579]
["1-4-5-1-1-11-5",null,"0#桥台支座垫石",{"$nulls":5},158,"第三册S4-5-2-4"]
[null,"410-6-h","C50小石子混凝土","m3",0.3,null,null,527.65,158]
["1-4-5-1-1-11-6",null,"8#桥台支座垫石",{"$nulls":5},158,"第三册S4-5-2-4"]
[null,"410-6-h","C50小石子混凝土","m3",0.3,null,null,527.65,158]
["1-4-5-1-2",null,"桥墩基础","m2/m",{"$nulls":4},2148531]
["1-4-5-1-2-1",null,"桥墩桩基础","m/根",{"$nulls":4},1870722]
["1-4-5-1-2-1-1",null,"1#桥墩1#桩",{"$nulls":5},133623,"第三册S4-3-11"]
[null,"403-1-a","I级钢筋(包括基础、承台、支撑梁等)","kg",193.1,null,null,5.18,1000]
[null,"403-1-b","II级钢筋(包括基础、承台、支撑梁等)","kg",4633.4,null,null,5.18,24001]
[null,"405-1-b-6","桩径1.6m","m",26,null,null,4177.78,108622]
["1-4-5-1-2-1-2",null,"1#桥墩2#桩",{"$nulls":5},133623,"第三册S4-3-11"]
[null,"403-1-a","I级钢筋(包括基础、承台、支撑梁等)","kg",193.1,null,null,5.18,1000]
[null,"403-1-b","II级钢筋(包括基础、承台、支撑梁等)","kg",4633.4,null,null,5.18,24001]
[null,"405-1-b-6","桩径1.6m","m",26,null,null,4177.78,108622]
["1-4-5-1-2-1-3",null,"2#桥墩1#桩",{"$nulls":5},133623,"第三册S4-3-11"]
[null,"403-1-a","I级钢筋(包括基础、承台、支撑梁等)","kg",193.1,null,null,5.18,1000]
[null,"403-1-b","II级钢筋(包括基础、承台、支撑梁等)","kg",4633.4,null,null,5.18,24001]
[null,"405-1-b-6","桩径1.6m","m",26,null,null,4177.78,108622]
["1-4-5-1-2-1-4",null,"2#桥墩2#桩",{"$nulls":5},133623,"第三册S4-3-11"]
[null,"403-1-a","I级钢筋(包括基础、承台、支撑梁等)","kg",193.1,null,null,5.18,1000]
[null,"403-1-b","II级钢筋(包括基础、承台、支撑梁等)","kg",4633.4,null,null,5.18,24001]
[null,"405-1-b-6","桩径1.6m","m",26,null,null,4177.78,108622]
["1-4-5-1-2-1-5",null,"3#桥墩1#桩",{"$nulls":5},133623,"第三册S4-3-11"]
[null,"403-1-a","I级钢筋(包括基础、承台、支撑梁等)","kg",193.1,null,null,5.18,1000]
[null,"403-1-b","II级钢筋(包括基础、承台、支撑梁等)","kg",4633.4,null,null,5.18,24001]
[null,"405-1-b-6","桩径1.6m","m",26,null,null,4177.78,108622]
["1-4-5-1-2-1-6",null,"3#桥墩2#桩",{"$nulls":5},133623,"第三册S4-3-11"]
[null,"403-1-a","I级钢筋(包括基础、承台、支撑梁等)","kg",193.1,null,null,5.18,1000]
[null,"403-1-b","II级钢筋(包括基础、承台、支撑梁等)","kg",4633.4,null,null,5.18,24001]
[null,"405-1-b-6","桩径1.6m","m",26,null,null,4177.78,108622]
["1-4-5-1-2-1-7",null,"4#桥墩1#桩",{"$nulls":5},133623,"第三册S4-3-11"]
[null,"403-1-a","I级钢筋(包括基础、承台、支撑梁等)","kg",193.1,null,null,5.18,1000]
[null,"403-1-b","II级钢筋(包括基础、承台、支撑梁等)","kg",4633.4,null,null,5.18,24001]
[null,"405-1-b-6","桩径1.6m","m",26,null,null,4177.78,108622]
["1-4-5-1-2-1-8",null,"4#桥墩2#桩",{"$nulls":5},133623,"第三册S4-3-11"]
[null,"403-1-a","I级钢筋(包括基础、承台、支撑梁等)","kg",193.1,null,null,5.18,1000]
[null,"403-1-b","II级钢筋(包括基础、承台、支撑梁等)","kg",4633.4,null,null,5.18,24001]
[null,"405-1-b-6","桩径1.6m","m",26,null,null,4177.78,108622]
["1-4-5-1-2-1-9",null,"5#桥墩1#桩",{"$nulls":5},133623,"第三册S4-3-11"]
[null,"403-1-a","I级钢筋(包括基础、承台、支撑梁等)","kg",193.1,null,null,5.18,1000]
[null,"403-1-b","II级钢筋(包括基础、承台、支撑梁等)","kg",4633.4,null,null,5.18,24001]
[null,"405-1-b-6","桩径1.6m","m",26,null,null,4177.78,108622]
["1-4-5-1-2-1-10",null,"5#桥墩2#桩",{"$nulls":5},133623,"第三册S4-3-11"]
[null,"403-1-a","I级钢筋(包括基础、承台、支撑梁等)","kg",193.1,null,null,5.18,1000]
[null,"403-1-b","II级钢筋(包括基础、承台、支撑梁等)","kg",4633.4,null,null,5.18,24001]
[null,"405-1-b-6","桩径1.6m","m",26,null,null,4177.78,108622]
["1-4-5-1-2-1-11",null,"6#桥墩1#桩",{"$nulls":5},133623,"第三册S4-3-11"]
[null,"403-1-a","I级钢筋(包括基础、承台、支撑梁等)","kg",193.1,null,null,5.18,1000]
[null,"403-1-b","II级钢筋(包括基础、承台、支撑梁等)","kg",4633.4,null,null,5.18,24001]
[null,"405-1-b-6","桩径1.6m","m",26,null,null,4177.78,108622]
["1-4-5-1-2-1-12",null,"6#桥墩2#桩",{"$nulls":5},133623,"第三册S4-3-11"]
[null,"403-1-a","I级钢筋(包括基础、承台、支撑梁等)","kg",193.1,null,null,5.18,1000]
[null,"403-1-b","II级钢筋(包括基础、承台、支撑梁等)","kg",4633.4,null,null,5.18,24001]
[null,"405-1-b-6","桩径1.6m","m",26,null,null,4177.78,108622]
["1-4-5-1-2-1-13",null,"7#桥墩1#桩",{"$nulls":5},133623,"第三册S4-3-11"]
[null,"403-1-a","I级钢筋(包括基础、承台、支撑梁等)","kg",193.1,null,null,5.18,1000]
[null,"403-1-b","II级钢筋(包括基础、承台、支撑梁等)","kg",4633.4,null,null,5.18,24001]
[null,"405-1-b-6","桩径1.6m","m",26,null,null,4177.78,108622]
["1-4-5-1-2-1-14",null,"7#桥墩2#桩",{"$nulls":5},133623,"第三册S4-3-11"]
[null,"403-1-a","I级钢筋(包括基础、承台、支撑梁等)","kg",193.1,null,null,5.18,1000]
[null,"403-1-b","II级钢筋(包括基础、承台、支撑梁等)","kg",4633.4,null,null,5.18,24001]
[null,"405-1-b-6","桩径1.6m","m",26,null,null,4177.78,108622]
["1-4-5-1-2-4",null,"桥墩承台",{"$nulls":5},277809]
["1-4-5-1-2-4-1",null,"1#桥墩承台",{"$nulls":5},39687,"第三册S4-3-10"]
[null,"403-1-b","II级钢筋(包括基础、承台、支撑梁等)","kg",4225.7,null,null,5.18,21889]
[null,"410-1-c","C30混凝土","m3",34.3,null,null,518.88,17798]
["1-4-5-1-2-4-2",null,"2#桥墩承台",{"$nulls":5},39687,"第三册S4-3-10"]
[null,"403-1-b","II级钢筋(包括基础、承台、支撑梁等)","kg",4225.7,null,null,5.18,21889]
[null,"410-1-c","C30混凝土","m3",34.3,null,null,518.88,17798]
["1-4-5-1-2-4-3",null,"3#桥墩承台",{"$nulls":5},39687,"第三册S4-3-10"]
[null,"403-1-b","II级钢筋(包括基础、承台、支撑梁等)","kg",4225.7,null,null,5.18,21889]
[null,"410-1-c","C30混凝土","m3",34.3,null,null,518.88,17798]
["1-4-5-1-2-4-4",null,"4#桥墩承台",{"$nulls":5},39687,"第三册S4-3-10"]
[null,"403-1-b","II级钢筋(包括基础、承台、支撑梁等)","kg",4225.7,null,null,5.18,21889]
[null,"410-1-c","C30混凝土","m3",34.3,null,null,518.88,17798]
["1-4-5-1-2-4-5",null,"5#桥墩承台",{"$nulls":5},39687,"第三册S4-3-10"]
[null,"403-1-b","II级钢筋(包括基础、承台、支撑梁等)","kg",4225.7,null,null,5.18,21889]
[null,"410-1-c","C30混凝土","m3",34.3,null,null,518.88,17798]
["1-4-5-1-2-4-6",null,"6#桥墩承台",{"$nulls":5},39687,"第三册S4-3-10"]
[null,"403-1-b","II级钢筋(包括基础、承台、支撑梁等)","kg",4225.7,null,null,5.18,21889]
[null,"410-1-c","C30混凝土","m3",34.3,null,null,518.88,17798]
["1-4-5-1-2-4-7",null,"7#桥墩承台",{"$nulls":5},39687,"第三册S4-3-10"]
[null,"403-1-b","II级钢筋(包括基础、承台、支撑梁等)","kg",4225.7,null,null,5.18,21889]
[null,"410-1-c","C30混凝土","m3",34.3,null,null,518.88,17798]
["1-4-5-1-3",null,"下部构造（墩高××m）","m2/m",{"$nulls":4},1193423]
["1-4-5-1-3-8",null,"桥墩墩柱",{"$nulls":5},444576]
["1-4-5-1-3-8-1",null,"1#桥墩墩柱",{"$nulls":5},74098,"第三册S4-3-9"]
[null,"403-2-b","带肋钢筋（HRB400）","kg",9258.9,null,null,5.44,50368]
[null,"410-2-c","C35混凝土","m3",45.7,null,null,519.25,23730]
["1-4-5-1-3-8-2",null,"2#桥墩墩柱",{"$nulls":5},91153,"第三册S4-3-9"]
[null,"403-2-b","带肋钢筋（HRB400）","kg",10933.7,null,null,5.44,59479]
[null,"410-2-c","C35混凝土","m3",61,null,null,519.25,31674]
["1-4-5-1-3-8-3",null,"3#桥墩墩柱",{"$nulls":5},87291,"第三册S4-3-9"]
[null,"403-2-b","带肋钢筋（HRB400）","kg",10548.2,null,null,5.44,57382]
[null,"410-2-c","C35混凝土","m3",57.6,null,null,519.25,29909]
["1-4-5-1-3-8-4",null,"4#桥墩墩柱",{"$nulls":5},65386,"第三册S4-3-9"]
[null,"403-2-b","带肋钢筋（HRB400）","kg",7733.9,null,null,5.44,42072]
[null,"410-2-c","C35混凝土","m3",44.9,null,null,519.25,23314]
["1-4-5-1-3-8-5",null,"5#桥墩墩柱",{"$nulls":5},55563,"第三册S4-3-9"]
[null,"403-2-b","带肋钢筋（HRB400）","kg",6768.1,null,null,5.44,36818]
[null,"410-2-c","C35混凝土","m3",36.1,null,null,519.25,18745]
["1-4-5-1-3-8-6",null,"6#桥墩墩柱",{"$nulls":5},28919,"第三册S4-3-9"]
[null,"403-2-b","带肋钢筋（HRB400）","kg",4161.1,null,null,5.44,22636]
[null,"410-2-c","C35混凝土","m3",12.1,null,null,519.25,6283]
["1-4-5-1-3-8-7",null,"7#桥墩墩柱",{"$nulls":5},42166,"第三册S4-3-9"]
[null,"403-2-b","带肋钢筋（HRB400）","kg",5460.3,null,null,5.44,29704]
[null,"410-2-c","C35混凝土","m3",24,null,null,519.25,12462]
["1-4-5-1-3-4",null,"桥墩承台",{"$nulls":5},277809]
["1-4-5-1-3-4-1",null,"1#桥墩承台",{"$nulls":5},39687,"第三册S4-3-10"]
[null,"403-1-b","II级钢筋(包括基础、承台、支撑梁等)","kg",4225.7,null,null,5.18,21889]
[null,"410-1-c","C30混凝土","m3",34.3,null,null,518.88,17798]
["1-4-5-1-3-4-2",null,"2#桥墩承台",{"$nulls":5},39687,"第三册S4-3-10"]
[null,"403-1-b","II级钢筋(包括基础、承台、支撑梁等)","kg",4225.7,null,null,5.18,21889]
[null,"410-1-c","C30混凝土","m3",34.3,null,null,518.88,17798]
["1-4-5-1-3-4-3",null,"3#桥墩承台",{"$nulls":5},39687,"第三册S4-3-10"]
[null,"403-1-b","II级钢筋(包括基础、承台、支撑梁等)","kg",4225.7,null,null,5.18,21889]
[null,"410-1-c","C30混凝土","m3",34.3,null,null,518.88,17798]
["1-4-5-1-3-4-4",null,"4#桥墩承台",{"$nulls":5},39687,"第三册S4-3-10"]
[null,"403-1-b","II级钢筋(包括基础、承台、支撑梁等)","kg",4225.7,null,null,5.18,21889]
[null,"410-1-c","C30混凝土","m3",34.3,null,null,518.88,17798]
["1-4-5-1-3-4-5",null,"5#桥墩承台",{"$nulls":5},39687,"第三册S4-3-10"]
[null,"403-1-b","II级钢筋(包括基础、承台、支撑梁等)","kg",4225.7,null,null,5.18,21889]
[null,"410-1-c","C30混凝土","m3",34.3,null,null,518.88,17798]
["1-4-5-1-3-4-6",null,"6#桥墩承台",{"$nulls":5},39687,"第三册S4-3-10"]
[null,"403-1-b","II级钢筋(包括基础、承台、支撑梁等)","kg",4225.7,null,null,5.18,21889]
[null,"410-1-c","C30混凝土","m3",34.3,null,null,518.88,17798]
["1-4-5-1-3-4-7",null,"7#桥墩承台",{"$nulls":5},39687,"第三册S4-3-10"]
[null,"403-1-b","II级钢筋(包括基础、承台、支撑梁等)","kg",4225.7,null,null,5.18,21889]
[null,"410-1-c","C30混凝土","m3",34.3,null,null,518.88,17798]
["1-4-5-1-3-9",null,"桥墩盖梁",{"$nulls":5},409521]
["1-4-5-1-3-9-1",null,"1#桥墩盖梁",{"$nulls":5},58503,"第三册S4-3-8"]
[null,"403-2-b","带肋钢筋（HRB400）","kg",7586.7,null,null,5.44,41272]
[null,"410-2-b","C30混凝土","m3",48,null,null,358.97,17231]
["1-4-5-1-3-9-2",null,"2#桥墩盖梁",{"$nulls":5},58503,"第三册S4-3-8"]
[null,"403-2-b","带肋钢筋（HRB400）","kg",7586.7,null,null,5.44,41272]
[null,"410-2-b","C30混凝土","m3",48,null,null,358.97,17231]
["1-4-5-1-3-9-3",null,"3#桥墩盖梁",{"$nulls":5},58503,"第三册S4-3-8"]
[null,"403-2-b","带肋钢筋（HRB400）","kg",7586.7,null,null,5.44,41272]
[null,"410-2-b","C30混凝土","m3",48,null,null,358.97,17231]
["1-4-5-1-3-9-4",null,"4#桥墩盖梁",{"$nulls":5},58503,"第三册S4-3-8"]
[null,"403-2-b","带肋钢筋（HRB400）","kg",7586.7,null,null,5.44,41272]
[null,"410-2-b","C30混凝土","m3",48,null,null,358.97,17231]
["1-4-5-1-3-9-5",null,"5#桥墩盖梁",{"$nulls":5},58503,"第三册S4-3-8"]
[null,"403-2-b","带肋钢筋（HRB400）","kg",7586.7,null,null,5.44,41272]
[null,"410-2-b","C30混凝土","m3",48,null,null,358.97,17231]
["1-4-5-1-3-9-6",null,"6#桥墩盖梁",{"$nulls":5},58503,"第三册S4-3-8"]
[null,"403-2-b","带肋钢筋（HRB400）","kg",7586.7,null,null,5.44,41272]
[null,"410-2-b","C30混凝土","m3",48,null,null,358.97,17231]
["1-4-5-1-3-9-7",null,"7#桥墩盖梁",{"$nulls":5},58503,"第三册S4-3-8"]
[null,"403-2-b","带肋钢筋（HRB400）","kg",7586.7,null,null,5.44,41272]
[null,"410-2-b","C30混凝土","m3",48,null,null,358.97,17231]
["1-4-5-1-3-10",null,"桥墩支座垫石和挡块",{"$nulls":5},40755]
["1-4-5-1-3-10-1",null,"1#桥墩挡块",{"$nulls":5},4787,"第三册S4-5-2-1"]
[null,"403-4-b","带肋钢筋（HRB400）","kg",776.6,null,null,5.35,4155]
[null,"410-6-c","C30混凝土","m3",1.2,null,null,526.78,632]
["1-4-5-1-3-10-2",null,"2#桥墩挡块",{"$nulls":5},4787,"第三册S4-5-2-1"]
[null,"403-4-b","带肋钢筋（HRB400）","kg",776.6,null,null,5.35,4155]
[null,"410-6-c","C30混凝土","m3",1.2,null,null,526.78,632]
["1-4-5-1-3-10-3",null,"3#桥墩挡块",{"$nulls":5},4787,"第三册S4-5-2-1"]
[null,"403-4-b","带肋钢筋（HRB400）","kg",776.6,null,null,5.35,4155]
[null,"410-6-c","C30混凝土","m3",1.2,null,null,526.78,632]
["1-4-5-1-3-10-4",null,"4#桥墩挡块",{"$nulls":5},2806,"第三册S4-5-2-1"]
[null,"403-4-b","带肋钢筋（HRB400）","kg",441.9,null,null,5.35,2364]
[null,"410-6-c","C30混凝土","m3",0.84,null,null,526.78,442]
["1-4-5-1-3-10-5",null,"5#桥墩挡块",{"$nulls":5},4787,"第三册S4-5-2-1"]
[null,"403-4-b","带肋钢筋（HRB400）","kg",776.6,null,null,5.35,4155]
[null,"410-6-c","C30混凝土","m3",1.2,null,null,526.78,632]
["1-4-5-1-3-10-6",null,"6#桥墩挡块",{"$nulls":5},4787,"第三册S4-5-2-1"]
[null,"403-4-b","带肋钢筋（HRB400）","kg",776.6,null,null,5.35,4155]
[null,"410-6-c","C30混凝土","m3",1.2,null,null,526.78,632]
["1-4-5-1-3-10-7",null,"7#桥墩挡块",{"$nulls":5},4787,"第三册S4-5-2-1"]
[null,"403-4-b","带肋钢筋（HRB400）","kg",776.6,null,null,5.35,4155]
[null,"410-6-c","C30混凝土","m3",1.2,null,null,526.78,632]
["1-4-5-1-3-10-8",null,"1#桥墩支座垫石",{"$nulls":5},1259,"第三册S4-5-2-1"]
[null,"403-4-b","带肋钢筋（HRB400）","kg",180.1,null,null,5.35,964]
[null,"410-6-h","C50小石子混凝土","m3",0.56,null,null,527.65,295]
["1-4-5-1-3-10-9",null,"2#桥墩支座垫石",{"$nulls":5},1259,"第三册S4-5-2-1"]
[null,"403-4-b","带肋钢筋（HRB400）","kg",180.1,null,null,5.35,964]
[null,"410-6-h","C50小石子混凝土","m3",0.56,null,null,527.65,295]
["1-4-5-1-3-10-10",null,"3#桥墩支座垫石",{"$nulls":5},1259,"第三册S4-5-2-1"]
[null,"403-4-b","带肋钢筋（HRB400）","kg",180.1,null,null,5.35,964]
[null,"410-6-h","C50小石子混凝土","m3",0.56,null,null,527.65,295]
["1-4-5-1-3-10-11",null,"4#桥墩支座垫石",{"$nulls":5},1673,"第三册S4-5-2-1"]
[null,"403-4-b","带肋钢筋（HRB400）","kg",277.2,null,null,5.35,1483]
[null,"410-6-h","C50小石子混凝土","m3",0.36,null,null,527.65,190]
["1-4-5-1-3-10-12",null,"5#桥墩支座垫石",{"$nulls":5},1259,"第三册S4-5-2-1"]
[null,"403-4-b","带肋钢筋（HRB400）","kg",180.1,null,null,5.35,964]
[null,"410-6-h","C50小石子混凝土","m3",0.56,null,null,527.65,295]
["1-4-5-1-3-10-13",null,"6#桥墩支座垫石",{"$nulls":5},1259,"第三册S4-5-2-1"]
[null,"403-4-b","带肋钢筋（HRB400）","kg",180.1,null,null,5.35,964]
[null,"410-6-h","C50小石子混凝土","m3",0.56,null,null,527.65,295]
["1-4-5-1-3-10-14",null,"7#桥墩支座垫石",{"$nulls":5},1259,"第三册S4-5-2-1"]
[null,"403-4-b","带肋钢筋（HRB400）","kg",180.1,null,null,5.35,964]
[null,"410-6-h","C50小石子混凝土","m3",0.56,null,null,527.65,295]
["1-4-5-1-3-12",null,"桥墩防震锚栓",{"$nulls":5},20762]
["1-4-5-1-3-12-1",null,"1#桥墩防震锚栓",{"$nulls":5},2966,"第三册S4-5-2-3"]
[null,"403-2-b","带肋钢筋（HRB400）","kg",545.2,null,null,5.44,2966]
["1-4-5-1-3-12-2",null,"2#桥墩防震锚栓",{"$nulls":5},2966,"第三册S4-5-2-3"]
[null,"403-2-b","带肋钢筋（HRB400）","kg",545.2,null,null,5.44,2966]
["1-4-5-1-3-12-3",null,"3#桥墩防震锚栓",{"$nulls":5},2966,"第三册S4-5-2-3"]
[null,"403-2-b","带肋钢筋（HRB400）","kg",545.2,null,null,5.44,2966]
["1-4-5-1-3-12-4",null,"4#桥墩防震锚栓",{"$nulls":5},2966,"第三册S4-5-2-3"]
[null,"403-2-b","带肋钢筋（HRB400）","kg",545.2,null,null,5.44,2966]
["1-4-5-1-3-12-5",null,"5#桥墩防震锚栓",{"$nulls":5},2966,"第三册S4-5-2-3"]
[null,"403-2-b","带肋钢筋（HRB400）","kg",545.2,null,null,5.44,2966]
["1-4-5-1-3-12-6",null,"6#桥墩防震锚栓",{"$nulls":5},2966,"第三册S4-5-2-3"]
[null,"403-2-b","带肋钢筋（HRB400）","kg",545.2,null,null,5.44,2966]
["1-4-5-1-3-12-7",null,"7#桥墩防震锚栓",{"$nulls":5},2966,"第三册S4-5-2-3"]
[null,"403-2-b","带肋钢筋（HRB400）","kg",545.2,null,null,5.44,2966]
["1-4-5-1-4",null,"上部构造","m2/m",{"$nulls":4},3954527]
["1-4-5-1-4-13",null,"梁端封锚",{"$nulls":5},25974]
["1-4-5-1-4-13-1",null,"0#桥台梁端封锚钢筋",{"$nulls":5},131,"第三册S4-5-1-10"]
[null,"403-3-a","光圆钢筋（HPB300）","kg",23.82,null,null,5.52,131]
["1-4-5-1-4-13-2",null,"8#桥台梁端封锚钢筋",{"$nulls":5},131,"第三册S4-5-1-10"]
[null,"403-3-a","光圆钢筋（HPB300）","kg",23.82,null,null,5.52,131]
["1-4-5-1-4-13-3",null,"第1跨梁端加强钢筋",{"$nulls":5},3214,"第三册S4-5-1-8"]
[null,"403-3-b","带肋钢筋（HRB400）","kg",570.81,null,null,5.63,3214]
["1-4-5-1-4-13-4",null,"第2跨梁端加强钢筋",{"$nulls":5},3214,"第三册S4-5-1-8"]
[null,"403-3-b","带肋钢筋（HRB400）","kg",570.81,null,null,5.63,3214]
["1-4-5-1-4-13-5",null,"第3跨梁端加强钢筋",{"$nulls":5},3214,"第三册S4-5-1-8"]
[null,"403-3-b","带肋钢筋（HRB400）","kg",570.81,null,null,5.63,3214]
["1-4-5-1-4-13-6",null,"第3跨梁端加强钢筋",{"$nulls":5},3214,"第三册S4-5-1-8"]
[null,"403-3-b","带肋钢筋（HRB400）","kg",570.81,null,null,5.63,3214]
["1-4-5-1-4-13-7",null,"第5跨梁端加强钢筋",{"$nulls":5},3214,"第三册S4-5-1-8"]
[null,"403-3-b","带肋钢筋（HRB400）","kg",570.81,null,null,5.63,3214]
["1-4-5-1-4-13-8",null,"第6跨梁端加强钢筋",{"$nulls":5},3214,"第三册S4-5-1-8"]
[null,"403-3-b","带肋钢筋（HRB400）","kg",570.81,null,null,5.63,3214]
["1-4-5-1-4-13-9",null,"第7跨梁端加强钢筋",{"$nulls":5},3214,"第三册S4-5-1-8"]
[null,"403-3-b","带肋钢筋（HRB400）","kg",570.81,null,null,5.63,3214]
["1-4-5-1-4-13-10",null,"第8跨梁端加强钢筋",{"$nulls":5},3214,"第三册S4-5-1-8"]
[null,"403-3-b","带肋钢筋（HRB400）","kg",570.81,null,null,5.63,3214]
["1-4-5-1-4-14",null,"现浇湿接缝",{"$nulls":5},312232]
["1-4-5-1-4-14-1",null,"第1跨现浇湿接缝",{"$nulls":5},39029,"第三册S4-5-1-11"]
[null,"403-3-a","光圆钢筋（HPB300）","kg",1016.2,null,null,5.52,5609]
[null,"403-3-b","带肋钢筋（HRB400）","kg",3063.56,null,null,5.63,17248]
[null,"411-7-a","C50混凝土","m3",15.9,null,null,1017.08,16172]
["1-4-5-1-4-14-2",null,"第2跨现浇湿接缝",{"$nulls":5},39029,"第三册S4-5-1-11"]
[null,"403-3-a","光圆钢筋（HPB300）","kg",1016.2,null,null,5.52,5609]
[null,"403-3-b","带肋钢筋（HRB400）","kg",3063.56,null,null,5.63,17248]
[null,"411-7-a","C50混凝土","m3",15.9,null,null,1017.08,16172]
["1-4-5-1-4-14-3",null,"第3跨现浇湿接缝",{"$nulls":5},39029,"第三册S4-5-1-11"]
[null,"403-3-a","光圆钢筋（HPB300）","kg",1016.2,null,null,5.52,5609]
[null,"403-3-b","带肋钢筋（HRB400）","kg",3063.56,null,null,5.63,17248]
[null,"411-7-a","C50混凝土","m3",15.9,null,null,1017.08,16172]
["1-4-5-1-4-14-4",null,"第4跨现浇湿接缝",{"$nulls":5},39029,"第三册S4-5-1-11"]
[null,"403-3-a","光圆钢筋（HPB300）","kg",1016.2,null,null,5.52,5609]
[null,"403-3-b","带肋钢筋（HRB400）","kg",3063.56,null,null,5.63,17248]
[null,"411-7-a","C50混凝土","m3",15.9,null,null,1017.08,16172]
["1-4-5-1-4-14-5",null,"第5跨现浇湿接缝",{"$nulls":5},39029,"第三册S4-5-1-11"]
[null,"403-3-a","光圆钢筋（HPB300）","kg",1016.2,null,null,5.52,5609]
[null,"403-3-b","带肋钢筋（HRB400）","kg",3063.56,null,null,5.63,17248]
[null,"411-7-a","C50混凝土","m3",15.9,null,null,1017.08,16172]
["1-4-5-1-4-14-6",null,"第6跨现浇湿接缝",{"$nulls":5},39029,"第三册S4-5-1-11"]
[null,"403-3-a","光圆钢筋（HPB300）","kg",1016.2,null,null,5.52,5609]
[null,"403-3-b","带肋钢筋（HRB400）","kg",3063.56,null,null,5.63,17248]
[null,"411-7-a","C50混凝土","m3",15.9,null,null,1017.08,16172]
["1-4-5-1-4-14-7",null,"第7跨现浇湿接缝",{"$nulls":5},39029,"第三册S4-5-1-11"]
[null,"403-3-a","光圆钢筋（HPB300）","kg",1016.2,null,null,5.52,5609]
[null,"403-3-b","带肋钢筋（HRB400）","kg",3063.56,null,null,5.63,17248]
[null,"411-7-a","C50混凝土","m3",15.9,null,null,1017.08,16172]
["1-4-5-1-4-14-8",null,"第8跨现浇湿接缝",{"$nulls":5},39029,"第三册S4-5-1-11"]
[null,"403-3-a","光圆钢筋（HPB300）","kg",1016.2,null,null,5.52,5609]
[null,"403-3-b","带肋钢筋（HRB400）","kg",3063.56,null,null,5.63,17248]
[null,"411-7-a","C50混凝土","m3",15.9,null,null,1017.08,16172]
["1-4-5-1-4-15",null,"端横梁",{"$nulls":5},7554]
["1-4-5-1-4-15-1",null,"0#桥台端横梁",{"$nulls":5},3777,"第三册S4-5-1-12"]
[null,"403-3-a","光圆钢筋（HPB300）","kg",256.84,null,null,5.52,1418]
[null,"403-3-b","带肋钢筋（HRB400）","kg",310.67,null,null,5.63,1749]
[null,"411-7-a","C50混凝土","m3",0.6,null,null,1017.08,610]
["1-4-5-1-4-15-2",null,"8#桥台端横梁",{"$nulls":5},3777,"第三册S4-5-1-12"]
[null,"403-3-a","光圆钢筋（HPB300）","kg",256.84,null,null,5.52,1418]
[null,"403-3-b","带肋钢筋（HRB400）","kg",310.67,null,null,5.63,1749]
[null,"411-7-a","C50混凝土","m3",0.6,null,null,1017.08,610]
["1-4-5-1-4-16",null,"中横梁",{"$nulls":5},99799]
["1-4-5-1-4-16-1",null,"1#桥墩中横梁",{"$nulls":5},14257,"第三册S4-5-1-13"]
[null,"403-3-a","光圆钢筋（HPB300）","kg",226.94,null,null,5.52,1253]
[null,"403-3-b","带肋钢筋（HRB400）","kg",702.01,null,null,5.63,3952]
[null,"411-7-a","C50混凝土","m3",8.9,null,null,1017.08,9052]
["1-4-5-1-4-16-2",null,"2#桥墩中横梁",{"$nulls":5},14257,"第三册S4-5-1-13"]
[null,"403-3-a","光圆钢筋（HPB300）","kg",226.94,null,null,5.52,1253]
[null,"403-3-b","带肋钢筋（HRB400）","kg",702.01,null,null,5.63,3952]
[null,"411-7-a","C50混凝土","m3",8.9,null,null,1017.08,9052]
["1-4-5-1-4-16-3",null,"3#桥墩中横梁",{"$nulls":5},14257,"第三册S4-5-1-13"]
[null,"403-3-a","光圆钢筋（HPB300）","kg",226.94,null,null,5.52,1253]
[null,"403-3-b","带肋钢筋（HRB400）","kg",702.01,null,null,5.63,3952]
[null,"411-7-a","C50混凝土","m3",8.9,null,null,1017.08,9052]
["1-4-5-1-4-16-4",null,"4#桥墩中横梁",{"$nulls":5},14257,"第三册S4-5-1-13"]
[null,"403-3-a","光圆钢筋（HPB300）","kg",226.94,null,null,5.52,1253]
[null,"403-3-b","带肋钢筋（HRB400）","kg",702.01,null,null,5.63,3952]
[null,"411-7-a","C50混凝土","m3",8.9,null,null,1017.08,9052]
["1-4-5-1-4-16-5",null,"5#桥墩中横梁",{"$nulls":5},14257,"第三册S4-5-1-13"]
[null,"403-3-a","光圆钢筋（HPB300）","kg",226.94,null,null,5.52,1253]
[null,"403-3-b","带肋钢筋（HRB400）","kg",702.01,null,null,5.63,3952]
[null,"411-7-a","C50混凝土","m3",8.9,null,null,1017.08,9052]
["1-4-5-1-4-16-6",null,"6#桥墩中横梁",{"$nulls":5},14257,"第三册S4-5-1-13"]
[null,"403-3-a","光圆钢筋（HPB300）","kg",226.94,null,null,5.52,1253]
[null,"403-3-b","带肋钢筋（HRB400）","kg",702.01,null,null,5.63,3952]
[null,"411-7-a","C50混凝土","m3",8.9,null,null,1017.08,9052]
["1-4-5-1-4-16-7",null,"7#桥墩中横梁",{"$nulls":5},14257,"第三册S4-5-1-13"]
[null,"403-3-a","光圆钢筋（HPB300）","kg",226.94,null,null,5.52,1253]
[null,"403-3-b","带肋钢筋（HRB400）","kg",702.01,null,null,5.63,3952]
[null,"411-7-a","C50混凝土","m3",8.9,null,null,1017.08,9052]
["1-4-5-1-4-17",null,"跨中横隔板",{"$nulls":5},66136]
["1-4-5-1-4-17-1",null,"第1跨跨中横隔板",{"$nulls":5},8267,"第三册S4-5-1-14"]
[null,"403-3-a","光圆钢筋（HPB300）","kg",270.54,null,null,5.52,1493]
[null,"403-3-b","带肋钢筋（HRB400）","kg",1089.3,null,null,5.63,6133]
[null,"411-7-a","C50混凝土","m3",0.63,null,null,1017.08,641]
["1-4-5-1-4-17-2",null,"第2跨跨中横隔板",{"$nulls":5},8267,"第三册S4-5-1-14"]
[null,"403-3-a","光圆钢筋（HPB300）","kg",270.54,null,null,5.52,1493]
[null,"403-3-b","带肋钢筋（HRB400）","kg",1089.3,null,null,5.63,6133]
[null,"411-7-a","C50混凝土","m3",0.63,null,null,1017.08,641]
["1-4-5-1-4-17-3",null,"第3跨跨中横隔板",{"$nulls":5},8267,"第三册S4-5-1-14"]
[null,"403-3-a","光圆钢筋（HPB300）","kg",270.54,null,null,5.52,1493]
[null,"403-3-b","带肋钢筋（HRB400）","kg",1089.3,null,null,5.63,6133]
[null,"411-7-a","C50混凝土","m3",0.63,null,null,1017.08,641]
["1-4-5-1-4-17-4",null,"第4跨跨中横隔板",{"$nulls":5},8267,"第三册S4-5-1-14"]
[null,"403-3-a","光圆钢筋（HPB300）","kg",270.54,null,null,5.52,1493]
[null,"403-3-b","带肋钢筋（HRB400）","kg",1089.3,null,null,5.63,6133]
[null,"411-7-a","C50混凝土","m3",0.63,null,null,1017.08,641]
["1-4-5-1-4-17-5",null,"第5跨跨中横隔板",{"$nulls":5},8267,"第三册S4-5-1-14"]
[null,"403-3-a","光圆钢筋（HPB300）","kg",270.54,null,null,5.52,1493]
[null,"403-3-b","带肋钢筋（HRB400）","kg",1089.3,null,null,5.63,6133]
[null,"411-7-a","C50混凝土","m3",0.63,null,null,1017.08,641]
["1-4-5-1-4-17-6",null,"第6跨跨中横隔板",{"$nulls":5},8267,"第三册S4-5-1-14"]
[null,"403-3-a","光圆钢筋（HPB300）","kg",270.54,null,null,5.52,1493]
[null,"403-3-b","带肋钢筋（HRB400）","kg",1089.3,null,null,5.63,6133]
[null,"411-7-a","C50混凝土","m3",0.63,null,null,1017.08,641]
["1-4-5-1-4-17-7",null,"第7跨跨中横隔板",{"$nulls":5},8267,"第三册S4-5-1-14"]
[null,"403-3-a","光圆钢筋（HPB300）","kg",270.54,null,null,5.52,1493]
[null,"403-3-b","带肋钢筋（HRB400）","kg",1089.3,null,null,5.63,6133]
[null,"411-7-a","C50混凝土","m3",0.63,null,null,1017.08,641]
["1-4-5-1-4-17-8",null,"第8跨跨中横隔板",{"$nulls":5},8267,"第三册S4-5-1-14"]
[null,"403-3-a","光圆钢筋（HPB300）","kg",270.54,null,null,5.52,1493]
[null,"403-3-b","带肋钢筋（HRB400）","kg",1089.3,null,null,5.63,6133]
[null,"411-7-a","C50混凝土","m3",0.63,null,null,1017.08,641]
["1-4-5-1-4-18",null,"预制堵头板",{"$nulls":5},16400]
["1-4-5-1-4-18-1",null,"第1跨预制堵头板",{"$nulls":5},2050,"第三册S4-5-1-15"]
[null,"403-3-a","光圆钢筋（HPB300）","kg",109.3,null,null,5.52,603]
[null,"411-8-a","C50混凝土","m3",0.99,null,null,1461.17,1447]
["1-4-5-1-4-18-2",null,"第2跨预制堵头板",{"$nulls":5},2050,"第三册S4-5-1-15"]
[null,"403-3-a","光圆钢筋（HPB300）","kg",109.3,null,null,5.52,603]
[null,"411-8-a","C50混凝土","m3",0.99,null,null,1461.17,1447]
["1-4-5-1-4-18-3",null,"第3跨预制堵头板",{"$nulls":5},2050,"第三册S4-5-1-15"]
[null,"403-3-a","光圆钢筋（HPB300）","kg",109.3,null,null,5.52,603]
[null,"411-8-a","C50混凝土","m3",0.99,null,null,1461.17,1447]
["1-4-5-1-4-18-4",null,"第4跨预制堵头板",{"$nulls":5},2050,"第三册S4-5-1-15"]
[null,"403-3-a","光圆钢筋（HPB300）","kg",109.3,null,null,5.52,603]
[null,"411-8-a","C50混凝土","m3",0.99,null,null,1461.17,1447]
["1-4-5-1-4-18-5",null,"第5跨预制堵头板",{"$nulls":5},2050,"第三册S4-5-1-15"]
[null,"403-3-a","光圆钢筋（HPB300）","kg",109.3,null,null,5.52,603]
[null,"411-8-a","C50混凝土","m3",0.99,null,null,1461.17,1447]
["1-4-5-1-4-18-6",null,"第6跨预制堵头板",{"$nulls":5},2050,"第三册S4-5-1-15"]
[null,"403-3-a","光圆钢筋（HPB300）","kg",109.3,null,null,5.52,603]
[null,"411-8-a","C50混凝土","m3",0.99,null,null,1461.17,1447]
["1-4-5-1-4-18-7",null,"第7跨预制堵头板",{"$nulls":5},2050,"第三册S4-5-1-15"]
[null,"403-3-a","光圆钢筋（HPB300）","kg",109.3,null,null,5.52,603]
[null,"411-8-a","C50混凝土","m3",0.99,null,null,1461.17,1447]
["1-4-5-1-4-18-8",null,"第8跨预制堵头板",{"$nulls":5},2050,"第三册S4-5-1-15"]
[null,"403-3-a","光圆钢筋（HPB300）","kg",109.3,null,null,5.52,603]
[null,"411-8-a","C50混凝土","m3",0.99,null,null,1461.17,1447]
["1-4-5-1-4-19",null,"箱梁预制",{"$nulls":5},2784286]
["1-4-5-1-4-19-1",null," 1-1边跨边梁",{"$nulls":5},92772,"第三册S4-5-1-7"]
[null,"403-3-a","光圆钢筋（HPB300）","kg",1470,null,null,5.52,8114]
[null,"403-3-b","带肋钢筋（HRB400）","kg",5616,null,null,5.63,31618]
[null,"411-8-a","C50混凝土","m3",36.3,null,null,1461.17,53040]
["1-4-5-1-4-19-2",null," 1-2边跨中梁",{"$nulls":5},83507,"第三册S4-5-1-7"]
[null,"403-3-a","光圆钢筋（HPB300）","kg",1380,null,null,5.52,7618]
[null,"403-3-b","带肋钢筋（HRB400）","kg",4785,null,null,5.63,26940]
[null,"411-8-a","C50混凝土","m3",33.5,null,null,1461.17,48949]
["1-4-5-1-4-19-3",null," 1-3边跨中梁",{"$nulls":5},83507,"第三册S4-5-1-7"]
[null,"403-3-a","光圆钢筋（HPB300）","kg",1380,null,null,5.52,7618]
[null,"403-3-b","带肋钢筋（HRB400）","kg",4785,null,null,5.63,26940]
[null,"411-8-a","C50混凝土","m3",33.5,null,null,1461.17,48949]
["1-4-5-1-4-19-4",null," 1-4边跨边梁",{"$nulls":5},92772,"第三册S4-5-1-7"]
[null,"403-3-a","光圆钢筋（HPB300）","kg",1470,null,null,5.52,8114]
[null,"403-3-b","带肋钢筋（HRB400）","kg",5616,null,null,5.63,31618]
[null,"411-8-a","C50混凝土","m3",36.3,null,null,1461.17,53040]
["1-4-5-1-4-19-5",null,"2-1中跨边梁",{"$nulls":5},92769,"第三册S4-5-1-7"]
[null,"403-3-a","光圆钢筋（HPB300）","kg",1486,null,null,5.52,8203]
[null,"403-3-b","带肋钢筋（HRB400）","kg",5885,null,null,5.63,33133]
[null,"411-8-a","C50混凝土","m3",35.2,null,null,1461.17,51433]
["1-4-5-1-4-19-6",null,"2-2中跨中梁",{"$nulls":5},83130,"第三册S4-5-1-7"]
[null,"403-3-a","光圆钢筋（HPB300）","kg",1397,null,null,5.52,7711]
[null,"403-3-b","带肋钢筋（HRB400）","kg",5013,null,null,5.63,28223]
[null,"411-8-a","C50混凝土","m3",32.3,null,null,1461.17,47196]
["1-4-5-1-4-19-7",null,"2-3中跨中梁",{"$nulls":5},83130,"第三册S4-5-1-7"]
[null,"403-3-a","光圆钢筋（HPB300）","kg",1397,null,null,5.52,7711]
[null,"403-3-b","带肋钢筋（HRB400）","kg",5013,null,null,5.63,28223]
[null,"411-8-a","C50混凝土","m3",32.3,null,null,1461.17,47196]
["1-4-5-1-4-19-8",null,"2-4中跨边梁",{"$nulls":5},92769,"第三册S4-5-1-7"]
[null,"403-3-a","光圆钢筋（HPB300）","kg",1486,null,null,5.52,8203]
[null,"403-3-b","带肋钢筋（HRB400）","kg",5885,null,null,5.63,33133]
[null,"411-8-a","C50混凝土","m3",35.2,null,null,1461.17,51433]
["1-4-5-1-4-19-9",null,"3-1中跨边梁",{"$nulls":5},92769,"第三册S4-5-1-7"]
[null,"403-3-a","光圆钢筋（HPB300）","kg",1486,null,null,5.52,8203]
[null,"403-3-b","带肋钢筋（HRB400）","kg",5885,null,null,5.63,33133]
[null,"411-8-a","C50混凝土","m3",35.2,null,null,1461.17,51433]
["1-4-5-1-4-19-10",null,"3-2中跨中梁",{"$nulls":5},83130,"第三册S4-5-1-7"]
[null,"403-3-a","光圆钢筋（HPB300）","kg",1397,null,null,5.52,7711]
[null,"403-3-b","带肋钢筋（HRB400）","kg",5013,null,null,5.63,28223]
[null,"411-8-a","C50混凝土","m3",32.3,null,null,1461.17,47196]
["1-4-5-1-4-19-11",null,"3-3中跨中梁",{"$nulls":5},83130,"第三册S4-5-1-7"]
[null,"403-3-a","光圆钢筋（HPB300）","kg",1397,null,null,5.52,7711]
[null,"403-3-b","带肋钢筋（HRB400）","kg",5013,null,null,5.63,28223]
[null,"411-8-a","C50混凝土","m3",32.3,null,null,1461.17,47196]
["1-4-5-1-4-19-12",null,"3-4中跨边梁",{"$nulls":5},92769,"第三册S4-5-1-7"]
[null,"403-3-a","光圆钢筋（HPB300）","kg",1486,null,null,5.52,8203]
[null,"403-3-b","带肋钢筋（HRB400）","kg",5885,null,null,5.63,33133]
[null,"411-8-a","C50混凝土","m3",35.2,null,null,1461.17,51433]
["1-4-5-1-4-19-13",null,"4-1中跨边梁",{"$nulls":5},92769,"第三册S4-5-1-7"]
[null,"403-3-a","光圆钢筋（HPB300）","kg",1486,null,null,5.52,8203]
[null,"403-3-b","带肋钢筋（HRB400）","kg",5885,null,null,5.63,33133]
[null,"411-8-a","C50混凝土","m3",35.2,null,null,1461.17,51433]
["1-4-5-1-4-19-14",null,"4-2中跨中梁",{"$nulls":5},83130,"第三册S4-5-1-7"]
[null,"403-3-a","光圆钢筋（HPB300）","kg",1397,null,null,5.52,7711]
[null,"403-3-b","带肋钢筋（HRB400）","kg",5013,null,null,5.63,28223]
[null,"411-8-a","C50混凝土","m3",32.3,null,null,1461.17,47196]
["1-4-5-1-4-19-15",null,"4-3中跨中梁",{"$nulls":5},83130,"第三册S4-5-1-7"]
[null,"403-3-a","光圆钢筋（HPB300）","kg",1397,null,null,5.52,7711]
[null,"403-3-b","带肋钢筋（HRB400）","kg",5013,null,null,5.63,28223]
[null,"411-8-a","C50混凝土","m3",32.3,null,null,1461.17,47196]
["1-4-5-1-4-19-16",null,"4-4中跨边梁",{"$nulls":5},92769,"第三册S4-5-1-7"]
[null,"403-3-a","光圆钢筋（HPB300）","kg",1486,null,null,5.52,8203]
[null,"403-3-b","带肋钢筋（HRB400）","kg",5885,null,null,5.63,33133]
[null,"411-8-a","C50混凝土","m3",35.2,null,null,1461.17,51433]
["1-4-5-1-4-19-17",null,"5-1中跨边梁",{"$nulls":5},92769,"第三册S4-5-1-7"]
[null,"403-3-a","光圆钢筋（HPB300）","kg",1486,null,null,5.52,8203]
[null,"403-3-b","带肋钢筋（HRB400）","kg",5885,null,null,5.63,33133]
[null,"411-8-a","C50混凝土","m3",35.2,null,null,1461.17,51433]
["1-4-5-1-4-19-18",null,"5-2中跨中梁",{"$nulls":5},83130,"第三册S4-5-1-7"]
[null,"403-3-a","光圆钢筋（HPB300）","kg",1397,null,null,5.52,7711]
[null,"403-3-b","带肋钢筋（HRB400）","kg",5013,null,null,5.63,28223]
[null,"411-8-a","C50混凝土","m3",32.3,null,null,1461.17,47196]
["1-4-5-1-4-19-19",null,"5-3中跨中梁",{"$nulls":5},83130,"第三册S4-5-1-7"]
[null,"403-3-a","光圆钢筋（HPB300）","kg",1397,null,null,5.52,7711]
[null,"403-3-b","带肋钢筋（HRB400）","kg",5013,null,null,5.63,28223]
[null,"411-8-a","C50混凝土","m3",32.3,null,null,1461.17,47196]
["1-4-5-1-4-19-20",null,"5-4中跨边梁",{"$nulls":5},92769,"第三册S4-5-1-7"]
[null,"403-3-a","光圆钢筋（HPB300）","kg",1486,null,null,5.52,8203]
[null,"403-3-b","带肋钢筋（HRB400）","kg",5885,null,null,5.63,33133]
[null,"411-8-a","C50混凝土","m3",35.2,null,null,1461.17,51433]
["1-4-5-1-4-19-21",null,"6-1中跨边梁",{"$nulls":5},92769,"第三册S4-5-1-7"]
[null,"403-3-a","光圆钢筋（HPB300）","kg",1486,null,null,5.52,8203]
[null,"403-3-b","带肋钢筋（HRB400）","kg",5885,null,null,5.63,33133]
[null,"411-8-a","C50混凝土","m3",35.2,null,null,1461.17,51433]
["1-4-5-1-4-19-22",null,"6-2中跨中梁",{"$nulls":5},83130,"第三册S4-5-1-7"]
[null,"403-3-a","光圆钢筋（HPB300）","kg",1397,null,null,5.52,7711]
[null,"403-3-b","带肋钢筋（HRB400）","kg",5013,null,null,5.63,28223]
[null,"411-8-a","C50混凝土","m3",32.3,null,null,1461.17,47196]
["1-4-5-1-4-19-23",null,"6-3中跨中梁",{"$nulls":5},83130,"第三册S4-5-1-7"]
[null,"403-3-a","光圆钢筋（HPB300）","kg",1397,null,null,5.52,7711]
[null,"403-3-b","带肋钢筋（HRB400）","kg",5013,null,null,5.63,28223]
[null,"411-8-a","C50混凝土","m3",32.3,null,null,1461.17,47196]
["1-4-5-1-4-19-24",null,"6-4中跨边梁",{"$nulls":5},92769,"第三册S4-5-1-7"]
[null,"403-3-a","光圆钢筋（HPB300）","kg",1486,null,null,5.52,8203]
[null,"403-3-b","带肋钢筋（HRB400）","kg",5885,null,null,5.63,33133]
[null,"411-8-a","C50混凝土","m3",35.2,null,null,1461.17,51433]
["1-4-5-1-4-19-25",null,"7-1中跨边梁",{"$nulls":5},92769,"第三册S4-5-1-7"]
[null,"403-3-a","光圆钢筋（HPB300）","kg",1486,null,null,5.52,8203]
[null,"403-3-b","带肋钢筋（HRB400）","kg",5885,null,null,5.63,33133]
[null,"411-8-a","C50混凝土","m3",35.2,null,null,1461.17,51433]
["1-4-5-1-4-19-26",null,"7-2中跨中梁",{"$nulls":5},83130,"第三册S4-5-1-7"]
[null,"403-3-a","光圆钢筋（HPB300）","kg",1397,null,null,5.52,7711]
[null,"403-3-b","带肋钢筋（HRB400）","kg",5013,null,null,5.63,28223]
[null,"411-8-a","C50混凝土","m3",32.3,null,null,1461.17,47196]
["1-4-5-1-4-19-27",null,"7-3中跨中梁",{"$nulls":5},83130,"第三册S4-5-1-7"]
[null,"403-3-a","光圆钢筋（HPB300）","kg",1397,null,null,5.52,7711]
[null,"403-3-b","带肋钢筋（HRB400）","kg",5013,null,null,5.63,28223]
[null,"411-8-a","C50混凝土","m3",32.3,null,null,1461.17,47196]
["1-4-5-1-4-19-28",null,"7-4中跨边梁",{"$nulls":5},92769,"第三册S4-5-1-7"]
[null,"403-3-a","光圆钢筋（HPB300）","kg",1486,null,null,5.52,8203]
[null,"403-3-b","带肋钢筋（HRB400）","kg",5885,null,null,5.63,33133]
[null,"411-8-a","C50混凝土","m3",35.2,null,null,1461.17,51433]
["1-4-5-1-4-19-29",null," 8-1边跨边梁",{"$nulls":5},92772,"第三册S4-5-1-7"]
[null,"403-3-a","光圆钢筋（HPB300）","kg",1470,null,null,5.52,8114]
[null,"403-3-b","带肋钢筋（HRB400）","kg",5616,null,null,5.63,31618]
[null,"411-8-a","C50混凝土","m3",36.3,null,null,1461.17,53040]
["1-4-5-1-4-19-30",null," 8-2边跨中梁",{"$nulls":5},83507,"第三册S4-5-1-7"]
[null,"403-3-a","光圆钢筋（HPB300）","kg",1380,null,null,5.52,7618]
[null,"403-3-b","带肋钢筋（HRB400）","kg",4785,null,null,5.63,26940]
[null,"411-8-a","C50混凝土","m3",33.5,null,null,1461.17,48949]
["1-4-5-1-4-19-31",null," 8-3边跨中梁",{"$nulls":5},83507,"第三册S4-5-1-7"]
[null,"403-3-a","光圆钢筋（HPB300）","kg",1380,null,null,5.52,7618]
[null,"403-3-b","带肋钢筋（HRB400）","kg",4785,null,null,5.63,26940]
[null,"411-8-a","C50混凝土","m3",33.5,null,null,1461.17,48949]
["1-4-5-1-4-19-32",null," 8-4边跨边梁",{"$nulls":5},61154,"第三册S4-5-1-7"]
[null,"403-3-a","光圆钢筋（HPB300）","kg",1470,null,null,5.52,8114]
[null,"403-3-b","带肋钢筋（HRB400）","kg",{"$nulls":3},5.63]
[null,"411-8-a","C50混凝土","m3",36.3,null,null,1461.17,53040]
["1-4-5-1-4-20",null,"负弯距区钢束槽口封口",{"$nulls":5},101704]
["1-4-5-1-4-20-1",null,"第1跨负弯距区钢束槽口封口砼",{"$nulls":5},12713,"第三册S4-5-1-9"]
[null,"403-3-b","带肋钢筋（HRB400）","kg",1463.16,null,null,5.63,8238]
[null,"411-7-a","C50混凝土","m3",4.4,null,null,1017.08,4475]
["1-4-5-1-4-20-2",null,"第2跨负弯距区钢束槽口封口",{"$nulls":5},12713,"第三册S4-5-1-9"]
[null,"403-3-b","带肋钢筋（HRB400）","kg",1463.16,null,null,5.63,8238]
[null,"411-7-a","C50混凝土","m3",4.4,null,null,1017.08,4475]
["1-4-5-1-4-20-3",null,"第3跨负弯距区钢束槽口封口",{"$nulls":5},12713,"第三册S4-5-1-9"]
[null,"403-3-b","带肋钢筋（HRB400）","kg",1463.16,null,null,5.63,8238]
[null,"411-7-a","C50混凝土","m3",4.4,null,null,1017.08,4475]
["1-4-5-1-4-20-4",null,"第4跨负弯距区钢束槽口封口",{"$nulls":5},12713,"第三册S4-5-1-9"]
[null,"403-3-b","带肋钢筋（HRB400）","kg",1463.16,null,null,5.63,8238]
[null,"411-7-a","C50混凝土","m3",4.4,null,null,1017.08,4475]
["1-4-5-1-4-20-5",null,"第5跨负弯距区钢束槽口封口砼",{"$nulls":5},12713,"第三册S4-5-1-9"]
[null,"403-3-b","带肋钢筋（HRB400）","kg",1463.16,null,null,5.63,8238]
[null,"411-7-a","C50混凝土","m3",4.4,null,null,1017.08,4475]
["1-4-5-1-4-20-6",null,"第6跨负弯距区钢束槽口封口",{"$nulls":5},12713,"第三册S4-5-1-9"]
[null,"403-3-b","带肋钢筋（HRB400）","kg",1463.16,null,null,5.63,8238]
[null,"411-7-a","C50混凝土","m3",4.4,null,null,1017.08,4475]
["1-4-5-1-4-20-7",null,"第7跨负弯距区钢束槽口封口",{"$nulls":5},12713,"第三册S4-5-1-9"]
[null,"403-3-b","带肋钢筋（HRB400）","kg",1463.16,null,null,5.63,8238]
[null,"411-7-a","C50混凝土","m3",4.4,null,null,1017.08,4475]
["1-4-5-1-4-20-8",null,"第8跨负弯距区钢束槽口封口",{"$nulls":5},12713,"第三册S4-5-1-9"]
[null,"403-3-b","带肋钢筋（HRB400）","kg",1463.16,null,null,5.63,8238]
[null,"411-7-a","C50混凝土","m3",4.4,null,null,1017.08,4475]
["1-4-5-1-4-21",null,"预应力钢束",{"$nulls":5},540442]
["1-4-5-1-4-21-1",null,"第1跨正弯矩预应力钢束",{"$nulls":5},58212,"第三册S4-5-1-5"]
[null,"411-5","后张法预应力钢绞线","kg",4900,null,null,11.88,58212]
["1-4-5-1-4-21-2",null,"第1跨负弯矩预应力钢束",{"$nulls":5},8150,"第三册S4-5-1-6"]
[null,"411-5","后张法预应力钢绞线","kg",686,null,null,11.88,8150]
["1-4-5-1-4-21-3",null,"第2跨正弯矩预应力钢束",{"$nulls":5},51654,"第三册S4-5-1-5"]
[null,"411-5","后张法预应力钢绞线","kg",4348,null,null,11.88,51654]
["1-4-5-1-4-21-4",null,"第2跨负弯矩预应力钢束",{"$nulls":5},16299,"第三册S4-5-1-6"]
[null,"411-5","后张法预应力钢绞线","kg",1372,null,null,11.88,16299]
["1-4-5-1-4-21-5",null,"第3跨正弯矩预应力钢束",{"$nulls":5},51654,"第三册S4-5-1-5"]
[null,"411-5","后张法预应力钢绞线","kg",4348,null,null,11.88,51654]
["1-4-5-1-4-21-6",null,"第3跨负弯矩预应力钢束",{"$nulls":5},16299,"第三册S4-5-1-6"]
[null,"411-5","后张法预应力钢绞线","kg",1372,null,null,11.88,16299]
["1-4-5-1-4-21-7",null,"第4跨正弯矩预应力钢束",{"$nulls":5},51654,"第三册S4-5-1-5"]
[null,"411-5","后张法预应力钢绞线","kg",4348,null,null,11.88,51654]
["1-4-5-1-4-21-8",null,"第4跨负弯矩预应力钢束",{"$nulls":5},16299,"第三册S4-5-1-6"]
[null,"411-5","后张法预应力钢绞线","kg",1372,null,null,11.88,16299]
["1-4-5-1-4-21-9",null,"第5跨正弯矩预应力钢束",{"$nulls":5},51654,"第三册S4-5-1-5"]
[null,"411-5","后张法预应力钢绞线","kg",4348,null,null,11.88,51654]
["1-4-5-1-4-21-10",null,"第5跨负弯矩预应力钢束",{"$nulls":5},16299,"第三册S4-5-1-6"]
[null,"411-5","后张法预应力钢绞线","kg",1372,null,null,11.88,16299]
["1-4-5-1-4-21-11",null,"第6跨正弯矩预应力钢束",{"$nulls":5},51654,"第三册S4-5-1-5"]
[null,"411-5","后张法预应力钢绞线","kg",4348,null,null,11.88,51654]
["1-4-5-1-4-21-12",null,"第6跨负弯矩预应力钢束",{"$nulls":5},16299,"第三册S4-5-1-6"]
[null,"411-5","后张法预应力钢绞线","kg",1372,null,null,11.88,16299]
["1-4-5-1-4-21-13",null,"第7跨正弯矩预应力钢束",{"$nulls":5},51654,"第三册S4-5-1-5"]
[null,"411-5","后张法预应力钢绞线","kg",4348,null,null,11.88,51654]
["1-4-5-1-4-21-14",null,"第7跨负弯矩预应力钢束",{"$nulls":5},16299,"第三册S4-5-1-6"]
[null,"411-5","后张法预应力钢绞线","kg",1372,null,null,11.88,16299]
["1-4-5-1-4-21-15",null,"第8跨正弯矩预应力钢束",{"$nulls":5},58212,"第三册S4-5-1-5"]
[null,"411-5","后张法预应力钢绞线","kg",4900,null,null,11.88,58212]
["1-4-5-1-4-21-16",null,"第8跨负弯矩预应力钢束",{"$nulls":5},8150,"第三册S4-5-1-6"]
[null,"411-5","后张法预应力钢绞线","kg",686,null,null,11.88,8150]
["1-4-5-1-23",null,"附属结构",{"$nulls":5},85324]
["1-4-5-1-23-1",null,"0#桥台桥头搭板",{"$nulls":5},33310]
[null,"403-4-a","光圆钢筋（HPB300）","kg",61.37,null,null,5.02,308,"第三册S4-5-3-4"]
[null,"403-4-b","带肋钢筋（HRB400）","kg",3135.85,null,null,5.35,16777,"第三册S4-5-3-5"]
[null,"410-6-c","C30混凝土","m3",30.8,null,null,526.78,16225,"第三册S4-5-3-5"]
["1-4-5-1-23-2",null,"8#桥台桥头搭板",{"$nulls":5},33310]
[null,"403-4-a","光圆钢筋（HPB300）","kg",61.37,null,null,5.02,308,"第三册S4-5-3-4"]
[null,"403-4-b","带肋钢筋（HRB400）","kg",3135.85,null,null,5.35,16777,"第三册S4-5-3-5"]
[null,"410-6-c","C30混凝土","m3",30.8,null,null,526.78,16225,"第三册S4-5-3-5"]
["1-4-5-1-23-3",null,"0#桥台锥坡、护坡",{"$nulls":5},1717,"第三册S4-3-20"]
[null,"413-1-a","M7.5浆砌片石","m3",13.57,null,null,126.53,1717]
["1-4-5-1-23-4",null,"0#桥台踏步",{"$nulls":5},1361,"第三册S4-3-20"]
[null,"413-1-a","M7.5浆砌片石","m3",10.76,null,null,126.53,1361]
["1-4-5-1-23-5",null,"8#桥台锥坡、护坡",{"$nulls":5},1589,"第三册S4-3-20"]
[null,"413-1-a","M7.5浆砌片石","m3",12.56,null,null,126.53,1589]
["1-4-5-1-23-6",null,"8#桥台踏步",{"$nulls":5},1237,"第三册S4-3-20"]
[null,"413-1-a","M7.5浆砌片石","m3",9.78,null,null,126.53,1237]
["1-4-5-1-23-7",null,"减震橡胶块",{"$nulls":5},12800,"第三册S4-5-1-4"]
[null,"417-5-a","20cm×20cm×3cm","块",32,null,null,400,12800]
["1-4-5-2",null,"K67+635.375沽沱渭河大桥",{"$nulls":5},11768713]
["1-4-5-2-1",null,"桥台（台高××m）",{"$nulls":5},1476668]
["1-4-5-2-1-2",null,"桥台桩基",{"$nulls":5},963390]
["1-4-5-2-1-2-1",null,"0#桥台1#桩",{"$nulls":5},96339,"第三册S4-4-18"]
[null,"403-1-a","I级钢筋(包括基础、承台、支撑梁等)","kg",99.8,null,null,5.18,517]
[null,"403-1-b","II级钢筋(包括基础、承台、支撑梁等)","kg",3438,null,null,5.18,17809]
[null,"405-1-b-5","桩径1.5m","m",20,null,null,2983.69,59674]
[null,"410-1-c","C30混凝土","m3",35.343,null,null,518.88,18339]
["1-4-5-2-1-2-2",null,"0#桥台2#桩",{"$nulls":5},96339,"第三册S4-4-18"]
[null,"403-1-a","I级钢筋(包括基础、承台、支撑梁等)","kg",99.8,null,null,5.18,517]
[null,"403-1-b","II级钢筋(包括基础、承台、支撑梁等)","kg",3438,null,null,5.18,17809]
[null,"405-1-b-5","桩径1.5m","m",20,null,null,2983.69,59674]
[null,"410-1-c","C30混凝土","m3",35.343,null,null,518.88,18339]
["1-4-5-2-1-2-3",null,"0#桥台3#桩",{"$nulls":5},96339,"第三册S4-4-18"]
[null,"403-1-a","I级钢筋(包括基础、承台、支撑梁等)","kg",99.8,null,null,5.18,517]
[null,"403-1-b","II级钢筋(包括基础、承台、支撑梁等)","kg",3438,null,null,5.18,17809]
[null,"405-1-b-5","桩径1.5m","m",20,null,null,2983.69,59674]
[null,"410-1-c","C30混凝土","m3",35.343,null,null,518.88,18339]
["1-4-5-2-1-2-4",null,"0#桥台4#桩",{"$nulls":5},96339,"第三册S4-4-18"]
[null,"403-1-a","I级钢筋(包括基础、承台、支撑梁等)","kg",99.8,null,null,5.18,517]
[null,"403-1-b","II级钢筋(包括基础、承台、支撑梁等)","kg",3438,null,null,5.18,17809]
[null,"405-1-b-5","桩径1.5m","m",20,null,null,2983.69,59674]
[null,"410-1-c","C30混凝土","m3",35.343,null,null,518.88,18339]
["1-4-5-2-1-2-5",null,"0#桥台5#桩",{"$nulls":5},96339,"第三册S4-4-18"]
[null,"403-1-a","I级钢筋(包括基础、承台、支撑梁等)","kg",99.8,null,null,5.18,517]
[null,"403-1-b","II级钢筋(包括基础、承台、支撑梁等)","kg",3438,null,null,5.18,17809]
[null,"405-1-b-5","桩径1.5m","m",20,null,null,2983.69,59674]
[null,"410-1-c","C30混凝土","m3",35.343,null,null,518.88,18339]
["1-4-5-2-1-2-6",null,"0#桥台6#桩",{"$nulls":5},96339,"第三册S4-4-18"]
[null,"403-1-a","I级钢筋(包括基础、承台、支撑梁等)","kg",99.8,null,null,5.18,517]
[null,"403-1-b","II级钢筋(包括基础、承台、支撑梁等)","kg",3438,null,null,5.18,17809]
[null,"405-1-b-5","桩径1.5m","m",20,null,null,2983.69,59674]
[null,"410-1-c","C30混凝土","m3",35.343,null,null,518.88,18339]
["1-4-5-2-1-2-7",null,"11#桥台1#桩",{"$nulls":5},96339,"第三册S4-4-18"]
[null,"403-1-a","I级钢筋(包括基础、承台、支撑梁等)","kg",99.8,null,null,5.18,517]
[null,"403-1-b","II级钢筋(包括基础、承台、支撑梁等)","kg",3438,null,null,5.18,17809]
[null,"405-1-b-5","桩径1.5m","m",20,null,null,2983.69,59674]
[null,"410-1-c","C30混凝土","m3",35.343,null,null,518.88,18339]
["1-4-5-2-1-2-8",null,"11#桥台2#桩",{"$nulls":5},96339,"第三册S4-4-18"]
[null,"403-1-a","I级钢筋(包括基础、承台、支撑梁等)","kg",99.8,null,null,5.18,517]
[null,"403-1-b","II级钢筋(包括基础、承台、支撑梁等)","kg",3438,null,null,5.18,17809]
[null,"405-1-b-5","桩径1.5m","m",20,null,null,2983.69,59674]
[null,"410-1-c","C30混凝土","m3",35.343,null,null,518.88,18339]
["1-4-5-2-1-2-9",null,"11#桥台3#桩",{"$nulls":5},96339,"第三册S4-4-18"]
[null,"403-1-a","I级钢筋(包括基础、承台、支撑梁等)","kg",99.8,null,null,5.18,517]
[null,"403-1-b","II级钢筋(包括基础、承台、支撑梁等)","kg",3438,null,null,5.18,17809]
[null,"405-1-b-5","桩径1.5m","m",20,null,null,2983.69,59674]
[null,"410-1-c","C30混凝土","m3",35.343,null,null,518.88,18339]
["1-4-5-2-1-2-10",null,"11#桥台4#桩",{"$nulls":5},96339,"第三册S4-4-18"]
[null,"403-1-a","I级钢筋(包括基础、承台、支撑梁等)","kg",99.8,null,null,5.18,517]
[null,"403-1-b","II级钢筋(包括基础、承台、支撑梁等)","kg",3438,null,null,5.18,17809]
[null,"405-1-b-5","桩径1.5m","m",20,null,null,2983.69,59674]
[null,"410-1-c","C30混凝土","m3",35.343,null,null,518.88,18339]
["1-4-5-2-1-4",null,"桥台承台",{"$nulls":5},236244]
["1-4-5-2-1-4-1",null,"0#桥台承台",{"$nulls":5},146376,"第三册S4-4-17"]
[null,"403-1-b","II级钢筋(包括基础、承台、支撑梁等)","kg",12110.7,null,null,5.18,62733]
[null,"410-1-c","C30混凝土","m3",161.2,null,null,518.88,83643]
["1-4-5-2-1-4-2",null,"11#桥台承台",{"$nulls":5},89868,"第三册S4-4-17"]
[null,"403-1-b","II级钢筋(包括基础、承台、支撑梁等)","kg",8734.3,null,null,5.18,45244]
[null,"410-1-c","C30混凝土","m3",86,null,null,518.88,44624]
["1-4-5-2-1-6",null,"桥台台身",{"$nulls":5},185145]
["1-4-5-2-1-6-1",null,"0#桥台台身",{"$nulls":5},118848,"第三册S4-4-12"]
[null,"403-2-a","光圆钢筋（HPB300）","kg",373,null,null,5.37,2003]
[null,"410-2-b","C30混凝土","m3",325.5,null,null,358.97,116845]
["1-4-5-2-1-6-2",null,"11#桥台台身",{"$nulls":5},66297,"第三册S4-4-15"]
[null,"403-2-a","光圆钢筋（HPB300）","kg",649.8,null,null,5.37,3489]
[null,"403-2-b","带肋钢筋（HRB400）","kg",7645.8,null,null,5.44,41593]
[null,"410-2-b","C30混凝土","m3",59.1,null,null,358.97,21215]
["1-4-5-2-1-8",null,"桥台耳背墙",{"$nulls":5},36439]
["1-4-5-2-1-8-1",null,"0#桥台耳背墙",{"$nulls":5},858,"第三册S4-4-16"]
[null,"403-2-a","光圆钢筋（HPB300）","kg",159.8,null,null,5.37,858]
["1-4-5-2-1-8-2",null,"0#桥台耳背墙",{"$nulls":5},3897,"第三册S4-4-16"]
[null,"403-2-b","带肋钢筋（HRB400）","kg",716.39,null,null,5.44,3897]
["1-4-5-2-1-8-3",null,"0#桥台耳背墙",{"$nulls":5},10554,"第三册S4-4-12"]
[null,"410-2-b","C30混凝土","m3",29.4,null,null,358.97,10554]
["1-4-5-2-1-8-4",null,"11#桥台耳背墙",{"$nulls":5},13089,"第三册S4-4-16"]
[null,"403-2-b","带肋钢筋（HRB400）","kg",2405.98,null,null,5.44,13089]
["1-4-5-2-1-8-5",null,"11#桥台耳背墙",{"$nulls":5},8041,"第三册S4-4-16"]
[null,"410-2-b","C30混凝土","m3",22.4,null,null,358.97,8041]
["1-4-5-2-1-10",null,"桥台挡块、垫石",{"$nulls":5},7695]
["1-4-5-2-1-10-1",null,"0#桥台支座垫石、挡块",{"$nulls":5},2839,"第三册S4-5-2-4"]
[null,"403-4-b","带肋钢筋（HRB400）","kg",530.6,null,null,5.35,2839]
["1-4-5-2-1-10-2",null,"11#桥台支座垫石、挡块",{"$nulls":5},3213,"第三册S4-5-2-4"]
[null,"403-4-b","带肋钢筋（HRB400）","kg",600.5,null,null,5.35,3213]
["1-4-5-2-1-10-3",null,"0#桥台支座垫石",{"$nulls":5},327]
[null,"410-6-c","C30混凝土","m3",0.32,null,null,526.78,169,"第三册S4-4-12"]
[null,"410-6-h","C50小石子混凝土","m3",0.3,null,null,527.65,158,"第三册S4-5-2-4"]
["1-4-5-2-1-10-4",null,"11#桥台支座",{"$nulls":5},158,"第三册S4-5-2-4"]
[null,"410-6-h","C50小石子混凝土","m3",0.3,null,null,527.65,158]
["1-4-5-2-1-10-5",null,"0#桥台挡块",{"$nulls":5},579,"第三册S4-5-2-4"]
[null,"410-6-c","C30混凝土","m3",1.1,null,null,526.78,579,"第三册S4-5-3-4"]
["1-4-5-2-1-10-6",null,"11#桥台挡块",{"$nulls":5},579,"第三册S4-5-2-4"]
[null,"410-6-c","C30混凝土","m3",1.1,null,null,526.78,579,"第三册S4-5-3-4"]
["1-4-5-2-1-12",null,"桥台台帽",{"$nulls":5},47755]
["1-4-5-2-1-12-1",null,"0#桥台台帽",{"$nulls":5},4445,"第三册S4-4-13"]
[null,"403-2-b","带肋钢筋（HRB400）","kg",436.9,null,null,5.44,2377]
[null,"410-2-b","C30混凝土","m3",5.76,null,null,358.97,2068]
["1-4-5-2-1-12-2",null,"11#桥台台帽",{"$nulls":5},43310,"第三册S4-4-13"]
[null,"403-2-b","带肋钢筋（HRB400）","kg",5797,null,null,5.44,31536]
[null,"410-2-b","C30混凝土","m3",32.8,null,null,358.97,11774]
["1-4-5-2-2",null,"桥墩基础",{"$nulls":5},3442070]
["1-4-5-2-2-1",null,"桥墩桩基",{"$nulls":5},3045200]
["1-4-5-2-2-1-1",null,"1#桥墩1#桩",{"$nulls":5},152260]
[null,"403-1-a","I级钢筋(包括基础、承台、支撑梁等)","kg",178.9,null,null,5.18,927]
[null,"403-1-b","II级钢筋(包括基础、承台、支撑梁等)","kg",4539.5,null,null,5.18,23515]
[null,"405-1-b-6","桩径1.6m","m",25,null,null,4177.78,104445]
[null,"410-1-b","C25混凝土","m3",50.265,null,null,464.99,23373]
["1-4-5-2-2-1-2",null,"1#桥墩2#桩",{"$nulls":5},152260]
[null,"403-1-a","I级钢筋(包括基础、承台、支撑梁等)","kg",178.9,null,null,5.18,927]
[null,"403-1-b","II级钢筋(包括基础、承台、支撑梁等)","kg",4539.5,null,null,5.18,23515]
[null,"405-1-b-6","桩径1.6m","m",25,null,null,4177.78,104445]
[null,"410-1-b","C25混凝土","m3",50.265,null,null,464.99,23373]
["1-4-5-2-2-1-3",null,"2#桥墩1#桩",{"$nulls":5},152260]
[null,"403-1-a","I级钢筋(包括基础、承台、支撑梁等)","kg",178.9,null,null,5.18,927]
[null,"403-1-b","II级钢筋(包括基础、承台、支撑梁等)","kg",4539.5,null,null,5.18,23515]
[null,"405-1-b-6","桩径1.6m","m",25,null,null,4177.78,104445]
[null,"410-1-b","C25混凝土","m3",50.265,null,null,464.99,23373]
["1-4-5-2-2-1-4",null,"2#桥墩2#桩",{"$nulls":5},152260]
[null,"403-1-a","I级钢筋(包括基础、承台、支撑梁等)","kg",178.9,null,null,5.18,927]
[null,"403-1-b","II级钢筋(包括基础、承台、支撑梁等)","kg",4539.5,null,null,5.18,23515]
[null,"405-1-b-6","桩径1.6m","m",25,null,null,4177.78,104445]
[null,"410-1-b","C25混凝土","m3",50.265,null,null,464.99,23373]
["1-4-5-2-2-1-5",null,"3#桥墩1#桩",{"$nulls":5},152260]
[null,"403-1-a","I级钢筋(包括基础、承台、支撑梁等)","kg",178.9,null,null,5.18,927]
[null,"403-1-b","II级钢筋(包括基础、承台、支撑梁等)","kg",4539.5,null,null,5.18,23515]
[null,"405-1-b-6","桩径1.6m","m",25,null,null,4177.78,104445]
[null,"410-1-b","C25混凝土","m3",50.265,null,null,464.99,23373]
["1-4-5-2-2-1-6",null,"3#桥墩2#桩",{"$nulls":5},152260]
[null,"403-1-a","I级钢筋(包括基础、承台、支撑梁等)","kg",178.9,null,null,5.18,927]
[null,"403-1-b","II级钢筋(包括基础、承台、支撑梁等)","kg",4539.5,null,null,5.18,23515]
[null,"405-1-b-6","桩径1.6m","m",25,null,null,4177.78,104445]
[null,"410-1-b","C25混凝土","m3",50.265,null,null,464.99,23373]
["1-4-5-2-2-1-7",null,"4#桥墩1#桩",{"$nulls":5},152260]
[null,"403-1-a","I级钢筋(包括基础、承台、支撑梁等)","kg",178.9,null,null,5.18,927]
[null,"403-1-b","II级钢筋(包括基础、承台、支撑梁等)","kg",4539.5,null,null,5.18,23515]
[null,"405-1-b-6","桩径1.6m","m",25,null,null,4177.78,104445]
[null,"410-1-b","C25混凝土","m3",50.265,null,null,464.99,23373]
["1-4-5-2-2-1-8",null,"4#桥墩2#桩",{"$nulls":5},152260]
[null,"403-1-a","I级钢筋(包括基础、承台、支撑梁等)","kg",178.9,null,null,5.18,927]
[null,"403-1-b","II级钢筋(包括基础、承台、支撑梁等)","kg",4539.5,null,null,5.18,23515]
[null,"405-1-b-6","桩径1.6m","m",25,null,null,4177.78,104445]
[null,"410-1-b","C25混凝土","m3",50.265,null,null,464.99,23373]
["1-4-5-2-2-1-9",null,"5#桥墩1#桩",{"$nulls":5},152260]
[null,"403-1-a","I级钢筋(包括基础、承台、支撑梁等)","kg",178.9,null,null,5.18,927]
[null,"403-1-b","II级钢筋(包括基础、承台、支撑梁等)","kg",4539.5,null,null,5.18,23515]
[null,"405-1-b-6","桩径1.6m","m",25,null,null,4177.78,104445]
[null,"410-1-b","C25混凝土","m3",50.265,null,null,464.99,23373]
["1-4-5-2-2-1-10",null,"5#桥墩2#桩",{"$nulls":5},152260]
[null,"403-1-a","I级钢筋(包括基础、承台、支撑梁等)","kg",178.9,null,null,5.18,927]
[null,"403-1-b","II级钢筋(包括基础、承台、支撑梁等)","kg",4539.5,null,null,5.18,23515]
[null,"405-1-b-6","桩径1.6m","m",25,null,null,4177.78,104445]
[null,"410-1-b","C25混凝土","m3",50.265,null,null,464.99,23373]
["1-4-5-2-2-1-11",null,"6#桥墩1#桩",{"$nulls":5},152260]
[null,"403-1-a","I级钢筋(包括基础、承台、支撑梁等)","kg",178.9,null,null,5.18,927]
[null,"403-1-b","II级钢筋(包括基础、承台、支撑梁等)","kg",4539.5,null,null,5.18,23515]
[null,"405-1-b-6","桩径1.6m","m",25,null,null,4177.78,104445]
[null,"410-1-b","C25混凝土","m3",50.265,null,null,464.99,23373]
["1-4-5-2-2-1-12",null,"6#桥墩2#桩",{"$nulls":5},152260]
[null,"403-1-a","I级钢筋(包括基础、承台、支撑梁等)","kg",178.9,null,null,5.18,927]
[null,"403-1-b","II级钢筋(包括基础、承台、支撑梁等)","kg",4539.5,null,null,5.18,23515]
[null,"405-1-b-6","桩径1.6m","m",25,null,null,4177.78,104445]
[null,"410-1-b","C25混凝土","m3",50.265,null,null,464.99,23373]
["1-4-5-2-2-1-13",null,"7#桥墩1#桩",{"$nulls":5},152260]
[null,"403-1-a","I级钢筋(包括基础、承台、支撑梁等)","kg",178.9,null,null,5.18,927]
[null,"403-1-b","II级钢筋(包括基础、承台、支撑梁等)","kg",4539.5,null,null,5.18,23515]
[null,"405-1-b-6","桩径1.6m","m",25,null,null,4177.78,104445]
[null,"410-1-b","C25混凝土","m3",50.265,null,null,464.99,23373]
["1-4-5-2-2-1-14",null,"7#桥墩2#桩",{"$nulls":5},152260]
[null,"403-1-a","I级钢筋(包括基础、承台、支撑梁等)","kg",178.9,null,null,5.18,927]
[null,"403-1-b","II级钢筋(包括基础、承台、支撑梁等)","kg",4539.5,null,null,5.18,23515]
[null,"405-1-b-6","桩径1.6m","m",25,null,null,4177.78,104445]
[null,"410-1-b","C25混凝土","m3",50.265,null,null,464.99,23373]
["1-4-5-2-2-1-15",null,"8#桥墩1#桩",{"$nulls":5},152260]
[null,"403-1-a","I级钢筋(包括基础、承台、支撑梁等)","kg",178.9,null,null,5.18,927]
[null,"403-1-b","II级钢筋(包括基础、承台、支撑梁等)","kg",4539.5,null,null,5.18,23515]
[null,"405-1-b-6","桩径1.6m","m",25,null,null,4177.78,104445]
[null,"410-1-b","C25混凝土","m3",50.265,null,null,464.99,23373]
["1-4-5-2-2-1-16",null,"8#桥墩2#桩",{"$nulls":5},152260]
[null,"403-1-a","I级钢筋(包括基础、承台、支撑梁等)","kg",178.9,null,null,5.18,927]
[null,"403-1-b","II级钢筋(包括基础、承台、支撑梁等)","kg",4539.5,null,null,5.18,23515]
[null,"405-1-b-6","桩径1.6m","m",25,null,null,4177.78,104445]
[null,"410-1-b","C25混凝土","m3",50.265,null,null,464.99,23373]
["1-4-5-2-2-1-17",null,"9#桥墩1#桩",{"$nulls":5},152260]
[null,"403-1-a","I级钢筋(包括基础、承台、支撑梁等)","kg",178.9,null,null,5.18,927]
[null,"403-1-b","II级钢筋(包括基础、承台、支撑梁等)","kg",4539.5,null,null,5.18,23515]
[null,"405-1-b-6","桩径1.6m","m",25,null,null,4177.78,104445]
[null,"410-1-b","C25混凝土","m3",50.265,null,null,464.99,23373]
["1-4-5-2-2-1-18",null,"9#桥墩2#桩",{"$nulls":5},152260]
[null,"403-1-a","I级钢筋(包括基础、承台、支撑梁等)","kg",178.9,null,null,5.18,927]
[null,"403-1-b","II级钢筋(包括基础、承台、支撑梁等)","kg",4539.5,null,null,5.18,23515]
[null,"405-1-b-6","桩径1.6m","m",25,null,null,4177.78,104445]
[null,"410-1-b","C25混凝土","m3",50.265,null,null,464.99,23373]
["1-4-5-2-2-1-19",null,"10#桥墩1#桩",{"$nulls":5},152260]
[null,"403-1-a","I级钢筋(包括基础、承台、支撑梁等)","kg",178.9,null,null,5.18,927]
[null,"403-1-b","II级钢筋(包括基础、承台、支撑梁等)","kg",4539.5,null,null,5.18,23515]
[null,"405-1-b-6","桩径1.6m","m",25,null,null,4177.78,104445]
[null,"410-1-b","C25混凝土","m3",50.265,null,null,464.99,23373]
["1-4-5-2-2-1-20",null,"10#桥墩2#桩",{"$nulls":5},152260]
[null,"403-1-a","I级钢筋(包括基础、承台、支撑梁等)","kg",178.9,null,null,5.18,927]
[null,"403-1-b","II级钢筋(包括基础、承台、支撑梁等)","kg",4539.5,null,null,5.18,23515]
[null,"405-1-b-6","桩径1.6m","m",25,null,null,4177.78,104445]
[null,"410-1-b","C25混凝土","m3",50.265,null,null,464.99,23373]
["1-4-5-2-2-3",null,"桥墩承台",{"$nulls":5},396870]
["1-4-5-2-2-3-1",null,"1#桥墩承台",{"$nulls":5},39687,"第三册S4-4-10"]
[null,"403-1-b","II级钢筋(包括基础、承台、支撑梁等)","kg",4225.7,null,null,5.18,21889]
[null,"410-1-c","C30混凝土","m3",34.3,null,null,518.88,17798]
["1-4-5-2-2-3-2",null,"2#桥墩承台",{"$nulls":5},39687,"第三册S4-4-10"]
[null,"403-1-b","II级钢筋(包括基础、承台、支撑梁等)","kg",4225.7,null,null,5.18,21889]
[null,"410-1-c","C30混凝土","m3",34.3,null,null,518.88,17798]
["1-4-5-2-2-3-3",null,"3#桥墩承台",{"$nulls":5},39687,"第三册S4-4-10"]
[null,"403-1-b","II级钢筋(包括基础、承台、支撑梁等)","kg",4225.7,null,null,5.18,21889]
[null,"410-1-c","C30混凝土","m3",34.3,null,null,518.88,17798]
["1-4-5-2-2-3-4",null,"4#桥墩承台",{"$nulls":5},39687,"第三册S4-4-10"]
[null,"403-1-b","II级钢筋(包括基础、承台、支撑梁等)","kg",4225.7,null,null,5.18,21889]
[null,"410-1-c","C30混凝土","m3",34.3,null,null,518.88,17798]
["1-4-5-2-2-3-5",null,"5#桥墩承台",{"$nulls":5},39687,"第三册S4-4-10"]
[null,"403-1-b","II级钢筋(包括基础、承台、支撑梁等)","kg",4225.7,null,null,5.18,21889]
[null,"410-1-c","C30混凝土","m3",34.3,null,null,518.88,17798]
["1-4-5-2-2-3-6",null,"6#桥墩承台",{"$nulls":5},39687,"第三册S4-4-10"]
[null,"403-1-b","II级钢筋(包括基础、承台、支撑梁等)","kg",4225.7,null,null,5.18,21889]
[null,"410-1-c","C30混凝土","m3",34.3,null,null,518.88,17798]
["1-4-5-2-2-3-7",null,"7#桥墩承台",{"$nulls":5},39687,"第三册S4-4-10"]
[null,"403-1-b","II级钢筋(包括基础、承台、支撑梁等)","kg",4225.7,null,null,5.18,21889]
[null,"410-1-c","C30混凝土","m3",34.3,null,null,518.88,17798]
["1-4-5-2-2-3-8",null,"8#桥墩承台",{"$nulls":5},39687,"第三册S4-4-10"]
[null,"403-1-b","II级钢筋(包括基础、承台、支撑梁等)","kg",4225.7,null,null,5.18,21889]
[null,"410-1-c","C30混凝土","m3",34.3,null,null,518.88,17798]
["1-4-5-2-2-3-9",null,"9#桥墩承台",{"$nulls":5},39687,"第三册S4-4-10"]
[null,"403-1-b","II级钢筋(包括基础、承台、支撑梁等)","kg",4225.7,null,null,5.18,21889]
[null,"410-1-c","C30混凝土","m3",34.3,null,null,518.88,17798]
["1-4-5-2-2-3-10",null,"10#桥墩承台",{"$nulls":5},39687,"第三册S4-4-10"]
[null,"403-1-b","II级钢筋(包括基础、承台、支撑梁等)","kg",4225.7,null,null,5.18,21889]
[null,"410-1-c","C30混凝土","m3",34.3,null,null,518.88,17798]
["1-4-5-2-3",null,"下部构造（墩高××m）",{"$nulls":5},1258085]
["1-4-5-2-3-5",null,"桥墩墩柱",{"$nulls":5},581536]
["1-4-5-2-3-5-1",null,"1#桥墩墩柱",{"$nulls":5},51454,"第三册S4-4-9"]
[null,"403-2-b","带肋钢筋（HRB400）","kg",6375.4,null,null,5.44,34682]
[null,"410-2-c","C35混凝土","m3",32.3,null,null,519.25,16772]
["1-4-5-2-3-5-2",null,"2#桥墩墩柱",{"$nulls":5},63952,"第三册S4-4-9"]
[null,"403-2-b","带肋钢筋（HRB400）","kg",7603.8,null,null,5.44,41365]
[null,"410-2-c","C35混凝土","m3",43.5,null,null,519.25,22587]
["1-4-5-2-3-5-3",null,"3#桥墩墩柱",{"$nulls":5},67833,"第三册S4-4-9"]
[null,"403-2-b","带肋钢筋（HRB400）","kg",7983,null,null,5.44,43428]
[null,"410-2-c","C35混凝土","m3",47,null,null,519.25,24405]
["1-4-5-2-3-5-4",null,"4#桥墩墩柱",{"$nulls":5},67274,"第三册S4-4-9"]
[null,"403-2-b","带肋钢筋（HRB400）","kg",7928.2,null,null,5.44,43129]
[null,"410-2-c","C35混凝土","m3",46.5,null,null,519.25,24145]
["1-4-5-2-3-5-5",null,"5#桥墩墩柱",{"$nulls":5},62027,"第三册S4-4-9"]
[null,"403-2-b","带肋钢筋（HRB400）","kg",7421.6,null,null,5.44,40374]
[null,"410-2-c","C35混凝土","m3",41.7,null,null,519.25,21653]
["1-4-5-2-3-5-6",null,"6#桥墩墩柱",{"$nulls":5},59190,"第三册S4-4-9"]
[null,"403-2-b","带肋钢筋（HRB400）","kg",7129.2,null,null,5.44,38783]
[null,"410-2-c","C35混凝土","m3",39.3,null,null,519.25,20407]
["1-4-5-2-3-5-7",null,"7#桥墩墩柱",{"$nulls":5},58631,"第三册S4-4-9"]
[null,"403-2-b","带肋钢筋（HRB400）","kg",7074.3,null,null,5.44,38484]
[null,"410-2-c","C35混凝土","m3",38.8,null,null,519.25,20147]
["1-4-5-2-3-5-8",null,"8#桥墩墩柱",{"$nulls":5},51265,"第三册S4-4-9"]
[null,"403-2-b","带肋钢筋（HRB400）","kg",6359.8,null,null,5.44,34597]
[null,"410-2-c","C35混凝土","m3",32.1,null,null,519.25,16668]
["1-4-5-2-3-5-9",null,"9#桥墩墩柱",{"$nulls":5},53392,"第三册S4-4-9"]
[null,"403-2-b","带肋钢筋（HRB400）","kg",6569.3,null,null,5.44,35737]
[null,"410-2-c","C35混凝土","m3",34,null,null,519.25,17655]
["1-4-5-2-3-5-10",null,"10#桥墩墩柱",{"$nulls":5},46518,"第三册S4-4-9"]
[null,"403-2-b","带肋钢筋（HRB400）","kg",5888.1,null,null,5.44,32031]
[null,"410-2-c","C35混凝土","m3",27.9,null,null,519.25,14487]
["1-4-5-2-3-7",null,"桥墩防震锚栓",{"$nulls":5},32626]
["1-4-5-2-3-7-1",null,"1#桥墩防震锚栓",{"$nulls":5},2966,"第三册S4-5-2-3"]
[null,"403-2-b","带肋钢筋（HRB400）","kg",545.2,null,null,5.44,2966]
["1-4-5-2-3-7-2",null,"2#桥墩防震锚栓",{"$nulls":5},2966,"第三册S4-5-2-3"]
[null,"403-2-b","带肋钢筋（HRB400）","kg",545.2,null,null,5.44,2966]
["1-4-5-2-3-7-3",null,"3#桥墩防震锚栓",{"$nulls":5},2966,"第三册S4-5-2-3"]
[null,"403-2-b","带肋钢筋（HRB400）","kg",545.2,null,null,5.44,2966]
["1-4-5-2-3-7-4",null,"4#桥墩防震锚栓",{"$nulls":5},2966,"第三册S4-5-2-3"]
[null,"403-2-b","带肋钢筋（HRB400）","kg",545.2,null,null,5.44,2966]
["1-4-5-2-3-7-5",null,"5#桥墩防震锚栓",{"$nulls":5},2966,"第三册S4-5-2-3"]
[null,"403-2-b","带肋钢筋（HRB400）","kg",545.2,null,null,5.44,2966]
["1-4-5-2-3-7-6",null,"6#桥墩防震锚栓",{"$nulls":5},2966,"第三册S4-5-2-3"]
[null,"403-2-b","带肋钢筋（HRB400）","kg",545.2,null,null,5.44,2966]
["1-4-5-2-3-7-7",null,"7#桥墩防震锚栓",{"$nulls":5},2966,"第三册S4-5-2-3"]
[null,"403-2-b","带肋钢筋（HRB400）","kg",545.2,null,null,5.44,2966]
["1-4-5-2-3-7-8",null,"8#桥墩防震锚栓",{"$nulls":5},2966,"第三册S4-5-2-3"]
[null,"403-2-b","带肋钢筋（HRB400）","kg",545.2,null,null,5.44,2966]
["1-4-5-2-3-7-9",null,"9#桥墩防震锚栓",{"$nulls":5},2966,"第三册S4-5-2-3"]
[null,"403-2-b","带肋钢筋（HRB400）","kg",545.2,null,null,5.44,2966]
["1-4-5-2-3-7-10",null,"10#桥墩防震锚栓",{"$nulls":5},2966,"第三册S4-5-2-3"]
[null,"403-2-b","带肋钢筋（HRB400）","kg",545.2,null,null,5.44,2966]
["1-4-5-2-3-7-11",null,"11#桥墩防震锚栓",{"$nulls":5},2966,"第三册S4-5-2-3"]
[null,"403-2-b","带肋钢筋（HRB400）","kg",545.2,null,null,5.44,2966]
["1-4-5-2-3-9",null,"桥墩挡块、垫石",{"$nulls":5},58893]
["1-4-5-2-3-9-1",null,"1#桥墩挡块",{"$nulls":5},4787,"第三册S4-5-2-1"]
[null,"403-4-b","带肋钢筋（HRB400）","kg",776.6,null,null,5.35,4155]
[null,"410-6-c","C30混凝土","m3",1.2,null,null,526.78,632]
["1-4-5-2-3-9-2",null,"2#桥墩挡块",{"$nulls":5},4787,"第三册S4-5-2-1"]
[null,"403-4-b","带肋钢筋（HRB400）","kg",776.6,null,null,5.35,4155]
[null,"410-6-c","C30混凝土","m3",1.2,null,null,526.78,632]
["1-4-5-2-3-9-3",null,"3#桥墩挡块",{"$nulls":5},4787,"第三册S4-5-2-1"]
[null,"403-4-b","带肋钢筋（HRB400）","kg",776.6,null,null,5.35,4155]
[null,"410-6-c","C30混凝土","m3",1.2,null,null,526.78,632]
["1-4-5-2-3-9-4",null,"4#桥墩挡块",{"$nulls":5},4787,"第三册S4-5-2-1"]
[null,"403-4-b","带肋钢筋（HRB400）","kg",776.6,null,null,5.35,4155]
[null,"410-6-c","C30混凝土","m3",1.2,null,null,526.78,632]
["1-4-5-2-3-9-5",null,"5#桥墩挡块",{"$nulls":5},2806,"第三册S4-5-2-1"]
[null,"403-4-b","带肋钢筋（HRB400）","kg",441.9,null,null,5.35,2364]
[null,"410-6-c","C30混凝土","m3",0.84,null,null,526.78,442]
["1-4-5-2-3-9-6",null,"6#桥墩挡块",{"$nulls":5},4787,"第三册S4-5-2-1"]
[null,"403-4-b","带肋钢筋（HRB400）","kg",776.6,null,null,5.35,4155]
[null,"410-6-c","C30混凝土","m3",1.2,null,null,526.78,632]
["1-4-5-2-3-9-7",null,"7#桥墩挡块",{"$nulls":5},4787,"第三册S4-5-2-1"]
[null,"403-4-b","带肋钢筋（HRB400）","kg",776.6,null,null,5.35,4155]
[null,"410-6-c","C30混凝土","m3",1.2,null,null,526.78,632]
["1-4-5-2-3-9-8",null,"8#桥墩挡块",{"$nulls":5},4787,"第三册S4-5-2-1"]
[null,"403-4-b","带肋钢筋（HRB400）","kg",776.6,null,null,5.35,4155]
[null,"410-6-c","C30混凝土","m3",1.2,null,null,526.78,632]
["1-4-5-2-3-9-9",null,"9#桥墩挡块",{"$nulls":5},4787,"第三册S4-5-2-1"]
[null,"403-4-b","带肋钢筋（HRB400）","kg",776.6,null,null,5.35,4155]
[null,"410-6-c","C30混凝土","m3",1.2,null,null,526.78,632]
["1-4-5-2-3-9-10",null,"10#桥墩挡块",{"$nulls":5},4787,"第三册S4-5-2-1"]
[null,"403-4-b","带肋钢筋（HRB400）","kg",776.6,null,null,5.35,4155]
[null,"410-6-c","C30混凝土","m3",1.2,null,null,526.78,632]
["1-4-5-2-3-9-11",null,"1#桥墩支座垫石",{"$nulls":5},1259,"第三册S4-5-2-1"]
[null,"403-4-b","带肋钢筋（HRB400）","kg",180.1,null,null,5.35,964]
[null,"410-6-h","C50小石子混凝土","m3",0.56,null,null,527.65,295]
["1-4-5-2-3-9-12",null,"2#桥墩支座垫石",{"$nulls":5},1259,"第三册S4-5-2-1"]
[null,"403-4-b","带肋钢筋（HRB400）","kg",180.1,null,null,5.35,964]
[null,"410-6-h","C50小石子混凝土","m3",0.56,null,null,527.65,295]
["1-4-5-2-3-9-13",null,"3#桥墩支座垫石",{"$nulls":5},1259,"第三册S4-5-2-1"]
[null,"403-4-b","带肋钢筋（HRB400）","kg",180.1,null,null,5.35,964]
[null,"410-6-h","C50小石子混凝土","m3",0.56,null,null,527.65,295]
["1-4-5-2-3-9-14",null,"4#桥墩支座垫石",{"$nulls":5},1259,"第三册S4-5-2-1"]
[null,"403-4-b","带肋钢筋（HRB400）","kg",180.1,null,null,5.35,964]
[null,"410-6-h","C50小石子混凝土","m3",0.56,null,null,527.65,295]
["1-4-5-2-3-9-15",null,"5#桥墩支座垫石",{"$nulls":5},1673,"第三册S4-5-2-1"]
[null,"403-4-b","带肋钢筋（HRB400）","kg",277.2,null,null,5.35,1483]
[null,"410-6-h","C50小石子混凝土","m3",0.36,null,null,527.65,190]
["1-4-5-2-3-9-16",null,"6#桥墩支座垫石",{"$nulls":5},1259,"第三册S4-5-2-1"]
[null,"403-4-b","带肋钢筋（HRB400）","kg",180.1,null,null,5.35,964]
[null,"410-6-h","C50小石子混凝土","m3",0.56,null,null,527.65,295]
["1-4-5-2-3-9-17",null,"7#桥墩支座垫石",{"$nulls":5},1259,"第三册S4-5-2-1"]
[null,"403-4-b","带肋钢筋（HRB400）","kg",180.1,null,null,5.35,964]
[null,"410-6-h","C50小石子混凝土","m3",0.56,null,null,527.65,295]
["1-4-5-2-3-9-18",null,"8#桥墩支座垫石",{"$nulls":5},1259,"第三册S4-5-2-1"]
[null,"403-4-b","带肋钢筋（HRB400）","kg",180.1,null,null,5.35,964]
[null,"410-6-h","C50小石子混凝土","m3",0.56,null,null,527.65,295]
["1-4-5-2-3-9-19",null,"9#桥墩支座垫石",{"$nulls":5},1259,"第三册S4-5-2-1"]
[null,"403-4-b","带肋钢筋（HRB400）","kg",180.1,null,null,5.35,964]
[null,"410-6-h","C50小石子混凝土","m3",0.56,null,null,527.65,295]
["1-4-5-2-3-9-20",null,"10#桥墩支座垫石",{"$nulls":5},1259,"第三册S4-5-2-1"]
[null,"403-4-b","带肋钢筋（HRB400）","kg",180.1,null,null,5.35,964]
[null,"410-6-h","C50小石子混凝土","m3",0.56,null,null,527.65,295]
["1-4-5-2-3-11",null,"桥墩盖梁",{"$nulls":5},585030]
["1-4-5-2-3-11-1",null,"1#桥墩盖梁",{"$nulls":5},58503,"第三册S4-4-8"]
[null,"403-2-b","带肋钢筋（HRB400）","kg",7586.7,null,null,5.44,41272]
[null,"410-2-b","C30混凝土","m3",48,null,null,358.97,17231]
["1-4-5-2-3-11-2",null,"2#桥墩盖梁",{"$nulls":5},58503,"第三册S4-4-8"]
[null,"403-2-b","带肋钢筋（HRB400）","kg",7586.7,null,null,5.44,41272]
[null,"410-2-b","C30混凝土","m3",48,null,null,358.97,17231]
["1-4-5-2-3-11-3",null,"3#桥墩盖梁",{"$nulls":5},58503,"第三册S4-4-8"]
[null,"403-2-b","带肋钢筋（HRB400）","kg",7586.7,null,null,5.44,41272]
[null,"410-2-b","C30混凝土","m3",48,null,null,358.97,17231]
["1-4-5-2-3-11-4",null,"4#桥墩盖梁",{"$nulls":5},58503,"第三册S4-4-8"]
[null,"403-2-b","带肋钢筋（HRB400）","kg",7586.7,null,null,5.44,41272]
[null,"410-2-b","C30混凝土","m3",48,null,null,358.97,17231]
["1-4-5-2-3-11-5",null,"5#桥墩盖梁",{"$nulls":5},58503,"第三册S4-4-8"]
[null,"403-2-b","带肋钢筋（HRB400）","kg",7586.7,null,null,5.44,41272]
[null,"410-2-b","C30混凝土","m3",48,null,null,358.97,17231]
["1-4-5-2-3-11-6",null,"6#桥墩盖梁",{"$nulls":5},58503,"第三册S4-4-8"]
[null,"403-2-b","带肋钢筋（HRB400）","kg",7586.7,null,null,5.44,41272]
[null,"410-2-b","C30混凝土","m3",48,null,null,358.97,17231]
["1-4-5-2-3-11-7",null,"7#桥墩盖梁",{"$nulls":5},58503,"第三册S4-4-8"]
[null,"403-2-b","带肋钢筋（HRB400）","kg",7586.7,null,null,5.44,41272]
[null,"410-2-b","C30混凝土","m3",48,null,null,358.97,17231]
["1-4-5-2-3-11-8",null,"8#桥墩盖梁",{"$nulls":5},58503,"第三册S4-4-8"]
[null,"403-2-b","带肋钢筋（HRB400）","kg",7586.7,null,null,5.44,41272]
[null,"410-2-b","C30混凝土","m3",48,null,null,358.97,17231]
["1-4-5-2-3-11-9",null,"9#桥墩盖梁",{"$nulls":5},58503,"第三册S4-4-8"]
[null,"403-2-b","带肋钢筋（HRB400）","kg",7586.7,null,null,5.44,41272]
[null,"410-2-b","C30混凝土","m3",48,null,null,358.97,17231]
["1-4-5-2-3-11-10",null,"10#桥墩盖梁",{"$nulls":5},58503,"第三册S4-4-8"]
[null,"403-2-b","带肋钢筋（HRB400）","kg",7586.7,null,null,5.44,41272]
[null,"410-2-b","C30混凝土","m3",48,null,null,358.97,17231]
["1-4-5-2-4",null,"上部构造",{"$nulls":5},5483988]
["1-4-5-2-4-13",null,"梁端封锚",{"$nulls":5},35616]
["1-4-5-2-4-13-1",null,"0#台梁端封锚钢筋",{"$nulls":5},131,"第三册S4-5-1-10"]
[null,"403-3-a","光圆钢筋（HPB300）","kg",23.82,null,null,5.52,131]
["1-4-5-2-4-13-2",null,"11#台梁端封锚钢筋",{"$nulls":5},131,"第三册S4-5-1-10"]
[null,"403-3-a","光圆钢筋（HPB300）","kg",23.82,null,null,5.52,131]
["1-4-5-2-4-13-3",null,"第1跨梁端加强钢筋",{"$nulls":5},3214,"第三册S4-5-1-8"]
[null,"403-3-b","带肋钢筋（HRB400）","kg",570.81,null,null,5.63,3214]
["1-4-5-2-4-13-4",null,"第2跨梁端加强钢筋",{"$nulls":5},3214,"第三册S4-5-1-8"]
[null,"403-3-b","带肋钢筋（HRB400）","kg",570.81,null,null,5.63,3214]
["1-4-5-2-4-13-5",null,"第3跨梁端加强钢筋",{"$nulls":5},3214,"第三册S4-5-1-8"]
[null,"403-3-b","带肋钢筋（HRB400）","kg",570.81,null,null,5.63,3214]
["1-4-5-2-4-13-6",null,"第3跨梁端加强钢筋",{"$nulls":5},3214,"第三册S4-5-1-8"]
[null,"403-3-b","带肋钢筋（HRB400）","kg",570.81,null,null,5.63,3214]
["1-4-5-2-4-13-7",null,"第5跨梁端加强钢筋",{"$nulls":5},3214,"第三册S4-5-1-8"]
[null,"403-3-b","带肋钢筋（HRB400）","kg",570.81,null,null,5.63,3214]
["1-4-5-2-4-13-8",null,"第6跨梁端加强钢筋",{"$nulls":5},3214,"第三册S4-5-1-8"]
[null,"403-3-b","带肋钢筋（HRB400）","kg",570.81,null,null,5.63,3214]
["1-4-5-2-4-13-9",null,"第6跨梁端加强钢筋",{"$nulls":5},3214,"第三册S4-5-1-8"]
[null,"403-3-b","带肋钢筋（HRB400）","kg",570.81,null,null,5.63,3214]
["1-4-5-2-4-13-10",null,"第8跨梁端加强钢筋",{"$nulls":5},3214,"第三册S4-5-1-8"]
[null,"403-3-b","带肋钢筋（HRB400）","kg",570.81,null,null,5.63,3214]
["1-4-5-2-4-13-11",null,"第9跨梁端加强钢筋",{"$nulls":5},3214,"第三册S4-5-1-8"]
[null,"403-3-b","带肋钢筋（HRB400）","kg",570.81,null,null,5.63,3214]
["1-4-5-2-4-13-12",null,"第10跨梁端加强钢筋",{"$nulls":5},3214,"第三册S4-5-1-8"]
[null,"403-3-b","带肋钢筋（HRB400）","kg",570.81,null,null,5.63,3214]
["1-4-5-2-4-13-13",null,"第11跨梁端加强钢筋",{"$nulls":5},3214,"第三册S4-5-1-8"]
[null,"403-3-b","带肋钢筋（HRB400）","kg",570.81,null,null,5.63,3214]
["1-4-5-2-4-14",null,"现浇湿接缝",{"$nulls":5},429319]
["1-4-5-2-4-14-1",null,"第1跨现浇湿接缝",{"$nulls":5},39029,"第三册S4-5-1-11"]
[null,"403-3-a","光圆钢筋（HPB300）","kg",1016.2,null,null,5.52,5609]
[null,"403-3-b","带肋钢筋（HRB400）","kg",3063.56,null,null,5.63,17248]
[null,"411-7-a","C50混凝土","m3",15.9,null,null,1017.08,16172]
["1-4-5-2-4-14-2",null,"第2跨现浇湿接缝",{"$nulls":5},39029,"第三册S4-5-1-11"]
[null,"403-3-a","光圆钢筋（HPB300）","kg",1016.2,null,null,5.52,5609]
[null,"403-3-b","带肋钢筋（HRB400）","kg",3063.56,null,null,5.63,17248]
[null,"411-7-a","C50混凝土","m3",15.9,null,null,1017.08,16172]
["1-4-5-2-4-14-3",null,"第3跨现浇湿接缝",{"$nulls":5},39029,"第三册S4-5-1-11"]
[null,"403-3-a","光圆钢筋（HPB300）","kg",1016.2,null,null,5.52,5609]
[null,"403-3-b","带肋钢筋（HRB400）","kg",3063.56,null,null,5.63,17248]
[null,"411-7-a","C50混凝土","m3",15.9,null,null,1017.08,16172]
["1-4-5-2-4-14-4",null,"第4跨现浇湿接缝",{"$nulls":5},39029,"第三册S4-5-1-11"]
[null,"403-3-a","光圆钢筋（HPB300）","kg",1016.2,null,null,5.52,5609]
[null,"403-3-b","带肋钢筋（HRB400）","kg",3063.56,null,null,5.63,17248]
[null,"411-7-a","C50混凝土","m3",15.9,null,null,1017.08,16172]
["1-4-5-2-4-14-5",null,"第5跨现浇湿接缝",{"$nulls":5},39029,"第三册S4-5-1-11"]
[null,"403-3-a","光圆钢筋（HPB300）","kg",1016.2,null,null,5.52,5609]
[null,"403-3-b","带肋钢筋（HRB400）","kg",3063.56,null,null,5.63,17248]
[null,"411-7-a","C50混凝土","m3",15.9,null,null,1017.08,16172]
["1-4-5-2-4-14-6",null,"第6跨现浇湿接缝",{"$nulls":5},39029,"第三册S4-5-1-11"]
[null,"403-3-a","光圆钢筋（HPB300）","kg",1016.2,null,null,5.52,5609]
[null,"403-3-b","带肋钢筋（HRB400）","kg",3063.56,null,null,5.63,17248]
[null,"411-7-a","C50混凝土","m3",15.9,null,null,1017.08,16172]
["1-4-5-2-4-14-7",null,"第7跨现浇湿接缝",{"$nulls":5},39029,"第三册S4-5-1-11"]
[null,"403-3-a","光圆钢筋（HPB300）","kg",1016.2,null,null,5.52,5609]
[null,"403-3-b","带肋钢筋（HRB400）","kg",3063.56,null,null,5.63,17248]
[null,"411-7-a","C50混凝土","m3",15.9,null,null,1017.08,16172]
["1-4-5-2-4-14-8",null,"第8跨现浇湿接缝",{"$nulls":5},39029,"第三册S4-5-1-11"]
[null,"403-3-a","光圆钢筋（HPB300）","kg",1016.2,null,null,5.52,5609]
[null,"403-3-b","带肋钢筋（HRB400）","kg",3063.56,null,null,5.63,17248]
[null,"411-7-a","C50混凝土","m3",15.9,null,null,1017.08,16172]
["1-4-5-2-4-14-9",null,"第9跨现浇湿接缝",{"$nulls":5},39029,"第三册S4-5-1-11"]
[null,"403-3-a","光圆钢筋（HPB300）","kg",1016.2,null,null,5.52,5609]
[null,"403-3-b","带肋钢筋（HRB400）","kg",3063.56,null,null,5.63,17248]
[null,"411-7-a","C50混凝土","m3",15.9,null,null,1017.08,16172]
["1-4-5-2-4-14-10",null,"第10跨现浇湿接缝",{"$nulls":5},39029,"第三册S4-5-1-11"]
[null,"403-3-a","光圆钢筋（HPB300）","kg",1016.2,null,null,5.52,5609]
[null,"403-3-b","带肋钢筋（HRB400）","kg",3063.56,null,null,5.63,17248]
[null,"411-7-a","C50混凝土","m3",15.9,null,null,1017.08,16172]
["1-4-5-2-4-14-11",null,"第11跨现浇湿接缝",{"$nulls":5},39029,"第三册S4-5-1-11"]
[null,"403-3-a","光圆钢筋（HPB300）","kg",1016.2,null,null,5.52,5609]
[null,"403-3-b","带肋钢筋（HRB400）","kg",3063.56,null,null,5.63,17248]
[null,"411-7-a","C50混凝土","m3",15.9,null,null,1017.08,16172]
["1-4-5-2-4-15",null,"端横梁",{"$nulls":5},7554]
["1-4-5-2-4-15-1",null,"0#桥台端横梁",{"$nulls":5},3777,"第三册S4-5-1-12"]
[null,"403-3-a","光圆钢筋（HPB300）","kg",256.84,null,null,5.52,1418]
[null,"403-3-b","带肋钢筋（HRB400）","kg",310.67,null,null,5.63,1749]
[null,"411-7-a","C50混凝土","m3",0.6,null,null,1017.08,610]
["1-4-5-2-4-15-2",null,"11#桥台端横梁",{"$nulls":5},3777,"第三册S4-5-1-12"]
[null,"403-3-a","光圆钢筋（HPB300）","kg",256.84,null,null,5.52,1418]
[null,"403-3-b","带肋钢筋（HRB400）","kg",310.67,null,null,5.63,1749]
[null,"411-7-a","C50混凝土","m3",0.6,null,null,1017.08,610]
["1-4-5-2-4-16",null,"中横梁",{"$nulls":5},142570]
["1-4-5-2-4-16-1",null,"1#桥墩中横梁",{"$nulls":5},14257,"第三册S4-5-1-13"]
[null,"403-3-a","光圆钢筋（HPB300）","kg",226.94,null,null,5.52,1253]
[null,"403-3-b","带肋钢筋（HRB400）","kg",702.01,null,null,5.63,3952]
[null,"411-7-a","C50混凝土","m3",8.9,null,null,1017.08,9052]
["1-4-5-2-4-16-2",null,"2#桥墩中横梁",{"$nulls":5},14257,"第三册S4-5-1-13"]
[null,"403-3-a","光圆钢筋（HPB300）","kg",226.94,null,null,5.52,1253]
[null,"403-3-b","带肋钢筋（HRB400）","kg",702.01,null,null,5.63,3952]
[null,"411-7-a","C50混凝土","m3",8.9,null,null,1017.08,9052]
["1-4-5-2-4-16-3",null,"3#桥墩中横梁",{"$nulls":5},14257,"第三册S4-5-1-13"]
[null,"403-3-a","光圆钢筋（HPB300）","kg",226.94,null,null,5.52,1253]
[null,"403-3-b","带肋钢筋（HRB400）","kg",702.01,null,null,5.63,3952]
[null,"411-7-a","C50混凝土","m3",8.9,null,null,1017.08,9052]
["1-4-5-2-4-16-4",null,"4#桥墩中横梁",{"$nulls":5},14257,"第三册S4-5-1-13"]
[null,"403-3-a","光圆钢筋（HPB300）","kg",226.94,null,null,5.52,1253]
[null,"403-3-b","带肋钢筋（HRB400）","kg",702.01,null,null,5.63,3952]
[null,"411-7-a","C50混凝土","m3",8.9,null,null,1017.08,9052]
["1-4-5-2-4-16-5",null,"5#桥墩中横梁",{"$nulls":5},14257,"第三册S4-5-1-13"]
[null,"403-3-a","光圆钢筋（HPB300）","kg",226.94,null,null,5.52,1253]
[null,"403-3-b","带肋钢筋（HRB400）","kg",702.01,null,null,5.63,3952]
[null,"411-7-a","C50混凝土","m3",8.9,null,null,1017.08,9052]
["1-4-5-2-4-16-6",null,"6#桥墩中横梁",{"$nulls":5},14257,"第三册S4-5-1-13"]
[null,"403-3-a","光圆钢筋（HPB300）","kg",226.94,null,null,5.52,1253]
[null,"403-3-b","带肋钢筋（HRB400）","kg",702.01,null,null,5.63,3952]
[null,"411-7-a","C50混凝土","m3",8.9,null,null,1017.08,9052]
["1-4-5-2-4-16-7",null,"7#桥墩中横梁",{"$nulls":5},14257,"第三册S4-5-1-13"]
[null,"403-3-a","光圆钢筋（HPB300）","kg",226.94,null,null,5.52,1253]
[null,"403-3-b","带肋钢筋（HRB400）","kg",702.01,null,null,5.63,3952]
[null,"411-7-a","C50混凝土","m3",8.9,null,null,1017.08,9052]
["1-4-5-2-4-16-8",null,"8#桥墩中横梁",{"$nulls":5},14257,"第三册S4-5-1-13"]
[null,"403-3-a","光圆钢筋（HPB300）","kg",226.94,null,null,5.52,1253]
[null,"403-3-b","带肋钢筋（HRB400）","kg",702.01,null,null,5.63,3952]
[null,"411-7-a","C50混凝土","m3",8.9,null,null,1017.08,9052]
["1-4-5-2-4-16-9",null,"9#桥墩中横梁",{"$nulls":5},14257,"第三册S4-5-1-13"]
[null,"403-3-a","光圆钢筋（HPB300）","kg",226.94,null,null,5.52,1253]
[null,"403-3-b","带肋钢筋（HRB400）","kg",702.01,null,null,5.63,3952]
[null,"411-7-a","C50混凝土","m3",8.9,null,null,1017.08,9052]
["1-4-5-2-4-16-10",null,"10#桥墩中横梁",{"$nulls":5},14257,"第三册S4-5-1-13"]
[null,"403-3-a","光圆钢筋（HPB300）","kg",226.94,null,null,5.52,1253]
[null,"403-3-b","带肋钢筋（HRB400）","kg",702.01,null,null,5.63,3952]
[null,"411-7-a","C50混凝土","m3",8.9,null,null,1017.08,9052]
["1-4-5-2-4-17",null,"跨中横隔板",{"$nulls":5},90937]
["1-4-5-2-4-17-1",null,"第1跨跨中横隔板",{"$nulls":5},8267,"第三册S4-5-1-14"]
[null,"403-3-a","光圆钢筋（HPB300）","kg",270.54,null,null,5.52,1493]
[null,"403-3-b","带肋钢筋（HRB400）","kg",1089.3,null,null,5.63,6133]
[null,"411-7-a","C50混凝土","m3",0.63,null,null,1017.08,641]
["1-4-5-2-4-17-2",null,"第2跨跨中横隔板",{"$nulls":5},8267,"第三册S4-5-1-14"]
[null,"403-3-a","光圆钢筋（HPB300）","kg",270.54,null,null,5.52,1493]
[null,"403-3-b","带肋钢筋（HRB400）","kg",1089.3,null,null,5.63,6133]
[null,"411-7-a","C50混凝土","m3",0.63,null,null,1017.08,641]
["1-4-5-2-4-17-3",null,"第3跨跨中横隔板",{"$nulls":5},8267,"第三册S4-5-1-14"]
[null,"403-3-a","光圆钢筋（HPB300）","kg",270.54,null,null,5.52,1493]
[null,"403-3-b","带肋钢筋（HRB400）","kg",1089.3,null,null,5.63,6133]
[null,"411-7-a","C50混凝土","m3",0.63,null,null,1017.08,641]
["1-4-5-2-4-17-4",null,"第4跨跨中横隔板",{"$nulls":5},8267,"第三册S4-5-1-14"]
[null,"403-3-a","光圆钢筋（HPB300）","kg",270.54,null,null,5.52,1493]
[null,"403-3-b","带肋钢筋（HRB400）","kg",1089.3,null,null,5.63,6133]
[null,"411-7-a","C50混凝土","m3",0.63,null,null,1017.08,641]
["1-4-5-2-4-17-5",null,"第5跨跨中横隔板",{"$nulls":5},8267,"第三册S4-5-1-14"]
[null,"403-3-a","光圆钢筋（HPB300）","kg",270.54,null,null,5.52,1493]
[null,"403-3-b","带肋钢筋（HRB400）","kg",1089.3,null,null,5.63,6133]
[null,"411-7-a","C50混凝土","m3",0.63,null,null,1017.08,641]
["1-4-5-2-4-17-6",null,"第6跨跨中横隔板",{"$nulls":5},8267,"第三册S4-5-1-14"]
[null,"403-3-a","光圆钢筋（HPB300）","kg",270.54,null,null,5.52,1493]
[null,"403-3-b","带肋钢筋（HRB400）","kg",1089.3,null,null,5.63,6133]
[null,"411-7-a","C50混凝土","m3",0.63,null,null,1017.08,641]
["1-4-5-2-4-17-7",null,"第7跨跨中横隔板",{"$nulls":5},8267,"第三册S4-5-1-14"]
[null,"403-3-a","光圆钢筋（HPB300）","kg",270.54,null,null,5.52,1493]
[null,"403-3-b","带肋钢筋（HRB400）","kg",1089.3,null,null,5.63,6133]
[null,"411-7-a","C50混凝土","m3",0.63,null,null,1017.08,641]
["1-4-5-2-4-17-8",null,"第8跨跨中横隔板",{"$nulls":5},8267,"第三册S4-5-1-14"]
[null,"403-3-a","光圆钢筋（HPB300）","kg",270.54,null,null,5.52,1493]
[null,"403-3-b","带肋钢筋（HRB400）","kg",1089.3,null,null,5.63,6133]
[null,"411-7-a","C50混凝土","m3",0.63,null,null,1017.08,641]
["1-4-5-2-4-17-9",null,"第9跨跨中横隔板",{"$nulls":5},8267,"第三册S4-5-1-14"]
[null,"403-3-a","光圆钢筋（HPB300）","kg",270.54,null,null,5.52,1493]
[null,"403-3-b","带肋钢筋（HRB400）","kg",1089.3,null,null,5.63,6133]
[null,"411-7-a","C50混凝土","m3",0.63,null,null,1017.08,641]
["1-4-5-2-4-17-10",null,"第10跨跨中横隔板",{"$nulls":5},8267,"第三册S4-5-1-14"]
[null,"403-3-a","光圆钢筋（HPB300）","kg",270.54,null,null,5.52,1493]
[null,"403-3-b","带肋钢筋（HRB400）","kg",1089.3,null,null,5.63,6133]
[null,"411-7-a","C50混凝土","m3",0.63,null,null,1017.08,641]
["1-4-5-2-4-17-11",null,"第11跨跨中横隔板",{"$nulls":5},8267,"第三册S4-5-1-14"]
[null,"403-3-a","光圆钢筋（HPB300）","kg",270.54,null,null,5.52,1493]
[null,"403-3-b","带肋钢筋（HRB400）","kg",1089.3,null,null,5.63,6133]
[null,"411-7-a","C50混凝土","m3",0.63,null,null,1017.08,641]
["1-4-5-2-4-18",null,"预制堵头板",{"$nulls":5},22550]
["1-4-5-2-4-18-1",null,"第1跨预制堵头板",{"$nulls":5},2050,"第三册S4-5-1-15"]
[null,"403-3-a","光圆钢筋（HPB300）","kg",109.3,null,null,5.52,603]
[null,"411-8-a","C50混凝土","m3",0.99,null,null,1461.17,1447]
["1-4-5-2-4-18-2",null,"第2跨预制堵头板",{"$nulls":5},2050,"第三册S4-5-1-15"]
[null,"403-3-a","光圆钢筋（HPB300）","kg",109.3,null,null,5.52,603]
[null,"411-8-a","C50混凝土","m3",0.99,null,null,1461.17,1447]
["1-4-5-2-4-18-3",null,"第3跨预制堵头板",{"$nulls":5},2050,"第三册S4-5-1-15"]
[null,"403-3-a","光圆钢筋（HPB300）","kg",109.3,null,null,5.52,603]
[null,"411-8-a","C50混凝土","m3",0.99,null,null,1461.17,1447]
["1-4-5-2-4-18-4",null,"第4跨预制堵头板",{"$nulls":5},2050,"第三册S4-5-1-15"]
[null,"403-3-a","光圆钢筋（HPB300）","kg",109.3,null,null,5.52,603]
[null,"411-8-a","C50混凝土","m3",0.99,null,null,1461.17,1447]
["1-4-5-2-4-18-5",null,"第5跨预制堵头板",{"$nulls":5},2050,"第三册S4-5-1-15"]
[null,"403-3-a","光圆钢筋（HPB300）","kg",109.3,null,null,5.52,603]
[null,"411-8-a","C50混凝土","m3",0.99,null,null,1461.17,1447]
["1-4-5-2-4-18-6",null,"第6跨预制堵头板",{"$nulls":5},2050,"第三册S4-5-1-15"]
[null,"403-3-a","光圆钢筋（HPB300）","kg",109.3,null,null,5.52,603]
[null,"411-8-a","C50混凝土","m3",0.99,null,null,1461.17,1447]
["1-4-5-2-4-18-7",null,"第7跨预制堵头板",{"$nulls":5},2050,"第三册S4-5-1-15"]
[null,"403-3-a","光圆钢筋（HPB300）","kg",109.3,null,null,5.52,603]
[null,"411-8-a","C50混凝土","m3",0.99,null,null,1461.17,1447]
["1-4-5-2-4-18-8",null,"第8跨预制堵头板",{"$nulls":5},2050,"第三册S4-5-1-15"]
[null,"403-3-a","光圆钢筋（HPB300）","kg",109.3,null,null,5.52,603]
[null,"411-8-a","C50混凝土","m3",0.99,null,null,1461.17,1447]
["1-4-5-2-4-18-9",null,"第9跨预制堵头板",{"$nulls":5},2050,"第三册S4-5-1-15"]
[null,"403-3-a","光圆钢筋（HPB300）","kg",109.3,null,null,5.52,603]
[null,"411-8-a","C50混凝土","m3",0.99,null,null,1461.17,1447]
["1-4-5-2-4-18-10",null,"第10跨预制堵头板",{"$nulls":5},2050,"第三册S4-5-1-15"]
[null,"403-3-a","光圆钢筋（HPB300）","kg",109.3,null,null,5.52,603]
[null,"411-8-a","C50混凝土","m3",0.99,null,null,1461.17,1447]
["1-4-5-2-4-18-11",null,"第11跨预制堵头板",{"$nulls":5},2050,"第三册S4-5-1-15"]
[null,"403-3-a","光圆钢筋（HPB300）","kg",109.3,null,null,5.52,603]
[null,"411-8-a","C50混凝土","m3",0.99,null,null,1461.17,1447]
["1-4-5-2-4-19",null,"预制箱梁",{"$nulls":5},3871298]
["1-4-5-2-4-19-1",null," 1-1边跨边梁",{"$nulls":5},92772,"第三册S4-5-1-7"]
[null,"403-3-a","光圆钢筋（HPB300）","kg",1470,null,null,5.52,8114]
[null,"403-3-b","带肋钢筋（HRB400）","kg",5616,null,null,5.63,31618]
[null,"411-8-a","C50混凝土","m3",36.3,null,null,1461.17,53040]
["1-4-5-2-4-19-2",null," 1-2边跨中梁",{"$nulls":5},83507,"第三册S4-5-1-7"]
[null,"403-3-a","光圆钢筋（HPB300）","kg",1380,null,null,5.52,7618]
[null,"403-3-b","带肋钢筋（HRB400）","kg",4785,null,null,5.63,26940]
[null,"411-8-a","C50混凝土","m3",33.5,null,null,1461.17,48949]
["1-4-5-2-4-19-3",null," 1-3边跨中梁",{"$nulls":5},83507,"第三册S4-5-1-7"]
[null,"403-3-a","光圆钢筋（HPB300）","kg",1380,null,null,5.52,7618]
[null,"403-3-b","带肋钢筋（HRB400）","kg",4785,null,null,5.63,26940]
[null,"411-8-a","C50混凝土","m3",33.5,null,null,1461.17,48949]
["1-4-5-2-4-19-4",null," 1-4边跨边梁",{"$nulls":5},92772,"第三册S4-5-1-7"]
[null,"403-3-a","光圆钢筋（HPB300）","kg",1470,null,null,5.52,8114]
[null,"403-3-b","带肋钢筋（HRB400）","kg",5616,null,null,5.63,31618]
[null,"411-8-a","C50混凝土","m3",36.3,null,null,1461.17,53040]
["1-4-5-2-4-19-5",null,"2-1中跨边梁",{"$nulls":5},92769,"第三册S4-5-1-7"]
[null,"403-3-a","光圆钢筋（HPB300）","kg",1486,null,null,5.52,8203]
[null,"403-3-b","带肋钢筋（HRB400）","kg",5885,null,null,5.63,33133]
[null,"411-8-a","C50混凝土","m3",35.2,null,null,1461.17,51433]
["1-4-5-2-4-19-6",null,"2-2中跨中梁",{"$nulls":5},83130,"第三册S4-5-1-7"]
[null,"403-3-a","光圆钢筋（HPB300）","kg",1397,null,null,5.52,7711]
[null,"403-3-b","带肋钢筋（HRB400）","kg",5013,null,null,5.63,28223]
[null,"411-8-a","C50混凝土","m3",32.3,null,null,1461.17,47196]
["1-4-5-2-4-19-7",null,"2-3中跨中梁",{"$nulls":5},83130,"第三册S4-5-1-7"]
[null,"403-3-a","光圆钢筋（HPB300）","kg",1397,null,null,5.52,7711]
[null,"403-3-b","带肋钢筋（HRB400）","kg",5013,null,null,5.63,28223]
[null,"411-8-a","C50混凝土","m3",32.3,null,null,1461.17,47196]
["1-4-5-2-4-19-8",null,"2-4中跨边梁",{"$nulls":5},92769,"第三册S4-5-1-7"]
[null,"403-3-a","光圆钢筋（HPB300）","kg",1486,null,null,5.52,8203]
[null,"403-3-b","带肋钢筋（HRB400）","kg",5885,null,null,5.63,33133]
[null,"411-8-a","C50混凝土","m3",35.2,null,null,1461.17,51433]
["1-4-5-2-4-19-9",null,"3-1中跨边梁",{"$nulls":5},92769,"第三册S4-5-1-7"]
[null,"403-3-a","光圆钢筋（HPB300）","kg",1486,null,null,5.52,8203]
[null,"403-3-b","带肋钢筋（HRB400）","kg",5885,null,null,5.63,33133]
[null,"411-8-a","C50混凝土","m3",35.2,null,null,1461.17,51433]
["1-4-5-2-4-19-10",null,"3-2中跨中梁",{"$nulls":5},83130,"第三册S4-5-1-7"]
[null,"403-3-a","光圆钢筋（HPB300）","kg",1397,null,null,5.52,7711]
[null,"403-3-b","带肋钢筋（HRB400）","kg",5013,null,null,5.63,28223]
[null,"411-8-a","C50混凝土","m3",32.3,null,null,1461.17,47196]
["1-4-5-2-4-19-11",null,"3-3中跨中梁",{"$nulls":5},83130,"第三册S4-5-1-7"]
[null,"403-3-a","光圆钢筋（HPB300）","kg",1397,null,null,5.52,7711]
[null,"403-3-b","带肋钢筋（HRB400）","kg",5013,null,null,5.63,28223]
[null,"411-8-a","C50混凝土","m3",32.3,null,null,1461.17,47196]
["1-4-5-2-4-19-12",null,"3-4中跨边梁",{"$nulls":5},92769,"第三册S4-5-1-7"]
[null,"403-3-a","光圆钢筋（HPB300）","kg",1486,null,null,5.52,8203]
[null,"403-3-b","带肋钢筋（HRB400）","kg",5885,null,null,5.63,33133]
[null,"411-8-a","C50混凝土","m3",35.2,null,null,1461.17,51433]
["1-4-5-2-4-19-13",null,"4-1中跨边梁",{"$nulls":5},92769,"第三册S4-5-1-7"]
[null,"403-3-a","光圆钢筋（HPB300）","kg",1486,null,null,5.52,8203]
[null,"403-3-b","带肋钢筋（HRB400）","kg",5885,null,null,5.63,33133]
[null,"411-8-a","C50混凝土","m3",35.2,null,null,1461.17,51433]
["1-4-5-2-4-19-14",null,"4-2中跨中梁",{"$nulls":5},83130,"第三册S4-5-1-7"]
[null,"403-3-a","光圆钢筋（HPB300）","kg",1397,null,null,5.52,7711]
[null,"403-3-b","带肋钢筋（HRB400）","kg",5013,null,null,5.63,28223]
[null,"411-8-a","C50混凝土","m3",32.3,null,null,1461.17,47196]
["1-4-5-2-4-19-15",null,"4-3中跨中梁",{"$nulls":5},83130,"第三册S4-5-1-7"]
[null,"403-3-a","光圆钢筋（HPB300）","kg",1397,null,null,5.52,7711]
[null,"403-3-b","带肋钢筋（HRB400）","kg",5013,null,null,5.63,28223]
[null,"411-8-a","C50混凝土","m3",32.3,null,null,1461.17,47196]
["1-4-5-2-4-19-16",null,"4-4中跨边梁",{"$nulls":5},92769,"第三册S4-5-1-7"]
[null,"403-3-a","光圆钢筋（HPB300）","kg",1486,null,null,5.52,8203]
[null,"403-3-b","带肋钢筋（HRB400）","kg",5885,null,null,5.63,33133]
[null,"411-8-a","C50混凝土","m3",35.2,null,null,1461.17,51433]
["1-4-5-2-4-19-17",null,"5-1中跨边梁",{"$nulls":5},92769,"第三册S4-5-1-7"]
[null,"403-3-a","光圆钢筋（HPB300）","kg",1486,null,null,5.52,8203]
[null,"403-3-b","带肋钢筋（HRB400）","kg",5885,null,null,5.63,33133]
[null,"411-8-a","C50混凝土","m3",35.2,null,null,1461.17,51433]
["1-4-5-2-4-19-18",null,"5-2中跨中梁",{"$nulls":5},83130,"第三册S4-5-1-7"]
[null,"403-3-a","光圆钢筋（HPB300）","kg",1397,null,null,5.52,7711]
[null,"403-3-b","带肋钢筋（HRB400）","kg",5013,null,null,5.63,28223]
[null,"411-8-a","C50混凝土","m3",32.3,null,null,1461.17,47196]
["1-4-5-2-4-19-19",null,"5-3中跨中梁",{"$nulls":5},83130,"第三册S4-5-1-7"]
[null,"403-3-a","光圆钢筋（HPB300）","kg",1397,null,null,5.52,7711]
[null,"403-3-b","带肋钢筋（HRB400）","kg",5013,null,null,5.63,28223]
[null,"411-8-a","C50混凝土","m3",32.3,null,null,1461.17,47196]
["1-4-5-2-4-19-20",null,"5-4中跨边梁",{"$nulls":5},92769,"第三册S4-5-1-7"]
[null,"403-3-a","光圆钢筋（HPB300）","kg",1486,null,null,5.52,8203]
[null,"403-3-b","带肋钢筋（HRB400）","kg",5885,null,null,5.63,33133]
[null,"411-8-a","C50混凝土","m3",35.2,null,null,1461.17,51433]
["1-4-5-2-4-19-21",null,"6-1中跨边梁",{"$nulls":5},92769,"第三册S4-5-1-7"]
[null,"403-3-a","光圆钢筋（HPB300）","kg",1486,null,null,5.52,8203]
[null,"403-3-b","带肋钢筋（HRB400）","kg",5885,null,null,5.63,33133]
[null,"411-8-a","C50混凝土","m3",35.2,null,null,1461.17,51433]
["1-4-5-2-4-19-22",null,"6-2中跨中梁",{"$nulls":5},83130,"第三册S4-5-1-7"]
[null,"403-3-a","光圆钢筋（HPB300）","kg",1397,null,null,5.52,7711]
[null,"403-3-b","带肋钢筋（HRB400）","kg",5013,null,null,5.63,28223]
[null,"411-8-a","C50混凝土","m3",32.3,null,null,1461.17,47196]
["1-4-5-2-4-19-23",null,"6-3中跨中梁",{"$nulls":5},83130,"第三册S4-5-1-7"]
[null,"403-3-a","光圆钢筋（HPB300）","kg",1397,null,null,5.52,7711]
[null,"403-3-b","带肋钢筋（HRB400）","kg",5013,null,null,5.63,28223]
[null,"411-8-a","C50混凝土","m3",32.3,null,null,1461.17,47196]
["1-4-5-2-4-19-24",null,"6-4中跨边梁",{"$nulls":5},92769,"第三册S4-5-1-7"]
[null,"403-3-a","光圆钢筋（HPB300）","kg",1486,null,null,5.52,8203]
[null,"403-3-b","带肋钢筋（HRB400）","kg",5885,null,null,5.63,33133]
[null,"411-8-a","C50混凝土","m3",35.2,null,null,1461.17,51433]
["1-4-5-2-4-19-25",null,"7-1中跨边梁",{"$nulls":5},92769,"第三册S4-5-1-7"]
[null,"403-3-a","光圆钢筋（HPB300）","kg",1486,null,null,5.52,8203]
[null,"403-3-b","带肋钢筋（HRB400）","kg",5885,null,null,5.63,33133]
[null,"411-8-a","C50混凝土","m3",35.2,null,null,1461.17,51433]
["1-4-5-2-4-19-26",null,"7-2中跨中梁",{"$nulls":5},83130,"第三册S4-5-1-7"]
[null,"403-3-a","光圆钢筋（HPB300）","kg",1397,null,null,5.52,7711]
[null,"403-3-b","带肋钢筋（HRB400）","kg",5013,null,null,5.63,28223]
[null,"411-8-a","C50混凝土","m3",32.3,null,null,1461.17,47196]
["1-4-5-2-4-19-27",null,"7-3中跨中梁",{"$nulls":5},83130,"第三册S4-5-1-7"]
[null,"403-3-a","光圆钢筋（HPB300）","kg",1397,null,null,5.52,7711]
[null,"403-3-b","带肋钢筋（HRB400）","kg",5013,null,null,5.63,28223]
[null,"411-8-a","C50混凝土","m3",32.3,null,null,1461.17,47196]
["1-4-5-2-4-19-28",null,"7-4中跨边梁",{"$nulls":5},92769,"第三册S4-5-1-7"]
[null,"403-3-a","光圆钢筋（HPB300）","kg",1486,null,null,5.52,8203]
[null,"403-3-b","带肋钢筋（HRB400）","kg",5885,null,null,5.63,33133]
[null,"411-8-a","C50混凝土","m3",35.2,null,null,1461.17,51433]
["1-4-5-2-4-19-29",null,"8-1中跨边梁",{"$nulls":5},92769,"第三册S4-5-1-7"]
[null,"403-3-a","光圆钢筋（HPB300）","kg",1486,null,null,5.52,8203]
[null,"403-3-b","带肋钢筋（HRB400）","kg",5885,null,null,5.63,33133]
[null,"411-8-a","C50混凝土","m3",35.2,null,null,1461.17,51433]
["1-4-5-2-4-19-30",null,"8-2中跨中梁",{"$nulls":5},83130,"第三册S4-5-1-7"]
[null,"403-3-a","光圆钢筋（HPB300）","kg",1397,null,null,5.52,7711]
[null,"403-3-b","带肋钢筋（HRB400）","kg",5013,null,null,5.63,28223]
[null,"411-8-a","C50混凝土","m3",32.3,null,null,1461.17,47196]
["1-4-5-2-4-19-31",null,"8-3中跨中梁",{"$nulls":5},83130,"第三册S4-5-1-7"]
[null,"403-3-a","光圆钢筋（HPB300）","kg",1397,null,null,5.52,7711]
[null,"403-3-b","带肋钢筋（HRB400）","kg",5013,null,null,5.63,28223]
[null,"411-8-a","C50混凝土","m3",32.3,null,null,1461.17,47196]
["1-4-5-2-4-19-32",null,"8-4中跨边梁",{"$nulls":5},92769,"第三册S4-5-1-7"]
[null,"403-3-a","光圆钢筋（HPB300）","kg",1486,null,null,5.52,8203]
[null,"403-3-b","带肋钢筋（HRB400）","kg",5885,null,null,5.63,33133]
[null,"411-8-a","C50混凝土","m3",35.2,null,null,1461.17,51433]
["1-4-5-2-4-19-33",null,"9-1中跨边梁",{"$nulls":5},92769,"第三册S4-5-1-7"]
[null,"403-3-a","光圆钢筋（HPB300）","kg",1486,null,null,5.52,8203]
[null,"403-3-b","带肋钢筋（HRB400）","kg",5885,null,null,5.63,33133]
[null,"411-8-a","C50混凝土","m3",35.2,null,null,1461.17,51433]
["1-4-5-2-4-19-34",null,"9-2中跨中梁",{"$nulls":5},83130,"第三册S4-5-1-7"]
[null,"403-3-a","光圆钢筋（HPB300）","kg",1397,null,null,5.52,7711]
[null,"403-3-b","带肋钢筋（HRB400）","kg",5013,null,null,5.63,28223]
[null,"411-8-a","C50混凝土","m3",32.3,null,null,1461.17,47196]
["1-4-5-2-4-19-35",null,"9-3中跨中梁",{"$nulls":5},83130,"第三册S4-5-1-7"]
[null,"403-3-a","光圆钢筋（HPB300）","kg",1397,null,null,5.52,7711]
[null,"403-3-b","带肋钢筋（HRB400）","kg",5013,null,null,5.63,28223]
[null,"411-8-a","C50混凝土","m3",32.3,null,null,1461.17,47196]
["1-4-5-2-4-19-36",null,"9-4中跨边梁",{"$nulls":5},92769,"第三册S4-5-1-7"]
[null,"403-3-a","光圆钢筋（HPB300）","kg",1486,null,null,5.52,8203]
[null,"403-3-b","带肋钢筋（HRB400）","kg",5885,null,null,5.63,33133]
[null,"411-8-a","C50混凝土","m3",35.2,null,null,1461.17,51433]
["1-4-5-2-4-19-37",null,"10-1中跨边梁",{"$nulls":5},92769,"第三册S4-5-1-7"]
[null,"403-3-a","光圆钢筋（HPB300）","kg",1486,null,null,5.52,8203]
[null,"403-3-b","带肋钢筋（HRB400）","kg",5885,null,null,5.63,33133]
[null,"411-8-a","C50混凝土","m3",35.2,null,null,1461.17,51433]
["1-4-5-2-4-19-38",null,"10-2中跨中梁",{"$nulls":5},83130,"第三册S4-5-1-7"]
[null,"403-3-a","光圆钢筋（HPB300）","kg",1397,null,null,5.52,7711]
[null,"403-3-b","带肋钢筋（HRB400）","kg",5013,null,null,5.63,28223]
[null,"411-8-a","C50混凝土","m3",32.3,null,null,1461.17,47196]
["1-4-5-2-4-19-39",null,"10-3中跨中梁",{"$nulls":5},83130,"第三册S4-5-1-7"]
[null,"403-3-a","光圆钢筋（HPB300）","kg",1397,null,null,5.52,7711]
[null,"403-3-b","带肋钢筋（HRB400）","kg",5013,null,null,5.63,28223]
[null,"411-8-a","C50混凝土","m3",32.3,null,null,1461.17,47196]
["1-4-5-2-4-19-40",null,"10-4中跨边梁",{"$nulls":5},92769,"第三册S4-5-1-7"]
[null,"403-3-a","光圆钢筋（HPB300）","kg",1486,null,null,5.52,8203]
[null,"403-3-b","带肋钢筋（HRB400）","kg",5885,null,null,5.63,33133]
[null,"411-8-a","C50混凝土","m3",35.2,null,null,1461.17,51433]
["1-4-5-2-4-19-41",null,"11-1边跨边梁",{"$nulls":5},92772,"第三册S4-5-1-7"]
[null,"403-3-a","光圆钢筋（HPB300）","kg",1470,null,null,5.52,8114]
[null,"403-3-b","带肋钢筋（HRB400）","kg",5616,null,null,5.63,31618]
[null,"411-8-a","C50混凝土","m3",36.3,null,null,1461.17,53040]
["1-4-5-2-4-19-42",null,"11-2边跨中梁",{"$nulls":5},83507,"第三册S4-5-1-7"]
[null,"403-3-a","光圆钢筋（HPB300）","kg",1380,null,null,5.52,7618]
[null,"403-3-b","带肋钢筋（HRB400）","kg",4785,null,null,5.63,26940]
[null,"411-8-a","C50混凝土","m3",33.5,null,null,1461.17,48949]
["1-4-5-2-4-19-43",null,"11-3边跨中梁",{"$nulls":5},83507,"第三册S4-5-1-7"]
[null,"403-3-a","光圆钢筋（HPB300）","kg",1380,null,null,5.52,7618]
[null,"403-3-b","带肋钢筋（HRB400）","kg",4785,null,null,5.63,26940]
[null,"411-8-a","C50混凝土","m3",33.5,null,null,1461.17,48949]
["1-4-5-2-4-19-44",null,"11-4边跨边梁",{"$nulls":5},92772,"第三册S4-5-1-7"]
[null,"403-3-a","光圆钢筋（HPB300）","kg",1470,null,null,5.52,8114]
[null,"403-3-b","带肋钢筋（HRB400）","kg",5616,null,null,5.63,31618]
[null,"411-8-a","C50混凝土","m3",36.3,null,null,1461.17,53040]
["1-4-5-2-4-20",null,"负弯距区钢束槽口封口",{"$nulls":5},139843]
["1-4-5-2-4-20-1",null,"第1跨负弯距区钢束槽口封口",{"$nulls":5},12713,"第三册S4-5-1-9"]
[null,"403-3-b","带肋钢筋（HRB400）","kg",1463.16,null,null,5.63,8238]
[null,"411-7-a","C50混凝土","m3",4.4,null,null,1017.08,4475]
["1-4-5-2-4-20-2",null,"第2跨负弯距区钢束槽口封口",{"$nulls":5},12713,"第三册S4-5-1-9"]
[null,"403-3-b","带肋钢筋（HRB400）","kg",1463.16,null,null,5.63,8238]
[null,"411-7-a","C50混凝土","m3",4.4,null,null,1017.08,4475]
["1-4-5-2-4-20-3",null,"第3跨负弯距区钢束槽口封口",{"$nulls":5},12713,"第三册S4-5-1-9"]
[null,"403-3-b","带肋钢筋（HRB400）","kg",1463.16,null,null,5.63,8238]
[null,"411-7-a","C50混凝土","m3",4.4,null,null,1017.08,4475]
["1-4-5-2-4-20-4",null,"第4跨负弯距区钢束槽口封口",{"$nulls":5},12713,"第三册S4-5-1-9"]
[null,"403-3-b","带肋钢筋（HRB400）","kg",1463.16,null,null,5.63,8238]
[null,"411-7-a","C50混凝土","m3",4.4,null,null,1017.08,4475]
["1-4-5-2-4-20-5",null,"第5跨负弯距区钢束槽口封口",{"$nulls":5},12713,"第三册S4-5-1-9"]
[null,"403-3-b","带肋钢筋（HRB400）","kg",1463.16,null,null,5.63,8238]
[null,"411-7-a","C50混凝土","m3",4.4,null,null,1017.08,4475]
["1-4-5-2-4-20-6",null,"第6跨负弯距区钢束槽口封口",{"$nulls":5},12713,"第三册S4-5-1-9"]
[null,"403-3-b","带肋钢筋（HRB400）","kg",1463.16,null,null,5.63,8238]
[null,"411-7-a","C50混凝土","m3",4.4,null,null,1017.08,4475]
["1-4-5-2-4-20-7",null,"第7跨负弯距区钢束槽口封口",{"$nulls":5},12713,"第三册S4-5-1-9"]
[null,"403-3-b","带肋钢筋（HRB400）","kg",1463.16,null,null,5.63,8238]
[null,"411-7-a","C50混凝土","m3",4.4,null,null,1017.08,4475]
["1-4-5-2-4-20-8",null,"第8跨负弯距区钢束槽口封口",{"$nulls":5},12713,"第三册S4-5-1-9"]
[null,"403-3-b","带肋钢筋（HRB400）","kg",1463.16,null,null,5.63,8238]
[null,"411-7-a","C50混凝土","m3",4.4,null,null,1017.08,4475]
["1-4-5-2-4-20-9",null,"第9跨负弯距区钢束槽口封口",{"$nulls":5},12713,"第三册S4-5-1-9"]
[null,"403-3-b","带肋钢筋（HRB400）","kg",1463.16,null,null,5.63,8238]
[null,"411-7-a","C50混凝土","m3",4.4,null,null,1017.08,4475]
["1-4-5-2-4-20-10",null,"第10跨负弯距区钢束槽口封口",{"$nulls":5},12713,"第三册S4-5-1-9"]
[null,"403-3-b","带肋钢筋（HRB400）","kg",1463.16,null,null,5.63,8238]
[null,"411-7-a","C50混凝土","m3",4.4,null,null,1017.08,4475]
["1-4-5-2-4-20-11",null,"第11跨负弯距区钢束槽口封口",{"$nulls":5},12713,"第三册S4-5-1-9"]
[null,"403-3-b","带肋钢筋（HRB400）","kg",1463.16,null,null,5.63,8238]
[null,"411-7-a","C50混凝土","m3",4.4,null,null,1017.08,4475]
["1-4-5-2-4-21",null,"预应力钢束",{"$nulls":5},744301]
["1-4-5-2-4-21-1",null,"第1跨正弯矩预应力钢束",{"$nulls":5},58212,"第三册S4-5-1-5"]
[null,"411-5","后张法预应力钢绞线","kg",4900,null,null,11.88,58212]
["1-4-5-2-4-21-2",null,"第1跨负弯矩预应力钢束",{"$nulls":5},8150,"第三册S4-5-1-6"]
[null,"411-5","后张法预应力钢绞线","kg",686,null,null,11.88,8150]
["1-4-5-2-4-21-3",null,"第2跨正弯矩预应力钢束",{"$nulls":5},51654,"第三册S4-5-1-5"]
[null,"411-5","后张法预应力钢绞线","kg",4348,null,null,11.88,51654]
["1-4-5-2-4-21-4",null,"第2跨负弯矩预应力钢束",{"$nulls":5},16299,"第三册S4-5-1-6"]
[null,"411-5","后张法预应力钢绞线","kg",1372,null,null,11.88,16299]
["1-4-5-2-4-21-5",null,"第3跨正弯矩预应力钢束",{"$nulls":5},51654,"第三册S4-5-1-5"]
[null,"411-5","后张法预应力钢绞线","kg",4348,null,null,11.88,51654]
["1-4-5-2-4-21-6",null,"第3跨负弯矩预应力钢束",{"$nulls":5},16299,"第三册S4-5-1-6"]
[null,"411-5","后张法预应力钢绞线","kg",1372,null,null,11.88,16299]
["1-4-5-2-4-21-7",null,"第4跨正弯矩预应力钢束",{"$nulls":5},51654,"第三册S4-5-1-5"]
[null,"411-5","后张法预应力钢绞线","kg",4348,null,null,11.88,51654]
["1-4-5-2-4-21-8",null,"第4跨负弯矩预应力钢束",{"$nulls":5},16299,"第三册S4-5-1-6"]
[null,"411-5","后张法预应力钢绞线","kg",1372,null,null,11.88,16299]
["1-4-5-2-4-21-9",null,"第5跨正弯矩预应力钢束",{"$nulls":5},51654,"第三册S4-5-1-5"]
[null,"411-5","后张法预应力钢绞线","kg",4348,null,null,11.88,51654]
["1-4-5-2-4-21-10",null,"第5跨负弯矩预应力钢束",{"$nulls":5},16299,"第三册S4-5-1-6"]
[null,"411-5","后张法预应力钢绞线","kg",1372,null,null,11.88,16299]
["1-4-5-2-4-21-11",null,"第6跨正弯矩预应力钢束",{"$nulls":5},51654,"第三册S4-5-1-5"]
[null,"411-5","后张法预应力钢绞线","kg",4348,null,null,11.88,51654]
["1-4-5-2-4-21-12",null,"第6跨负弯矩预应力钢束",{"$nulls":5},16299,"第三册S4-5-1-6"]
[null,"411-5","后张法预应力钢绞线","kg",1372,null,null,11.88,16299]
["1-4-5-2-4-21-13",null,"第7跨正弯矩预应力钢束",{"$nulls":5},51654,"第三册S4-5-1-5"]
[null,"411-5","后张法预应力钢绞线","kg",4348,null,null,11.88,51654]
["1-4-5-2-4-21-14",null,"第7跨负弯矩预应力钢束",{"$nulls":5},16299,"第三册S4-5-1-6"]
[null,"411-5","后张法预应力钢绞线","kg",1372,null,null,11.88,16299]
["1-4-5-2-4-21-15",null,"第8跨正弯矩预应力钢束",{"$nulls":5},51654,"第三册S4-5-1-5"]
[null,"411-5","后张法预应力钢绞线","kg",4348,null,null,11.88,51654]
["1-4-5-2-4-21-16",null,"第8跨负弯矩预应力钢束",{"$nulls":5},16299,"第三册S4-5-1-6"]
[null,"411-5","后张法预应力钢绞线","kg",1372,null,null,11.88,16299]
["1-4-5-2-4-21-17",null,"第9跨正弯矩预应力钢束",{"$nulls":5},51654,"第三册S4-5-1-5"]
[null,"411-5","后张法预应力钢绞线","kg",4348,null,null,11.88,51654]
["1-4-5-2-4-21-18",null,"第9跨负弯矩预应力钢束",{"$nulls":5},16299,"第三册S4-5-1-6"]
[null,"411-5","后张法预应力钢绞线","kg",1372,null,null,11.88,16299]
["1-4-5-2-4-21-19",null,"第10跨正弯矩预应力钢束",{"$nulls":5},51654,"第三册S4-5-1-5"]
[null,"411-5","后张法预应力钢绞线","kg",4348,null,null,11.88,51654]
["1-4-5-2-4-21-20",null,"第10跨负弯矩预应力钢束",{"$nulls":5},16299,"第三册S4-5-1-6"]
[null,"411-5","后张法预应力钢绞线","kg",1372,null,null,11.88,16299]
["1-4-5-2-4-21-21",null,"第11跨正弯矩预应力钢束",{"$nulls":5},58212,"第三册S4-5-1-5"]
[null,"411-5","后张法预应力钢绞线","kg",4900,null,null,11.88,58212]
["1-4-5-2-4-21-22",null,"第11跨负弯矩预应力钢束",{"$nulls":5},8150,"第三册S4-5-1-6"]
[null,"411-5","后张法预应力钢绞线","kg",686,null,null,11.88,8150]
["1-4-5-2-23",null,"附属结构",{"$nulls":5},107902]
["1-4-5-2-23-1",null,"0#台桥头搭板",{"$nulls":5},33310]
[null,"403-4-a","光圆钢筋（HPB300）","kg",61.37,null,null,5.02,308,"第三册S4-5-3-4"]
[null,"403-4-b","带肋钢筋（HRB400）","kg",3135.85,null,null,5.35,16777,"第三册S4-5-3-5"]
[null,"410-6-c","C30混凝土","m3",30.8,null,null,526.78,16225,"第三册S4-5-3-5"]
["1-4-5-2-23-2",null,"11#台桥头搭板",{"$nulls":5},33310]
[null,"403-4-a","光圆钢筋（HPB300）","kg",61.37,null,null,5.02,308,"第三册S4-5-3-4"]
[null,"403-4-b","带肋钢筋（HRB400）","kg",3135.85,null,null,5.35,16777,"第三册S4-5-3-5"]
[null,"410-6-c","C30混凝土","m3",30.8,null,null,526.78,16225,"第三册S4-5-3-5"]
["1-4-5-2-23-3",null,"0#桥台锥坡、护坡",{"$nulls":5},919,"第三册S4-4-21"]
[null,"413-1-a","M7.5浆砌片石","m3",7.26,null,null,126.53,919]
["1-4-5-2-23-4",null,"0#桥台踏步",{"$nulls":5},124,"第三册S4-4-21"]
[null,"413-1-a","M7.5浆砌片石","m3",0.98,null,null,126.53,124]
["1-4-5-2-23-5",null,"11#桥台锥坡、护坡",{"$nulls":5},1374,"第三册S4-4-21"]
[null,"413-1-a","M7.5浆砌片石","m3",10.86,null,null,126.53,1374]
["1-4-5-2-23-6",null,"11#桥台踏步",{"$nulls":5},1015,"第三册S4-4-21"]
[null,"413-1-a","M7.5浆砌片石","m3",8.02,null,null,126.53,1015]
["1-4-5-2-23-7",null,"减震橡胶块",{"$nulls":5},12800,"第三册S4-5-1-4"]
[null,"417-5-a","20cm×20cm×3cm","块",32,null,null,400,12800]
["1-4-5-2-23-24",null,"挖土方",{"$nulls":5},25050]
["1-4-5-2-23-24-1",null,"0#桥台基坑挖土方",{"$nulls":5},25050,"第三册S4-4-12"]
[null,"404-1","干处挖土方","m3",967.2,null,null,25.9,25050]
["1-5",null,"交叉工程","处"]
["1-6",null,"隧道工程","km/座"]
["1-7",null,"公路设施及预埋管线工程","公路公里"]
["1-8",null,"绿化及环境保护工程","公路公里"]
["1-9",null,"管理、养护及服务房屋","公路公里/m2"]
["1-10",null,"建安工程其他费用","公路公里"]
["1-10-1",null,"其他建安工程","项"]
["1-10-1-1",null,"计日工","项"]
["1-10-1-1-1",null,"劳务","项"]
["1-10-1-1-2",null,"材料","项"]
["1-10-1-1-3",null,"机械","项"]
["2",null,"第二部分 设备及工具、器具购置费","公路公里"]
["3",null,"第三部分 工程建设其他费用","公路公里"]
["3-1",null,"土地征用及拆迁补偿费","公路公里"]
["3-1-1",null,"土地征用补偿费","亩"]
["3-1-1-1",null,"主线、互通工程","亩"]
["3-1-1-1-1",null,"主线","亩"]
["3-1-1-1-2",null,"互通","亩"]
["3-1-1-2",null,"管理、养护设施","亩"]
["3-1-1-3",null,"连接线工程","亩"]
["3-1-2",null,"拆迁补偿费","公路公里"]
["3-1-2-1",null,"主线、互通工程","公路公里"]
["3-1-2-1-1",null,"主线","公路公里"]
["3-1-2-1-2",null,"互通","公路公里"]
["3-1-2-2",null,"管理、养护设施","公路公里"]
["3-1-2-3",null,"连接线工程","公路公里"]
["3-1-3",null,"临时用地费","亩"]
["3-2",null,"建设项目管理费","公路公里"]
["3-2-1",null,"建设单位（业主）管理费","公路公里"]
["3-2-2",null,"工程监理费","公路公里"]
["3-2-3",null,"设计文件审查费","公路公里"]
["3-2-4",null,"竣（交）工验收试验检测费","公路公里"]
["3-3",null,"研究试验费","公路公里"]
["3-4",null,"建设项目前期工作费","公路公里"]
["3-4-1",null,"“预可、工可”编制费","公路公里"]
["3-4-2",null,"勘察设计费","公路公里"]
["3-4-3",null,"招标文件及标底编制费","公路公里"]
["3-5",null,"专项评价（估）费","公路公里"]
["3-6",null,"施工机构迁移费","公路公里"]
["3-7",null,"供电贴费","公路公里"]
["3-8",null,"联合试运转费","公路公里"]
["3-9",null,"生产人员培训费","公路公里"]
["3-10",null,"固定资产投资方向调节税","公路公里"]
["3-11",null,"建设期贷款利息","元"]
[null,null,"第一、二、三部分 费用合计","公路公里"]
[null,null,"预留费用","元"]
[null,null,"1.价差预留费","元"]
[null,null,"2.基本预备费","元"]
[null,null,"暂列金额(不含计日工总额)","元"]
[null,null,"保险费","元"]
[null,null,"新增加费用项目(不作预备费基数)","元"]
[null,null,"*请在此输入费用项目"]
[null,null,"其中：回收金额","元"]
[null,null,"*请在此输入费用项目"]